10,000 Most Common Surnames in the United States - Statistics

General Stats
  • This quiz has been taken 384 times
  • The average score is 442 of 10000
Answer Stats
Surname Rank Number % Correct
JO 9,108 3,588
88%
LI 273 111,786
83%
MA 1,240 28,452
82%
HA 1,987 18,156
79%
HE 2,373 15,363
79%
JOHN 1,034 33,543
79%
LE 277 110,967
79%
SMITH 1 2,442,977
79%
MO 8,320 3,983
78%
AN 4,353 8,160
77%
MAR 6,342 5,375
76%
LA 5,242 6,655
74%
LO 2,036 17,687
74%
CHA 3,654 9,732
73%
GO 7,607 4,370
73%
JOHNS 739 47,246
73%
SO 4,749 7,456
73%
DO 1,159 30,301
71%
JACK 2,382 15,256
71%
LEE 21 693,023
71%
HO 691 49,817
70%
JACKS 5,813 5,946
69%
JOHNSON 2 1,932,812
69%
WILL 2,869 12,575
69%
BROWN 4 1,437,026
68%
JACKSON 19 708,099
68%
TA 4,434 8,017
68%
TO 3,979 8,934
68%
LIN 402 79,508
67%
ADAM 2,654 13,574
66%
BLACK 174 154,738
66%
HARR 5,754 6,021
66%
WILLIAM 2,694 13,373
66%
NI 7,217 4,624
65%
GREEN 41 430,182
64%
HU 1,797 19,999
64%
SU 2,779 12,973
64%
WHITE 24 660,491
64%
ADAMS 42 427,865
63%
MAN 8,266 4,010
63%
NG 1,125 31,210
63%
WILLIAMS 3 1,625,252
63%
BEN 9,596 3,386
62%
HAN 1,182 29,847
61%
HARRIS 25 624,252
61%
JONES 5 1,425,470
61%
LAN 9,910 3,262
61%
LU 978 35,628
61%
MARTI 6,908 4,860
61%
THOM 6,185 5,531
61%
DU 4,690 7,566
60%
MARTIN 20 702,625
60%
ANDERS 2,343 15,554
59%
JAMES 85 249,379
59%
PARK 289 106,696
59%
DAVID 782 44,040
58%
KING 34 465,422
58%
PETE 7,228 4,619
58%
PETER 3,859 9,191
58%
ANDERSON 15 784,404
57%
FRANK 499 67,304
57%
HARRISON 141 181,091
57%
MILL 9,255 3,518
57%
HER 2,404 15,089
56%
PETERS 205 137,513
56%
RICH 696 49,481
56%
THOMA 8,150 4,068
56%
GU 6,183 5,532
55%
THOMAS 16 756,142
55%
WOO 2,775 13,003
55%
ANDRE 3,785 9,358
54%
DAVIDSON 301 103,930
54%
HAM 2,133 16,980
54%
MICHAEL 847 40,736
54%
RICHARD 629 53,893
54%
CHAN 425 76,664
53%
FORD 137 184,832
53%
TAYLOR 17 751,209
53%
DAVIS 8 1,116,357
52%
ALLEN 33 482,607
51%
BELL 106 220,599
51%
PARKE 7,031 4,759
51%
PETERSON 71 278,297
51%
RICHARDS 228 130,529
51%
ROBERT 2,944 12,181
51%
SIM 5,732 6,047
51%
TU 3,835 9,230
51%
ANDREW 2,617 13,764
50%
GOLD 1,928 18,698
50%
ROBERTS 50 376,774
50%
WOOD 84 250,715
50%
CARTER 49 376,966
49%
CLARK 27 562,679
49%
GRAY 87 246,116
49%
MILLER 7 1,161,437
49%
PARKER 56 336,221
49%
WASH 9,751 3,324
49%
WILSON 14 801,882
49%
YOU 6,486 5,234
49%
YOUNG 32 484,447
49%
CHARLES 548 61,211
48%
DANIEL 396 80,526
48%
EDWARD 7,446 4,473
48%
LAW 1,089 32,122
48%
LEW 4,775 7,410
48%
SAM 2,974 12,053
48%
SIN 8,797 3,725
48%
BARR 781 44,130
47%
CHI 4,843 7,273
47%
CHO 1,038 33,490
47%
WASHINGTON 145 177,386
47%
ALEX 6,242 5,476
46%
AU 4,919 7,148
46%
GREY 2,845 12,680
46%
HILL 39 434,827
46%
JEFFERS 2,073 17,455
46%
LEWIS 29 531,781
46%
LY 1,176 29,891
46%
MARK 2,537 14,265
46%
ROSE 177 153,397
46%
TYLER 509 66,056
46%
WALL 631 53,794
46%
WEST 125 195,818
46%
ANDREWS 218 133,799
45%
BAKER 44 419,586
45%
CARL 3,071 11,689
45%
FRANKLIN 251 120,621
45%
GEORGE 235 128,625
45%
JEFFERSON 615 55,179
45%
KENNEDY 146 176,865
45%
THOMPSON 23 664,644
45%
AARON 2,241 16,276
44%
ALEXANDER 118 204,621
44%
CARR 255 119,076
44%
CHU 1,238 28,508
44%
KIM 77 262,352
44%
KO 2,708 13,312
44%
MAY 304 103,306
44%
MORRIS 62 318,884
44%
NGUYEN 38 437,645
44%
NICHOL 9,754 3,323
44%
PAUL 415 78,256
44%
STONE 178 153,329
44%
WAN 5,911 5,831
44%
BUSH 372 84,018
43%
CONN 2,404 15,089
43%
EDWARDS 58 332,423
43%
MATT 7,658 4,337
43%
MICHAELS 2,057 17,528
43%
MOORE 18 724,374
43%
ROBERTSON 175 153,666
43%
STEVENS 135 185,674
43%
CHANG 391 81,939
42%
CHRIST 4,854 7,261
42%
COOPER 70 280,791
42%
DANIELS 187 146,570
42%
KELL 7,298 4,568
42%
LEO 4,423 8,039
42%
MANN 378 83,510
42%
MARS 7,580 4,384
42%
MCDONALD 143 180,497
42%
RAM 8,547 3,853
42%
RAY 220 133,171
42%
RICHARDSON 80 259,798
42%
TRUMP 8,484 3,886
42%
WALK 7,470 4,460
42%
ALI 559 60,002
41%
BENJAMIN 850 40,590
41%
GIL 1,353 26,112
41%
HAY 2,005 18,029
41%
JI 8,216 4,039
41%
JORDAN 116 208,403
41%
LEON 363 86,363
41%
OLIVE 6,021 5,712
41%
SON 3,541 10,094
41%
WALKER 31 523,129
41%
FRANCIS 413 78,327
40%
GRANT 196 142,277
40%
HENRY 149 170,964
40%
HERNANDEZ 11 1,043,281
40%
HOU 7,395 4,500
40%
ROBIN 6,510 5,212
40%
SAND 6,974 4,810
40%
SCOTT 36 439,530
40%
SIMON 397 80,460
40%
WOODS 144 177,425
40%
ABRAHAM 1,120 31,303
39%
ASH 1,709 21,030
39%
BROOK 7,240 4,607
39%
CHEN 150 169,580
39%
DONALD 2,899 12,367
39%
EAST 2,843 12,684
39%
FIELD 1,452 24,543
39%
GARCIA 6 1,166,120
39%
HUNT 169 158,421
39%
LINCOLN 2,209 16,477
39%
LONG 97 229,374
39%
MARTINEZ 10 1,060,159
39%
MIN 5,026 6,982
39%
NEW 3,011 11,903
39%
OLIVER 264 115,900
39%
REA 2,443 14,819
39%
RODRIGUE 7,031 4,759
39%
YE 3,609 9,839
39%
ARTHUR 1,247 28,102
38%
COLE 126 195,289
38%
EVANS 53 355,593
38%
FISH 1,425 24,924
38%
HALL 45 407,076
38%
HART 207 137,184
38%
LANG 545 61,529
38%
MONROE 617 55,136
38%
MORGAN 69 286,280
38%
ROBINS 3,322 10,797
38%
STEPHEN 3,585 9,925
38%
VAN 3,320 10,798
38%
WAY 2,552 14,157
38%
ALBERT 1,076 32,507
37%
BALL 508 66,059
37%
FU 4,235 8,370
37%
LAWRENCE 232 129,699
37%
MADISON 1,241 28,411
37%
MATTHEW 5,408 6,436
37%
PAL 8,570 3,844
37%
REY 4,403 8,074
37%
ROGER 8,176 4,054
37%
WILLIAMSON 267 114,959
37%
WU 461 71,721
37%
CLINTON 2,242 16,263
36%
HUNTER 160 162,440
36%
JACOB 1,444 24,688
36%
JOSE 3,348 10,697
36%
LAM 611 55,554
36%
LOUIS 1,510 23,738
36%
MITCHEL 6,151 5,570
36%
MORRISON 250 121,130
36%
NELSON 43 424,958
36%
POTTER 457 72,175
36%
ROBINSON 30 529,821
36%
RODRIGUEZ 9 1,094,924
36%
STEVENSON 432 75,169
36%
WANG 282 109,883
36%
COLLINS 59 329,770
35%
GREENE 241 126,101
35%
HENDERSON 109 218,393
35%
LAU 1,187 29,792
35%
LOPEZ 12 874,523
35%
PORTER 159 163,054
35%
ROSS 98 229,368
35%
BECK 328 93,786
34%
BERG 712 48,746
34%
BROOKS 82 251,663
34%
CONNOR 1,207 29,346
34%
DAVIE 9,544 3,407
34%
GOMEZ 51 365,655
34%
HAMM 1,314 26,726
34%
HANS 7,516 4,427
34%
KELLY 74 267,394
34%
MASON 166 160,213
34%
MILLS 182 151,942
34%
NORTH 1,766 20,343
34%
ROGERS 66 302,261
34%
RYAN 193 143,452
34%
SAMUEL 1,558 23,125
34%
SHI 3,551 10,055
34%
SIMPSON 158 163,181
34%
STEPHENS 190 144,646
34%
TOM 3,452 10,350
34%
WALTER 727 48,024
34%
WELLS 147 176,230
34%
BENN 7,099 4,716
33%
BILL 6,474 5,246
33%
BRADLEY 208 136,720
33%
CAMP 1,189 29,753
33%
CARSON 593 56,872
33%
CHRISTIAN 626 54,198
33%
DAVIES 1,030 33,753
33%
DICK 1,718 20,923
33%
ELLIS 131 188,968
33%
FISHER 112 214,703
33%
HAMILTON 119 201,746
33%
HARRY 3,802 9,311
33%
JOSEPH 313 100,959
33%
LEA 3,863 9,180
33%
LOR 3,149 11,479
33%
MARSH 537 62,304
33%
PATE 1,208 29,327
33%
SANDER 3,906 9,090
33%
SANDERS 94 230,374
33%
TAN 1,090 32,120
33%
WATSON 81 252,579
33%
YU 658 52,035
33%
BURNS 155 165,925
32%
DAY 294 105,091
32%
FERNANDEZ 142 180,842
32%
GILL 435 74,948
32%
GOOD 981 35,446
32%
OWEN 543 61,630
32%
PRINCE 743 47,168
32%
TURNER 54 348,627
32%
WATT 2,387 15,211
32%
WILLIS 230 130,152
32%
YI 2,011 17,934
32%
ANTHONY 618 55,114
31%
BAIL 2,421 14,957
31%
BAILEY 72 277,845
31%
BERRY 222 132,812
31%
DEAN 269 114,030
31%
DOUGLAS 311 101,458
31%
GONZALEZ 13 841,025
31%
HAYES 127 194,246
31%
HOWARD 75 264,826
31%
JACOBS 257 118,614
31%
KENT 778 44,325
31%
KU 6,877 4,888
31%
LAND 1,704 21,116
31%
LEONARD 338 91,475
31%
MARSHALL 139 183,922
31%
MATTHEWS 226 131,303
31%
MITCHELL 48 384,486
31%
MULL 3,774 9,377
31%
NICHOLS 189 145,584
31%
NIX 1,438 24,786
31%
PHILLIP 5,108 6,857
31%
STEIN 796 43,389
31%
SUN 1,484 24,058
31%
WARD 79 260,464
31%
WARR 9,968 3,236
31%
WARREN 181 152,147
31%
WAYNE 3,498 10,215
31%
WON 7,702 4,309
31%
WRIGHT 35 458,980
31%
AUSTIN 253 119,706
30%
COOK 65 302,589
30%
DONALDSON 950 36,558
30%
ENG 3,352 10,682
30%
JAMESON 2,715 13,255
30%
KNIGHT 209 136,713
30%
LAWS 2,486 14,511
30%
RIVERS 897 38,662
30%
YORK 642 53,059
30%
ABBOTT 645 52,739
29%
BAY 5,477 6,350
29%
BENSON 365 86,081
29%
BLUE 1,466 24,341
29%
BRAND 1,879 19,135
29%
BRYAN 585 57,143
29%
BURT 1,331 26,475
29%
CAMERON 614 55,240
29%
CAMPBELL 47 386,157
29%
CRUZ 57 334,201
29%
DAWSON 380 83,182
29%
DENNIS 409 78,482
29%
FREE 3,586 9,923
29%
GARD 7,080 4,729
29%
GORDON 161 161,833
29%
GRAHAM 120 201,159
29%
KHAN 427 76,171
29%
LONDON 2,249 16,195
29%
LOW 2,979 12,032
29%
MACK 468 71,056
29%
MORE 7,512 4,432
29%
NIXON 907 38,147
29%
ONEIL 1,220 28,949
29%
PARKS 354 88,586
29%
PATRICK 552 60,845
29%
PERRY 103 221,741
29%
PHILIP 5,910 5,832
29%
PIERCE 202 138,629
29%
REED 73 277,030
29%
SANCHEZ 26 612,752
29%
SINGH 260 116,749
29%
STEWART 61 324,957
29%
SULLIVAN 105 220,990
29%
WALLACE 123 197,276
29%
YAN 3,182 11,354
29%
BENT 7,001 4,785
28%
BRIAN 7,854 4,214
28%
BURTON 280 110,529
28%
CHIN 1,279 27,487
28%
CLARKE 487 68,281
28%
CLAY 708 48,844
28%
FIELDS 288 107,522
28%
FOX 180 152,334
28%
FREDERICK 833 41,394
28%
GREGOR 7,915 4,180
28%
GREGORY 339 91,384
28%
HARP 2,638 13,646
28%
HARPER 245 124,461
28%
HARVEY 266 115,662
28%
JENKINS 102 222,653
28%
JOHNSTON 225 131,373
28%
KERR 771 44,711
28%
LEI 4,726 7,504
28%
LOVE 385 82,873
28%
MAI 2,075 17,445
28%
NICHOLAS 1,258 27,922
28%
QUEEN 1,945 18,557
28%
SHAW 164 160,400
28%
SY 7,473 4,457
28%
TON 7,167 4,667
28%
ADAMSON 2,205 16,515
27%
ANG 9,525 3,413
27%
APPLE 5,050 6,948
27%
BARNES 110 218,241
27%
BARRY 738 47,274
27%
BENNET 9,237 3,523
27%
BOWE 5,264 6,628
27%
FRENCH 525 63,991
27%
LAKE 1,091 32,104
27%
LIND 2,416 14,990
27%
MURPHY 64 308,417
27%
NORRIS 346 89,796
27%
PHILLIPS 52 360,802
27%
SOUTH 3,231 11,178
27%
STANLEY 321 96,867
27%
ALLAN 3,022 11,867
26%
ARCHER 1,000 34,949
26%
ATKINS 662 51,671
26%
CARLSON 252 120,552
26%
CHESTER 2,408 15,066
26%
CHRISTOPHER 1,214 29,067
26%
DALE 1,188 29,757
26%
FREEMAN 151 169,149
26%
GOLDBERG 1,193 29,603
26%
HANSON 276 111,144
26%
HOLM 2,701 13,341
26%
HUGHES 90 236,271
26%
JENSEN 265 115,679
26%
JUN 8,164 4,059
26%
LAWSON 256 119,053
26%
LUCAS 286 107,690
26%
MARCUS 2,037 17,671
26%
OWENS 140 182,719
26%
PALM 4,986 7,041
26%
PATEL 95 229,973
26%
QUINN 422 76,986
26%
RAMIREZ 28 557,423
26%
RUSS 2,237 16,300
26%
SAMUELS 1,621 22,207
26%
SILVER 1,632 22,052
26%
SIMONS 1,371 25,755
26%
STEPHENSON 733 47,641
26%
VO 960 36,236
26%
WATERS 491 67,929
26%
WATTS 348 89,649
26%
WONG 274 111,371
26%
ANTON 5,129 6,823
25%
ARNOLD 201 138,893
25%
FOSTER 99 227,764
25%
GAY 1,094 32,025
25%
LING 3,887 9,127
25%
MILTON 1,732 20,703
25%
NICHOLSON 575 58,151
25%
OCONNOR 417 77,923
25%
PAULSON 1,857 19,331
25%
POWE 7,821 4,233
25%
RAYMOND 857 40,275
25%
ROBB 2,686 13,402
25%
ROY 640 53,159
25%
SIMMONS 114 210,182
25%
VINCENT 641 53,095
25%
WEI 3,707 9,578
25%
WOLF 474 70,031
25%
ALVA 5,750 6,026
24%
ARMS 8,541 3,854
24%
ARMSTRONG 213 135,044
24%
ASHLEY 900 38,499
24%
BANKS 292 105,833
24%
BENNETT 86 247,599
24%
BLAKE 447 73,797
24%
CLARKSON 3,953 9,004
24%
DIAZ 55 347,636
24%
DRAKE 549 61,162
24%
ELLIOT 4,160 8,518
24%
FARR 1,794 20,011
24%
GARDNER 194 142,894
24%
GRAYSON 2,138 16,946
24%
HOLMES 171 156,780
24%
HOUSTON 592 56,900
24%
JACOBSON 767 44,808
24%
JOE 3,819 9,280
24%
LANE 216 134,227
24%
LEVI 4,731 7,500
24%
LOO 8,977 3,645
24%
MACDONALD 744 46,717
24%
MONTGOMERY 263 115,953
24%
MULLER 1,293 27,216
24%
NEWMAN 307 101,931
24%
NEWTON 443 74,092
24%
NICK 9,100 3,590
24%
OBRIEN 258 118,557
24%
PALMER 172 156,601
24%
PARIS 2,033 17,707
24%
RAND 3,433 10,397
24%
REYNOLDS 121 200,247
24%
ROCK 1,859 19,313
24%
WALTERS 350 89,376
24%
WEBB 152 168,878
24%
WEN 5,878 5,870
24%
WINTER 1,119 31,310
24%
YANG 290 106,033
24%
ALBERTS 5,578 6,229
23%
ANDERSEN 963 36,150
23%
ATKINSON 637 53,376
23%
BARKER 360 87,162
23%
BARTO 7,928 4,174
23%
BRIDGE 5,827 5,933
23%
BRUCE 636 53,419
23%
BUCK 812 42,639
23%
CARLO 8,395 3,942
23%
CRAIG 332 92,507
23%
CURTIS 309 101,801
23%
DANIELSON 2,808 12,833
23%
DREW 1,513 23,722
23%
FARMER 480 69,617
23%
FORE 5,835 5,927
23%
GARFIELD 7,492 4,447
23%
GRACE 1,248 28,098
23%
HARDIN 817 42,469
23%
HARDING 871 39,787
23%
LAMB 561 59,913
23%
LAY 1,957 18,468
23%
MARKS 703 49,177
23%
MILES 368 84,942
23%
MORA 583 57,464
23%
MORTON 568 59,213
23%
MURRAY 136 184,910
23%
OH 1,978 18,285
23%
PARR 2,239 16,286
23%
PEREZ 22 681,645
23%
PITT 3,873 9,151
23%
PRICE 91 235,251
23%
RODGERS 428 76,095
23%
ROOS 6,690 5,051
23%
SCHMID 3,165 11,400
23%
SCHMIDT 185 147,034
23%
STUART 951 36,540
23%
SWIFT 1,473 24,249
23%
WALSH 295 105,079
23%
WILK 5,971 5,763
23%
WINSTON 1,662 21,667
23%
BECKER 357 87,859
22%
BRADY 450 73,145
22%
BULL 3,088 11,646
22%
CALL 2,376 15,324
22%
CHAMBERS 326 94,988
22%
CHASE 649 52,481
22%
CONNELL 1,589 22,552
22%
CROW 1,482 24,089
22%
DAVISON 1,617 22,276
22%
DOW 2,356 15,472
22%
DUNN 197 141,427
22%
FALL 6,676 5,060
22%
FINN 1,721 20,852
22%
FITZ 8,567 3,846
22%
FRANCE 3,005 11,937
22%
ISAAC 1,898 18,903
22%
KLEIN 392 81,471
22%
LITTLE 291 105,936
22%
LIU 411 78,370
22%
LOWE 334 92,260
22%
MOHAMMED 2,395 15,132
22%
NORMAN 495 67,704
22%
REN 6,470 5,247
22%
RILEY 217 133,872
22%
RUSSEL 7,894 4,195
22%
VICTOR 3,214 11,234
22%
WALTON 446 73,854
22%
ABRAM 6,201 5,514
21%
ALVAREZ 92 233,983
21%
ASHE 4,573 7,756
21%
BARTON 488 68,233
21%
BERGE 9,446 3,444
21%
BROOKE 6,717 5,027
21%
BURG 6,846 4,919
21%
CAI 4,191 8,457
21%
CARLOS 2,357 15,462
21%
CHANDLER 404 79,186
21%
CHURCH 966 36,072
21%
CONNER 518 64,572
21%
CRAWFORD 156 164,457
21%
ENGLISH 748 46,393
21%
FORREST 1,569 22,954
21%
FRANKS 1,165 30,155
21%
GABRIEL 1,327 26,578
21%
GONZALES 111 214,758
21%
HARDY 399 80,252
21%
HOPE 2,052 17,562
21%
JASON 8,198 4,048
21%
LARSON 247 122,587
21%
LEIGH 3,499 10,213
21%
LOGAN 492 67,909
21%
LUI 5,641 6,156
21%
LUKE 1,961 18,425
21%
LYNN 924 37,644
21%
MAYE 7,621 4,356
21%
MEYER 183 150,895
21%
MOON 758 45,528
21%
MYER 5,507 6,317
21%
MYERS 96 229,895
21%
OLSON 157 164,035
21%
PATTERSON 117 205,423
21%
PHILIPS 5,118 6,840
21%
POLK 1,296 27,094
21%
POWELL 101 224,874
21%
PRESTON 736 47,367
21%
REAGAN 2,207 16,491
21%
ROMAN 452 72,918
21%
SPRING 4,053 8,757
21%
WESTON 1,380 25,637
21%
ZACHARY 5,198 6,724
21%
ABEL 1,958 18,464
20%
BAXTER 706 49,033
20%
BEE 7,434 4,480
20%
BOS 8,665 3,792
20%
CARLTON 1,698 21,202
20%
COLEMAN 107 219,070
20%
DILL 1,980 18,215
20%
FLOWER 8,828 3,711
20%
GRIFFIN 122 198,406
20%
HANSEN 204 137,977
20%
HAWK 2,149 16,884
20%
HOUSE 844 41,000
20%
JIM 9,203 3,544
20%
JOY 2,684 13,413
20%
LOCK 5,058 6,936
20%
MUHAMMAD 1,884 19,076
20%
NEIL 3,496 10,228
20%
NOLAN 754 46,054
20%
OLSEN 566 59,356
20%
PAN 2,847 12,664
20%
PENN 1,849 19,409
20%
RICK 7,258 4,591
20%
TANNER 709 48,813
20%
TUCK 3,560 10,018
20%
VALE 9,728 3,334
20%
WILKINS 570 58,634
20%
ALLISON 646 52,701
19%
ARD 5,141 6,807
19%
ASHTON 2,922 12,263
19%
BALDWIN 395 80,742
19%
BIRD 1,041 33,457
19%
BRIGHT 1,050 33,281
19%
BROWNE 1,615 22,289
19%
BUTT 5,007 7,020
19%
CHARLESTON 9,695 3,346
19%
CHENG 1,063 32,982
19%
CLAYTON 595 56,638
19%
COHEN 351 89,091
19%
COX 78 261,231
19%
DENT 2,436 14,873
19%
DIX 3,647 9,748
19%
FITZGERALD 430 75,356
19%
GARY 1,612 22,310
19%
HERR 2,990 11,980
19%
HILTON 1,223 28,918
19%
HOOVER 580 57,497
19%
HOWE 820 42,265
19%
HUDSON 214 134,963
19%
JAY 3,604 9,852
19%
JULIAN 2,349 15,520
19%
JUST 8,710 3,769
19%
KIRK 623 54,394
19%
LENNON 3,343 10,720
19%
LLOYD 522 64,202
19%
LOPES 1,976 18,310
19%
MAXWELL 490 67,961
19%
MING 8,718 3,764
19%
MOSS 423 76,908
19%
ONEILL 689 50,028
19%
PAGE 383 82,992
19%
REEVE 6,312 5,406
19%
REEVES 390 81,978
19%
REID 275 111,360
19%
ROBBINS 410 78,381
19%
SAMS 2,275 16,014
19%
SANDERSON 1,462 24,384
19%
SONG 1,415 25,110
19%
SPENCE 964 36,129
19%
SPENCER 199 139,951
19%
THORN 3,569 9,988
19%
TRUMAN 6,195 5,521
19%
TUCKER 153 167,446
19%
WORTH 4,598 7,713
19%
ABRAMS 1,387 25,534
18%
ALFRED 5,364 6,490
18%
ANGEL 1,428 24,895
18%
ANTONIO 2,358 15,461
18%
BELLE 7,796 4,246
18%
BOOK 5,471 6,356
18%
BOONE 632 53,792
18%
BURK 2,352 15,500
18%
BUTLER 108 218,847
18%
CAREY 601 56,322
18%
CARPENTER 231 129,898
18%
CASE 885 39,319
18%
CASH 1,200 29,476
18%
CHING 4,772 7,417
18%
CHON 8,981 3,643
18%
CRUISE 9,794 3,306
18%
DAI 7,091 4,723
18%
DALLAS 3,761 9,418
18%
DAVE 6,504 5,218
18%
DEE 5,535 6,275
18%
DICKS 7,831 4,228
18%
DUKE 995 35,053
18%
DUNCAN 212 135,187
18%
FOREST 6,661 5,076
18%
GALL 3,681 9,658
18%
GERALD 6,476 5,244
18%
GIBB 9,293 3,502
18%
GOLDMAN 1,495 23,940
18%
GRIFFITH 414 78,260
18%
HAND 1,639 22,006
18%
HARO 3,122 11,547
18%
HEATH 660 51,877
18%
HERMAN 826 41,750
18%
JEFFREY 3,257 11,085
18%
JONAS 3,937 9,043
18%
KANE 680 50,584
18%
KEITH 718 48,487
18%
KELLER 317 98,268
18%
KINGSTON 4,998 7,033
18%
LIM 936 37,021
18%
LOCKE 1,272 27,643
18%
MAYER 880 39,555
18%
NORTON 531 63,722
18%
POOL 2,669 13,505
18%
POWER 2,435 14,890
18%
RODRIGUES 1,122 31,280
18%
RUSSELL 104 221,558
18%
TORRE 7,359 4,527
18%
VANCE 737 47,324
18%
WING 2,858 12,614
18%
BENTLEY 862 40,193
17%
BISH 9,314 3,495
17%
BRANDON 1,342 26,284
17%
BURR 2,323 15,703
17%
CAIN 551 60,948
17%
COLTON 5,210 6,704
17%
CONNELLY 1,537 23,398
17%
COOL 6,801 4,958
17%
EASTON 3,477 10,276
17%
FERNANDES 2,007 18,018
17%
GARRETT 279 110,697
17%
GOODE 1,605 22,356
17%
HILLS 2,608 13,829
17%
HOLT 358 87,531
17%
LANCASTER 1,080 32,362
17%
LEONARDO 5,766 6,007
17%
LORD 1,535 23,405
17%
MANNING 434 74,949
17%
MARIA 7,395 4,500
17%
MATHEW 2,612 13,808
17%
MICHAELSON 8,380 3,950
17%
ROLL 6,732 5,011
17%
ROME 6,704 5,037
17%
ROSA 1,035 33,521
17%
SCHNEIDER 312 101,290
17%
SUMMERS 591 56,953
17%
SWAN 1,564 23,001
17%
TATE 467 71,058
17%
TORRES 37 437,813
17%
TRAVIS 998 34,985
17%
WEBSTER 453 72,625
17%
WILLS 1,244 28,219
17%
AHMED 720 48,319
16%
BEAN 926 37,571
16%
BERGER 785 43,851
16%
BERNARD 899 38,512
16%
BISHOP 262 116,618
16%
BLAIR 416 78,026
16%
BOLT 4,726 7,504
16%
BRIDGES 635 53,682
16%
BRYANT 128 192,773
16%
BURKE 246 122,877
16%
CASTRO 138 184,134
16%
CHONG 2,392 15,146
16%
CHUN 2,740 13,141
16%
CLARE 7,702 4,309
16%
COLIN 4,270 8,318
16%
COOKE 1,056 33,223
16%
DICKENS 1,990 18,123
16%
DICKINSON 1,324 26,607
16%
DIXON 167 159,480
16%
ELLISON 809 42,827
16%
EVERETT 876 39,593
16%
FERGUSON 188 146,426
16%
FISCHER 455 72,357
16%
FLETCHER 382 83,063
16%
FLOYD 505 66,454
16%
FRANCO 476 69,943
16%
GERMAN 2,182 16,661
16%
GIBSON 130 190,667
16%
GOLDEN 699 49,360
16%
HAMPTON 482 69,472
16%
HANN 5,421 6,420
16%
HARMON 438 74,737
16%
HARTMAN 524 64,106
16%
HERB 9,854 3,282
16%
HERBERT 1,334 26,417
16%
HERNANDES 4,123 8,612
16%
JANSEN 2,189 16,596
16%
JENNINGS 347 89,700
16%
KEE 3,932 9,049
16%
KEY 1,037 33,501
16%
KYLE 1,924 18,721
16%
LANCE 2,747 13,122
16%
MARR 3,341 10,724
16%
MARTINS 3,050 11,751
16%
MCCARTHY 384 82,950
16%
MENDEZ 162 161,717
16%
MORALES 63 311,777
16%
PETERSEN 571 58,480
16%
PICK 9,451 3,442
16%
PRESLEY 1,968 18,384
16%
READ 2,127 17,048
16%
REDD 2,749 13,119
16%
REES 2,828 12,754
16%
REYES 60 327,904
16%
RICE 184 149,500
16%
ROWE 478 69,879
16%
RUTH 2,414 15,012
16%
SAMPSON 886 39,277
16%
SAMSON 3,246 11,123
16%
SAUNDERS 476 69,943
16%
SILVA 163 161,633
16%
SIMMS 1,340 26,287
16%
SIMS 270 113,374
16%
STARR 1,158 30,363
16%
THOMSON 1,440 24,750
16%
TOMA 7,558 4,399
16%
TYSON 1,221 28,947
16%
WADE 319 97,040
16%
WARNER 375 83,781
16%
WHEELER 243 125,058
16%
WILD 4,324 8,217
16%
WINTERS 766 44,914
16%
YIN 5,324 6,548
16%
ZIMMER 2,111 17,146
16%
ADDIS 9,135 3,574
15%
ASHER 2,695 13,371
15%
BARRETT 314 100,104
15%
BEAR 4,308 8,252
15%
BENTON 912 37,912
15%
BLANC 9,684 3,352
15%
BOOTH 697 49,402
15%
BUCHANAN 503 66,648
15%
CARROLL 215 134,317
15%
CASS 4,679 7,581
15%
CLIFFORD 1,618 22,245
15%
CONNORS 1,823 19,637
15%
CORN 5,335 6,528
15%
DICKSON 986 35,312
15%
ELLIOTT 210 135,765
15%
FULLER 281 110,116
15%
GATES 648 52,569
15%
GOLDSTEIN 1,173 29,938
15%
GUNN 1,525 23,524
15%
GUY 1,227 28,852
15%
HALE 362 86,618
15%
HAROLD 5,651 6,141
15%
HOLDEN 1,008 34,824
15%
JENSON 4,461 7,956
15%
MCCARTNEY 2,645 13,615
15%
MUELLER 523 64,191
15%
NASH 569 58,714
15%
ODONNELL 795 43,460
15%
PAIGE 1,789 20,063
15%
POWERS 336 91,970
15%
RIDER 2,227 16,352
15%
SAWYER 707 49,028
15%
SHORT 581 57,477
15%
TAI 7,553 4,401
15%
TERRY 361 87,000
15%
WALLS 842 41,025
15%
ZHANG 472 70,125
15%
ADDISON 1,986 18,169
14%
ADRIAN 6,201 5,514
14%
ALBERTSON 3,580 9,943
14%
AUGUST 5,389 6,456
14%
BASS 589 57,044
14%
BATES 325 95,622
14%
BOND 679 50,610
14%
BOOKER 941 36,840
14%
BOYLE 866 39,921
14%
BRAY 1,003 34,906
14%
BREWER 303 103,318
14%
BROCK 546 61,369
14%
BUCKLEY 834 41,348
14%
CALVIN 3,763 9,412
14%
CHAPMAN 236 127,939
14%
CHUNG 805 43,110
14%
CHURCHILL 2,930 12,235
14%
CLEVELAND 1,127 31,123
14%
CLIFT 7,789 4,256
14%
CROSS 420 77,557
14%
DALTON 654 52,184
14%
DELL 4,305 8,255
14%
DENTON 1,268 27,742
14%
DERR 4,749 7,456
14%
DILLON 683 50,465
14%
DONNELL 5,361 6,494
14%
DUFF 2,202 16,536
14%
EISEN 9,621 3,377
14%
ENGLAND 1,174 29,926
14%
EPSTEIN 2,786 12,952
14%
ERICSON 5,762 6,014
14%
FAN 4,197 8,441
14%
FERNANDO 6,123 5,596
14%
FLOWERS 578 57,549
14%
FRANCISCO 1,481 24,095
14%
FRY 909 38,029
14%
GIBBS 515 65,064
14%
GILBERT 268 114,940
14%
GOMES 1,433 24,827
14%
GOODMAN 451 73,136
14%
GRANDE 4,487 7,904
14%
GUTIERREZ 67 293,218
14%
HAMMON 7,520 4,424
14%
HAMMOND 481 69,515
14%
HANG 5,101 6,863
14%
HANKS 2,066 17,498
14%
HARLEY 2,943 12,186
14%
HONG 1,106 31,670
14%
HULL 807 43,018
14%
IRVIN 1,695 21,263
14%
JEFFRIES 1,526 23,510
14%
JIN 3,421 10,432
14%
JUAN 4,808 7,350
14%
LEY 6,704 5,037
14%
LYNCH 259 117,708
14%
MACE 2,933 12,222
14%
MARLEY 5,591 6,220
14%
MATHEWS 663 51,592
14%
NATHAN 4,284 8,300
14%
NICOL 6,729 5,012
14%
OCONNELL 961 36,194
14%
OHARA 1,660 21,710
14%
ONEAL 729 47,979
14%
OTT 1,373 25,738
14%
PEARSON 308 101,836
14%
RAI 6,418 5,295
14%
RANDALL 621 54,764
14%
REESE 445 73,919
14%
ROSSI 1,348 26,183
14%
RYDER 2,544 14,228
14%
SANTO 7,224 4,620
14%
SHEA 1,048 33,329
14%
SHELL 2,696 13,369
14%
SINGER 1,366 25,828
14%
SPEAR 2,712 13,284
14%
THORNE 1,922 18,738
14%
TODD 460 71,759
14%
TOMAS 4,623 7,673
14%
TOWNS 4,569 7,760
14%
WALLIS 3,104 11,594
14%
WATKINS 240 127,083
14%
WEAVER 192 143,837
14%
WEBER 283 109,433
14%
WELCH 284 108,987
14%
WELSH 1,166 30,153
14%
WILDE 3,332 10,766
14%
XAVIER 9,638 3,367
14%
ZIMMERMAN 379 83,265
14%
ACKER 3,400 10,519
13%
ALBA 2,699 13,347
13%
ALT 5,850 5,906
13%
AVERY 878 39,564
13%
BAIN 2,082 17,371
13%
BEAL 1,726 20,752
13%
BECKETT 3,045 11,763
13%
BEST 911 37,923
13%
BING 8,133 4,076
13%
BOLTON 1,068 32,815
13%
BONE 3,350 10,692
13%
BOWEN 407 78,822
13%
BOYD 176 153,469
13%
CARO 3,545 10,064
13%
CASEY 504 66,556
13%
CHAMBERLAIN 1,231 28,727
13%
CHOW 2,122 17,059
13%
CLEM 4,384 8,107
13%
CLIFTON 1,439 24,758
13%
CORE 8,631 3,810
13%
CORTEZ 310 101,694
13%
CROWE 1,172 29,953
13%
DAMIAN 4,980 7,048
13%
DAS 4,837 7,289
13%
DONOVAN 853 40,410
13%
DOYLE 441 74,458
13%
EMERSON 1,145 30,702
13%
FARRELL 652 52,321
13%
FELIX 863 40,165
13%
FINCH 1,141 30,769
13%
FINLEY 922 37,672
13%
FITZPATRICK 852 40,449
13%
FOWLER 299 104,515
13%
GALE 2,296 15,866
13%
GEORGES 6,109 5,611
13%
GLENN 669 51,043
13%
HAWKINS 200 139,751
13%
HIGGINS 400 79,803
13%
HOLLAND 305 102,538
13%
HOLLY 3,979 8,934
13%
HOM 6,906 4,863
13%
HOPKINS 322 96,810
13%
HORN 655 52,138
13%
HUTCHINS 1,344 26,251
13%
ISAACS 2,422 14,951
13%
JOHNSTONE 4,825 7,313
13%
JOSHUA 9,552 3,403
13%
JOYCE 1,022 34,132
13%
JUNE 8,103 4,091
13%
KARL 5,308 6,564
13%
KENNY 2,077 17,429
13%
KNOX 769 44,742
13%
LAI 1,873 19,157
13%
LESTER 768 44,784
13%
LORE 9,932 3,248
13%
LUIS 3,827 9,255
13%
MACKENZIE 2,628 13,733
13%
MAJOR 1,714 20,977
13%
MANCHESTER 6,538 5,182
13%
MCKENZIE 563 59,595
13%
MCKINLEY 1,489 24,000
13%
MEYERS 586 57,127
13%
MOHAMMAD 6,079 5,639
13%
MOSES 887 39,216
13%
NICKS 8,695 3,775
13%
PARKIN 8,241 4,022
13%
PARSON 2,727 13,209
13%
PAYNE 195 142,601
13%
PEARCE 1,129 31,060
13%
PERKINS 223 131,440
13%
POOLE 604 56,226
13%
POPE 528 63,881
13%
RIVERA 46 391,114
13%
ROA 5,589 6,221
13%
ROWAN 2,581 13,993
13%
SANCHES 4,500 7,883
13%
SANTOS 206 137,232
13%
SHANE 4,796 7,372
13%
SHANNON 752 46,147
13%
SHARP 405 78,990
13%
SHEPHERD 557 60,479
13%
SMALL 861 40,212
13%
SPEARS 830 41,665
13%
SPRINGS 8,446 3,911
13%
STARK 827 41,735
13%
TRAN 132 188,498
13%
VANBUREN 5,874 5,874
13%
VILLA 644 52,817
13%
WEBBER 1,335 26,405
13%
WICK 4,253 8,333
13%
WILKE 4,386 8,106
13%
WILKINSON 634 53,739
13%
WOLFE 374 83,928
13%
WYATT 653 52,211
13%
YEN 6,671 5,066
13%
YUN 3,981 8,933
13%
ZHU 1,694 21,265
13%
BAE 5,606 6,203
12%
BERK 8,736 3,754
12%
BLOOM 1,483 24,081
12%
BOWER 1,682 21,445
12%
BRIGGS 572 58,408
12%
BUTCHER 1,567 22,978
12%
CLAIR 7,292 4,571
12%
COPP 9,378 3,469
12%
CUNNINGHAM 211 135,718
12%
DIAS 2,266 16,044
12%
FAIR 1,942 18,609
12%
FLORES 40 433,969
12%
GARNER 442 74,324
12%
GERARD 3,914 9,075
12%
GRIM 4,771 7,418
12%
HAMMER 1,661 21,709
12%
HENDRICK 4,441 7,988
12%
HIGH 2,585 13,961
12%
HOFF 2,103 17,223
12%
HOPP 7,838 4,225
12%
IRVING 2,433 14,896
12%
KENDALL 1,126 31,209
12%
KINGSLEY 4,417 8,043
12%
LANGLEY 1,289 27,252
12%
LEES 6,214 5,502
12%
MALONE 465 71,286
12%
MANSON 4,629 7,663
12%
MARCH 3,344 10,719
12%
MARTINES 3,780 9,363
12%
MAYO 989 35,228
12%
MAYS 854 40,408
12%
MENDOZA 88 242,771
12%
NIELSEN 810 42,773
12%
ORANGE 7,629 4,350
12%
PRIEST 2,430 14,915
12%
RAMOS 76 263,464
12%
RAMSEY 412 78,350
12%
REECE 1,479 24,145
12%
ROTH 574 58,278
12%
RUSH 869 39,802
12%
SAMUELSON 4,532 7,824
12%
SCHMIT 6,438 5,274
12%
SCHULTZ 297 104,888
12%
SCHWARTZ 345 90,071
12%
SELL 3,280 11,014
12%
SHERMAN 469 70,502
12%
SLATE 5,796 5,969
12%
SMYTH 3,741 9,470
12%
THATCHER 3,644 9,752
12%
THORNTON 373 83,967
12%
TOMS 6,764 4,986
12%
WALD 8,172 4,057
12%
WEIS 3,645 9,750
12%
WESLEY 1,555 23,135
12%
WILDER 1,131 31,018
12%
WINN 1,611 22,316
12%
ABBEY 6,574 5,150
11%
ACKERMAN 1,398 25,401
11%
BARLEY 7,054 4,744
11%
BARNETT 324 95,681
11%
BAUM 2,230 16,334
11%
BEACH 1,137 30,867
11%
BECKHAM 3,575 9,960
11%
BIGGS 1,581 22,641
11%
BILLS 3,552 10,051
11%
BOST 5,995 5,734
11%
BRAUN 1,012 34,491
11%
BULLOCK 770 44,740
11%
BURGE 3,447 10,364
11%
BURGER 1,840 19,480
11%
BYE 9,496 3,423
11%
CASPER 2,905 12,351
11%
CASTLE 1,744 20,534
11%
CHANCE 2,540 14,256
11%
CHOI 674 50,786
11%
COBB 514 65,125
11%
CONE 3,583 9,935
11%
CONNERS 6,190 5,528
11%
CRANE 916 37,870
11%
CUMMINGS 403 79,316
11%
CURRY 436 74,919
11%
DAIL 8,946 3,659
11%
DAMON 4,695 7,555
11%
DARLING 1,904 18,879
11%
DARR 5,227 6,677
11%
DELANEY 1,057 33,218
11%
DEW 5,561 6,252
11%
DEXTER 3,535 10,099
11%
DICKENSON 7,283 4,575
11%
DING 6,784 4,973
11%
DONG 2,879 12,466
11%
EAGLE 4,261 8,325
11%
EARL 2,270 16,027
11%
EDEN 4,736 7,489
11%
EDISON 8,250 4,015
11%
FIELDING 5,700 6,081
11%
FILLMORE 7,473 4,457
11%
FORRESTER 2,596 13,878
11%
FREDERICKS 4,515 7,848
11%
FREY 1,065 32,904
11%
GALLAGHER 479 69,834
11%
GOULD 891 38,924
11%
GROVE 1,657 21,732
11%
HAIL 364 86,240
11%
HESS 564 59,486
11%
HICKS 170 158,320
11%
HOFFMAN 224 131,401
11%
HOLLIS 1,233 28,617
11%
HOOPER 1,020 34,247
11%
HORNE 921 37,689
11%
HUA 5,052 6,939
11%
HUSS 5,481 6,346
11%
IRELAND 2,445 14,800
11%
IVANOV 8,605 3,826
11%
JEAN 1,703 21,140
11%
JETT 2,985 12,008
11%
JIMENEZ 100 227,118
11%
JUNG 1,486 24,026
11%
KAY 1,467 24,337
11%
KELLEY 198 140,693
11%
KEMP 753 46,146
11%
KEYS 1,900 18,899
11%
LANDON 3,844 9,211
11%
LARSEN 606 55,960
11%
LAURENCE 9,722 3,336
11%
LAWTON 2,630 13,713
11%
LEEDS 8,659 3,795
11%
LESLIE 1,417 25,078
11%
LEVY 932 37,228
11%
LUNA 298 104,518
11%
MAK 6,555 5,170
11%
MARIN 784 43,904
11%
MARKUS 8,968 3,649
11%
MARQUEZ 287 107,533
11%
MARTE 4,007 8,867
11%
MCQUEEN 1,814 19,760
11%
MEAD 1,578 22,727
11%
MEI 4,510 7,867
11%
MENDES 3,514 10,162
11%
MICK 6,416 5,299
11%
MOLL 4,938 7,131
11%
NEAL 337 91,694
11%
NOAH 6,384 5,332
11%
OMAR 4,631 7,660
11%
ORTIZ 68 286,899
11%
PABLO 5,384 6,462
11%
PAINE 4,171 8,501
11%
PARKINSON 3,637 9,767
11%
PARTON 5,739 6,039
11%
PATTON 506 66,293
11%
PINE 5,284 6,592
11%
RAMSAY 4,380 8,120
11%
ROSEN 1,585 22,596
11%
SHELDON 1,855 19,339
11%
SHIN 1,656 21,735
11%
SLATER 1,075 32,584
11%
SMITHSON 5,032 6,978
11%
STACY 1,891 19,010
11%
STOCK 2,832 12,722
11%
SUAREZ 510 66,013
11%
SUTTON 341 90,964
11%
SWANSON 424 76,897
11%
TILL 7,721 4,299
11%
TOWNSEND 483 69,360
11%
TRACEY 4,359 8,152
11%
TRACY 1,180 29,867
11%
TRENT 1,824 19,630
11%
VELA 1,396 25,414
11%
WAGNER 173 155,795
11%
WEISS 587 57,112
11%
WHEAT 3,290 10,979
11%
WINDSOR 4,652 7,621
11%
XU 1,381 25,622
11%
ALBERTO 5,335 6,528
10%
ALEXIS 5,070 6,915
10%
APPLETON 6,132 5,588
10%
BARD 5,809 5,953
10%
BOSTON 2,309 15,814
10%
BRADSHAW 818 42,465
10%
BRENT 4,535 7,820
10%
BRODY 5,142 6,805
10%
BYER 9,998 3,224
10%
CAGE 6,345 5,372
10%
CAMDEN 9,954 3,243
10%
CARD 3,651 9,742
10%
CASSIDY 1,325 26,590
10%
CHEE 6,784 4,973
10%
CLEMENT 1,505 23,830
10%
DALEY 1,427 24,901
10%
DENIS 5,133 6,818
10%
DIAMOND 1,670 21,586
10%
DONNELLY 1,114 31,505
10%
ELIA 9,397 3,460
10%
FAY 2,440 14,849
10%
FIELDER 5,068 6,917
10%
GARRIS 4,823 7,316
10%
GARRY 9,461 3,439
10%
GREGG 1,386 25,554
10%
HACK 5,379 6,468
10%
HASS 5,101 6,863
10%
HAYDEN 930 37,451
10%
HENDRICKS 802 43,197
10%
HENDRIX 991 35,194
10%
HOPPE 3,841 9,215
10%
HUTCHINSON 710 48,781
10%
JANSON 8,408 3,930
10%
KNOWLES 1,239 28,460
10%
LARRY 5,817 5,942
10%
LEIGHTON 4,222 8,399
10%
LIGHT 2,164 16,769
10%
LINN 2,876 12,508
10%
MARLOW 2,728 13,205
10%
MCLEAN 801 43,260
10%
MELO 3,655 9,731
10%
MONTE 7,317 4,560
10%
NOE 3,229 11,182
10%
OAKLEY 2,099 17,238
10%
OSULLIVAN 3,032 11,818
10%
PARSONS 498 67,310
10%
PEDRO 5,246 6,649
10%
PHELPS 657 52,044
10%
PIERRE 1,026 33,913
10%
POST 1,530 23,458
10%
POTTS 902 38,277
10%
RAMIRES 5,466 6,362
10%
RAMON 3,108 11,582
10%
REILLY 845 40,884
10%
RICARDO 9,433 3,448
10%
SALE 9,097 3,591
10%
SANTIAGO 248 122,212
10%
SHARPE 1,226 28,879
10%
SHEN 2,806 12,839
10%
SILVERS 4,664 7,602
10%
SOLOMON 745 46,534
10%
STRONG 760 45,432
10%
TAFT 3,933 9,048
10%
TELLER 8,623 3,814
10%
VARGA 5,608 6,201
10%
VICTORIA 5,023 6,989
10%
WHITT 2,092 17,293
10%
WILKES 1,975 18,314
10%
WILT 4,348 8,165
10%
WOODSON 2,098 17,242
10%
ANDRES 2,813 12,821
9%
ANGELO 4,590 7,728
9%
ASTON 8,402 3,937
9%
BACK 4,051 8,762
9%
BARTLETT 791 43,648
9%
BAUER 517 65,004
9%
BENDER 881 39,551
9%
BERGMAN 2,021 17,846
9%
BEVERLY 2,992 11,978
9%
BLACKMAN 2,535 14,278
9%
BLANCO 1,099 31,800
9%
BORG 6,928 4,843
9%
BOSS 4,154 8,529
9%
BOURNE 3,823 9,270
9%
BOWMAN 296 105,007
9%
BRANDT 948 36,613
9%
BRITT 1,115 31,474
9%
BRYCE 7,001 4,785
9%
BUDD 4,427 8,026
9%
BUTTON 4,810 7,341
9%
BYERS 1,087 32,174
9%
BYRD 331 92,904
9%
BYRNE 1,198 29,503
9%
BYRON 5,275 6,610
9%
CARTWRIGHT 1,626 22,156
9%
CARVER 1,079 32,415
9%
CATE 6,763 4,987
9%
CHARLTON 3,383 10,555
9%
CHILD 6,483 5,237
9%
CODY 1,828 19,600
9%
COE 2,157 16,819
9%
COMBS 624 54,257
9%
CONNOLLY 1,190 29,710
9%
CONRAD 848 40,707
9%
COREY 2,340 15,569
9%
COSTA 904 38,265
9%
CREW 8,127 4,081
9%
DALY 1,118 31,330
9%
DAWES 5,452 6,383
9%
DOBSON 1,846 19,419
9%
DOVE 2,475 14,560
9%
DUCK 7,367 4,521
9%
DUFFY 892 38,835
9%
DYE 1,246 28,182
9%
EASTWOOD 6,470 5,247
9%
EDGAR 3,014 11,895
9%
EDMOND 3,777 9,369
9%
ERICKSON 389 82,085
9%
FALLON 2,994 11,974
9%
FANG 3,464 10,316
9%
FEE 5,394 6,453
9%
FELT 8,610 3,820
9%
FERRIS 1,732 20,703
9%
FLINT 2,399 15,123
9%
FLYNN 534 63,400
9%
FRASER 1,358 25,961
9%
GARRISON 677 50,686
9%
GARVEY 3,196 11,307
9%
GLOVER 501 66,858
9%
GORE 1,378 25,648
9%
GRANGER 2,055 17,539
9%
GRAVES 371 84,179
9%
GRIFFITHS 2,444 14,805
9%
GROSS 440 74,503
9%
HADLEY 1,653 21,771
9%
HANNA 867 39,890
9%
HANNAH 1,779 20,138
9%
HARE 2,236 16,304
9%
HARTLE 9,307 3,498
9%
HARTLEY 1,124 31,221
9%
HAYS 1,021 34,191
9%
HEIN 2,865 12,586
9%
HENN 8,763 3,743
9%
HILLER 3,387 10,546
9%
HOPPER 1,281 27,353
9%
HUBER 933 37,170
9%
IM 6,880 4,887
9%
IRISH 4,813 7,336
9%
JAMISON 1,270 27,697
9%
JARVIS 985 35,350
9%
JASPER 3,687 9,632
9%
JUAREZ 306 101,949
9%
JUSTICE 1,077 32,480
9%
KAHN 2,473 14,584
9%
KAUR 711 48,753
9%
KEAN 7,543 4,408
9%
KENDRICK 1,259 27,915
9%
KIMBER 8,581 3,838
9%
KOCH 698 49,395
9%
KOH 9,090 3,595
9%
KOWAL 7,658 4,337
9%
KOWALSKI 1,999 18,077
9%
LACEY 1,930 18,691
9%
LAMBERT 329 93,678
9%
LANGE 1,132 30,984
9%
LAYTON 1,836 19,504
9%
LEAR 4,638 7,649
9%
LEVIN 1,876 19,144
9%
LINE 9,983 3,231
9%
LOVETT 1,842 19,471
9%
LUCK 5,765 6,008
9%
LUND 1,465 24,347
9%
MAIN 2,824 12,776
9%
MAO 6,153 5,565
9%
MARTINO 2,746 13,128
9%
MARX 3,062 11,716
9%
MAST 2,288 15,932
9%
MATHER 4,652 7,621
9%
MAYES 1,408 25,256
9%
MCALLISTER 1,197 29,544
9%
MCBRIDE 527 63,899
9%
MCCALL 794 43,483
9%
MCINTYRE 786 43,842
9%
MCKAY 895 38,681
9%
MEADOWS 773 44,500
9%
MICHEL 1,383 25,578
9%
MOUNT 4,055 8,754
9%
NEU 7,933 4,170
9%
NICOLAS 3,951 9,006
9%
NOEL 1,103 31,768
9%
NOVAK 980 35,461
9%
NUNEZ 242 125,350
9%
OAKS 4,903 7,182
9%
OSBORN 1,078 32,439
9%
PACK 1,932 18,678
9%
PATTI 8,469 3,899
9%
PAULSEN 3,211 11,243
9%
PERCY 7,837 4,226
9%
PERES 6,420 5,294
9%
PITTS 693 49,740
9%
POE 1,522 23,563
9%
RANDOLPH 840 41,129
9%
REGAN 1,642 21,951
9%
RING 2,226 16,381
9%
ROE 1,406 25,286
9%
ROLAND 1,860 19,311
9%
ROLLINS 992 35,132
9%
ROMANO 1,219 29,018
9%
RUBY 3,904 9,091
9%
RUIZ 89 238,234
9%
SAY 9,803 3,302
9%
SCHMITT 967 36,043
9%
SELLERS 814 42,577
9%
SEYMOUR 1,394 25,436
9%
SILVERMAN 2,463 14,636
9%
SIMMONDS 7,591 4,379
9%
SNYDER 165 160,262
9%
SPRINGFIELD 9,112 3,586
9%
STACEY 3,720 9,520
9%
STEEL 4,949 7,111
9%
STILL 2,904 12,354
9%
STYLES 5,113 6,847
9%
TANG 999 34,961
9%
TIMM 3,753 9,433
9%
VAUGHN 356 88,060
9%
WAINWRIGHT 4,948 7,114
9%
WARDEN 3,244 11,135
9%
WARE 700 49,316
9%
WELLING 7,947 4,164
9%
WELLINGTON 5,156 6,784
9%
WHITAKER 596 56,616
9%
WHITMAN 1,851 19,399
9%
WINE 7,674 4,327
9%
WISE 485 68,649
9%
WITT 1,110 31,575
9%
YUNG 7,849 4,218
9%
ZHAO 1,613 22,301
9%
ZHOU 1,532 23,437
9%
ABDULLAH 4,272 8,314
8%
ADLER 2,223 16,412
8%
AGUILA 5,683 6,103
8%
ALTON 7,305 4,565
8%
APPLEBY 6,161 5,556
8%
ARIAS 581 57,477
8%
AVILA 318 97,314
8%
BAEZ 1,121 31,298
8%
BAINES 5,313 6,557
8%
BANNER 5,990 5,739
8%
BARBA 3,268 11,043
8%
BARBER 406 78,848
8%
BARKLEY 2,764 13,051
8%
BARLOW 1,047 33,335
8%
BARNEY 2,224 16,404
8%
BARTH 2,474 14,579
8%
BEALE 4,764 7,431
8%
BEAVER 1,665 21,640
8%
BETTS 1,799 19,983
8%
BILLY 9,027 3,621
8%
BOWIE 3,039 11,786
8%
BRADFORD 628 54,015
8%
BRANSON 3,106 11,587
8%
BRISTOL 4,611 7,694
8%
BURNETT 554 60,791
8%
CADE 4,226 8,391
8%
CAINE 7,647 4,343
8%
CHADWICK 2,222 16,415
8%
CHAI 9,030 3,619
8%
CHAVEZ 83 250,898
8%
CHERRY 970 35,877
8%
CHRISTIANSEN 1,854 19,340
8%
CHRISTIANSON 3,001 11,951
8%
CHRISTIE 1,931 18,681
8%
CLANCY 2,871 12,556
8%
COLON 497 67,338
8%
CORTES 751 46,229
8%
CROSBY 851 40,563
8%
CYR 3,029 11,829
8%
CYRUS 7,322 4,557
8%
DAILY 3,205 11,276
8%
DANG 1,155 30,389
8%
DECK 6,054 5,668
8%
DEMPSEY 1,308 26,863
8%
DERRY 7,863 4,209
8%
DIEGO 5,651 6,141
8%
DOBBS 1,956 18,476
8%
DOE 4,972 7,066
8%
DOLL 3,646 9,749
8%
DOMINGUE 8,572 3,843
8%
DOVER 3,651 9,742
8%
DOWNEY 1,320 26,627
8%
DRIVER 2,361 15,442
8%
DUNNE 3,974 8,941
8%
DURAN 349 89,401
8%
DYER 742 47,170
8%
EDMUNDS 5,646 6,151
8%
ELIAS 1,443 24,696
8%
EUGENE 7,870 4,205
8%
FELL 5,414 6,429
8%
FLANDERS 4,043 8,787
8%
FLEMING 342 90,677
8%
FLOREZ 3,377 10,570
8%
FORESTER 6,704 5,037
8%
FORSTER 3,895 9,116
8%
FORT 4,382 8,117
8%
FREDERICKSON 9,506 3,419
8%
GARLAND 1,309 26,779
8%
GAVIN 2,569 14,061
8%
GIBBONS 1,183 29,824
8%
GILES 849 40,598
8%
GONG 5,702 6,079
8%
GRADY 1,355 26,103
8%
GUERRERO 234 128,677
8%
GUST 9,652 3,362
8%
HAILE 5,236 6,663
8%
HAILEY 4,256 8,327
8%
HAINES 1,201 29,462
8%
HAMILL 5,954 5,781
8%
HARMAN 2,458 14,658
8%
HARRINGTON 500 66,959
8%
HAU 9,093 3,592
8%
HAYNES 366 85,974
8%
HENSON 728 48,013
8%
HERMANN 4,010 8,858
8%
HILLMAN 2,321 15,738
8%
HINE 8,770 3,738
8%
HOBBS 717 48,522
8%
HORNER 1,500 23,881
8%
HORTON 367 85,195
8%
HOWELL 272 112,041
8%
HUANG 456 72,328
8%
HUBERT 3,439 10,380
8%
HUNG 4,932 7,137
8%
IRONS 4,804 7,358
8%
IRVINE 3,769 9,397
8%
JANES 4,632 7,659
8%
JOHANSON 6,674 5,061
8%
JORGE 5,573 6,236
8%
JULIUS 9,013 3,628
8%
KAM 8,749 3,749
8%
KANG 1,084 32,221
8%
KELSEY 2,501 14,456
8%
KONG 2,551 14,165
8%
LAMAR 3,057 11,733
8%
LANDER 6,535 5,186
8%
LINDEN 5,534 6,276
8%
LIVELY 3,279 11,026
8%
LORENZ 2,483 14,528
8%
LUKAS 8,408 3,930
8%
LUTHER 2,589 13,906
8%
LYON 1,271 27,690
8%
MACY 6,521 5,203
8%
MAHON 3,749 9,441
8%
MALONEY 1,149 30,671
8%
MANSFIELD 1,923 18,725
8%
MANUEL 1,277 27,529
8%
MARTINI 4,658 7,612
8%
MARVIN 3,468 10,310
8%
MATHERS 8,526 3,860
8%
MAURICE 8,430 3,919
8%
MCGILL 1,282 27,330
8%
MCGREGOR 2,333 15,614
8%
MCGUIRE 521 64,327
8%
MEIER 1,391 25,486
8%
MELVIN 1,795 20,008
8%
MIGUEL 3,303 10,861
8%
MIKE 8,408 3,930
8%
MILLAR 5,086 6,883
8%
MOHAMED 1,257 27,972
8%
MORI 7,831 4,228
8%
MULLIN 3,250 11,103
8%
MULLINS 463 71,646
8%
OLEA 7,492 4,447
8%
OLIVIER 5,438 6,400
8%
OMALLEY 2,046 17,588
8%
ORTEGA 239 127,256
8%
OSBORNE 502 66,827
8%
OSHEA 3,395 10,531
8%
OSWALD 2,530 14,322
8%
PENNY 3,485 10,249
8%
PEREIRA 1,175 29,898
8%
PEYTON 3,477 10,276
8%
POND 3,930 9,052
8%
RAE 6,646 5,094
8%
RAVEN 9,741 3,327
8%
REDDING 2,317 15,767
8%
ROBERTO 8,706 3,770
8%
RODNEY 8,106 4,089
8%
ROSENBERG 1,339 26,307
8%
SAIN 7,155 4,675
8%
SALA 7,575 4,386
8%
SANTANA 556 60,667
8%
SEE 3,911 9,081
8%
SHELLY 6,598 5,134
8%
SHELTON 344 90,517
8%
SHEPARD 882 39,430
8%
SIMONE 4,878 7,221
8%
SINCLAIR 1,290 27,243
8%
SMART 1,388 25,528
8%
SMYTHE 7,591 4,379
8%
SOMMER 3,080 11,662
8%
SWEET 1,169 30,051
8%
TATUM 1,451 24,558
8%
THEODORE 7,247 4,601
8%
THOMASON 1,751 20,478
8%
UNDERWOOD 588 57,064
8%
UY 9,003 3,633
8%
VARGAS 148 173,835
8%
VASQUEZ 113 212,781
8%
VAUGHAN 893 38,830
8%
VEGA 261 116,673
8%
VELASQUEZ 398 80,364
8%
WALLER 942 36,805
8%
WARWICK 6,307 5,411
8%
XIA 8,867 3,693
8%
YATES 535 63,254
8%
YEE 1,740 20,591
8%
YOO 2,724 13,225
8%
ZHEN 8,941 3,661
8%
ZHENG 1,409 25,242
8%
ACOSTA 302 103,418
7%
AGUILAR 134 186,512
7%
AGUILERA 1,109 31,581
7%
AHMAD 2,238 16,291
7%
BACH 2,986 11,999
7%
BANE 6,127 5,591
7%
BANG 7,153 4,676
7%
BARON 2,234 16,308
7%
BATT 9,026 3,622
7%
BAYS 5,287 6,588
7%
BERGEN 5,711 6,074
7%
BERKLEY 7,050 4,750
7%
BIRCH 2,954 12,161
7%
BLAIN 7,025 4,764
7%
BOE 8,556 3,850
7%
BRANCH 990 35,225
7%
BRENNAN 701 49,238
7%
BRITTON 1,217 29,040
7%
BRUNO 1,135 30,883
7%
CALDWELL 327 93,944
7%
CALLAHAN 682 50,524
7%
CANN 8,479 3,890
7%
CARMICHAEL 1,825 19,628
7%
CATES 1,984 18,190
7%
CHAU 2,181 16,667
7%
CHILDS 1,242 28,359
7%
COOKS 5,640 6,157
7%
COSBY 3,471 10,300
7%
COURTNEY 1,294 27,205
7%
COY 2,597 13,875
7%
CUSTER 3,324 10,790
7%
DANN 8,775 3,735
7%
DAYTON 4,173 8,494
7%
DECKER 597 56,576
7%
DELACRUZ 458 72,109
7%
DENG 3,993 8,898
7%
DEWITT 1,338 26,348
7%
DISNEY 9,006 3,631
7%
DOMINGUEZ 254 119,304
7%
DUTTON 2,123 17,057
7%
EMMETT 9,030 3,619
7%
ENNIS 2,220 16,419
7%
EVERS 3,809 9,300
7%
FELTON 2,266 16,044
7%
FERREIRA 1,260 27,898
7%
FONTAINE 3,012 11,901
7%
FORDHAM 6,930 4,838
7%
FRAZIER 335 92,152
7%
FROST 822 42,015
7%
GLASS 823 41,802
7%
GOLDSMITH 2,229 16,346
7%
GREER 590 57,043
7%
HAAS 1,001 34,918
7%
HALEY 917 37,858
7%
HELLER 1,399 25,373
7%
HERRERA 129 192,711
7%
HODGE 643 52,920
7%
HOLDER 1,040 33,465
7%
JAVIER 3,838 9,226
7%
JOSEPHSON 9,100 3,590
7%
JUDD 1,991 18,110
7%
KEEN 1,959 18,459
7%
KEYES 1,979 18,252
7%
KLINE 761 45,390
7%
KOO 6,843 4,923
7%
LADD 2,256 16,112
7%
LAO 5,856 5,897
7%
LAWYER 8,049 4,112
7%
LEMON 2,393 15,140
7%
LEROY 4,571 7,759
7%
LIANG 1,480 24,140
7%
LINK 1,627 22,137
7%
LORENZO 2,024 17,825
7%
LOVELL 1,700 21,171
7%
LOY 4,006 8,868
7%
LYLE 2,731 13,192
7%
LYONS 369 84,516
7%
MALIK 2,429 14,925
7%
MARION 2,446 14,777
7%
MARQUES 4,716 7,520
7%
MCKINNEY 377 83,616
7%
MCNAMARA 1,329 26,534
7%
MEADE 1,631 22,091
7%
MERCER 1,016 34,431
7%
MILNE 5,555 6,258
7%
MONK 2,964 12,103
7%
MONTANA 7,054 4,744
7%
MORAN 353 88,615
7%
MYLES 2,591 13,898
7%
NAM 5,569 6,244
7%
NAY 6,949 4,826
7%
NEILL 3,768 9,404
7%
NEILSON 5,319 6,553
7%
NICHOLLS 6,010 5,722
7%
NIELSON 3,137 11,511
7%
NOWAK 1,902 18,891
7%
OCONNER 9,048 3,611
7%
PAK 3,308 10,846
7%
PARRIS 2,839 12,710
7%
PAXTON 3,049 11,754
7%
PAYTON 1,515 23,670
7%
PEEL 5,247 6,647
7%
PHAM 370 84,320
7%
PHOENIX 9,745 3,326
7%
POPP 3,973 8,947
7%
PRATT 541 61,671
7%
PRIDE 4,908 7,172
7%
RAU 3,968 8,961
7%
RHODE 9,237 3,523
7%
RICHMOND 934 37,053
7%
SCHWARZ 2,295 15,884
7%
SEBASTIAN 2,586 13,934
7%
SHAY 3,843 9,212
7%
SHIELDS 672 50,832
7%
SKINNER 627 54,046
7%
STORM 3,596 9,895
7%
SUZUKI 6,438 5,274
7%
SWEENEY 651 52,410
7%
TOMLIN 3,036 11,797
7%
TOMLINSON 1,407 25,274
7%
UPTON 2,616 13,769
7%
VALENTI 4,341 8,174
7%
VALENTIN 1,868 19,211
7%
VALENZUELA 584 57,383
7%
VICK 2,511 14,421
7%
WEINSTEIN 2,659 13,563
7%
WELLER 2,615 13,774
7%
WICKS 3,735 9,489
7%
WOODY 1,960 18,434
7%
WORTHY 4,040 8,795
7%
ABNER 6,143 5,577
6%
ABRAHAMSON 6,817 4,948
6%
ADKINS 449 73,599
6%
ALBRIGHT 1,410 25,189
6%
ALLMAN 4,447 7,977
6%
ALMOND 4,902 7,188
6%
AMBROSE 2,107 17,178
6%
AMOS 1,517 23,621
6%
ANGUS 7,854 4,214
6%
BACON 1,181 29,860
6%
BARE 4,836 7,291
6%
BARNA 9,258 3,516
6%
BARRON 656 52,070
6%
BARTHOLOMEW 2,374 15,339
6%
BATEMAN 1,893 19,001
6%
BAYER 3,389 10,544
6%
BEARD 721 48,207
6%
BEECH 7,955 4,160
6%
BEER 5,829 5,931
6%
BERLIN 4,729 7,503
6%
BIANCHI 4,293 8,284
6%
BIEBER 7,717 4,301
6%
BILLINGS 1,588 22,553
6%
BIRMINGHAM 5,297 6,577
6%
BLANCHARD 920 37,695
6%
BLAND 1,315 26,722
6%
BOBB 9,184 3,552
6%
BOOTHE 4,100 8,656
6%
BRADBURY 4,343 8,172
6%
BRAXTON 2,921 12,268
6%
BREWSTER 1,830 19,564
6%
BRICK 9,969 3,235
6%
BROTHERS 3,096 11,619
6%
BROWNING 797 43,329
6%
CAMACHO 493 67,893
6%
CARLE 9,531 3,410
6%
CASTILLO 93 230,420
6%
CAVE 4,228 8,389
6%
CESAR 8,458 3,904
6%
CHAPLIN 5,344 6,513
6%
CHRISTEN 8,626 3,813
6%
CHRISTENSEN 433 75,143
6%
CLAUS 8,911 3,674
6%
CLEMENTS 908 38,044
6%
CLINE 684 50,258
6%
COEN 7,554 4,400
6%
COLES 2,505 14,449
6%
COLLIER 599 56,380
6%
CONLEY 607 55,917
6%
CORY 5,867 5,879
6%
COTTO 5,348 6,506
6%
COTTON 1,044 33,374
6%
COWELL 5,269 6,618
6%
CRAFT 1,116 31,452
6%
CRAM 8,939 3,662
6%
CRIST 3,401 10,518
6%
CULLEN 1,796 20,000
6%
DAILEY 1,072 32,719
6%
DARBY 1,921 18,757
6%
DASILVA 1,767 20,338
6%
DAWKINS 2,363 15,431
6%
DEACON 9,756 3,322
6%
DENNISON 2,465 14,629
6%
DERBY 5,921 5,822
6%
DESMOND 4,783 7,395
6%
DICKERSON 659 51,889
6%
DION 4,225 8,395
6%
DODD 1,144 30,732
6%
DOHERTY 1,264 27,787
6%
DOLAN 1,283 27,329
6%
DOWNS 1,025 33,922
6%
DURANT 2,889 12,428
6%
DUSTIN 9,961 3,240
6%
DUVAL 4,014 8,851
6%
EASTMAN 2,162 16,791
6%
EMERY 1,365 25,839
6%
EMORY 6,075 5,641
6%
ENRIQUEZ 837 41,271
6%
ERNEST 7,053 4,745
6%
ESPOSITO 1,576 22,789
6%
ESTEVEZ 3,273 11,032
6%
EVERLY 9,910 3,262
6%
FALCO 7,126 4,695
6%
FALCON 2,398 15,125
6%
FAULK 3,084 11,656
6%
FAULKNER 952 36,466
6%
FINE 3,097 11,618
6%
FINK 1,232 28,701
6%
FLORENCE 3,865 9,177
6%
FONG 2,018 17,889
6%
FORDE 6,713 5,031
6%
FRANZ 3,153 11,462
6%
FRAZER 4,585 7,743
6%
FRIED 5,012 7,010
6%
FRYE 937 36,973
6%
FRYER 4,714 7,524
6%
FULTON 1,083 32,258
6%
GABLE 3,634 9,779
6%
GAINES 788 43,821
6%
GAST 7,235 4,612
6%
GASTON 1,837 19,502
6%
GAYLOR 9,609 3,382
6%
GODFREY 1,230 28,734
6%
GOLDING 6,394 5,321
6%
GRASS 7,301 4,567
6%
GROVER 2,056 17,534
6%
GUNTHER 4,501 7,882
6%
HANCOCK 681 50,558
6%
HARLOW 3,060 11,726
6%
HAVEN 9,043 3,614
6%
HEAD 1,285 27,292
6%
HEINZ 4,276 8,311
6%
HELM 3,087 11,649
6%
HEPBURN 9,350 3,479
6%
HIDALGO 1,556 23,134
6%
HINES 462 71,717
6%
HOBSON 2,128 17,043
6%
HODGES 471 70,223
6%
HOGAN 536 63,085
6%
HOOD 616 55,174
6%
HOOK 2,680 13,437
6%
HOUGH 2,345 15,549
6%
HURST 749 46,244
6%
HURT 1,708 21,037
6%
HUTTO 4,217 8,403
6%
HYDE 1,213 29,094
6%
IBRAHIM 2,290 15,915
6%
IGLESIAS 3,387 10,546
6%
IRWIN 1,019 34,297
6%
ISRAEL 3,488 10,245
6%
ISSA 8,110 4,088
6%
JAMIESON 4,812 7,338
6%
JEFFERY 3,638 9,766
6%
JESSE 8,536 3,855
6%
JIANG 1,849 19,409
6%
KATZ 1,101 31,780
6%
KEANE 3,154 11,459
6%
KIDD 1,060 33,186
6%
KIRKLAND 1,161 30,283
6%
KISS 8,305 3,990
6%
KITCHEN 2,390 15,170
6%
KLAUS 6,388 5,328
6%
KOVAL 6,912 4,855
6%
KRAMER 526 63,936
6%
KWAN 3,966 8,965
6%
LACY 1,559 23,110
6%
LAINE 9,407 3,456
6%
LANDRY 884 39,391
6%
LANGFORD 1,870 19,208
6%
LANGSTON 1,816 19,742
6%
LAURIE 9,234 3,526
6%
LAWLOR 6,001 5,729
6%
LEACH 772 44,581
6%
LENNOX 9,097 3,591
6%
LETT 5,451 6,385
6%
LILLY 1,580 22,662
6%
LINDO 9,066 3,605
6%
LINTON 2,524 14,354
6%
LIVINGSTON 821 42,103
6%
LOVELY 8,076 4,104
6%
LOWELL 5,302 6,569
6%
LOWRY 1,428 24,895
6%
LUCE 3,672 9,704
6%
LUM 4,406 8,060
6%
LUNG 4,578 7,753
6%
MAIER 2,557 14,135
6%
MANDEL 5,212 6,703
6%
MARCOS 6,688 5,052
6%
MARTINSON 4,412 8,048
6%
MASTERS 1,524 23,533
6%
MATEO 2,623 13,746
6%
MAYA 3,466 10,313
6%
MCARTHUR 2,844 12,683
6%
MCCAIN 1,888 19,032
6%
MCCOY 278 110,744
6%
MCGEE 439 74,542
6%
MCINTOSH 819 42,379
6%
MCLEOD 1,141 30,769
6%
MCMAHON 883 39,411
6%
MELE 7,944 4,165
6%
MERRY 8,844 3,704
6%
MIDDLETON 813 42,578
6%
MILNER 2,955 12,153
6%
MOE 3,238 11,150
6%
MONEY 5,421 6,420
6%
MOREL 4,399 8,085
6%
MORENO 124 196,925
6%
MULLEN 928 37,502
6%
MUNOZ 168 158,483
6%
MUNRO 5,067 6,918
6%
NEUMAN 3,957 8,982
6%
NEVILLE 3,053 11,739
6%
NILSON 3,562 10,010
6%
NUNES 2,942 12,191
6%
NYE 2,952 12,167
6%
OLEARY 1,607 22,329
6%
OREILLY 2,970 12,074
6%
ORR 774 44,388
6%
OXFORD 7,387 4,509
6%
PACE 868 39,879
6%
PANG 4,645 7,642
6%
PARE 9,389 3,464
6%
PARRY 3,383 10,555
6%
PATERSON 4,990 7,035
6%
PEACOCK 1,659 21,712
6%
PEARL 4,687 7,570
6%
PENCE 2,965 12,101
6%
PEPPER 3,178 11,374
6%
PERSON 496 67,411
6%
PETRO 5,957 5,777
6%
PLANT 5,890 5,858
6%
PRESS 8,308 3,989
6%
PRITCHARD 1,523 23,549
6%
RALEIGH 8,317 3,984
6%
RAYNER 8,222 4,036
6%
REIN 7,882 4,199
6%
RHODES 343 90,670
6%
RICHIE 5,138 6,812
6%
RICKS 1,950 18,506
6%
RIDGE 4,936 7,133
6%
RIOS 237 127,794
6%
ROAN 9,073 3,603
6%
ROBSON 4,368 8,137
6%
ROCHE 1,895 18,940
6%
RODE 9,648 3,363
6%
ROGAN 7,345 4,537
6%
ROJAS 285 108,421
6%
ROMER 9,407 3,456
6%
ROMERO 115 208,614
6%
RONE 9,821 3,296
6%
ROONEY 2,156 16,823
6%
ROPER 1,787 20,065
6%
ROYCE 6,622 5,115
6%
RUBIN 1,553 23,165
6%
RUDD 2,451 14,732
6%
RUDOLPH 1,808 19,854
6%
RUE 6,721 5,023
6%
SALMON 2,486 14,511
6%
SANDS 1,944 18,584
6%
SANDY 5,914 5,826
6%
SHAH 573 58,287
6%
SHAPIRO 1,469 24,335
6%
SHARON 9,598 3,385
6%
SHEFFIELD 1,817 19,738
6%
SHELLEY 2,533 14,300
6%
SHEPPARD 938 36,960
6%
SHORE 3,523 10,130
6%
SILVERSTEIN 5,300 6,576
6%
SNOW 734 47,528
6%
SPAIN 3,093 11,628
6%
STANTON 968 35,997
6%
STARKE 9,813 3,299
6%
STEELE 355 88,230
6%
STERN 1,418 25,074
6%
STEWARD 1,610 22,318
6%
STOCKTON 2,709 13,306
6%
STOKES 542 61,639
6%
STRANG 7,652 4,341
6%
STREET 1,805 19,866
6%
SUNG 4,801 7,360
6%
SUTHERLAND 1,195 29,585
6%
SWANN 2,916 12,293
6%
TAM 2,703 13,327
6%
THORP 5,716 6,067
6%
TOMPKINS 1,485 24,056
6%
TROY 4,383 8,109
6%
TRUE 4,303 8,261
6%
VALDEZ 244 124,995
6%
VALENCIA 475 70,000
6%
VALENTINE 856 40,395
6%
VALLE 1,104 31,716
6%
VALLEY 7,402 4,497
6%
VANN 2,366 15,416
6%
VAZQUEZ 203 138,322
6%
VELAZQUEZ 530 63,736
6%
VERA 1,031 33,674
6%
VERNON 2,070 17,480
6%
VICKERS 1,625 22,176
6%
VU 962 36,179
6%
WALDO 7,120 4,699
6%
WEEKS 831 41,565
6%
WENG 7,145 4,680
6%
WERNER 1,013 34,488
6%
WHITNEY 994 35,118
6%
WILEY 713 48,720
6%
WILKS 3,962 8,972
6%
WILLE 8,780 3,734
6%
WINCHESTER 3,413 10,480
6%
WOOLF 7,426 4,485
6%
WREN 3,220 11,211
6%
WYNN 1,203 29,417
6%
YAO 4,898 7,192
6%
ABERNATHY 2,216 16,450
5%
ALDEN 5,985 5,748
5%
ALDER 8,485 3,885
5%
ALVARES 8,673 3,789
5%
AMES 1,598 22,385
5%
ANGLE 6,035 5,693
5%
ARCHIBALD 4,242 8,359
5%
ARCHIE 4,990 7,035
5%
ASHFORD 3,760 9,421
5%
BASSETT 1,750 20,482
5%
BAYLOR 5,489 6,336
5%
BEDFORD 4,029 8,814
5%
BELLAMY 2,108 17,167
5%
BELT 4,065 8,737
5%
BESS 3,677 9,663
5%
BLOCK 1,658 21,717
5%
BORN 5,168 6,771
5%
BOX 3,538 10,098
5%
BOYCE 1,337 26,376
5%
BRETT 6,235 5,482
5%
BRUNS 3,234 11,158
5%
BUNDY 2,971 12,065
5%
BUTTS 1,548 23,227
5%
CALLE 6,649 5,091
5%
CARLIN 2,977 12,035
5%
CARLISLE 1,763 20,365
5%
CARNEY 1,066 32,897
5%
CARY 3,138 11,506
5%
CHALMERS 5,637 6,166
5%
CHOU 3,610 9,834
5%
CLOSE 3,739 9,474
5%
COOMBS 3,631 9,780
5%
COPE 1,964 18,410
5%
DARCY 6,894 4,876
5%
DART 9,092 3,594
5%
DAVEY 3,918 9,071
5%
DEAR 8,906 3,677
5%
DELAROSA 910 37,932
5%
DERRICK 3,779 9,365
5%
DOMINGO 3,283 11,012
5%
DOUGHERTY 915 37,884
5%
DOUGLASS 2,438 14,862
5%
DOWD 2,651 13,590
5%
DUDLEY 972 35,781
5%
DURHAM 792 43,635
5%
DUVALL 1,811 19,844
5%
EDMONDS 1,432 24,857
5%
ESTEBAN 6,480 5,240
5%
FALK 2,991 11,979
5%
FENG 3,351 10,687
5%
FENN 6,548 5,172
5%
FERRELL 1,043 33,418
5%
FEY 9,108 3,588
5%
FINNEGAN 3,068 11,695
5%
FOREMAN 1,234 28,605
5%
FRASIER 4,376 8,124
5%
FRIEND 2,041 17,635
5%
FRITZ 1,055 33,224
5%
FUCHS 2,784 12,958
5%
FUENTES 394 81,006
5%
FULLERTON 4,162 8,517
5%
GAYLE 4,481 7,916
5%
GILMAN 3,003 11,946
5%
GILMORE 714 48,719
5%
GODDARD 2,335 15,599
5%
GODWIN 1,583 22,628
5%
GOODWIN 454 72,451
5%
GOSS 1,349 26,179
5%
GRIMES 686 50,245
5%
GRIMM 1,630 22,103
5%
GUZMAN 154 167,044
5%
HAHN 859 40,250
5%
HAMMONDS 2,839 12,710
5%
HANDLEY 3,657 9,722
5%
HARDEN 1,322 26,617
5%
HARRELSON 4,428 8,023
5%
HASSAN 1,652 21,801
5%
HATCH 1,304 26,903
5%
HAWKES 6,162 5,555
5%
HAWKS 4,105 8,639
5%
HAYWARD 2,327 15,665
5%
HAZEL 4,600 7,711
5%
HEARN 2,385 15,234
5%
HEIM 2,513 14,414
5%
HINKLE 1,565 22,983
5%
HOLLOWAY 576 58,040
5%
HOWES 5,125 6,828
5%
HOY 3,855 9,196
5%
HUFF 612 55,484
5%
HUI 5,966 5,769
5%
HUMPHREY 705 49,056
5%
HUSSAIN 2,146 16,909
5%
HUTTON 1,955 18,479
5%
IVERSON 2,346 15,539
5%
IVY 2,667 13,524
5%
JACKMAN 4,587 7,738
5%
JANG 3,890 9,125
5%
JEROME 3,885 9,131
5%
KEATON 3,656 9,723
5%
LANDERS 1,876 19,144
5%
LARK 8,174 4,055
5%
LAROSA 5,140 6,808
5%
LAROSE 4,697 7,552
5%
LASH 5,206 6,712
5%
LAWLER 2,516 14,387
5%
LEVINE 1,032 33,637
5%
LIMA 1,882 19,109
5%
LINDGREN 4,834 7,300
5%
LOCKHART 1,261 27,883
5%
LOVEJOY 4,249 8,351
5%
LUCIA 8,217 4,038
5%
MACLEOD 4,495 7,886
5%
MACON 5,013 7,008
5%
MADDOX 959 36,250
5%
MADRID 1,364 25,854
5%
MAGUIRE 2,173 16,713
5%
MAHER 1,549 23,222
5%
MAHONE 8,369 3,956
5%
MAHONEY 855 40,397
5%
MALCOLM 3,364 10,618
5%
MARLOWE 5,325 6,543
5%
MARSDEN 7,096 4,718
5%
MARTEN 8,928 3,666
5%
MCADAMS 3,122 11,547
5%
MCDERMOTT 1,151 30,528
5%
MCLAIN 2,109 17,152
5%
MENENDEZ 3,102 11,609
5%
MERCHANT 2,455 14,692
5%
MICKEY 8,259 4,012
5%
MILAN 5,543 6,268
5%
MINOR 1,145 30,702
5%
MONTOYA 459 71,844
5%
NGO 1,062 33,005
5%
PARISH 2,498 14,466
5%
PARKES 9,940 3,246
5%
PIKE 1,318 26,655
5%
PYE 8,763 3,743
5%
RANK 9,716 3,339
5%
RAYNOR 4,563 7,770
5%
REX 5,975 5,758
5%
RITCHIE 1,217 29,040
5%
ROBERSON 605 56,180
5%
ROSALES 431 75,185
5%
ROSENTHAL 2,194 16,583
5%
ROWLAND 993 35,121
5%
RUPE 9,138 3,572
5%
RUPERT 4,474 7,936
5%
RUST 2,967 12,086
5%
SANDLER 7,272 4,583
5%
SAUL 4,981 7,047
5%
SCHUMAN 5,964 5,770
5%
SETH 9,701 3,344
5%
SHEPHARD 5,105 6,859
5%
SHOEMAKE 7,870 4,205
5%
SNIDER 1,088 32,148
5%
SOMERS 3,333 10,762
5%
SPARKS 533 63,440
5%
SPARROW 4,657 7,614
5%
SPRINGER 1,107 31,643
5%
STANFORD 1,692 21,295
5%
STERLING 1,362 25,894
5%
STRANGE 2,425 14,948
5%
STRAUSS 2,604 13,840
5%
SUNDAY 9,147 3,567
5%
TAIT 5,540 6,271
5%
THORPE 1,651 21,813
5%
TOWNE 5,231 6,666
5%
TUDOR 5,869 5,877
5%
UNG 7,369 4,519
5%
WAHL 2,716 13,253
5%
WAKEFIELD 2,472 14,587
5%
WALES 6,602 5,133
5%
WATTERS 3,113 11,569
5%
WHITEHOUSE 5,555 6,258
5%
WHITTAKER 2,100 17,234
5%
WILBUR 3,719 9,527
5%
WINTON 8,408 3,930
5%
WORTHINGTON 2,503 14,452
5%
WYNNE 3,686 9,637
5%
ZHONG 6,754 4,991
5%
ABBAS 6,781 4,974
4%
ABRAMSON 6,896 4,875
4%
ACEVEDO 665 51,351
4%
ACTON 6,874 4,892
4%
ADAIR 1,927 18,708
4%
AKER 9,539 3,408
4%
AKERS 1,405 25,290
4%
ALEJANDRO 4,563 7,770
4%
AMAN 8,506 3,872
4%
ANGELES 2,559 14,128
4%
ANSON 8,128 4,079
4%
APPEL 4,473 7,938
4%
ARONSON 6,470 5,247
4%
ARREOLA 1,673 21,540
4%
AUBREY 7,046 4,753
4%
AUGUSTIN 4,550 7,788
4%
AUGUSTINE 2,536 14,268
4%
AYER 9,520 3,415
4%
AZIZ 5,187 6,740
4%
BACKER 9,615 3,380
4%
BANKER 7,876 4,201
4%
BARROW 2,159 16,801
4%
BASH 9,646 3,364
4%
BAUMAN 2,040 17,641
4%
BAYNE 6,019 5,716
4%
BEAM 2,584 13,972
4%
BEASLEY 732 47,693
4%
BEATTY 1,389 25,510
4%
BENEDICT 2,130 17,036
4%
BENNING 9,085 3,597
4%
BERNARDO 5,017 7,003
4%
BERNSTEIN 2,015 17,916
4%
BETHEL 4,686 7,573
4%
BEVAN 8,045 4,114
4%
BEY 6,265 5,453
4%
BILES 9,870 3,278
4%
BINDER 3,660 9,720
4%
BLAINE 5,397 6,451
4%
BLANK 2,765 13,050
4%
BLUM 2,072 17,458
4%
BLUNT 4,259 8,326
4%
BLY 6,955 4,823
4%
BONDS 2,643 13,620
4%
BOSE 9,547 3,406
4%
BOTT 5,748 6,029
4%
BOWDEN 1,450 24,560
4%
BOWERS 511 66,003
4%
BOWES 6,791 4,967
4%
BRANN 7,629 4,350
4%
BRANT 3,301 10,886
4%
BRINK 2,989 11,982
4%
BRODERICK 3,404 10,504
4%
BRONSON 3,215 11,229
4%
BROWNLEE 3,186 11,344
4%
BRYSON 1,954 18,486
4%
BUI 1,222 28,919
4%
BUNN 3,230 11,180
4%
BUSCH 2,086 17,354
4%
BYRNES 3,271 11,039
4%
CAESAR 9,013 3,628
4%
CALDER 6,848 4,915
4%
CALHOUN 803 43,180
4%
CALLAGHAN 5,614 6,191
4%
CANNON 466 71,085
4%
CANO 931 37,368
4%
CARLSEN 7,647 4,343
4%
CARRINGTON 2,706 13,320
4%
CHAMBERLIN 3,595 9,897
4%
CHANEY 1,059 33,201
4%
CHAVES 4,368 8,137
4%
CHEUNG 1,920 18,765
4%
CHRISTENSON 3,346 10,707
4%
CLOUD 2,478 14,555
4%
CLYDE 8,950 3,658
4%
COATES 1,512 23,725
4%
COATS 2,286 15,943
4%
COCO 9,902 3,264
4%
COLBERT 1,570 22,940
4%
COLMAN 8,435 3,916
4%
CONWAY 779 44,320
4%
COON 2,116 17,097
4%
COULSON 6,792 4,966
4%
COYLE 1,800 19,931
4%
CRABB 5,897 5,851
4%
CRAWLEY 2,874 12,523
4%
CROFT 2,766 13,047
4%
CROMWELL 4,397 8,087
4%
CULP 2,756 13,081
4%
CURRAN 1,423 24,969
4%
DAHL 1,669 21,598
4%
DAME 8,971 3,647
4%
DARE 9,368 3,472
4%
DAUGHERTY 997 34,987
4%
DEANE 5,393 6,454
4%
DEJESUS 783 44,038
4%
DOLE 9,884 3,271
4%
DOOLEY 1,527 23,481
4%
DRAPER 1,467 24,337
4%
DRUM 7,459 4,468
4%
DWYER 1,291 27,240
4%
DYKE 6,704 5,037
4%
EASTER 2,769 13,036
4%
EATON 740 47,184
4%
EDGE 3,119 11,556
4%
EISENBERG 5,148 6,798
4%
ESCOBAR 520 64,403
4%
ESSEX 8,529 3,858
4%
EWING 1,049 33,314
4%
FABIAN 2,738 13,161
4%
FANN 9,301 3,499
4%
FARLEY 898 38,528
4%
FARRAR 2,434 14,892
4%
FELDMAN 1,540 23,356
4%
FERRER 2,123 17,057
4%
FERRY 3,467 10,312
4%
FIGUEROA 316 98,468
4%
FINCHER 4,466 7,951
4%
FINGER 6,739 5,004
4%
FLORA 4,523 7,837
4%
FOLK 5,778 5,996
4%
FOOTE 2,219 16,425
4%
FOSS 2,563 14,094
4%
FOY 2,786 12,952
4%
FRANKE 4,802 7,359
4%
FREED 3,717 9,541
4%
FRIEDMAN 901 38,374
4%
FUNG 4,024 8,837
4%
GANDHI 5,199 6,721
4%
GAYLORD 6,567 5,159
4%
GEE 1,547 23,241
4%
GELLER 5,139 6,810
4%
GILLES 8,082 4,102
4%
GONCALVES 4,437 8,000
4%
GOODIN 4,917 7,153
4%
GRAF 2,710 13,301
4%
GREAVES 6,505 5,217
4%
GREENBERG 1,720 20,897
4%
GREENFIELD 3,007 11,922
4%
GROOM 6,623 5,114
4%
GUNTER 1,457 24,513
4%
HALLEY 8,394 3,943
4%
HANES 3,824 9,268
4%
HARKER 6,230 5,485
4%
HARLAN 3,188 11,339
4%
HARTFORD 7,660 4,336
4%
HARTMANN 3,286 11,000
4%
HASTINGS 1,253 28,015
4%
HATHAWAY 1,966 18,401
4%
HAYWOOD 1,970 18,360
4%
HEALEY 3,445 10,370
4%
HEALY 1,654 21,751
4%
HEARD 1,534 23,408
4%
HECK 2,580 13,995
4%
HEFNER 4,391 8,100
4%
HELLMAN 9,661 3,360
4%
HEMINGWAY 5,794 5,970
4%
HENDRICKSON 1,162 30,259
4%
HENDRY 6,127 5,591
4%
HENLEY 1,717 20,934
4%
HERSH 9,104 3,589
4%
HEWITT 1,191 29,694
4%
HINTON 979 35,606
4%
HIRSCH 2,120 17,072
4%
HIRST 9,011 3,630
4%
HITCHCOCK 2,646 13,608
4%
HOGG 4,945 7,119
4%
HOMER 5,610 6,198
4%
HORVATH 2,379 15,302
4%
HOSKINS 1,449 24,581
4%
HUBBARD 470 70,362
4%
HUCK 7,525 4,421
4%
HUSSEIN 4,903 7,182
4%
HUSSEY 3,867 9,176
4%
HUSTON 2,218 16,435
4%
INGALLS 5,394 6,453
4%
ISAACSON 4,628 7,668
4%
JACOBSEN 1,914 18,820
4%
JAEGER 2,887 12,436
4%
JAGER 7,621 4,356
4%
JEFFERIES 6,809 4,953
4%
JEFFREYS 9,788 3,308
4%
JEON 7,791 4,253
4%
JOHANNES 9,412 3,455
4%
JOHANSEN 3,619 9,815
4%
JOYNER 1,177 29,884
4%
JUDGE 3,414 10,453
4%
JULIEN 6,180 5,535
4%
KAISER 1,039 33,480
4%
KAYE 4,113 8,627
4%
KEENE 2,032 17,711
4%
KELLERMAN 7,793 4,252
4%
KIMMEL 3,396 10,528
4%
KIRBY 633 53,767
4%
KIRKPATRICK 1,344 26,251
4%
KISSINGER 5,390 6,455
4%
KRAFT 1,635 22,035
4%
LAL 8,288 3,997
4%
LAMP 8,209 4,042
4%
LANGDON 4,041 8,794
4%
LANGER 4,724 7,506
4%
LARA 381 83,067
4%
LARKIN 1,521 23,578
4%
LAUGHLIN 2,232 16,323
4%
LAURENT 5,232 6,665
4%
LEADER 9,563 3,399
4%
LEBLANC 815 42,575
4%
LEECH 6,640 5,099
4%
LENT 7,652 4,341
4%
LINDSAY 1,052 33,255
4%
LINDSEY 529 63,760
4%
LIST 8,623 3,814
4%
LOCKWOOD 1,806 19,865
4%
LOMAX 3,627 9,789
4%
LOOK 7,843 4,222
4%
LOTT 1,350 26,174
4%
LOWER 7,183 4,653
4%
LUNDGREN 4,894 7,198
4%
MACARTHUR 8,274 4,006
4%
MADDEN 982 35,438
4%
MAINE 9,104 3,589
4%
MAJORS 3,650 9,747
4%
MALLEY 8,313 3,986
4%
MALLORY 2,048 17,578
4%
MAPLE 7,268 4,585
4%
MARINO 1,105 31,687
4%
MARKER 5,407 6,438
4%
MARLIN 6,121 5,602
4%
MARTY 6,921 4,848
4%
MASSE 8,741 3,753
4%
MAYERS 5,708 6,076
4%
MAYNARD 953 36,460
4%
MCCLAIN 722 48,165
4%
MCDANIEL 352 88,728
4%
MCDOWELL 702 49,217
4%
MCFARLAND 835 41,300
4%
MCGRAW 1,668 21,614
4%
MCMILLAN 860 40,237
4%
MCNEIL 1,018 34,368
4%
MCPHERSON 965 36,125
4%
MELENDEZ 603 56,230
4%
MELLO 3,076 11,670
4%
MELVILLE 7,623 4,355
4%
MENDOSA 9,144 3,568
4%
MILLARD 2,805 12,843
4%
MINER 1,683 21,439
4%
MIRANDA 330 93,628
4%
MOLLER 7,863 4,209
4%
MONDAY 6,336 5,379
4%
MONTAGUE 3,209 11,258
4%
MOODY 519 64,429
4%
MOOSE 9,399 3,459
4%
MORALEZ 6,613 5,120
4%
MORLEY 3,275 11,028
4%
MORTIMER 6,195 5,521
4%
MULLIGAN 2,469 14,590
4%
MUNIZ 1,147 30,695
4%
MUNN 4,056 8,751
4%
MUNROE 5,583 6,226
4%
MURDOCH 8,669 3,790
4%
NAVA 874 39,670
4%
NAYLOR 2,169 16,745
4%
NEUMANN 2,067 17,484
4%
NEY 9,848 3,285
4%
NIGHTINGALE 7,255 4,596
4%
NILSEN 7,956 4,158
4%
NOBLE 829 41,667
4%
NOTTINGHAM 7,944 4,165
4%
NUGENT 2,281 15,977
4%
NUNN 2,164 16,769
4%
OAKES 2,065 17,499
4%
OATES 2,940 12,202
4%
OHARE 6,607 5,128
4%
OLDS 4,627 7,670
4%
OLIVA 1,835 19,513
4%
OLIVERA 3,896 9,108
4%
ONG 3,704 9,584
4%
OSMAN 3,590 9,908
4%
OTIS 4,699 7,549
4%
OTOOLE 3,309 10,842
4%
OTTO 1,587 22,558
4%
OU 7,891 4,196
4%
PACKER 3,933 9,048
4%
PAEZ 3,420 10,433
4%
PAINTER 1,641 21,969
4%
PAPA 5,768 6,005
4%
PARRISH 694 49,733
4%
PARTRIDGE 3,589 9,909
4%
PEACH 6,968 4,815
4%
PELL 7,520 4,424
4%
PENA 227 130,776
4%
PENG 3,374 10,575
4%
PETTY 1,005 34,882
4%
PICKLE 9,493 3,425
4%
PINKERTON 4,195 8,446
4%
PIPER 1,607 22,329
4%
POINTER 4,752 7,453
4%
POLO 9,084 3,598
4%
POOR 9,800 3,303
4%
POPPE 9,730 3,333
4%
PRITCHETT 1,856 19,334
4%
QUAN 5,397 6,451
4%
QUICK 1,416 25,091
4%
QUINTON 9,421 3,452
4%
RAINER 9,255 3,518
4%
RAINES 1,676 21,518
4%
RALPH 4,358 8,153
4%
RAPHAEL 7,614 4,366
4%
RAWLINGS 3,684 9,652
4%
REAL 5,045 6,959
4%
REDMON 4,333 8,197
4%
RICCI 3,127 11,534
4%
RICO 1,359 25,954
4%
RIDDLE 1,036 33,507
4%
ROBISON 1,392 25,450
4%
ROOF 7,406 4,494
4%
ROOT 1,770 20,284
4%
ROSAS 765 44,938
4%
RUSSO 715 48,696
4%
RUTHERFORD 1,250 28,079
4%
SAGE 3,222 11,207
4%
SALAZAR 179 152,703
4%
SALEM 4,215 8,404
4%
SANDOVAL 233 128,948
4%
SAVAGE 690 49,914
4%
SCHOFIELD 2,822 12,790
4%
SCHROEDER 489 67,977
4%
SCHULZ 1,461 24,385
4%
SENN 6,273 5,448
4%
SEO 4,998 7,033
4%
SEXTON 804 43,133
4%
SHEAR 9,669 3,356
4%
SHEARER 2,033 17,707
4%
SHEEHAN 1,305 26,902
4%
SHELBY 2,912 12,303
4%
SHERIDAN 1,623 22,177
4%
SHIPP 3,219 11,217
4%
SHIRLEY 1,292 27,224
4%
SHOEMAKER 1,133 30,934
4%
SILAS 7,080 4,729
4%
SIMPKINS 3,107 11,585
4%
SLADE 2,861 12,599
4%
SLOAN 800 43,261
4%
SLOANE 8,914 3,673
4%
SMITHERS 9,320 3,493
4%
SOMMERS 3,063 11,706
4%
SORENSON 2,284 15,962
4%
STAFFORD 747 46,394
4%
STARKEY 2,415 15,004
4%
STEINBERG 2,841 12,709
4%
STILES 1,689 21,357
4%
STJOHN 2,303 15,843
4%
STONER 2,246 16,204
4%
STOWE 3,355 10,668
4%
STROM 3,877 9,142
4%
SUMNER 1,909 18,838
4%
SUNDERLAND 7,572 4,387
4%
SYLVESTER 1,901 18,896
4%
TANAKA 4,439 7,994
4%
TAO 7,747 4,286
4%
TARR 5,006 7,021
4%
TENNYSON 8,060 4,110
4%
TIFFANY 6,900 4,871
4%
TILLER 4,463 7,954
4%
TILLMAN 1,139 30,825
4%
TIMBERLAKE 7,589 4,380
4%
TOBIAS 2,494 14,482
4%
TONG 2,730 13,196
4%
TOOLE 5,331 6,534
4%
TOWER 7,421 4,486
4%
TRAVER 8,697 3,774
4%
TREMBLAY 4,438 7,996
4%
TRISTAN 7,199 4,642
4%
TUNG 7,536 4,411
4%
USHER 4,742 7,477
4%
VALENTINO 5,376 6,474
4%
VANDYKE 2,131 17,030
4%
VELEZ 638 53,265
4%
VOS 9,810 3,300
4%
VOSS 1,719 20,911
4%
WAITE 1,936 18,664
4%
WALDEN 1,435 24,821
4%
WALDON 7,900 4,190
4%
WALLEN 4,763 7,436
4%
WALTZ 5,131 6,819
4%
WATTERSON 8,873 3,690
4%
WENDEL 6,149 5,572
4%
WENTZ 4,231 8,376
4%
WESTER 6,532 5,187
4%
WHITLOCK 2,142 16,927
4%
WICKER 3,462 10,321
4%
WIGGINS 685 50,247
4%
WILCOX 602 56,286
4%
WILKEN 9,642 3,366
4%
WILKENS 8,114 4,086
4%
WILKERSON 719 48,444
4%
WINGER 7,650 4,342
4%
WINSLOW 2,570 14,056
4%
WITHERS 3,176 11,381
4%
WOODMAN 6,213 5,505
4%
WORK 8,599 3,828
4%
YOUNGS 6,776 4,977
4%
YUAN 4,129 8,588
4%
ZACK 7,983 4,141
4%
ZANDER 7,373 4,518
4%
ZIMMERMANN 4,942 7,123
4%
ABDI 4,738 7,484
3%
ADAMO 8,971 3,647
3%
ADAN 9,155 3,564
3%
ADEN 7,110 4,705
3%
AGNEW 3,602 9,856
3%
AGUIRRE 401 79,517
3%
AHEARN 7,211 4,628
3%
AHN 3,379 10,567
3%
AIKEN 2,816 12,812
3%
AINSWORTH 3,874 9,149
3%
AKHTAR 7,785 4,260
3%
ALBRECHT 2,047 17,581
3%
ALESSI 9,628 3,372
3%
ALLEY 2,529 14,323
3%
ALSTON 1,148 30,693
3%
ALTMAN 2,217 16,448
3%
ALVARADO 219 133,501
3%
ANDRADE 516 65,037
3%
ANNIS 7,497 4,442
3%
ANTOINE 3,734 9,493
3%
ARENA 5,209 6,706
3%
ARRIAGA 1,865 19,236
3%
ARRIOLA 4,503 7,877
3%
ARROYO 678 50,614
3%
ATWOOD 2,114 17,112
3%
AYERS 875 39,623
3%
AYRES 3,241 11,139
3%
BACHMAN 2,763 13,057
3%
BADER 3,854 9,197
3%
BAIER 6,482 5,238
3%
BAINS 9,621 3,377
3%
BAIR 3,052 11,740
3%
BAIRD 1,010 34,721
3%
BALES 2,704 13,326
3%
BALK 9,991 3,228
3%
BANNON 6,845 4,921
3%
BARCLAY 3,115 11,568
3%
BARTLEY 2,175 16,689
3%
BASTIAN 5,034 6,967
3%
BAUMANN 2,461 14,644
3%
BEANE 6,588 5,142
3%
BEATTIE 3,955 8,993
3%
BEAUMONT 6,888 4,878
3%
BEECHER 5,978 5,755
3%
BELTON 3,939 9,041
3%
BENITEZ 666 51,288
3%
BENZ 6,038 5,691
3%
BERTRAND 2,881 12,461
3%
BEYER 1,937 18,641
3%
BIBB 8,655 3,796
3%
BINGHAM 1,360 25,941
3%
BINNS 7,923 4,178
3%
BLACKMON 1,628 22,130
3%
BLACKWOOD 4,213 8,407
3%
BLAKELY 3,077 11,669
3%
BLOOD 5,964 5,770
3%
BOARD 8,388 3,946
3%
BODE 5,919 5,824
3%
BOGART 5,421 6,420
3%
BOGGS 1,262 27,880
3%
BOLES 2,426 14,946
3%
BONO 6,441 5,272
3%
BORGES 2,908 12,337
3%
BOWLER 7,123 4,698
3%
BOWLES 1,514 23,713
3%
BOWYER 8,019 4,127
3%
BOYER 676 50,742
3%
BOYLAN 5,533 6,280
3%
BRADEN 2,648 13,603
3%
BRAGG 1,643 21,934
3%
BRICE 3,067 11,697
3%
BRIGHAM 5,369 6,485
3%
BRISTOW 4,819 7,323
3%
BROOKER 6,774 4,979
3%
BROOM 6,484 5,236
3%
BUCKINGHAM 4,394 8,094
3%
BUCKNER 1,434 24,822
3%
BUNKER 4,679 7,581
3%
BURD 5,607 6,202
3%
BURGESS 444 73,931
3%
BURLEY 4,149 8,542
3%
BURNHAM 2,315 15,775
3%
BURROW 4,707 7,539
3%
BURROWS 2,085 17,355
3%
BUSBY 2,320 15,754
3%
BUXTON 4,477 7,925
3%
CABRERA 376 83,621
3%
CALLOWAY 2,175 16,689
3%
CAMARA 4,263 8,324
3%
CAMPO 5,378 6,470
3%
CANTRELL 988 35,266
3%
CANTU 704 49,126
3%
CAO 1,989 18,138
3%
CARDINAL 7,275 4,580
3%
CARNES 2,493 14,487
3%
CARRUTH 8,541 3,854
3%
CARRUTHERS 6,351 5,367
3%
CARUSO 1,758 20,367
3%
CARUTHERS 8,353 3,963
3%
CASTO 4,293 8,284
3%
CASTOR 5,722 6,063
3%
CECIL 3,004 11,941
3%
CHAMPION 2,058 17,527
3%
CHAO 3,432 10,398
3%
CHICK 7,377 4,517
3%
CHRISTOPHERSON 5,673 6,115
3%
CHUA 7,702 4,309
3%
CLEARY 2,280 15,980
3%
CLEAVER 7,387 4,509
3%
CLEMENS 2,542 14,231
3%
CLEMONS 1,300 27,022
3%
COCHRAN 567 59,350
3%
COFFEY 955 36,423
3%
COHN 3,758 9,426
3%
COKER 1,541 23,348
3%
COLBY 3,204 11,278
3%
COLTER 8,843 3,705
3%
CONTE 4,061 8,744
3%
CORBIN 1,307 26,876
3%
CORNELIUS 1,775 20,160
3%
CORNELL 1,672 21,558
3%
CORONA 832 41,553
3%
CORRIGAN 3,168 11,396
3%
COSS 7,961 4,156
3%
COSTELLO 1,093 32,043
3%
COTE 1,681 21,446
3%
COVER 8,858 3,699
3%
CRABTREE 1,354 26,104
3%
CRAMER 1,192 29,691
3%
CREEK 8,184 4,052
3%
CRENSHAW 1,995 18,096
3%
CREWS 1,475 24,219
3%
CROOK 2,484 14,526
3%
CROWDER 1,460 24,396
3%
CROWLEY 1,128 31,098
3%
CULLINS 9,283 3,506
3%
CUTTER 7,311 4,563
3%
DANA 6,008 5,723
3%
DAVENPORT 608 55,895
3%
DAVY 9,770 3,316
3%
DEAL 1,760 20,366
3%
DEJONG 5,563 6,249
3%
DELGADO 221 132,985
3%
DESILVA 7,075 4,731
3%
DEVER 6,167 5,549
3%
DEVINE 1,506 23,775
3%
DEY 8,019 4,127
3%
DHILLON 6,346 5,371
3%
DIONNE 5,153 6,788
3%
DOCTOR 9,384 3,465
3%
DODDS 4,031 8,813
3%
DODGE 1,635 22,035
3%
DOMINICK 6,576 5,149
3%
DORN 3,502 10,206
3%
DORR 5,928 5,814
3%
DOWDEN 8,598 3,829
3%
DOWELL 2,377 15,320
3%
DOWNES 5,806 5,956
3%
DOWNING 1,225 28,880
3%
DRAYTON 4,640 7,648
3%
DREWS 8,862 3,695
3%
DRUMM 8,453 3,908
3%
DRUMMOND 2,014 17,922
3%
DUBOIS 1,539 23,366
3%
DUKES 1,622 22,187
3%
DULL 6,961 4,818
3%
DURAND 4,070 8,729
3%
DYSON 2,984 12,017
3%
EARLE 4,095 8,672
3%
EAVES 4,489 7,902
3%
ECHEVERRIA 3,713 9,552
3%
EDDY 1,858 19,321
3%
EGGER 9,728 3,334
3%
ELDER 1,186 29,796
3%
ELLER 3,250 11,103
3%
EMANUEL 5,340 6,517
3%
ENGEL 1,644 21,933
3%
ERVIN 1,377 25,698
3%
ESTES 956 36,318
3%
ESTEVES 8,439 3,913
3%
EVERSON 4,611 7,694
3%
FAITH 8,323 3,981
3%
FALCONE 4,770 7,423
3%
FALCONER 9,440 3,446
3%
FALLS 4,865 7,250
3%
FANNIN 5,092 6,873
3%
FANNING 3,284 11,007
3%
FARIS 6,321 5,401
3%
FARROW 3,353 10,672
3%
FAST 6,838 4,929
3%
FELLER 4,963 7,085
3%
FELTS 5,267 6,621
3%
FERRARA 2,635 13,669
3%
FERRARI 4,364 8,141
3%
FINDLAY 7,387 4,509
3%
FISHMAN 5,040 6,962
3%
FITCH 1,885 19,060
3%
FIX 6,431 5,282
3%
FLANAGAN 1,134 30,887
3%
FLEETWOOD 8,611 3,819
3%
FLOOD 2,125 17,053
3%
FOGG 6,052 5,669
3%
FOLEY 661 51,865
3%
FONTANA 4,615 7,685
3%
FORBES 1,028 33,813
3%
FOUNTAIN 1,774 20,193
3%
FRANCK 8,581 3,838
3%
FREDRICK 5,097 6,865
3%
FREEZE 8,239 4,023
3%
FRIDAY 5,029 6,980
3%
FRIEL 7,113 4,703
3%
FRIES 4,150 8,540
3%
GAGE 2,187 16,614
3%
GALLO 1,560 23,056
3%
GALVIN 3,018 11,882
3%
GANN 2,780 12,972
3%
GANT 2,550 14,167
3%
GAO 2,948 12,172
3%
GARDINER 3,192 11,331
3%
GARNETT 3,445 10,370
3%
GARTNER 6,034 5,694
3%
GARZA 186 147,005
3%
GASS 5,133 6,818
3%
GAUL 7,189 4,650
3%
GERMAIN 4,816 7,332
3%
GERVAIS 6,488 5,233
3%
GIFFORD 1,834 19,514
3%
GILLMAN 7,663 4,334
3%
GLAZE 5,005 7,022
3%
GLYNN 3,731 9,501
3%
GONSALEZ 6,225 5,495
3%
GOODING 4,942 7,123
3%
GORMAN 1,100 31,788
3%
GOTT 6,757 4,989
3%
GRAINGER 8,337 3,972
3%
GRANTHAM 3,440 10,379
3%
GREENWOOD 1,422 24,971
3%
GRIER 2,600 13,868
3%
GROSSMAN 2,067 17,484
3%
GROW 6,474 5,246
3%
GRUBE 7,270 4,584
3%
GRUBER 2,558 14,131
3%
GUAN 4,867 7,247
3%
GUINN 2,868 12,577
3%
GUO 2,975 12,048
3%
HACKER 2,642 13,625
3%
HACKMAN 7,801 4,242
3%
HAGEN 1,518 23,616
3%
HALLER 3,568 9,992
3%
HANLON 3,476 10,278
3%
HANNIGAN 7,325 4,554
3%
HARKINS 3,080 11,662
3%
HARKNESS 5,953 5,783
3%
HARTWELL 5,000 7,032
3%
HASH 6,325 5,397
3%
HASKELL 3,617 9,816
3%
HATCHER 1,210 29,235
3%
HATTER 8,714 3,765
3%
HATTON 2,966 12,090
3%
HAWN 9,176 3,556
3%
HAWTHORNE 2,167 16,758
3%
HEADLEY 3,830 9,250
3%
HEARNE 9,177 3,554
3%
HEINRICH 4,141 8,552
3%
HELMS 1,493 23,949
3%
HELTON 1,414 25,118
3%
HENG 8,611 3,819
3%
HENNESSEY 4,245 8,357
3%
HENNESSY 3,790 9,338
3%
HENRIQUEZ 2,329 15,657
3%
HENSHAW 7,021 4,765
3%
HERD 6,982 4,803
3%
HERON 8,407 3,934
3%
HERRMANN 2,723 13,226
3%
HERSHEY 5,623 6,182
3%
HESSE 5,697 6,084
3%
HESTER 976 35,642
3%
HIBBERT 8,220 4,037
3%
HINCKLEY 7,835 4,227
3%
HINDS 2,375 15,337
3%
HINKLEY 7,771 4,271
3%
HINZ 7,284 4,574
3%
HODGSON 3,511 10,173
3%
HOFFMANN 2,136 16,966
3%
HOFMANN 3,857 9,192
3%
HOLIDAY 5,089 6,881
3%
HOLLIDAY 1,748 20,491
3%
HOLLISTER 5,992 5,736
3%
HOLTON 3,058 11,731
3%
HOOKER 2,185 16,646
3%
HORAN 3,345 10,711
3%
HOUGHTON 3,228 11,184
3%
HOUSER 1,749 20,484
3%
HUFFMAN 674 50,786
3%
HUMPHRIES 1,981 18,201
3%
HUNTINGTON 4,831 7,306
3%
HUNTLEY 2,858 12,614
3%
HURLEY 870 39,796
3%
HUTCHENS 4,463 7,954
3%
HWANG 2,017 17,900
3%
ICE 8,295 3,994
3%
INGRAM 484 69,345
3%
ISLAM 3,354 10,670
3%
JACOBY 3,776 9,372
3%
JACQUES 2,512 14,417
3%
JAHN 6,917 4,850
3%
JAIME 2,665 13,532
3%
JENKS 4,782 7,396
3%
JEONG 6,315 5,404
3%
JESSOP 8,348 3,965
3%
JESTER 4,676 7,587
3%
JOBE 4,151 8,536
3%
JOHNSEN 4,528 7,831
3%
JOINER 2,228 16,349
3%
JOLLY 2,306 15,827
3%
JORGENSON 4,698 7,551
3%
KAIN 6,603 5,132
3%
KEATING 2,121 17,060
3%
KEEGAN 3,450 10,354
3%
KELLEHER 3,663 9,714
3%
KENNER 6,694 5,045
3%
KENNEY 1,266 27,759
3%
KERN 1,237 28,547
3%
KERSHAW 6,630 5,109
3%
KHALIL 5,024 6,983
3%
KILLIAN 2,833 12,717
3%
KIMBALL 1,544 23,293
3%
KINDER 3,391 10,539
3%
KINNE 9,466 3,437
3%
KINNEY 1,113 31,558
3%
KITTS 6,694 5,045
3%
KOENIG 1,592 22,499
3%
KOHL 3,806 9,303
3%
KRAUS 1,890 19,028
3%
KRUEGER 946 36,743
3%
KUHN 1,102 31,776
3%
KUMAR 1,357 25,986
3%
LAMONT 5,114 6,845
3%
LANSING 8,706 3,770
3%
LARGE 5,105 6,859
3%
LATHAM 1,693 21,277
3%
LEARY 2,351 15,505
3%
LEATH 9,628 3,372
3%
LEGG 3,674 9,671
3%
LENARD 9,412 3,455
3%
LEONE 2,372 15,364
3%
LEOPOLD 7,536 4,411
3%
LEUNG 1,747 20,496
3%
LEWIN 6,653 5,088
3%
LIAO 4,177 8,482
3%
LIBERTY 9,184 3,552
3%
LILLARD 8,427 3,922
3%
LINDER 2,607 13,830
3%
LINES 9,368 3,472
3%
LISTER 4,250 8,350
3%
LITTLES 9,998 3,224
3%
LOMAS 7,167 4,667
3%
LOMBARD 5,875 5,873
3%
LOVATO 4,289 8,293
3%
LOWERY 799 43,278
3%
LUA 9,023 3,624
3%
LUCERO 865 39,986
3%
LUDWIG 1,600 22,380
3%
LUO 3,564 10,005
3%
LUU 2,324 15,702
3%
LUX 5,940 5,796
3%
LYMAN 3,079 11,664
3%
MACGREGOR 6,565 5,161
3%
MACH 6,692 5,047
3%
MACKIE 5,221 6,686
3%
MACLEAN 4,726 7,504
3%
MACMILLAN 6,041 5,688
3%
MADSEN 2,083 17,364
3%
MAINS 8,266 4,010
3%
MALDONADO 249 121,526
3%
MALEK 7,008 4,780
3%
MALLOY 2,200 16,546
3%
MANLEY 1,413 25,136
3%
MANNS 5,511 6,312
3%
MANOR 9,479 3,432
3%
MARCHANT 5,909 5,834
3%
MARQUIS 4,065 8,737
3%
MARSTON 5,329 6,535
3%
MARTEL 3,925 9,056
3%
MARTENS 3,540 10,096
3%
MASK 9,573 3,395
3%
MASSEY 610 55,595
3%
MAXEY 3,372 10,584
3%
MAYFIELD 1,184 29,805
3%
MAYNE 8,150 4,068
3%
MAZE 7,059 4,742
3%
MCANDREW 8,013 4,129
3%
MCCABE 1,154 30,401
3%
MCCANN 983 35,408
3%
MCCORMICK 532 63,649
3%
MCDONNELL 2,532 14,309
3%
MCDOUGAL 4,930 7,139
3%
MCFADDEN 1,098 31,839
3%
MCGOVERN 2,095 17,257
3%
MCHENRY 3,082 11,660
3%
MCIVER 6,258 5,457
3%
MCKINNON 2,359 15,450
3%
MCKNIGHT 1,023 34,055
3%
MCLAREN 5,799 5,968
3%
MCLAUGHLIN 437 74,816
3%
MCMANUS 1,498 23,909
3%
MCNALLY 2,268 16,039
3%
MCVEY 4,018 8,848
3%
MELENDREZ 7,113 4,703
3%
MELTON 688 50,069
3%
MENA 1,832 19,522
3%
MENG 6,001 5,729
3%
MERCED 9,978 3,233
3%
MERCEDES 7,767 4,272
3%
MEREDITH 1,445 24,679
3%
MESSER 1,769 20,306
3%
METCALF 1,494 23,946
3%
MICHELS 4,875 7,225
3%
MILEY 4,797 7,365
3%
MILLET 7,207 4,631
3%
MINTON 2,626 13,737
3%
MONTES 723 48,142
3%
MOONEY 1,033 33,555
3%
MORRISSEY 2,658 13,564
3%
MORROW 594 56,840
3%
MORSE 824 41,774
3%
MORTENSEN 3,282 11,013
3%
MOTLEY 3,480 10,274
3%
MOTT 2,117 17,092
3%
MOUNTAIN 9,877 3,274
3%
MUI 8,743 3,752
3%
MUIR 3,245 11,130
3%
MUNOS 9,050 3,610
3%
MUNSON 2,030 17,745
3%
MURRY 3,518 10,140
3%
MUSTAFA 5,875 5,873
3%
NAVARRO 315 99,807
3%
NEEL 4,887 7,209
3%
NEWELL 1,064 32,909
3%
NEWSON 7,128 4,693
3%
NEZ 6,948 4,827
3%
NILES 3,511 10,173
3%
NOLAND 3,772 9,386
3%
OCHOA 408 78,677
3%
ODOM 996 35,020
3%
OGRADY 4,831 7,306
3%
OLDHAM 2,792 12,928
3%
OLIVARES 1,490 23,982
3%
OLIVAREZ 3,660 9,720
3%
OLIVEIRA 1,887 19,055
3%
ORLANDO 2,865 12,586
3%
OROURKE 2,213 16,457
3%
OTTE 7,572 4,387
3%
PACHECO 419 77,642
3%
PALMA 1,735 20,636
3%
PAPE 5,477 6,350
3%
PARSLEY 5,508 6,315
3%
PASS 7,272 4,583
3%
PASTOR 4,642 7,647
3%
PATTEN 3,059 11,730
3%
PAULIN 8,875 3,689
3%
PECK 864 40,055
3%
PEDERSON 2,520 14,370
3%
PEELE 7,600 4,373
3%
PEET 9,471 3,434
3%
PEPPERS 6,551 5,171
3%
PERCIVAL 9,767 3,317
3%
PERRI 7,413 4,491
3%
PETERMAN 4,087 8,690
3%
PHAN 918 37,836
3%
PICKERING 2,653 13,582
3%
PICKETT 1,108 31,611
3%
PINDER 7,968 4,151
3%
PLANK 5,331 6,534
3%
PLATT 2,006 18,022
3%
PLAYER 9,033 3,617
3%
PLUMB 7,601 4,372
3%
POLAND 4,581 7,746
3%
POLLACK 3,959 8,977
3%
PONCE 695 49,549
3%
PORTILLO 914 37,890
3%
PREECE 9,217 3,536
3%
PRESCOTT 2,134 16,975
3%
PRESSLEY 2,713 13,281
3%
PRUITT 777 44,365
3%
PRYOR 1,263 27,805
3%
PUGH 879 39,559
3%
PURCELL 1,599 22,383
3%
PURDY 2,396 15,126
3%
QUINLAN 3,469 10,302
3%
RADCLIFF 6,489 5,232
3%
RADCLIFFE 5,812 5,948
3%
RAINS 3,055 11,737
3%
RANSOM 2,150 16,871
3%
RAO 3,075 11,672
3%
RASH 4,565 7,769
3%
RATH 5,178 6,747
3%
RAWLINS 5,305 6,566
3%
READER 9,780 3,313
3%
REAVES 2,344 15,550
3%
REDMOND 1,647 21,834
3%
REIS 2,953 12,165
3%
RENO 3,794 9,322
3%
RICHMAN 5,289 6,583
3%
RICHTER 1,178 29,880
3%
RICKMAN 5,166 6,774
3%
RIGBY 5,388 6,458
3%
RIGGS 1,011 34,506
3%
RIMMER 9,491 3,426
3%
RINGER 6,430 5,283
3%
RITTER 1,053 33,252
3%
ROBLES 386 82,458
3%
ROBY 3,798 9,315
3%
ROCHA 613 55,251
3%
RODMAN 6,134 5,585
3%
ROLLE 6,960 4,819
3%
ROMEO 4,108 8,636
3%
ROMO 1,343 26,283
3%
ROOK 7,165 4,668
3%
ROTHSTEIN 8,458 3,904
3%
ROURKE 8,728 3,757
3%
ROWLEY 2,338 15,588
3%
ROYAL 2,319 15,755
3%
RUAN 8,907 3,676
3%
RUDY 4,969 7,069
3%
RYE 8,128 4,079
3%
SACHS 4,866 7,248
3%
SALDANA 1,015 34,434
3%
SALOMON 5,182 6,745
3%
SALTER 2,462 14,641
3%
SALVADOR 2,772 13,021
3%
SATO 4,956 7,095
3%
SAXON 4,685 7,576
3%
SCARLETT 7,261 4,590
3%
SCHAFFER 1,738 20,614
3%
SCHIFF 8,297 3,993
3%
SCHMITZ 1,496 23,931
3%
SCHOLZ 6,557 5,169
3%
SCHUBERT 2,856 12,629
3%
SCHUMANN 5,162 6,777
3%
SCHUSTER 2,088 17,325
3%
SEAMAN 2,719 13,237
3%
SEAVER 9,603 3,384
3%
SELLS 4,110 8,633
3%
SENIOR 8,518 3,864
3%
SEVILLA 3,958 8,980
3%
SHAFFER 560 59,943
3%
SHARMA 1,236 28,559
3%
SHERWOOD 1,685 21,384
3%
SHIM 6,801 4,958
3%
SHINE 5,595 6,217
3%
SHIPMAN 2,339 15,581
3%
SHULTZ 2,080 17,395
3%
SIERRA 973 35,770
3%
SIMONDS 6,429 5,284
3%
SIMONSEN 9,484 3,430
3%
SIMONSON 3,965 8,968
3%
SIX 9,311 3,497
3%
SIZEMORE 1,783 20,116
3%
SMOOT 3,868 9,168
3%
SNIPES 4,205 8,428
3%
SOARES 3,069 11,694
3%
SOLIS 388 82,146
3%
SOSA 650 52,457
3%
SOTO 191 144,451
3%
SOUSA 2,370 15,377
3%
SPEED 4,859 7,255
3%
SPELL 6,404 5,313
3%
STAPLES 2,104 17,217
3%
STEINER 1,511 23,735
3%
STELLA 8,178 4,053
3%
STEPHAN 4,522 7,840
3%
STILLMAN 6,307 5,411
3%
STORY 1,867 19,218
3%
STOVER 1,455 24,526
3%
STRICKLAND 494 67,769
3%
SUTTER 3,640 9,760
3%
SWAIN 1,412 25,157
3%
SYKES 1,276 27,546
3%
TALBOT 2,342 15,562
3%
TART 9,511 3,417
3%
TAVARES 2,825 12,766
3%
TEMPLE 1,590 22,549
3%
TENG 9,473 3,433
3%
THAMES 4,654 7,619
3%
THOMPKINS 5,998 5,732
3%
THOMSEN 4,635 7,654
3%
THURSTON 2,385 15,234
3%
TIAN 9,195 3,547
3%
TIMMONS 1,734 20,671
3%
TIMMS 7,625 4,353
3%
TITUS 2,314 15,780
3%
TORRENCE 5,425 6,419
3%
TORREZ 2,160 16,795
3%
TOWERS 7,565 4,392
3%
TOWNLEY 8,386 3,947
3%
TOY 5,951 5,784
3%
TRAINOR 5,136 6,816
3%
TRAVERS 4,525 7,833
3%
TROTT 7,399 4,498
3%
TROUT 2,826 12,758
3%
TRUJILLO 448 73,664
3%
TUBBS 2,810 12,828
3%
TULL 5,851 5,904
3%
TURNBULL 4,267 8,320
3%
TYE 8,756 3,746
3%
URBAN 1,790 20,058
3%
VALDES 1,745 20,527
3%
VANG 726 48,036
3%
VELLA 8,189 4,051
3%
VERGARA 2,332 15,618
3%
VILLAR 6,186 5,530
3%
VILLEGAS 716 48,599
3%
VINES 3,547 10,061
3%
VIOLA 5,271 6,616
3%
VOGEL 1,153 30,470
3%
VOIGT 4,862 7,251
3%
VONG 7,496 4,443
3%
WAITES 8,635 3,808
3%
WAITS 6,059 5,661
3%
WALZ 4,879 7,220
3%
WASHBURN 1,793 20,030
3%
WATERHOUSE 9,129 3,577
3%
WEATHERS 2,568 14,073
3%
WELDON 2,481 14,538
3%
WELTON 7,028 4,761
3%
WENDELL 8,244 4,020
3%
WESTBROOK 1,770 20,284
3%
WHALEN 1,470 24,262
3%
WHARTON 3,084 11,656
3%
WHEATLEY 2,875 12,520
3%
WHEATON 3,847 9,202
3%
WHELAN 3,181 11,363
3%
WHITEMAN 4,645 7,642
3%
WILHELM 1,802 19,913
3%
WILKIE 4,947 7,116
3%
WILLARD 1,690 21,352
3%
WILLIE 6,720 5,025
3%
WILLSON 3,679 9,659
3%
WISEMAN 1,845 19,439
3%
WOLD 6,091 5,631
3%
WOLFF 1,650 21,815
3%
WOODLEY 5,026 6,982
3%
WOODWARD 944 36,764
3%
WRAY 2,367 15,405
3%
XIE 3,662 9,716
3%
YAMAMOTO 4,702 7,547
3%
YOON 2,287 15,936
3%
YOUNGER 3,357 10,658
3%
ZAHN 5,695 6,086
3%
ZUCKER 8,626 3,813
3%
ABAD 5,401 6,446
2%
ABERCROMBIE 5,405 6,439
2%
ABLES 6,733 5,010
2%
ADAME 2,250 16,193
2%
AGUERO 5,437 6,402
2%
AKIN 4,114 8,626
2%
ALAS 7,619 4,358
2%
ALBERS 3,638 9,766
2%
ALCARAZ 3,098 11,616
2%
ALDRICH 2,060 17,509
2%
ALEXANDRE 7,155 4,675
2%
ALFONSO 2,927 12,246
2%
ALLGOOD 6,513 5,210
2%
ALONSO 1,155 30,389
2%
ALONZO 1,758 20,367
2%
ANDERTON 9,652 3,362
2%
APPLEGATE 3,046 11,762
2%
AQUINO 1,368 25,783
2%
ARCE 1,844 19,464
2%
ARENAS 3,035 11,809
2%
ARREDONDO 1,212 29,173
2%
ARSENAULT 4,052 8,760
2%
ASBURY 4,157 8,522
2%
ASHBURN 8,049 4,112
2%
ASHBY 2,069 17,482
2%
ASKEW 2,634 13,683
2%
ATCHISON 4,338 8,185
2%
ATWELL 4,116 8,622
2%
AVILES 1,375 25,716
2%
BACHMANN 7,601 4,372
2%
BADGER 4,442 7,987
2%
BAGWELL 3,460 10,324
2%
BALLARD 544 61,625
2%
BANCROFT 6,315 5,404
2%
BARNARD 1,760 20,366
2%
BARNER 5,913 5,827
2%
BATISTA 1,974 18,323
2%
BAUMGARTNER 3,156 11,448
2%
BEALS 5,007 7,020
2%
BEATON 7,468 4,462
2%
BEAUCHAMP 3,023 11,865
2%
BEERS 3,268 11,043
2%
BELCHER 1,243 28,321
2%
BELK 5,085 6,886
2%
BELLO 2,143 16,915
2%
BELMONT 9,648 3,363
2%
BERTRAM 4,236 8,369
2%
BLACKBURN 889 39,097
2%
BLACKWELL 741 47,175
2%
BLANKENSHIP 787 43,830
2%
BLEVINS 906 38,229
2%
BLUME 5,914 5,826
2%
BLYTHE 4,470 7,947
2%
BODEN 7,494 4,445
2%
BOEHM 3,340 10,730
2%
BONHAM 5,123 6,832
2%
BONNER 1,042 33,446
2%
BOOZER 7,866 4,208
2%
BORDEN 2,352 15,500
2%
BOSCH 4,826 7,312
2%
BOSSE 8,222 4,036
2%
BOUCHARD 2,739 13,154
2%
BOUCHER 1,791 20,050
2%
BOWSER 2,517 14,383
2%
BOYNTON 5,024 6,983
2%
BRACE 6,823 4,943
2%
BRADDOCK 6,858 4,906
2%
BRAVO 828 41,700
2%
BRICKER 4,544 7,792
2%
BROOME 3,522 10,133
2%
BROUGH 9,698 3,345
2%
BROWER 2,423 14,950
2%
BRUNSON 2,115 17,099
2%
BUELL 5,338 6,522
2%
BULLER 7,708 4,307
2%
BURGOS 1,411 25,169
2%
BURKES 8,655 3,796
2%
BURKS 1,278 27,523
2%
BURLESON 2,734 13,176
2%
BURRELL 1,458 24,504
2%
BURRIS 1,312 26,760
2%
BUSHNELL 6,542 5,176
2%
BUSS 3,865 9,177
2%
CAHILL 1,737 20,623
2%
CAIRNS 6,527 5,192
2%
CALDERON 421 77,085
2%
CAMPER 9,357 3,476
2%
CAMPOS 323 96,111
2%
CANADA 3,616 9,819
2%
CAPERS 5,974 5,759
2%
CARDEN 4,143 8,548
2%
CARRELL 6,669 5,067
2%
CARRICK 8,405 3,935
2%
CASAS 1,813 19,777
2%
CASTANEDA 464 71,368
2%
CAVANAUGH 2,049 17,577
2%
CERVANTES 387 82,161
2%
CHEA 7,411 4,492
2%
CHEEK 2,273 16,020
2%
CHIANG 4,022 8,841
2%
CHILDERS 1,150 30,570
2%
CHILDRESS 1,424 24,937
2%
CHOE 4,560 7,776
2%
CLEGG 4,414 8,045
2%
COLLETT 4,404 8,064
2%
COLOMBO 6,516 5,205
2%
COMER 2,148 16,893
2%
COMPTON 971 35,830
2%
CONEY 6,711 5,032
2%
CONKLIN 1,501 23,846
2%
COOLEY 1,054 33,231
2%
COONEY 2,883 12,455
2%
COPELAND 609 55,850
2%
CORDELL 3,893 9,119
2%
CORDER 5,083 6,887
2%
CORLEY 2,012 17,931
2%
CORNISH 4,410 8,050
2%
COSGROVE 3,749 9,441
2%
COUGHLIN 2,510 14,434
2%
COUSINS 3,773 9,380
2%
CREED 7,096 4,718
2%
CRESS 6,153 5,565
2%
CRIM 7,328 4,552
2%
CROUCH 1,497 23,923
2%
CRUM 2,010 17,944
2%
CRUSE 4,121 8,614
2%
CUMMINS 1,731 20,705
2%
CUNHA 6,555 5,170
2%
DACOSTA 5,224 6,679
2%
DARNELL 2,016 17,915
2%
DELANO 6,327 5,392
2%
DENSON 2,893 12,419
2%
DEVITO 4,528 7,831
2%
DEVLIN 2,774 13,014
2%
DEWEY 2,926 12,249
2%
DICE 9,587 3,391
2%
DIETRICH 2,291 15,904
2%
DIEZ 9,293 3,502
2%
DIGGS 2,497 14,467
2%
DIMAGGIO 8,443 3,912
2%
DOBBINS 2,407 15,076
2%
DOLLAR 5,429 6,414
2%
DONAHUE 1,112 31,563
2%
DORE 6,662 5,075
2%
DORMAN 3,053 11,739
2%
DORSEY 793 43,631
2%
DRAGO 9,875 3,275
2%
DRISCOLL 1,538 23,385
2%
DRURY 3,342 10,721
2%
DUCKWORTH 2,968 12,080
2%
DUGGAN 2,928 12,237
2%
DUNPHY 8,928 3,666
2%
DUNSTON 8,850 3,702
2%
DURR 5,057 6,937
2%
EARLS 5,658 6,136
2%
EARLY 2,578 14,014
2%
EARP 8,536 3,855
2%
ECK 4,618 7,681
2%
EDENS 5,678 6,110
2%
EDER 8,562 3,847
2%
ELMER 5,671 6,119
2%
ERWIN 1,594 22,496
2%
ESPINO 2,278 15,997
2%
ESPINOZA 271 112,154
2%
FAIRLEY 5,441 6,398
2%
FARIA 5,557 6,257
2%
FARNSWORTH 2,939 12,203
2%
FARRIS 1,179 29,877
2%
FAWCETT 5,454 6,381
2%
FEDERICO 5,810 5,951
2%
FELIPE 5,462 6,370
2%
FENTON 2,274 16,017
2%
FENWICK 7,254 4,597
2%
FERRARO 2,903 12,355
2%
FICK 6,405 5,311
2%
FINKE 9,578 3,394
2%
FISK 3,634 9,779
2%
FLAGG 5,122 6,834
2%
FLAKE 7,676 4,326
2%
FLEMMING 5,575 6,234
2%
FLORIAN 8,789 3,731
2%
FORTE 2,982 12,023
2%
FREDRICKSON 3,945 9,026
2%
FRIEDRICH 5,563 6,249
2%
FUNK 1,459 24,419
2%
FURMAN 3,820 9,273
2%
FURR 4,304 8,260
2%
GALLOWAY 1,002 34,909
2%
GAMBLE 1,024 34,005
2%
GAYNOR 5,505 6,318
2%
GEER 4,074 8,717
2%
GILLESPIE 811 42,693
2%
GILLETT 6,421 5,293
2%
GILLETTE 2,831 12,724
2%
GILLIAM 1,204 29,414
2%
GILLIS 1,910 18,834
2%
GIRARD 2,778 12,975
2%
GIVEN 8,784 3,733
2%
GLEASON 1,395 25,416
2%
GLORIA 6,888 4,878
2%
GOODALL 6,526 5,193
2%
GOODSON 2,308 15,820
2%
GORTON 8,060 4,110
2%
GOUGH 4,132 8,584
2%
GRAFF 2,762 13,058
2%
GREELEY 7,796 4,246
2%
GRIGG 7,038 4,757
2%
GROGAN 3,165 11,400
2%
GROVES 1,447 24,629
2%
GUERRA 473 70,071
2%
GUEVARA 746 46,454
2%
GUPTA 1,886 19,057
2%
HACKETT 1,772 20,278
2%
HACKNEY 3,727 9,507
2%
HAGAN 1,710 21,017
2%
HALES 4,240 8,363
2%
HALLAM 9,712 3,340
2%
HALLIDAY 7,298 4,568
2%
HALTER 7,633 4,349
2%
HAMER 5,158 6,783
2%
HAMLET 9,994 3,227
2%
HAMLIN 2,150 16,871
2%
HAMMONS 3,206 11,273
2%
HANKE 9,054 3,609
2%
HARDER 3,676 9,665
2%
HARDMAN 3,755 9,430
2%
HARRELL 671 50,837
2%
HARRIGAN 5,250 6,646
2%
HARTER 3,559 10,020
2%
HARTY 8,576 3,842
2%
HASKIN 9,716 3,339
2%
HASKINS 2,154 16,842
2%
HAUSER 2,279 15,981
2%
HAWS 7,992 4,138
2%
HAYMAN 6,821 4,945
2%
HEBERT 836 41,275
2%
HEDGE 8,641 3,805
2%
HERALD 7,739 4,289
2%
HERNDON 1,871 19,183
2%
HERRIN 4,576 7,755
2%
HERTZ 7,788 4,257
2%
HICKSON 6,111 5,610
2%
HIGHT 6,094 5,629
2%
HOWARTH 7,774 4,269
2%
HUDGENS 7,237 4,609
2%
HUERTA 735 47,455
2%
HUMPHREYS 2,593 13,895
2%
HUNTSMAN 7,905 4,187
2%
HUTCHINGS 4,025 8,833
2%
HUTCHISON 1,436 24,820
2%
HYNES 4,388 8,104
2%
INGLE 3,409 10,497
2%
ISMAIL 5,668 6,126
2%
ITO 7,644 4,344
2%
IVEY 1,546 23,263
2%
IVORY 4,893 7,201
2%
JANSSEN 3,160 11,423
2%
JUDSON 7,524 4,422
2%
JUMP 8,286 3,999
2%
JUMPER 9,661 3,360
2%
KALE 8,518 3,864
2%
KAMP 8,006 4,131
2%
KARR 3,460 10,324
2%
KASS 8,655 3,796
2%
KELSO 4,096 8,671
2%
KESSLER 1,216 29,064
2%
KINLEY 8,073 4,105
2%
KINSEY 2,258 16,102
2%
KIPP 5,788 5,978
2%
KIRKWOOD 4,320 8,227
2%
KNAPP 825 41,771
2%
KNOTT 2,466 14,622
2%
KOSS 4,147 8,544
2%
KRAUSE 1,009 34,722
2%
KRUG 4,531 7,827
2%
KRUGER 2,591 13,898
2%
KRUSE 1,741 20,584
2%
KURTZ 1,476 24,216
2%
KWON 2,721 13,235
2%
KYLES 6,853 4,911
2%
LANDA 4,298 8,267
2%
LANDIS 1,912 18,826
2%
LANGHAM 8,888 3,684
2%
LANIER 1,712 20,997
2%
LARKINS 5,470 6,357
2%
LAROCHE 6,104 5,618
2%
LAWLESS 3,903 9,093
2%
LAYNE 2,697 13,367
2%
LEAK 6,684 5,053
2%
LEAVITT 2,743 13,133
2%
LEHMAN 1,086 32,180
2%
LELAND 6,921 4,848
2%
LEONG 3,902 9,094
2%
LEVITT 6,311 5,407
2%
LIBBY 3,360 10,631
2%
LLEWELLYN 5,807 5,955
2%
LODGE 7,394 4,501
2%
LOFTON 2,590 13,900
2%
LOMBARDO 2,336 15,598
2%
LOOMIS 2,485 14,518
2%
LOUGH 8,986 3,641
2%
LOVELACE 2,613 13,787
2%
LOVING 4,933 7,135
2%
MACKAY 3,600 9,886
2%
MAHMOUD 9,709 3,342
2%
MALIN 7,616 4,365
2%
MAPLES 3,367 10,603
2%
MARES 2,427 14,931
2%
MARIANO 3,904 9,091
2%
MARINE 8,907 3,676
2%
MATHES 5,319 6,553
2%
MATHEWSON 9,813 3,299
2%
MATHIAS 4,014 8,851
2%
MATHIS 625 54,217
2%
MATTINGLY 2,411 15,050
2%
MATTSON 2,247 16,203
2%
MATUS 8,375 3,952
2%
MCCARTY 939 36,944
2%
MCCLOUD 2,313 15,783
2%
MCDOUGALL 5,242 6,655
2%
MCFARLANE 3,795 9,319
2%
MCGINN 5,807 5,955
2%
MCGRATH 1,006 34,871
2%
MCKEE 780 44,137
2%
MCKENNA 1,284 27,293
2%
MCLOUGHLIN 7,174 4,661
2%
MCNAIR 2,191 16,595
2%
MCPHEE 8,158 4,065
2%
MCRAE 1,987 18,156
2%
MCWILLIAMS 1,746 20,523
2%
MEANS 2,247 16,203
2%
MEARS 3,569 9,988
2%
MEDINA 133 188,497
2%
MEEK 2,419 14,970
2%
MEEKS 1,202 29,457
2%
MELLON 7,211 4,628
2%
MELSON 6,681 5,054
2%
MERCIER 4,361 8,149
2%
MERKEL 5,022 6,991
2%
MERRICK 4,111 8,629
2%
MERRIMAN 3,908 9,085
2%
METCALFE 7,086 4,725
2%
MILANO 6,115 5,609
2%
MINTER 3,470 10,301
2%
MOLINA 320 96,979
2%
MONAGHAN 4,452 7,968
2%
MONTEZ 3,539 10,097
2%
MORELAND 2,023 17,832
2%
MOY 4,046 8,781
2%
MUDD 5,444 6,391
2%
MULDER 4,822 7,317
2%
MULDOON 8,121 4,084
2%
MULLENS 7,859 4,210
2%
MURDOCK 1,804 19,873
2%
MURO 4,481 7,916
2%
NAGY 2,354 15,497
2%
NAIL 4,936 7,133
2%
NANCE 1,487 24,018
2%
NEALE 8,599 3,828
2%
NEWSOM 3,218 11,218
2%
NICE 9,090 3,595
2%
NICKEL 4,291 8,292
2%
NOON 9,473 3,433
2%
NORD 7,204 4,635
2%
NORTHERN 8,981 3,643
2%
NUTT 4,706 7,541
2%
OKEEFE 2,079 17,414
2%
OLNEY 9,932 3,248
2%
OROZCO 512 65,904
2%
ORTON 5,201 6,720
2%
PACKARD 3,733 9,494
2%
PARADIS 5,675 6,113
2%
PARDO 3,249 11,104
2%
PARROTT 2,620 13,753
2%
PATCH 8,669 3,790
2%
PATRICIO 8,994 3,636
2%
PATTISON 6,505 5,217
2%
PATTY 9,794 3,306
2%
PEACE 4,022 8,841
2%
PEAK 4,076 8,713
2%
PEAKE 6,594 5,137
2%
PEER 8,773 3,736
2%
PENDER 5,485 6,340
2%
PENNER 6,363 5,349
2%
PENNEY 5,982 5,752
2%
PERALTA 949 36,585
2%
PETIT 5,692 6,090
2%
PIERSON 1,254 27,983
2%
PIGG 7,633 4,349
2%
PILGRIM 5,535 6,275
2%
PINTO 1,687 21,366
2%
PLACE 4,862 7,251
2%
PLAZA 5,709 6,075
2%
POHL 5,369 6,485
2%
POLLARD 974 35,749
2%
POLLOCK 1,543 23,310
2%
POORE 4,315 8,240
2%
PORTO 9,234 3,526
2%
POULSON 9,466 3,437
2%
PREVOST 7,831 4,228
2%
PRINE 8,679 3,786
2%
PRIOR 5,154 6,787
2%
PROCTOR 977 35,636
2%
PUCKETT 1,273 27,627
2%
PUTNAM 1,971 18,340
2%
PYLE 2,389 15,180
2%
QUIGLEY 2,113 17,121
2%
QUINTANA 923 37,657
2%
QUIRK 5,443 6,392
2%
RABINOWITZ 9,203 3,544
2%
RALSTON 2,914 12,302
2%
RANGE 9,794 3,306
2%
RAYA 4,894 7,198
2%
REDDEN 3,919 9,067
2%
REDMAN 2,770 13,028
2%
REEL 6,399 5,316
2%
REICH 2,796 12,891
2%
REYNA 987 35,291
2%
RHOADS 2,690 13,389
2%
RIDLEY 3,133 11,521
2%
RIPLEY 3,799 9,314
2%
RIVAS 426 76,205
2%
ROCHESTER 8,238 4,024
2%
RODERICK 4,987 7,039
2%
RODRIQUEZ 1,572 22,892
2%
ROLLER 4,492 7,894
2%
ROMANS 8,813 3,715
2%
RONAN 8,036 4,117
2%
ROOD 5,560 6,254
2%
ROOKS 5,086 6,883
2%
ROSARIO 725 48,051
2%
RUCKER 1,326 26,581
2%
SAENZ 1,029 33,787
2%
SAEZ 8,758 3,745
2%
SAID 6,180 5,535
2%
SALES 3,418 10,439
2%
SANFORD 957 36,312
2%
SAUER 2,364 15,430
2%
SAYER 9,573 3,395
2%
SAYLOR 2,276 16,010
2%
SCHAEFER 841 41,063
2%
SCHILLER 3,884 9,132
2%
SCHOLL 3,787 9,351
2%
SCHREIBER 2,269 16,034
2%
SCHULER 2,448 14,745
2%
SCHULLER 9,375 3,470
2%
SCHULTE 2,183 16,658
2%
SCHUMACHER 1,404 25,292
2%
SCHUYLER 9,347 3,480
2%
SEAL 3,797 9,316
2%
SEARS 1,085 32,206
2%
SEGAL 4,451 7,972
2%
SENG 7,311 4,563
2%
SHERLOCK 6,511 5,211
2%
SHERRY 4,846 7,271
2%
SILL 9,568 3,397
2%
SLAY 8,135 4,075
2%
SORENSEN 1,251 28,069
2%
SORIA 2,495 14,477
2%
SORIANO 1,361 25,916
2%
SOUZA 1,601 22,373
2%
SPECTOR 7,221 4,622
2%
SQUIRE 6,363 5,349
2%
STAPLETON 1,973 18,332
2%
STINE 3,573 9,979
2%
STLOUIS 6,569 5,158
2%
STORK 9,415 3,454
2%
STRAW 8,356 3,962
2%
STUBBS 1,781 20,134
2%
SULTAN 9,648 3,363
2%
TAVAREZ 3,503 10,201
2%
TEW 6,470 5,247
2%
THOMASSON 6,926 4,844
2%
THURMAN 1,492 23,950
2%
THURMOND 5,841 5,922
2%
TILTON 4,376 8,124
2%
TINKER 5,525 6,291
2%
TOLEDO 1,841 19,474
2%
TRAINER 9,338 3,487
2%
TRAYNOR 9,013 3,628
2%
TRIPP 1,753 20,434
2%
TURK 3,450 10,354
2%
TUTT 8,277 4,005
2%
TUTTLE 1,267 27,751
2%
UNDERHILL 5,119 6,839
2%
VAIL 3,385 10,554
2%
VIDAL 1,933 18,677
2%
VILLANUEVA 539 61,883
2%
WALTHER 5,402 6,444
2%
WARING 7,671 4,330
2%
WATANABE 5,605 6,204
2%
WATFORD 7,194 4,646
2%
WEED 4,442 7,987
2%
WELKER 4,138 8,566
2%
WENTWORTH 4,428 8,023
2%
WERT 7,795 4,248
2%
WERTH 8,728 3,757
2%
WHITESIDE 3,191 11,334
2%
WHITLEY 1,313 26,732
2%
WIENER 6,528 5,191
2%
WIGHT 6,863 4,904
2%
WILBER 5,642 6,155
2%
WILES 2,754 13,105
2%
WINFIELD 4,318 8,230
2%
WINKLE 8,131 4,077
2%
WINNER 8,547 3,853
2%
WISNIEWSKI 2,846 12,675
2%
WORD 5,628 6,177
2%
WYMAN 3,265 11,051
2%
YAMADA 7,461 4,467
2%
YEUNG 4,556 7,782
2%
YOUNT 4,538 7,817
2%
ZAPATA 1,082 32,274
2%
ZOU 7,408 4,493
2%
ZUCKERMAN 8,789 3,731
2%
ABARCA 3,780 9,363
1%
ABEYTA 5,734 6,046
1%
ABNEY 3,579 9,948
1%
ABREU 2,008 17,998
1%
ACORD 9,355 3,477
1%
ACUNA 2,179 16,683
1%
ADAMSKI 9,149 3,566
1%
ADDINGTON 6,790 4,968
1%
ADELMAN 8,006 4,131
1%
AGEE 3,304 10,857
1%
AHERN 4,322 8,221
1%
AHO 8,506 3,872
1%
AHRENS 3,508 10,182
1%
ALAM 4,476 7,932
1%
ALAMO 9,433 3,448
1%
ALANIS 3,274 11,029
1%
ALCALA 2,029 17,758
1%
ALCANTAR 2,794 12,919
1%
ALCANTARA 2,853 12,636
1%
ALCAZAR 7,847 4,219
1%
ALCORN 4,498 7,884
1%
ALDERMAN 3,528 10,119
1%
ALDERSON 5,664 6,130
1%
ALDRIDGE 1,562 23,034
1%
ALEMAN 1,571 22,927
1%
ALFORD 1,140 30,771
1%
ALLARD 3,553 10,047
1%
ALLRED 1,947 18,526
1%
ALMEIDA 2,166 16,760
1%
ALMODOVAR 8,049 4,112
1%
ALTER 8,597 3,830
1%
ALVES 2,595 13,882
1%
AMADO 8,896 3,680
1%
AMADOR 1,603 22,370
1%
AMARO 3,042 11,769
1%
AMATO 2,837 12,713
1%
AMBROSIO 8,353 3,963
1%
AMIN 3,243 11,137
1%
AMMONS 3,989 8,904
1%
ANAND 8,651 3,798
1%
ANDUJAR 8,700 3,773
1%
ANSARI 7,148 4,679
1%
ANTONE 9,320 3,493
1%
ANTUNEZ 5,931 5,808
1%
ARAGON 1,367 25,801
1%
ARANDA 1,861 19,298
1%
ARAUJO 1,908 18,856
1%
ARCENEAUX 5,924 5,818
1%
ARCHULETA 2,717 13,248
1%
ARGO 8,635 3,808
1%
ARMAS 5,773 6,002
1%
ARMITAGE 8,162 4,063
1%
ARMOUR 4,366 8,139
1%
ARNETT 2,206 16,499
1%
ARRINGTON 1,573 22,840
1%
ARTIS 3,682 9,656
1%
ASHCRAFT 3,576 9,957
1%
ASHMORE 5,642 6,155
1%
ATHERTON 5,382 6,466
1%
ATWATER 7,739 4,289
1%
AUER 9,125 3,578
1%
AVANT 6,277 5,443
1%
AVERILL 9,227 3,529
1%
AVILEZ 8,705 3,771
1%
AYALA 333 92,463
1%
AZAR 9,643 3,365
1%
BABB 2,820 12,794
1%
BABBITT 6,395 5,320
1%
BACA 1,249 28,082
1%
BAER 2,192 16,587
1%
BAGLEY 2,089 17,324
1%
BAH 7,130 4,690
1%
BAINBRIDGE 9,751 3,324
1%
BAKKE 9,257 3,517
1%
BAKKER 9,583 3,392
1%
BANKSTON 4,953 7,101
1%
BANNISTER 4,105 8,639
1%
BAPTISTA 9,027 3,621
1%
BARBERA 8,861 3,696
1%
BARBOSA 1,992 18,106
1%
BARDEN 5,978 5,755
1%
BAREFOOT 7,900 4,190
1%
BARFIELD 2,737 13,165
1%
BARGER 2,528 14,324
1%
BARNETTE 4,178 8,480
1%
BARNHART 1,777 20,157
1%
BARNUM 5,692 6,090
1%
BARONE 2,826 12,758
1%
BARRERA 550 60,998
1%
BARRETO 3,524 10,127
1%
BARRINGTON 6,928 4,843
1%
BARRIOS 1,067 32,873
1%
BARTEL 6,152 5,568
1%
BARTELL 7,084 4,726
1%
BARTELS 4,032 8,809
1%
BASINGER 7,932 4,171
1%
BASKIN 4,786 7,389
1%
BATCHELOR 3,762 9,417
1%
BATSON 3,972 8,951
1%
BATTLE 1,332 26,432
1%
BATTS 4,179 8,473
1%
BAUCOM 7,124 4,696
1%
BAUGH 2,873 12,543
1%
BAUTISTA 558 60,264
1%
BAYLESS 5,632 6,171
1%
BEADLE 8,277 4,005
1%
BEALL 3,847 9,202
1%
BEAMAN 5,787 5,980
1%
BEAMER 8,323 3,981
1%
BEARDEN 2,670 13,499
1%
BEARDSLEY 5,048 6,950
1%
BEASON 6,305 5,414
1%
BEATY 2,800 12,869
1%
BEAUDOIN 5,309 6,562
1%
BEAULIEU 3,349 10,695
1%
BEAUREGARD 6,658 5,078
1%
BEAVERS 2,348 15,531
1%
BECKFORD 7,748 4,285
1%
BECKLEY 6,291 5,429
1%
BECKMAN 2,412 15,045
1%
BECKMANN 9,058 3,608
1%
BEDARD 5,734 6,046
1%
BEEBE 2,441 14,847
1%
BEGAY 2,053 17,553
1%
BEGGS 7,261 4,590
1%
BEHM 7,443 4,476
1%
BEHR 8,659 3,795
1%
BEIL 565 59,463
1%
BELANGER 2,793 12,922
1%
BELISLE 8,800 3,722
1%
BELLOWS 9,080 3,601
1%
BELTRAN 692 49,776
1%
BEMIS 7,093 4,722
1%
BENEFIELD 5,769 6,004
1%
BENNER 3,100 11,612
1%
BERGIN 8,291 3,996
1%
BERGMANN 6,761 4,988
1%
BERMAN 2,271 16,025
1%
BERMUDEZ 1,316 26,691
1%
BERNER 6,949 4,826
1%
BERNHARD 8,775 3,735
1%
BERNIER 3,693 9,614
1%
BERRIOS 2,885 12,451
1%
BERRYMAN 4,717 7,517
1%
BETANCOURT 1,664 21,663
1%
BETTENCOURT 4,797 7,365
1%
BEVINS 7,682 4,322
1%
BHATT 6,363 5,349
1%
BIANCO 2,381 15,278
1%
BIBLE 7,119 4,700
1%
BICKHAM 9,328 3,492
1%
BIGHAM 6,193 5,525
1%
BILLUPS 5,375 6,475
1%
BIRDSONG 6,220 5,498
1%
BIRDWELL 7,655 4,339
1%
BISSELL 6,701 5,039
1%
BITNER 8,741 3,753
1%
BIVINS 6,045 5,681
1%
BIXBY 8,114 4,086
1%
BLACKFORD 7,443 4,476
1%
BLACKSTONE 8,946 3,659
1%
BLADES 7,320 4,558
1%
BLAIS 6,017 5,718
1%
BLAKEY 8,655 3,796
1%
BLANDING 9,966 3,237
1%
BLANKS 5,578 6,229
1%
BLAS 9,045 3,612
1%
BLATT 8,244 4,020
1%
BLEDSOE 1,948 18,510
1%
BLESSING 6,449 5,263
1%
BLISS 2,471 14,588
1%
BLOCH 6,965 4,817
1%
BLOCKER 3,874 9,149
1%
BLOOMER 7,827 4,231
1%
BLOOMFIELD 5,833 5,928
1%
BLOUNT 1,803 19,878
1%
BLOW 9,100 3,590
1%
BLUMENTHAL 8,914 3,673
1%
BOARDMAN 5,823 5,938
1%
BOATMAN 5,854 5,899
1%
BOBO 3,828 9,254
1%
BOCK 2,691 13,382
1%
BODINE 6,699 5,042
1%
BOISVERT 6,958 4,821
1%
BOLDING 9,119 3,581
1%
BOLEY 6,755 4,990
1%
BOLICK 8,977 3,645
1%
BOLLING 5,429 6,414
1%
BOLLINGER 2,891 12,425
1%
BONEY 8,673 3,789
1%
BONILLA 664 51,475
1%
BONNETT 8,239 4,023
1%
BONNEY 7,413 4,491
1%
BORING 5,986 5,746
1%
BORJA 4,656 7,618
1%
BORK 9,433 3,448
1%
BOSLEY 4,881 7,216
1%
BOSWELL 1,591 22,540
1%
BOSWORTH 6,454 5,260
1%
BOTTS 7,274 4,582
1%
BOUGHTON 9,978 3,233
1%
BOUNDS 4,457 7,960
1%
BOURQUE 3,961 8,973
1%
BOVA 9,384 3,465
1%
BOVE 8,562 3,847
1%
BOWERMAN 8,850 3,702
1%
BOWLIN 5,055 6,938
1%
BOWLING 1,311 26,762
1%
BOYLES 3,236 11,156
1%
BOZEMAN 5,016 7,004
1%
BRACK 9,108 3,588
1%
BRACKETT 3,278 11,027
1%
BRADBERRY 9,440 3,446
1%
BRAGA 9,557 3,402
1%
BRAKE 5,591 6,220
1%
BRANTLEY 1,684 21,395
1%
BRAWLEY 7,896 4,193
1%
BRAZIL 6,373 5,343
1%
BREAULT 8,854 3,700
1%
BREAUX 2,842 12,705
1%
BREEN 2,549 14,170
1%
BREMER 5,195 6,733
1%
BRESLIN 7,418 4,490
1%
BRETON 7,682 4,322
1%
BRILEY 6,094 5,629
1%
BRILL 3,841 9,215
1%
BRIM 8,808 3,717
1%
BRINKER 5,992 5,736
1%
BRINKLEY 2,632 13,695
1%
BRINKMAN 3,421 10,432
1%
BRITO 1,711 21,007
1%
BROADBENT 9,066 3,605
1%
BRODIE 5,288 6,585
1%
BRODSKY 8,124 4,083
1%
BROGAN 4,577 7,754
1%
BROUGHTON 2,918 12,273
1%
BROUSSARD 1,302 26,971
1%
BROWNELL 4,984 7,045
1%
BROYLES 3,630 9,781
1%
BRUNELLE 7,133 4,688
1%
BRUNNER 2,337 15,593
1%
BRUSH 5,218 6,690
1%
BUCHER 4,772 7,417
1%
BUCKLAND 9,506 3,419
1%
BUFORD 3,907 9,089
1%
BUGG 9,539 3,408
1%
BUGGS 9,412 3,455
1%
BUKOWSKI 9,338 3,487
1%
BULGER 9,427 3,450
1%
BULLARD 1,509 23,755
1%
BUNCE 8,023 4,126
1%
BUNCH 1,629 22,117
1%
BUNTING 4,072 8,725
1%
BUNTON 7,899 4,191
1%
BURBANK 6,480 5,240
1%
BURCH 958 36,269
1%
BURDEN 2,770 13,028
1%
BURFORD 6,861 4,905
1%
BURKEY 7,624 4,354
1%
BURKHART 2,204 16,526
1%
BURKHOLDER 3,128 11,532
1%
BURNETTE 2,172 16,717
1%
BURNEY 3,888 9,126
1%
BURNSIDE 4,009 8,859
1%
BURROUGHS 2,087 17,336
1%
BURWELL 5,613 6,193
1%
BUSHMAN 6,771 4,981
1%
BUTTERFIELD 3,152 11,468
1%
BUTTERWORTH 7,597 4,375
1%
BUTZ 7,846 4,220
1%
BUZZARD 9,845 3,287
1%
BYLER 2,722 13,230
1%
BYNUM 2,251 16,166
1%
CABELLO 6,358 5,358
1%
CABLE 3,716 9,545
1%
CABRAL 1,557 23,128
1%
CACERES 2,920 12,269
1%
CADDELL 8,617 3,818
1%
CADET 7,240 4,607
1%
CADY 3,910 9,084
1%
CALABRESE 4,127 8,599
1%
CALLAN 7,353 4,531
1%
CALLAWAY 2,610 13,819
1%
CALLIS 8,496 3,877
1%
CALVERT 2,043 17,619
1%
CAMPION 9,043 3,614
1%
CANADAY 9,375 3,470
1%
CANCEL 8,649 3,801
1%
CANNING 8,227 4,033
1%
CANTER 5,374 6,477
1%
CANTERBURY 7,488 4,449
1%
CANTWELL 5,259 6,635
1%
CANTY 4,413 8,047
1%
CAPONE 6,595 5,135
1%
CAPPS 1,983 18,194
1%
CAPUTO 3,483 10,257
1%
CARDENAS 418 77,652
1%
CARDER 6,188 5,529
1%
CARDWELL 3,037 11,791
1%
CARGILL 7,363 4,524
1%
CARLEY 6,886 4,880
1%
CARLYLE 9,357 3,476
1%
CARMAN 3,198 11,302
1%
CARON 2,817 12,810
1%
CARPER 5,773 6,002
1%
CARRERA 2,203 16,533
1%
CARRIER 2,692 13,377
1%
CARRILLO 340 91,129
1%
CARSWELL 5,448 6,390
1%
CARVALHO 3,302 10,877
1%
CASANOVA 3,851 9,201
1%
CASELLA 8,653 3,797
1%
CASHMAN 6,503 5,219
1%
CASILLAS 1,579 22,710
1%
CASON 3,083 11,657
1%
CASTELLI 9,834 3,292
1%
CASTELLO 9,692 3,347
1%
CASWELL 3,611 9,827
1%
CATALAN 5,076 6,899
1%
CATER 8,419 3,926
1%
CAULFIELD 8,617 3,818
1%
CAWLEY 6,268 5,451
1%
CEPEDA 3,112 11,572
1%
CERVANTEZ 6,898 4,874
1%
CHANCELLOR 7,974 4,147
1%
CHANCEY 8,055 4,111
1%
CHANDRA 8,977 3,645
1%
CHAPIN 3,510 10,175
1%
CHAPPELL 1,516 23,634
1%
CHARBONNEAU 7,230 4,617
1%
CHARLEY 7,876 4,201
1%
CHARRON 7,803 4,241
1%
CHATHAM 8,155 4,066
1%
CHEEKS 7,964 4,155
1%
CHENEY 2,655 13,573
1%
CHERY 8,232 4,027
1%
CHESNEY 7,413 4,491
1%
CHESTNUT 4,478 7,924
1%
CHEW 3,988 8,905
1%
CHICO 9,788 3,308
1%
CHIEN 8,732 3,756
1%
CHILTON 5,551 6,263
1%
CHINN 5,601 6,211
1%
CHIPMAN 6,866 4,899
1%
CHIU 2,735 13,174
1%
CHRISTMAS 6,122 5,599
1%
CHRISTY 2,621 13,750
1%
CLAIBORNE 6,523 5,201
1%
CLAPP 4,088 8,689
1%
CLAPPER 6,822 4,944
1%
CLAUDIO 5,224 6,679
1%
CLAUSEN 3,987 8,906
1%
CLAWSON 3,360 10,631
1%
CLAXTON 5,949 5,786
1%
CLEMENTE 3,626 9,797
1%
CLEMMONS 4,484 7,914
1%
CLICK 5,596 6,216
1%
CLOUGH 3,789 9,339
1%
CLOYD 9,361 3,475
1%
CLUFF 9,274 3,510
1%
CLYMER 9,736 3,329
1%
COBBS 5,306 6,565
1%
COBLE 3,846 9,204
1%
COCHRANE 4,246 8,355
1%
COELHO 6,124 5,593
1%
COFFEE 5,585 6,223
1%
COFFMAN 1,421 24,980
1%
COLEY 2,326 15,671
1%
COLGAN 8,965 3,651
1%
COLLETTE 6,840 4,927
1%
COLLEY 3,996 8,887
1%
COLLUM 9,144 3,568
1%
COLSON 3,666 9,710
1%
CONCEPCION 2,909 12,332
1%
CONDE 3,423 10,430
1%
CONOVER 4,063 8,738
1%
CONROY 2,184 16,651
1%
CONTI 3,397 10,526
1%
CONTRERAS 229 130,164
1%
CONYERS 5,289 6,583
1%
COPLEY 5,303 6,568
1%
COPPOLA 4,091 8,676
1%
CORBETT 1,346 26,246
1%
CORCORAN 2,044 17,607
1%
CORDERO 1,164 30,158
1%
CORDOBA 7,054 4,744
1%
CORDOVA 762 45,305
1%
CORIA 6,098 5,625
1%
CORNWELL 2,950 12,168
1%
CORONADO 1,274 27,626
1%
CORRAL 2,158 16,808
1%
CORRALES 3,184 11,348
1%
CORREA 905 38,232
1%
CORREIA 3,525 10,126
1%
CORSO 6,984 4,798
1%
CORSON 6,446 5,268
1%
CORWIN 5,083 6,887
1%
COTTER 3,010 11,904
1%
COTTRELL 2,141 16,930
1%
COUCH 1,323 26,615
1%
COULTER 1,725 20,757
1%
COVERT 4,236 8,369
1%
COVEY 4,212 8,414
1%
COVINGTON 1,298 27,068
1%
COWARD 6,012 5,720
1%
COWEN 6,755 4,990
1%
COWLEY 5,881 5,868
1%
COYNE 3,130 11,525
1%
COZART 7,585 4,381
1%
CRAFTON 8,173 4,056
1%
CRAIN 2,038 17,650
1%
CRANDALL 2,163 16,781
1%
CRANDELL 7,983 4,141
1%
CRANFORD 3,999 8,883
1%
CRAVEN 2,341 15,567
1%
CREEL 4,028 8,815
1%
CROCKER 1,757 20,370
1%
CROCKETT 1,507 23,769
1%
CROOKS 3,489 10,244
1%
CROSSLEY 5,868 5,878
1%
CROSSMAN 7,402 4,497
1%
CROTTY 8,793 3,726
1%
CROWTHER 8,492 3,880
1%
CROY 8,246 4,018
1%
CRUMP 1,727 20,737
1%
CRUMPTON 6,765 4,985
1%
CUELLAR 1,609 22,324
1%
CUEVA 8,272 4,008
1%
CUEVAS 790 43,701
1%
CUI 9,251 3,520
1%
CULBERSON 9,520 3,415
1%
CULLUM 7,508 4,435
1%
CULPEPPER 3,521 10,135
1%
CULVER 2,051 17,566
1%
CUPP 4,853 7,263
1%
CURTIN 3,725 9,513
1%
CUSACK 8,844 3,704
1%
CUSHING 5,373 6,480
1%
CUTLER 2,331 15,621
1%
DABNEY 4,793 7,376
1%
DAGGETT 6,709 5,035
1%
DAKE 9,872 3,277
1%
DAMORE 9,716 3,339
1%
DANDRIDGE 7,876 4,201
1%
DANFORTH 7,810 4,239
1%
DANGELO 4,037 8,802
1%
DANNA 8,458 3,904
1%
DAO 3,220 11,211
1%
DARDEN 2,683 13,414
1%
DARROW 5,946 5,791
1%
DASH 8,599 3,828
1%
DAUGHTRY 5,925 5,816
1%
DAYE 8,365 3,958
1%
DEANGELIS 4,546 7,791
1%
DEANGELO 4,327 8,205
1%
DEANS 8,113 4,087
1%
DEATON 2,572 14,052
1%
DEAVER 7,080 4,729
1%
DECKARD 5,752 6,022
1%
DECOSTA 9,861 3,280
1%
DEEGAN 8,962 3,653
1%
DEEL 7,437 4,478
1%
DEEN 7,453 4,471
1%
DEGROOT 6,278 5,442
1%
DELAFUENTE 5,021 6,996
1%
DELAGARZA 3,334 10,759
1%
DELAPAZ 5,436 6,404
1%
DELATORRE 1,288 27,265
1%
DELAVEGA 9,661 3,360
1%
DELEO 9,267 3,513
1%
DELEON 359 87,414
1%
DELIA 6,414 5,301
1%
DELK 6,498 5,222
1%
DELOSSANTOS 1,880 19,131
1%
DELP 6,598 5,134
1%
DELUCA 2,263 16,066
1%
DELUNA 3,508 10,182
1%
DELVALLE 3,033 11,816
1%
DELVECCHIO 7,335 4,548
1%
DEMARCO 2,452 14,731
1%
DEMERS 3,839 9,225
1%
DENISON 5,364 6,490
1%
DENMARK 9,859 3,281
1%
DENNING 4,402 8,076
1%
DENNY 2,062 17,503
1%
DEROSA 4,314 8,241
1%
DESANTIS 3,530 10,117
1%
DESIR 7,803 4,241
1%
DESJARDINS 7,662 4,335
1%
DESOUSA 8,437 3,915
1%
DESOUZA 5,255 6,639
1%
DESROSIERS 6,300 5,423
1%
DESTEFANO 4,975 7,058
1%
DETWEILER 6,616 5,119
1%
DEUTSCH 3,782 9,361
1%
DEVEREAUX 8,383 3,949
1%
DEVERS 9,964 3,238
1%
DEVILLE 8,496 3,877
1%
DEVRIES 2,649 13,600
1%
DICKEY 1,542 23,320
1%
DIEDRICH 8,956 3,655
1%
DIETZ 1,925 18,720
1%
DILLARD 1,130 31,021
1%
DILLER 7,710 4,306
1%
DILLEY 6,036 5,692
1%
DILLS 8,494 3,878
1%
DILORENZO 9,701 3,344
1%
DIMARCO 7,763 4,275
1%
DINGMAN 6,781 4,974
1%
DINKINS 5,570 6,242
1%
DIRKS 7,350 4,534
1%
DIXSON 7,748 4,285
1%
DIZON 5,837 5,924
1%
DOAN 1,814 19,760
1%
DOCKERY 3,089 11,644
1%
DODSON 927 37,566
1%
DONATO 4,533 7,823
1%
DONEGAN 7,601 4,372
1%
DONES 6,971 4,813
1%
DONLEY 4,675 7,589
1%
DONNER 6,664 5,068
1%
DONOGHUE 9,810 3,300
1%
DONOHUE 2,587 13,919
1%
DORAN 2,174 16,704
1%
DORRIS 5,251 6,644
1%
DORSETT 6,514 5,208
1%
DORTCH 6,965 4,817
1%
DOSS 1,687 21,366
1%
DOSSANTOS 5,656 6,137
1%
DOTSON 1,045 33,347
1%
DOTY 2,009 17,965
1%
DOWLING 2,245 16,238
1%
DOWNER 6,436 5,277
1%
DOZIER 2,259 16,091
1%
DREXLER 9,969 3,235
1%
DREYER 5,175 6,751
1%
DSOUZA 9,511 3,417
1%
DUARTE 808 42,983
1%
DUDA 5,743 6,034
1%
DUFRESNE 7,236 4,611
1%
DUGAN 1,679 21,455
1%
DULANEY 6,210 5,507
1%
DUMONT 5,177 6,748
1%
DUNAWAY 3,320 10,798
1%
DUNHAM 1,604 22,362
1%
DUNKIN 9,334 3,489
1%
DUNKLE 9,736 3,329
1%
DUNLAP 890 39,063
1%
DUNLOP 7,819 4,234
1%
DUNNING 3,330 10,784
1%
DUNSON 8,110 4,088
1%
DUONG 1,431 24,870
1%
DUPONT 3,456 10,339
1%
DUPRE 4,372 8,131
1%
DUPREE 2,161 16,794
1%
DUPUY 9,192 3,548
1%
DUQUE 4,407 8,058
1%
DURANTE 9,633 3,369
1%
DURBIN 2,459 14,650
1%
DUREN 8,254 4,013
1%
DURKIN 4,448 7,975
1%
DURRANT 9,854 3,282
1%
DUTY 7,138 4,685
1%
DVORAK 4,562 7,771
1%
DYKES 2,598 13,874
1%
EAGAN 6,190 5,528
1%
EAKIN 9,013 3,628
1%
EARHART 8,490 3,882
1%
EARNEST 4,452 7,968
1%
EASLEY 2,212 16,459
1%
EASON 2,031 17,714
1%
EBERLY 6,985 4,796
1%
EBERT 2,809 12,830
1%
ECKER 7,018 4,772
1%
EDDINGTON 9,539 3,408
1%
EDMONDSON 2,667 13,524
1%
EDMONSON 7,207 4,631
1%
EDSON 8,455 3,906
1%
EGAN 1,561 23,048
1%
EGGERS 4,479 7,921
1%
EGGERT 6,296 5,427
1%
EGGLESTON 3,550 10,057
1%
EICHER 5,776 5,997
1%
EIDE 9,217 3,536
1%
EILER 7,560 4,397
1%
EISNER 9,830 3,294
1%
ELBERT 9,716 3,339
1%
ELDRIDGE 1,402 25,299
1%
ELIASON 8,775 3,735
1%
ELKIN 9,125 3,578
1%
ELKINS 1,426 24,902
1%
ELLINGTON 3,132 11,522
1%
ELMORE 1,369 25,774
1%
EMBRY 4,092 8,675
1%
ENDERS 9,114 3,584
1%
ENGLE 1,866 19,226
1%
ENOCH 9,578 3,394
1%
ENRIGHT 4,951 7,108
1%
EPPERSON 2,798 12,884
1%
EPPS 1,784 20,112
1%
ERB 3,923 9,060
1%
ERNST 1,969 18,361
1%
ESCALANTE 1,736 20,626
1%
ESH 9,227 3,529
1%
ESPINOSA 896 38,667
1%
ESTRADA 238 127,470
1%
ESTRELLA 2,618 13,758
1%
ETHERIDGE 3,425 10,420
1%
EVANGELISTA 3,967 8,964
1%
EVENSON 5,694 6,088
1%
EVERITT 9,038 3,615
1%
EWELL 6,988 4,794
1%
FABER 3,555 10,039
1%
FAIRBANKS 3,743 9,466
1%
FAIRCHILD 2,581 13,993
1%
FANT 8,055 4,111
1%
FARAH 5,203 6,718
1%
FARFAN 8,135 4,075
1%
FARIAS 2,252 16,153
1%
FARLOW 9,865 3,279
1%
FEARS 7,027 4,762
1%
FEATHERSTONE 9,976 3,234
1%
FEELEY 8,084 4,101
1%
FELDER 2,714 13,257
1%
FELLOWS 4,469 7,948
1%
FENDER 5,743 6,034
1%
FENNER 4,619 7,678
1%
FERRO 4,843 7,273
1%
FINNERTY 8,184 4,052
1%
FIORE 3,699 9,606
1%
FITTS 5,762 6,014
1%
FITZSIMMONS 3,826 9,260
1%
FLACK 5,759 6,016
1%
FLAHERTY 2,013 17,926
1%
FLANIGAN 4,640 7,648
1%
FLECK 4,012 8,852
1%
FLEURY 6,835 4,934
1%
FLICK 4,630 7,661
1%
FLINN 6,357 5,359
1%
FOGARTY 4,311 8,245
1%
FOLSOM 4,667 7,598
1%
FONTES 7,437 4,478
1%
FORSYTH 4,194 8,450
1%
FORTIN 4,029 8,814
1%
FORTUNE 3,051 11,748
1%
FRALEY 3,020 11,876
1%
FRAMPTON 9,978 3,233
1%
FRANCOIS 2,467 14,593
1%
FRANZEN 6,100 5,621
1%
FREEDMAN 3,985 8,913
1%
FREESE 5,732 6,047
1%
FRICK 3,702 9,597
1%
FRIERSON 5,838 5,923
1%
FRINK 8,482 3,888
1%
FRITH 9,068 3,604
1%
FRITTS 5,864 5,883
1%
FRYMAN 9,736 3,329
1%
FUDGE 7,545 4,407
1%
FULMER 3,708 9,570
1%
FURLONG 5,158 6,783
1%
FURTADO 6,250 5,464
1%
GABBARD 5,604 6,205
1%
GADDIS 3,877 9,142
1%
GADDY 4,251 8,342
1%
GAGNE 3,727 9,507
1%
GAGNON 1,697 21,208
1%
GALAN 4,289 8,293
1%
GALES 7,937 4,169
1%
GALLEGO 5,971 5,763
1%
GALLEGOS 486 68,373
1%
GALLI 9,570 3,396
1%
GALVAN 630 53,822
1%
GALVEZ 1,754 20,425
1%
GAMA 7,383 4,513
1%
GAMBINO 6,558 5,168
1%
GAMEZ 1,472 24,256
1%
GANDY 3,417 10,444
1%
GANNON 2,418 14,981
1%
GARBER 2,850 12,640
1%
GARRARD 9,683 3,353
1%
GARRITY 4,914 7,156
1%
GARVER 7,441 4,477
1%
GARVIN 2,664 13,536
1%
GASKIN 4,987 7,039
1%
GASKINS 3,428 10,414
1%
GASPER 6,869 4,898
1%
GATLIN 3,329 10,785
1%
GAUGHAN 9,496 3,423
1%
GAULT 5,468 6,360
1%
GAUTHIER 2,153 16,852
1%
GEDDES 8,882 3,687
1%
GEIGER 1,634 22,039
1%
GEIS 9,692 3,347
1%
GEIST 5,802 5,966
1%
GENDRON 7,345 4,537
1%
GENTILE 2,436 14,873
1%
GENTRY 806 43,027
1%
GERBER 2,170 16,732
1%
GERHART 7,689 4,319
1%
GERMANY 8,606 3,825
1%
GIDEON 7,744 4,287
1%
GIESE 5,319 6,553
1%
GILLARD 8,089 4,099
1%
GILLIGAN 5,557 6,257
1%
GILROY 8,449 3,910
1%
GILSON 4,846 7,271
1%
GINGRICH 9,262 3,515
1%
GINN 4,396 8,088
1%
GINSBERG 8,060 4,110
1%
GIRALDO 5,367 6,489
1%
GIROUX 6,882 4,885
1%
GISH 8,711 3,768
1%
GLADNEY 6,729 5,012
1%
GLASER 3,493 10,235
1%
GLASGOW 3,913 9,078
1%
GLAZER 9,658 3,361
1%
GLAZIER 9,045 3,612
1%
GLENNON 9,165 3,561
1%
GOBER 7,655 4,339
1%
GODIN 8,934 3,665
1%
GOEBEL 3,920 9,062
1%
GOFF 1,081 32,298
1%
GOLDENBERG 9,165 3,561
1%
GOLDFARB 9,347 3,480
1%
GONSALVES 4,173 8,494
1%
GOOCH 3,155 11,453
1%
GOODEN 3,190 11,335
1%
GORHAM 4,190 8,458
1%
GORMLEY 6,814 4,949
1%
GOWER 5,317 6,554
1%
GRABLE 9,983 3,231
1%
GRACIA 3,720 9,520
1%
GRAFTON 9,535 3,409
1%
GRAMMER 9,274 3,510
1%
GRAU 6,353 5,365
1%
GRAZIANO 4,694 7,559
1%
GREENLEE 3,933 9,048
1%
GREENWALD 5,234 6,664
1%
GREGORIO 6,494 5,228
1%
GRENIER 5,345 6,509
1%
GRESHAM 3,162 11,412
1%
GRESS 8,556 3,850
1%
GRIGGS 1,437 24,819
1%
GRILL 9,940 3,246
1%
GRIMALDO 5,829 5,931
1%
GRISHAM 5,148 6,798
1%
GRISSOM 3,116 11,563
1%
GROFF 3,599 9,889
1%
GROOMS 3,267 11,045
1%
GROOVER 8,904 3,678
1%
GROSSO 8,148 4,069
1%
GROTE 7,807 4,240
1%
GRUBB 2,456 14,673
1%
GRUBBS 2,316 15,773
1%
GRUNDY 8,724 3,759
1%
GUADALUPE 6,892 4,877
1%
GUENTHER 3,621 9,809
1%
GUESS 4,507 7,871
1%
GUEST 3,737 9,483
1%
GUIDO 4,971 7,068
1%
GUIDRY 1,739 20,600
1%
GUILLERMO 9,581 3,393
1%
GULLEY 3,366 10,605
1%
GUSMAN 8,097 4,095
1%
GUSTAFSON 1,333 26,421
1%
GUTH 9,418 3,453
1%
GUYER 6,781 4,974
1%
GWYNN 9,894 3,268
1%
HABER 6,458 5,258
1%
HABIB 6,836 4,932
1%
HADDAD 3,318 10,804
1%
HAFNER 6,532 5,187
1%
HAGER 1,707 21,106
1%
HAGLER 5,958 5,775
1%
HAGUE 4,960 7,093
1%
HAIDER 8,070 4,107
1%
HAIR 4,539 7,814
1%
HAIRE 5,942 5,794
1%
HALBERT 6,888 4,878
1%
HALFORD 9,712 3,340
1%
HALLETT 6,000 5,731
1%
HALLMAN 3,582 9,938
1%
HALSTEAD 3,944 9,027
1%
HAMEL 3,294 10,944
1%
HAMES 9,003 3,633
1%
HAMID 9,473 3,433
1%
HAMMAN 7,324 4,555
1%
HAMMETT 4,673 7,590
1%
HAMNER 9,068 3,604
1%
HANDY 2,482 14,537
1%
HANEY 1,027 33,898
1%
HANKINS 1,675 21,532
1%
HANLEY 1,864 19,240
1%
HANNAN 4,962 7,086
1%
HANNON 3,016 11,893
1%
HANSEL 8,622 3,815
1%
HARBAUGH 6,873 4,895
1%
HARBOUR 7,964 4,155
1%
HARDEMAN 7,305 4,565
1%
HARDWICK 3,310 10,841
1%
HARGRAVE 4,989 7,037
1%
HARNER 7,761 4,277
1%
HARROLD 6,884 4,884
1%
HARSH 9,544 3,407
1%
HARTFIELD 9,578 3,394
1%
HARTIN 8,980 3,644
1%
HARTNETT 5,450 6,387
1%
HARTZ 7,966 4,153
1%
HASAN 3,775 9,374
1%
HASSELL 5,538 6,273
1%
HATCHETT 6,005 5,726
1%
HATFIELD 1,017 34,381
1%
HAUG 6,757 4,989
1%
HAUGH 9,174 3,558
1%
HAUN 6,452 5,261
1%
HAVARD 9,314 3,495
1%
HAVENS 3,066 11,699
1%
HAWES 3,590 9,908
1%
HAWLEY 1,993 18,100
1%
HAZELWOOD 5,304 6,567
1%
HAZLETT 6,611 5,122
1%
HEANEY 7,888 4,197
1%
HEATER 9,001 3,634
1%
HEATON 2,606 13,834
1%
HECHT 4,744 7,466
1%
HECKER 6,454 5,260
1%
HECKMAN 3,668 9,709
1%
HECTOR 7,572 4,387
1%
HEDGES 3,690 9,625
1%
HEFFERNAN 5,043 6,961
1%
HEFLIN 4,660 7,609
1%
HEIMAN 8,144 4,070
1%
HEINE 6,681 5,054
1%
HEINS 8,728 3,757
1%
HEINTZ 6,067 5,655
1%
HEISE 7,753 4,282
1%
HELD 4,896 7,195
1%
HELFRICH 9,345 3,482
1%
HELMER 6,049 5,674
1%
HENKE 4,690 7,566
1%
HENKEL 6,595 5,135
1%
HENNING 2,199 16,557
1%
HENNINGS 9,382 3,467
1%
HENSLEY 668 51,081
1%
HERMANSON 8,402 3,937
1%
HERMES 7,545 4,407
1%
HERRING 894 38,733
1%
HERRON 1,328 26,559
1%
HERTEL 7,562 4,395
1%
HERZOG 3,239 11,146
1%
HEWETT 5,489 6,336
1%
HEYER 9,827 3,295
1%
HEYWARD 6,904 4,867
1%
HIBBARD 4,496 7,885
1%
HICKEY 1,206 29,350
1%
HICKMAN 838 41,163
1%
HIGA 8,398 3,940
1%
HIGGS 3,458 10,333
1%
HIGHTOWER 1,787 20,065
1%
HILBERT 5,707 6,077
1%
HILDEBRAND 3,072 11,687
1%
HILLIARD 1,756 20,377
1%
HILLIS 5,884 5,866
1%
HINMAN 6,413 5,303
1%
HINOJOS 8,274 4,006
1%
HINOJOSA 1,352 26,146
1%
HITE 3,034 11,810
1%
HITT 4,567 7,762
1%
HIX 6,476 5,244
1%
HIXON 6,649 5,091
1%
HOANG 1,185 29,798
1%
HOARD 8,299 3,992
1%
HOCH 5,686 6,095
1%
HOCK 7,061 4,739
1%
HODSON 5,522 6,296
1%
HOEHN 9,301 3,499
1%
HOEY 8,163 4,062
1%
HOFFER 5,796 5,969
1%
HOLBROOK 1,502 23,843
1%
HOLCOMB 1,227 28,852
1%
HOLLANDER 6,077 5,640
1%
HOLLAWAY 9,761 3,320
1%
HOLLER 6,933 4,836
1%
HOLLEY 1,163 30,231
1%
HOLLINGSWORTH 1,504 23,831
1%
HOLLINS 3,499 10,213
1%
HOLMAN 1,069 32,788
1%
HOLST 7,129 4,691
1%
HOMAN 3,702 9,597
1%
HONEYCUTT 2,192 16,587
1%
HOOKS 2,125 17,053
1%
HORD 9,515 3,416
1%
HORNSBY 4,850 7,267
1%
HOROWITZ 3,674 9,671
1%
HORST 3,831 9,245
1%
HOSSAIN 5,788 5,978
1%
HOWIE 7,153 4,676
1%
HOWLAND 4,092 8,675
1%
HOWLETT 6,355 5,364
1%
HOYLE 3,857 9,192
1%
HOYT 1,701 21,169
1%
HSU 2,147 16,907
1%
HUBBLE 8,990 3,639
1%
HUBBS 8,505 3,873
1%
HUCKABY 7,091 4,723
1%
HUDDLESTON 2,102 17,231
1%
HUDSPETH 7,187 4,651
1%
HUEY 3,625 9,800
1%
HUGGINS 1,602 22,371
1%
HUMBERT 7,684 4,321
1%
HUME 5,301 6,573
1%
HUMMEL 2,453 14,715
1%
HUPP 6,900 4,871
1%
HURD 1,743 20,540
1%
HUTH 8,254 4,013
1%
HUTSON 2,304 15,835
1%
HUYNH 620 54,996
1%
HYATT 1,863 19,280
1%
HYLAND 4,512 7,862
1%
HYMAN 3,158 11,436
1%
IBARRA 507 66,063
1%
IGNACIO 5,594 6,219
1%
INGERSOLL 5,449 6,388
1%
INGHAM 9,338 3,487
1%
INGRAHAM 5,566 6,248
1%
IQBAL 5,970 5,764
1%
ISBELL 3,594 9,905
1%
ISLAS 3,853 9,200
1%
ISLEY 8,736 3,754
1%
ISON 5,213 6,697
1%
IVES 4,317 8,233
1%
JACOBI 9,161 3,563
1%
JACOBO 3,105 11,590
1%
JAFFE 5,886 5,865
1%
JAIN 3,094 11,626
1%
JAMERSON 6,440 5,273
1%
JANIS 7,821 4,233
1%
JAQUES 9,998 3,224
1%
JARA 4,042 8,790
1%
JARDINE 8,335 3,973
1%
JARRETT 1,648 21,821
1%
JAYNES 5,989 5,741
1%
JEREZ 8,137 4,074
1%
JESSIE 8,435 3,916
1%
JESSUP 5,037 6,964
1%
JETER 2,729 13,198
1%
JOAQUIN 9,172 3,559
1%
JORDON 8,184 4,052
1%
JORGENSEN 1,728 20,731
1%
JOST 8,076 4,104
1%
JOUBERT 9,488 3,428
1%
JUDKINS 6,278 5,442
1%
JURADO 3,804 9,309
1%
KALLAS 8,706 3,770
1%
KALMAN 8,415 3,927
1%
KAMARA 5,530 6,288
1%
KAMINSKI 2,553 14,152
1%
KAMINSKY 7,481 4,453
1%
KAMMERER 8,946 3,659
1%
KANTER 8,285 4,000
1%
KAO 5,758 6,018
1%
KAPLAN 1,196 29,582
1%
KAPP 8,333 3,974
1%
KARIM 6,001 5,729
1%
KARNES 5,494 6,333
1%
KARP 6,143 5,577
1%
KASPER 3,545 10,064
1%
KATES 7,284 4,574
1%
KAUFFMAN 1,606 22,353
1%
KAUFMAN 1,007 34,844
1%
KAUFMANN 5,133 6,818
1%
KAVANAGH 6,414 5,301
1%
KAVANAUGH 6,109 5,611
1%
KEARNEY 1,730 20,706
1%
KEARNS 2,394 15,136
1%
KEEFE 3,275 11,028
1%
KEEL 4,090 8,682
1%
KEELE 8,941 3,661
1%
KEELER 3,124 11,546
1%
KEENAN 1,765 20,353
1%
KEETON 3,647 9,748
1%
KEFFER 9,320 3,493
1%
KEISER 4,809 7,348
1%
KELLNER 7,673 4,329
1%
KEMPER 3,401 10,518
1%
KEMPF 5,465 6,364
1%
KENNA 8,586 3,837
1%
KENNETT 9,245 3,521
1%
KENWORTHY 9,932 3,248
1%
KEOUGH 7,243 4,605
1%
KERNS 2,333 15,614
1%
KERRIGAN 5,204 6,714
1%
KERSEY 4,189 8,459
1%
KERSTEN 8,920 3,669
1%
KETCHUM 4,213 8,407
1%
KIDDER 5,179 6,746
1%
KIEFFER 5,241 6,656
1%
KIEL 6,583 5,146
1%
KIERNAN 5,802 5,966
1%
KILBY 7,534 4,412
1%
KILE 6,486 5,234
1%
KILEY 5,255 6,639
1%
KILLEN 7,968 4,151
1%
KILMER 5,938 5,799
1%
KILPATRICK 2,565 14,087
1%
KIMBLE 2,003 18,040
1%
KINCAID 2,000 18,075
1%
KINSELLA 7,920 4,179
1%
KINSMAN 9,245 3,521
1%
KIRKHAM 8,032 4,121
1%
KIRKMAN 5,611 6,197
1%
KIRKSEY 6,068 5,654
1%
KIRSCH 4,050 8,764
1%
KIRSCHNER 7,377 4,517
1%
KISH 4,072 8,725
1%
KITCHENS 3,359 10,647
1%
KITE 6,258 5,457
1%
KLING 4,598 7,713
1%
KLUG 5,737 6,041
1%
KNOLL 3,697 9,608
1%
KNOTTS 4,872 7,232
1%
KNUDSEN 3,898 9,104
1%
KNUTSON 2,145 16,910
1%
KOBAYASHI 8,568 3,845
1%
KOEHLER 1,853 19,368
1%
KOESTER 4,789 7,380
1%
KOGER 8,944 3,660
1%
KOHLER 2,177 16,686
1%
KOHN 3,673 9,701
1%
KOLB 3,064 11,705
1%
KOON 6,083 5,638
1%
KORN 6,278 5,442
1%
KOST 9,241 3,522
1%
KOSTER 5,293 6,580
1%
KOVACS 3,917 9,072
1%
KOWALCZYK 6,107 5,615
1%
KRAEMER 4,592 7,726
1%
KRANTZ 5,408 6,436
1%
KRAUSS 5,097 6,865
1%
KREMER 4,554 7,784
1%
KRIEG 7,695 4,314
1%
KROEGER 7,552 4,402
1%
KROL 8,235 4,025
1%
KROLL 3,253 11,098
1%
KRUPA 8,138 4,073
1%
KUEHN 4,905 7,181
1%
KULP 7,143 4,681
1%
KUMMER 9,679 3,354
1%
KUNTZ 3,307 10,848
1%
KUNZ 3,578 9,953
1%
KUO 4,767 7,426
1%
KURZ 8,504 3,874
1%
KWOK 6,257 5,458
1%
KWONG 6,084 5,637
1%
LABBE 7,732 4,294
1%
LABONTE 7,109 4,706
1%
LACKEY 1,996 18,082
1%
LACROIX 4,436 8,003
1%
LADNER 5,322 6,551
1%
LAFFERTY 3,443 10,373
1%
LAFLEUR 3,755 9,430
1%
LAFONTAINE 8,964 3,652
1%
LAGOS 9,924 3,254
1%
LAIL 7,714 4,304
1%
LAING 5,383 6,465
1%
LAIR 8,425 3,923
1%
LAKEY 8,235 4,025
1%
LAKIN 8,023 4,126
1%
LAMAS 6,100 5,621
1%
LAMBETH 8,891 3,682
1%
LAMM 5,680 6,105
1%
LAMONTAGNE 9,211 3,539
1%
LAMOUREUX 9,658 3,361
1%
LAMPE 6,423 5,290
1%
LANDAU 6,137 5,582
1%
LANDES 7,550 4,404
1%
LANDIN 7,093 4,722
1%
LANEY 3,323 10,796
1%
LANGLOIS 4,719 7,513
1%
LANKFORD 3,028 11,834
1%
LANNING 4,078 8,711
1%
LANTZ 2,949 12,169
1%
LAPLANTE 4,896 7,195
1%
LAPP 4,568 7,761
1%
LARGENT 8,333 3,974
1%
LAROCCA 7,301 4,567
1%
LASHER 7,571 4,389
1%
LASHLEY 5,230 6,669
1%
LASSITER 2,760 13,066
1%
LASTER 3,847 9,202
1%
LATHAN 9,134 3,575
1%
LATIMER 3,653 9,733
1%
LATTIMORE 6,664 5,068
1%
LAVENDER 4,583 7,744
1%
LAVIGNE 4,891 7,204
1%
LAVIN 5,224 6,679
1%
LAVINE 9,932 3,248
1%
LAVOIE 3,765 9,408
1%
LAYMAN 3,556 10,038
1%
LAZAR 5,689 6,093
1%
LAZARUS 7,541 4,410
1%
LEAKE 5,070 6,915
1%
LEAL 969 35,958
1%
LEATHERMAN 6,033 5,696
1%
LEATHERS 6,457 5,259
1%
LEBRON 3,606 9,843
1%
LEDFORD 1,946 18,532
1%
LEEK 9,991 3,228
1%
LEFEBVRE 5,454 6,381
1%
LEFEVRE 6,245 5,472
1%
LEGER 3,497 10,221
1%
LEHMANN 4,039 8,799
1%
LEMA 8,439 3,913
1%
LEMIEUX 4,689 7,567
1%
LEMMON 5,633 6,170
1%
LEMONS 2,910 12,322
1%
LENHART 6,242 5,476
1%
LENOIR 9,222 3,534
1%
LENZ 3,226 11,191
1%
LEOS 5,861 5,888
1%
LEPE 8,458 3,904
1%
LERNER 4,625 7,672
1%
LESHER 8,144 4,070
1%
LESSER 8,885 3,686
1%
LEVESQUE 3,146 11,490
1%
LEVINSON 6,579 5,147
1%
LEWANDOWSKI 3,110 11,577
1%
LEYVA 1,351 26,153
1%
LIEBERMAN 4,282 8,302
1%
LIEN 5,127 6,827
1%
LIEU 9,045 3,612
1%
LIGGINS 8,602 3,827
1%
LIGHTFOOT 4,109 8,634
1%
LIGHTNER 6,029 5,701
1%
LILLEY 4,557 7,780
1%
LILLIE 7,739 4,289
1%
LIMON 2,496 14,472
1%
LINDBERG 3,516 10,149
1%
LINDELL 8,990 3,639
1%
LINDLEY 3,482 10,260
1%
LINDNER 4,765 7,428
1%
LINDSTROM 3,641 9,754
1%
LINEHAN 9,050 3,610
1%
LINGLE 7,692 4,316
1%
LIPINSKI 9,038 3,615
1%
LIPSCOMB 2,788 12,948
1%
LIRA 2,447 14,758
1%
LISTON 6,877 4,888
1%
LITCHFIELD 7,737 4,290
1%
LITTLEJOHN 2,976 12,047
1%
LITTRELL 6,626 5,111
1%
LLAMAS 3,275 11,028
1%
LOBO 6,943 4,830
1%
LOCKETT 2,555 14,140
1%
LOCKLEAR 1,819 19,716
1%
LOMBARDI 2,545 14,227
1%
LONGO 2,864 12,594
1%
LONGORIA 2,025 17,818
1%
LOONEY 2,795 12,910
1%
LOOPER 7,486 4,451
1%
LOOS 8,159 4,064
1%
LORA 5,001 7,030
1%
LOREDO 4,530 7,830
1%
LOSEY 9,672 3,355
1%
LOUGHLIN 9,786 3,309
1%
LOUIE 4,175 8,485
1%
LOVELAND 5,968 5,766
1%
LOWREY 6,117 5,607
1%
LOWTHER 8,196 4,049
1%
LOYA 2,931 12,232
1%
LOYD 2,662 13,547
1%
LOZA 3,949 9,011
1%
LOZANO 577 57,779
1%
LUCIO 3,631 9,780
1%
LUCKETT 4,547 7,790
1%
LUDLOW 8,534 3,856
1%
LUJAN 1,637 22,021
1%
LUNDBERG 4,458 7,958
1%
LUNN 7,189 4,650
1%
LUONG 2,499 14,464
1%
LUPO 6,298 5,425
1%
LYLES 2,265 16,062
1%
MAAS 3,818 9,285
1%
MABE 5,052 6,939
1%
MABRY 2,804 12,846
1%
MACEDO 4,201 8,433
1%
MACKEY 1,143 30,749
1%
MACKIN 8,189 4,051
1%
MACKINNON 7,882 4,199
1%
MACKLIN 4,927 7,140
1%
MACOMBER 8,201 4,047
1%
MACPHERSON 6,140 5,579
1%
MADDUX 7,490 4,448
1%
MADER 6,288 5,434
1%
MADERA 3,705 9,583
1%
MADRIGAL 1,299 27,033
1%
MAES 5,746 6,033
1%
MAGEE 1,269 27,720
1%
MAGGIO 5,869 5,877
1%
MAHLER 6,498 5,222
1%
MAHMOOD 6,335 5,384
1%
MAIDEN 8,456 3,905
1%
MAINES 7,891 4,196
1%
MAITLAND 9,919 3,256
1%
MALCOM 8,896 3,680
1%
MALEY 7,187 4,651
1%
MALINOWSKI 5,857 5,895
1%
MALLETT 5,315 6,556
1%
MANCHA 9,932 3,248
1%
MANDELL 9,720 3,337
1%
MANGOLD 8,110 4,088
1%
MANNA 9,466 3,437
1%
MANSELL 9,283 3,506
1%
MANZO 2,639 13,635
1%
MAPP 7,052 4,749
1%
MARANO 8,853 3,701
1%
MARBLE 5,940 5,796
1%
MARKEY 6,286 5,435
1%
MARKHAM 2,741 13,137
1%
MARKLE 5,858 5,893
1%
MARONEY 7,568 4,390
1%
MARRA 5,719 6,065
1%
MARRIOTT 6,169 5,547
1%
MARRON 6,606 5,129
1%
MARRS 6,063 5,658
1%
MARTELL 3,234 11,158
1%
MARTINEAU 6,737 5,006
1%
MARTINELLI 6,640 5,099
1%
MARVEL 8,523 3,862
1%
MASHBURN 5,220 6,688
1%
MASSA 5,677 6,111
1%
MASSIE 3,296 10,920
1%
MASTERSON 2,961 12,117
1%
MATA 724 48,120
1%
MATHESON 4,678 7,585
1%
MATHIEU 6,232 5,483
1%
MATIAS 3,091 11,635
1%
MATLOCK 2,861 12,599
1%
MATSON 2,911 12,320
1%
MATTISON 4,737 7,485
1%
MATZ 6,587 5,143
1%
MAUER 9,834 3,292
1%
MAURO 4,594 7,722
1%
MAXFIELD 5,786 5,987
1%
MAYBERRY 2,527 14,326
1%
MAYHEW 3,908 9,085
1%
MAYLE 7,016 4,773
1%
MAYORGA 3,679 9,659
1%
MAZUR 4,069 8,733
1%
MCAFEE 2,898 12,371
1%
MCALISTER 3,078 11,665
1%
MCARDLE 6,299 5,424
1%
MCATEE 7,061 4,739
1%
MCAULIFFE 5,996 5,733
1%
MCAVOY 7,102 4,715
1%
MCBEE 5,011 7,011
1%
MCCAFFREY 4,339 8,181
1%
MCCALLISTER 4,146 8,545
1%
MCCALLUM 3,495 10,229
1%
MCCANDLESS 6,576 5,149
1%
MCCAULEY 1,442 24,743
1%
MCCHESNEY 9,100 3,590
1%
MCCLELLAN 1,356 26,060
1%
MCCLURE 731 47,742
1%
MCCOLLOUGH 7,774 4,269
1%
MCCOLLUM 1,798 19,990
1%
MCCONNELL 872 39,754
1%
MCCORD 2,019 17,875
1%
MCCOURT 7,868 4,206
1%
MCCRARY 2,937 12,204
1%
MCCRAY 1,252 28,024
1%
MCCREA 5,504 6,320
1%
MCCREARY 4,285 8,298
1%
MCCRORY 6,040 5,689
1%
MCCUE 4,309 8,250
1%
MCCULLOCH 4,312 8,244
1%
MCCULLOUGH 755 45,852
1%
MCDADE 4,945 7,119
1%
MCDANIELS 4,858 7,256
1%
MCDONOUGH 1,655 21,739
1%
MCEVOY 6,020 5,713
1%
MCGARVEY 8,389 3,945
1%
MCGHEE 1,529 23,461
1%
MCGINNIS 1,303 26,953
1%
MCGOWAN 1,046 33,340
1%
MCGRADY 8,611 3,819
1%
MCGUINNESS 7,650 4,342
1%
MCHALE 5,444 6,391
1%
MCHUGH 1,962 18,422
1%
MCKEAN 6,402 5,314
1%
MCKEON 4,839 7,283
1%
MCKOY 4,535 7,820
1%
MCLANE 6,077 5,640
1%
MCLELLAN 5,505 6,318
1%
MCMASTER 5,184 6,744
1%
MCMILLIAN 3,043 11,765
1%
MCMINN 6,752 4,993
1%
MCMULLEN 1,742 20,545
1%
MCMURRAY 3,613 9,824
1%
MCNABB 3,583 9,935
1%
MCNEAL 1,723 20,778
1%
MCNEILL 1,875 19,152
1%
MCNULTY 2,674 13,483
1%
MCREYNOLDS 4,795 7,373
1%
MCWHORTER 3,801 9,312
1%
MEAGHER 5,951 5,784
1%
MEDEIROS 1,889 19,031
1%
MEDFORD 8,089 4,099
1%
MEEHAN 2,464 14,630
1%
MEJIA 300 104,057
1%
MELLOR 8,971 3,647
1%
MENARD 3,126 11,543
1%
MENDONCA 8,959 3,654
1%
MERRELL 4,032 8,809
1%
MERRILL 1,073 32,620
1%
MERTZ 4,521 7,841
1%
MERZ 7,684 4,321
1%
MESA 2,656 13,566
1%
MESSENGER 5,752 6,022
1%
MESSIER 7,532 4,413
1%
METZ 1,760 20,366
1%
METZGER 1,724 20,771
1%
MEZA 639 53,230
1%
MICKELSON 4,850 7,267
1%
MICKLE 7,983 4,141
1%
MIELE 8,923 3,668
1%
MIER 8,449 3,910
1%
MIJARES 9,912 3,259
1%
MILLAN 3,339 10,733
1%
MILLEN 7,068 4,737
1%
MILLETT 8,590 3,834
1%
MILLIGAN 1,597 22,416
1%
MILLION 9,978 3,233
1%
MIRACLE 5,525 6,291
1%
MISHRA 7,601 4,372
1%
MITCHUM 8,602 3,827
1%
MIX 6,370 5,344
1%
MIXON 2,894 12,394
1%
MIZE 3,008 11,908
1%
MOATS 5,956 5,778
1%
MOBLEY 1,215 29,065
1%
MOCK 2,301 15,847
1%
MOELLER 2,588 13,915
1%
MOHAN 5,616 6,188
1%
MOLINE 9,821 3,296
1%
MOLITOR 8,822 3,712
1%
MOLNAR 4,131 8,586
1%
MONACO 4,331 8,198
1%
MONAHAN 2,347 15,533
1%
MONGE 4,209 8,418
1%
MONIZ 5,958 5,775
1%
MONSON 3,424 10,425
1%
MONTANEZ 2,240 16,281
1%
MONTANO 1,286 27,276
1%
MONTEIRO 5,036 6,965
1%
MONTEMAYOR 4,386 8,106
1%
MONTERO 2,090 17,314
1%
MOOREHEAD 6,995 4,791
1%
MORANO 8,449 3,910
1%
MOREAU 3,943 9,035
1%
MOREHEAD 4,636 7,653
1%
MOREHOUSE 5,513 6,309
1%
MORIARTY 3,564 10,005
1%
MORIN 1,194 29,593
1%
MORITZ 5,596 6,216
1%
MORTENSON 7,710 4,306
1%
MOSBY 4,699 7,549
1%
MOSELEY 2,112 17,130
1%
MOSELY 9,506 3,419
1%
MOSER 1,152 30,483
1%
MOSIER 4,157 8,522
1%
MOSKOWITZ 6,412 5,304
1%
MOSLEY 730 47,963
1%
MOTE 7,697 4,313
1%
MOUA 2,579 14,013
1%
MOWER 9,722 3,336
1%
MOYA 2,001 18,071
1%
MULVANEY 9,821 3,296
1%
MUMFORD 5,431 6,413
1%
MUNDY 3,752 9,439
1%
MURILLO 757 45,558
1%
MURPHEY 8,254 4,013
1%
MURRELL 3,185 11,347
1%
MURTHA 9,137 3,573
1%
MUSGRAVE 6,769 4,982
1%
MUSGROVE 5,237 6,660
1%
MUSIC 6,825 4,940
1%
MUTH 6,681 5,054
1%
NABORS 6,017 5,718
1%
NACE 9,969 3,235
1%
NAIR 4,719 7,513
1%
NAKAMURA 4,633 7,658
1%
NAPOLI 6,608 5,127
1%
NARVAEZ 3,373 10,579
1%
NASON 5,738 6,040
1%
NAUGHTON 6,448 5,264
1%
NAUMAN 9,311 3,497
1%
NAUMANN 9,669 3,356
1%
NAVAS 6,809 4,953
1%
NAVE 6,819 4,946
1%
NEARY 6,926 4,844
1%
NEEDHAM 3,289 10,983
1%
NEESE 6,379 5,335
1%
NEIGHBORS 6,969 4,814
1%
NELSEN 5,128 6,825
1%
NERO 7,787 4,259
1%
NESBIT 7,021 4,765
1%
NESBITT 2,717 13,248
1%
NESS 3,272 11,037
1%
NESTER 5,903 5,847
1%
NESTOR 6,008 5,723
1%
NETTLES 3,198 11,302
1%
NEVES 6,748 4,997
1%
NEWBOLD 9,603 3,384
1%
NEWCOMB 2,534 14,292
1%
NEWKIRK 3,363 10,620
1%
NEWPORT 7,816 4,235
1%
NICKELS 6,814 4,949
1%
NICKELSON 8,936 3,664
1%
NICKERSON 2,283 15,970
1%
NICKLES 7,205 4,634
1%
NIEVES 1,004 34,896
1%
NIGRO 7,016 4,773
1%
NINO 3,224 11,202
1%
NOBLES 2,782 12,965
1%
NOLEN 3,315 10,820
1%
NOLL 3,442 10,374
1%
NOLT 9,001 3,634
1%
NOLTE 5,624 6,180
1%
NOONAN 2,711 13,286
1%
NORIEGA 2,477 14,559
1%
NORMAND 9,940 3,246
1%
NORTHCUTT 5,633 6,170
1%
NORTHRUP 6,057 5,663
1%
NORWOOD 1,596 22,461
1%
NOVOA 7,756 4,281
1%
NOWAKOWSKI 8,808 3,717
1%
NOWELL 5,676 6,112
1%
NOWICKI 5,727 6,056
1%
NULL 4,910 7,170
1%
NUNO 5,348 6,506
1%
NUTTER 4,368 8,137
1%
OBER 8,799 3,724
1%
OBRYAN 5,433 6,408
1%
OCAMPO 1,374 25,720
1%
ODELL 1,117 31,349
1%
ODEN 4,315 8,240
1%
OGDEN 1,906 18,860
1%
OGLE 2,524 14,354
1%
OLESON 8,780 3,734
1%
OLIN 7,950 4,163
1%
OLIVERI 9,667 3,357
1%
OLIVEROS 7,217 4,624
1%
OLIVO 3,412 10,483
1%
OLSZEWSKI 6,164 5,554
1%
OLVERA 1,275 27,551
1%
OMARA 6,993 4,792
1%
OMEARA 6,983 4,801
1%
OQUINN 6,284 5,439
1%
ORDONEZ 1,952 18,498
1%
ORTA 4,535 7,820
1%
ORTEZ 8,720 3,762
1%
OSGOOD 5,619 6,186
1%
OSHAUGHNESSY 9,940 3,246
1%
OTTEN 7,561 4,396
1%
OVERTON 1,914 18,820
1%
OXLEY 7,694 4,315
1%
PADILLA 293 105,365
1%
PAGAN 1,528 23,474
1%
PAHL 8,518 3,864
1%
PALACIO 4,220 8,400
1%
PALACIOS 789 43,798
1%
PALERMO 4,348 8,165
1%
PALOMO 4,741 7,478
1%
PALUMBO 3,285 11,005
1%
PAPP 7,953 4,162
1%
PAPPAS 2,198 16,559
1%
PARADISE 7,933 4,170
1%
PAREDES 1,287 27,274
1%
PARENT 3,225 11,193
1%
PARIKH 4,724 7,506
1%
PARISI 4,259 8,326
1%
PARMER 6,716 5,029
1%
PARNELL 2,475 14,560
1%
PARRA 943 36,765
1%
PARTIN 4,287 8,296
1%
PASCOE 9,722 3,336
1%
PASCUA 7,684 4,321
1%
PASCUAL 2,998 11,959
1%
PAULEY 3,317 10,809
1%
PAVON 9,104 3,589
1%
PEABODY 6,367 5,345
1%
PEART 8,808 3,717
1%
PEASE 2,790 12,937
1%
PEAVY 6,726 5,016
1%
PECKHAM 6,882 4,885
1%
PEDEN 7,099 4,716
1%
PEDERSEN 1,780 20,135
1%
PEELER 5,901 5,848
1%
PEERY 7,224 4,620
1%
PELLERIN 9,912 3,259
1%
PENDERGAST 9,803 3,302
1%
PENDLETON 2,168 16,751
1%
PENNINGTON 846 40,854
1%
PEOPLES 1,935 18,672
1%
PEPE 6,313 5,405
1%
PERALES 2,467 14,593
1%
PEREA 3,124 11,546
1%
PERERA 7,801 4,242
1%
PERLMAN 8,962 3,653
1%
PERRON 6,721 5,023
1%
PERRYMAN 3,748 9,443
1%
PERSONS 9,064 3,606
1%
PETTIT 1,892 19,004
1%
PHARR 8,834 3,709
1%
PHILPOT 6,160 5,558
1%
PHILPOTT 7,981 4,142
1%
PHINNEY 9,368 3,472
1%
PHUNG 4,915 7,155
1%
PIAZZA 4,232 8,372
1%
PICARD 4,491 7,898
1%
PICKENS 2,195 16,577
1%
PILCHER 6,329 5,391
1%
PILKINGTON 7,660 4,336
1%
PINA 1,403 25,293
1%
PINEDA 553 60,820
1%
PINKNEY 5,456 6,378
1%
PINKSTON 4,292 8,291
1%
PINSON 4,800 7,362
1%
PIRES 5,986 5,746
1%
PITCHER 5,539 6,272
1%
PITMAN 4,549 7,789
1%
PITTMAN 619 55,021
1%
PIZARRO 4,755 7,446
1%
PLANTE 4,583 7,744
1%
PLEASANT 4,791 7,378
1%
PLUMMER 1,382 25,596
1%
PLUNKETT 3,335 10,758
1%
POLAK 9,780 3,313
1%
POLANCO 1,820 19,688
1%
POLLAK 8,453 3,908
1%
POLLEY 7,042 4,756
1%
POLSON 8,027 4,125
1%
PONDER 3,044 11,764
1%
POON 7,308 4,564
1%
POSADA 4,751 7,454
1%
POSEY 1,773 20,263
1%
POULIN 5,081 6,892
1%
POULSEN 8,496 3,877
1%
POUNDS 5,121 6,838
1%
PRADO 1,533 23,436
1%
PRASAD 4,107 8,638
1%
PRENTICE 4,505 7,874
1%
PREWITT 4,234 8,371
1%
PRICHARD 5,438 6,400
1%
PRICKETT 8,249 4,016
1%
PRINGLE 2,750 13,115
1%
PROBST 5,540 6,271
1%
PROFFITT 3,847 9,202
1%
PROULX 6,645 5,096
1%
PROVENCHER 9,949 3,245
1%
PRUETT 2,644 13,618
1%
PUENTE 2,420 14,966
1%
PUGLIESE 6,609 5,126
1%
PULLEN 3,381 10,565
1%
PURVIS 2,177 16,686
1%
PYLES 4,622 7,677
1%
QIU 7,520 4,424
1%
QUIMBY 7,211 4,628
1%
QUINONES 1,014 34,468
1%
QUINONEZ 3,111 11,576
1%
QUIST 9,473 3,433
1%
RAAB 6,514 5,208
1%
RABE 7,450 4,472
1%
RACE 6,632 5,108
1%
RACINE 6,933 4,836
1%
RADER 2,233 16,320
1%
RADFORD 2,785 12,956
1%
RAFAEL 9,006 3,631
1%
RAFFERTY 3,802 9,311
1%
RAGAN 3,258 11,081
1%
RAHMAN 1,994 18,097
1%
RAILEY 9,940 3,246
1%
RALEY 5,281 6,593
1%
RAMBO 4,916 7,154
1%
RANA 4,923 7,145
1%
RANDLE 2,508 14,437
1%
RANGEL 578 57,549
1%
RANKIN 1,229 28,821
1%
RASMUSSEN 947 36,636
1%
RATCLIFF 3,409 10,497
1%
RATCLIFFE 7,674 4,327
1%
RATHBUN 5,381 6,467
1%
RAUCH 3,962 8,972
1%
RAWLS 3,074 11,679
1%
RAYMER 7,505 4,436
1%
RAYMUNDO 8,718 3,764
1%
RAZA 9,583 3,392
1%
READY 6,896 4,875
1%
REARDON 2,509 14,435
1%
REEDER 1,874 19,155
1%
REEDY 3,017 11,884
1%
REEP 8,529 3,858
1%
REGO 6,375 5,342
1%
REINA 7,915 4,180
1%
REINER 6,522 5,202
1%
REINHARD 8,477 3,893
1%
REINHARDT 2,973 12,057
1%
REINHART 3,833 9,237
1%
REISINGER 7,568 4,390
1%
REISS 4,815 7,334
1%
REITER 3,319 10,802
1%
REMINGTON 5,865 5,881
1%
RENFRO 3,623 9,806
1%
RENFROW 8,337 3,972
1%
RENNER 2,594 13,889
1%
RENNIE 8,133 4,076
1%
REZA 5,479 6,349
1%
RHEA 4,323 8,219
1%
RHEE 8,141 4,071
1%
RHOADES 1,949 18,508
1%
RHONE 7,167 4,667
1%
RHYNE 7,373 4,518
1%
RICCARDI 9,839 3,289
1%
RICCIARDI 8,377 3,951
1%
RICHEY 1,977 18,296
1%
RICKER 4,016 8,850
1%
RICKETTS 2,801 12,862
1%
RIDGEWAY 3,960 8,975
1%
RIEHL 8,551 3,852
1%
RIES 4,857 7,258
1%
RIGGINS 2,934 12,218
1%
RIGSBY 4,941 7,124
1%
RIKER 9,271 3,512
1%
RINEHART 2,688 13,392
1%
RIORDAN 4,515 7,848
1%
RISLEY 8,213 4,040
1%
RIVERO 3,254 11,096
1%
RIZZO 1,943 18,605
1%
ROACH 764 45,019
1%
ROARK 2,489 14,509
1%
ROCCO 5,289 6,583
1%
ROCHELLE 9,181 3,553
1%
ROCKWELL 2,902 12,360
1%
ROHR 5,514 6,308
1%
ROJO 3,479 10,275
1%
ROLFE 7,339 4,542
1%
ROLON 6,063 5,658
1%
RONEY 5,761 6,015
1%
ROOP 7,926 4,175
1%
ROQUE 2,388 15,203
1%
ROSCOE 6,571 5,152
1%
ROSEMAN 8,297 3,993
1%
ROSENBAUM 3,791 9,333
1%
ROSENBLATT 9,332 3,490
1%
ROSSER 4,417 8,043
1%
ROSSITER 9,770 3,316
1%
ROSSMAN 6,220 5,498
1%
ROSSON 8,006 4,131
1%
ROST 8,439 3,913
1%
ROTHMAN 6,336 5,379
1%
ROTHWELL 7,279 4,579
1%
ROUNDS 5,400 6,447
1%
ROUSE 1,330 26,519
1%
ROUSSEAU 4,297 8,270
1%
ROUTH 8,969 3,648
1%
ROWELL 2,285 15,952
1%
ROWLES 9,846 3,286
1%
ROYER 3,203 11,279
1%
RUANO 6,240 5,478
1%
RUBENSTEIN 6,936 4,833
1%
RUBINO 5,068 6,917
1%
RUBIO 673 50,788
1%
RUBLE 5,355 6,503
1%
RUCH 8,891 3,682
1%
RUDE 7,174 4,661
1%
RUFF 2,369 15,383
1%
RULE 5,573 6,236
1%
RUPP 3,167 11,399
1%
RUPPERT 6,535 5,186
1%
RUSCH 7,113 4,703
1%
RUSHING 1,827 19,604
1%
RUSHTON 7,609 4,369
1%
RUSK 7,117 4,701
1%
RUTLAND 7,939 4,168
1%
SABA 8,822 3,712
1%
SABIN 6,224 5,496
1%
SACK 8,791 3,729
1%
SACKS 7,281 4,577
1%
SADDLER 7,753 4,282
1%
SALAMANCA 8,386 3,947
1%
SALAS 513 65,468
1%
SALDIVAR 2,097 17,250
1%
SALGADO 759 45,469
1%
SALINAS 393 81,156
1%
SALLEE 5,062 6,929
1%
SALLEY 6,327 5,392
1%
SALVATORE 6,046 5,680
1%
SANBORN 3,558 10,025
1%
SANDHU 4,900 7,190
1%
SANGER 8,787 3,732
1%
SANJUAN 7,825 4,232
1%
SANTACRUZ 4,300 8,264
1%
SARNO 9,969 3,235
1%
SAULS 5,364 6,490
1%
SAWYERS 6,718 5,026
1%
SAXTON 3,726 9,509
1%
SCALES 2,732 13,190
1%
SCANLON 3,101 11,610
1%
SCHADE 8,365 3,958
1%
SCHAEFFER 2,272 16,024
1%
SCHAFER 1,452 24,543
1%
SCHEER 6,015 5,719
1%
SCHEFFLER 8,184 4,052
1%
SCHEID 9,581 3,393
1%
SCHELL 2,773 13,016
1%
SCHENK 4,637 7,651
1%
SCHICK 5,801 5,967
1%
SCHINDLER 3,624 9,801
1%
SCHLEICHER 9,669 3,356
1%
SCHNELL 5,208 6,708
1%
SCHOEN 4,365 8,140
1%
SCHOTT 3,607 9,842
1%
SCHRADER 2,171 16,727
1%
SCHREINER 4,359 8,152
1%
SCHRODER 6,392 5,325
1%
SCHUH 6,777 4,976
1%
SCHULZE 4,164 8,509
1%
SCHUMAKER 9,199 3,545
1%
SCHWAB 2,152 16,870
1%
SCOFIELD 5,731 6,048
1%
SCRIBNER 5,311 6,558
1%
SCRUGGS 2,310 15,808
1%
SCUDDER 8,308 3,989
1%
SCULLY 4,060 8,747
1%
SEALE 5,905 5,846
1%
SEALEY 8,934 3,665
1%
SEARLE 7,145 4,680
1%
SEGURA 1,136 30,880
1%
SEIBERT 3,312 10,826
1%
SEILER 4,344 8,170
1%
SELF 1,520 23,595
1%
SENA 4,669 7,597
1%
SERRA 5,674 6,114
1%
SERRANO 429 75,996
1%
SETTLE 4,329 8,202
1%
SEWELL 1,614 22,294
1%
SEYMORE 7,445 4,474
1%
SHADE 4,919 7,148
1%
SHAFER 1,379 25,641
1%
SHANAHAN 4,119 8,616
1%
SHANK 2,700 13,343
1%
SHAO 8,765 3,741
1%
SHARKEY 4,163 8,514
1%
SHAUGHNESSY 5,672 6,117
1%
SHAVER 2,135 16,972
1%
SHEIKH 5,384 6,462
1%
SHERRILL 2,640 13,631
1%
SHERWIN 9,821 3,296
1%
SHETH 8,217 4,038
1%
SHILLING 7,066 4,738
1%
SHIPLEY 1,831 19,563
1%
SHOCK 9,932 3,248
1%
SHORES 4,613 7,691
1%
SHORTER 4,092 8,675
1%
SHREVE 5,503 6,321
1%
SHUCK 8,130 4,078
1%
SHULL 3,710 9,565
1%
SHUMAN 3,937 9,043
1%
SHUSTER 7,515 4,428
1%
SHUTT 8,551 3,852
1%
SIDES 4,334 8,194
1%
SILVEIRA 5,545 6,267
1%
SILVESTRE 9,190 3,550
1%
SILVIA 6,206 5,511
1%
SINGLETON 622 54,621
1%
SINHA 8,155 4,066
1%
SINK 6,331 5,388
1%
SIROIS 8,483 3,887
1%
SISK 2,901 12,365
1%
SKAGGS 2,028 17,778
1%
SKELLY 7,958 4,157
1%
SKELTON 2,330 15,624
1%
SKIPPER 3,457 10,338
1%
SLATTERY 4,082 8,695
1%
SLAYTON 4,969 7,069
1%
SLEDGE 4,433 8,019
1%
SMALLS 2,888 12,435
1%
SMILEY 1,812 19,829
1%
SMOTHERS 4,756 7,444
1%
SNELL 1,623 22,177
1%
SOHN 6,985 4,796
1%
SOLANO 1,430 24,881
1%
SOLER 6,241 5,477
1%
SOMERVILLE 5,199 6,721
1%
SONI 9,466 3,437
1%
SORRENTINO 6,805 4,956
1%
SOUTHALL 9,983 3,231
1%
SOUTHERLAND 4,252 8,336
1%
SOUTHERN 4,587 7,738
1%
SOUTHWICK 8,917 3,671
1%
SOUTHWORTH 7,004 4,783
1%
SOWELL 3,696 9,612
1%
SOWERS 3,504 10,198
1%
SPALDING 4,125 8,601
1%
SPANN 2,882 12,457
1%
SPAULDING 1,899 18,902
1%
SPEARMAN 4,330 8,199
1%
SPEER 3,041 11,770
1%
SPELLMAN 4,650 7,627
1%
SPICER 1,951 18,501
1%
SPIKER 9,405 3,457
1%
SPILLER 6,304 5,418
1%
SPILLMAN 7,014 4,775
1%
SPINKS 5,881 5,868
1%
SPINNER 9,503 3,420
1%
SPITZ 9,298 3,500
1%
SPITZER 5,002 7,027
1%
SPOONER 4,802 7,359
1%
SPROUSE 4,319 8,229
1%
SQUIRES 2,574 14,045
1%
STACK 2,996 11,967
1%
STAGG 9,783 3,312
1%
STAHL 1,619 22,211
1%
STALKER 9,421 3,452
1%
STALLINGS 2,093 17,269
1%
STAMBAUGH 5,958 5,775
1%
STAMP 9,884 3,271
1%
STAMPS 4,828 7,307
1%
STARKS 1,782 20,130
1%
STARLING 3,567 10,004
1%
STAUB 6,739 5,004
1%
STEADMAN 4,645 7,642
1%
STEARNS 2,479 14,554
1%
STEED 3,484 10,250
1%
STEEN 2,776 12,989
1%
STEFFEN 3,144 11,494
1%
STEINMAN 7,988 4,139
1%
STEINMETZ 4,426 8,032
1%
STENSON 9,552 3,403
1%
STERNBERG 8,405 3,935
1%
STIDHAM 4,684 7,579
1%
STILWELL 5,655 6,138
1%
STINSON 1,317 26,681
1%
STOCKER 5,310 6,561
1%
STOCKMAN 5,583 6,226
1%
STOCKS 7,107 4,708
1%
STOKER 5,082 6,888
1%
STOLL 2,979 12,032
1%
STOREY 2,635 13,669
1%
STORMS 6,147 5,575
1%
STOTT 5,215 6,693
1%
STOUT 798 43,305
1%
STPIERRE 3,685 9,638
1%
STRACHAN 7,781 4,266
1%
STRADER 5,630 6,172
1%
STRAIT 5,352 6,505
1%
STRINGER 2,091 17,300
1%
STROH 7,012 4,777
1%
STROMAN 8,141 4,071
1%
STROUD 1,477 24,211
1%
STURDIVANT 4,876 7,223
1%
STURGEON 3,950 9,007
1%
STURM 3,832 9,242
1%
SUGGS 2,652 13,585
1%
SUH 4,961 7,089
1%
SULTANA 9,373 3,471
1%
SUMMERVILLE 6,861 4,905
1%
SUTER 6,072 5,648
1%
SWANK 4,526 7,832
1%
SWEAT 3,856 9,194
1%
SWEATT 8,848 3,703
1%
SWENSON 1,563 23,009
1%
SWIGER 8,727 3,758
1%
SWINSON 8,681 3,784
1%
SWISHER 3,754 9,431
1%
SWORD 9,997 3,225
1%
SYED 3,657 9,722
1%
TABB 7,698 4,312
1%
TAKAHASHI 6,839 4,928
1%
TALBOTT 4,787 7,386
1%
TALIAFERRO 8,364 3,959
1%
TALLEY 1,170 30,014
1%
TALLMAN 4,341 8,174
1%
TAPP 5,619 6,186
1%
TARIN 7,363 4,524
1%
TARRANT 7,519 4,425
1%
TASKER 9,181 3,553
1%
TEAGUE 1,456 24,514
1%
TEAL 3,976 8,937
1%
TEDESCO 5,660 6,133
1%
TEDFORD 9,679 3,354
1%
TEEL 4,539 7,814
1%
TEETER 5,859 5,892
1%
TEIXEIRA 3,994 8,895
1%
TEJADA 2,432 14,903
1%
TELFORD 9,861 3,280
1%
TEMPLETON 2,687 13,396
1%
TENA 9,865 3,279
1%
TENNEY 4,868 7,238
1%
TEPPER 9,515 3,416
1%
TERRELL 983 35,408
1%
THACKER 1,677 21,512
1%
THAI 3,089 11,644
1%
THEIS 5,417 6,425
1%
THERIAULT 5,894 5,855
1%
THORNBURG 4,827 7,309
1%
THRASH 7,117 4,701
1%
THRASHER 2,807 12,836
1%
THRIFT 9,780 3,313
1%
THROWER 6,828 4,938
1%
TICE 3,529 10,118
1%
TIERNEY 2,646 13,608
1%
TILLEY 2,318 15,758
1%
TIMS 9,165 3,561
1%
TINDALL 5,146 6,802
1%
TINNEY 8,488 3,884
1%
TINSLEY 2,361 15,442
1%
TIPTON 1,420 25,064
1%
TISDALE 3,473 10,293
1%
TITTLE 7,647 4,343
1%
TOBIN 1,896 18,932
1%
TOLLIVER 2,958 12,128
1%
TOLSON 6,093 5,630
1%
TONER 6,672 5,065
1%
TOOMEY 4,722 7,510
1%
TORO 3,358 10,650
1%
TOTH 1,826 19,606
1%
TOUSSAINT 4,759 7,441
1%
TOWNER 8,626 3,813
1%
TOWNES 6,669 5,067
1%
TRADER 9,236 3,525
1%
TRAIL 8,084 4,101
1%
TRAMMELL 2,867 12,582
1%
TRAPP 3,813 9,294
1%
TRASK 5,639 6,162
1%
TREADWAY 4,544 7,792
1%
TREAT 7,021 4,765
1%
TRINH 2,368 15,392
1%
TRINIDAD 2,677 13,474
1%
TROMBLEY 5,074 6,908
1%
TROST 8,385 3,948
1%
TROTTER 1,801 19,927
1%
TRUDEAU 6,032 5,697
1%
TRUESDALE 7,038 4,757
1%
TRUONG 903 38,267
1%
TSAI 3,291 10,968
1%
TSANG 5,103 6,860
1%
TSE 5,582 6,227
1%
TUCCI 7,799 4,245
1%
TUGGLE 5,285 6,589
1%
TULLY 3,911 9,081
1%
TUNSTALL 8,527 3,859
1%
TWEEDY 9,258 3,516
1%
TWOMEY 9,949 3,245
1%
TYNDALL 6,999 4,786
1%
TYNER 5,131 6,819
1%
ULRICH 2,180 16,668
1%
UNGER 2,449 14,738
1%
UPCHURCH 3,587 9,922
1%
UPSHAW 4,778 7,401
1%
URIAS 4,471 7,941
1%
URQUHART 7,578 4,385
1%
UTTER 7,668 4,331
1%
VACA 4,444 7,982
1%
VALENTE 4,683 7,580
1%
VALERA 8,392 3,944
1%
VALLES 2,614 13,777
1%
VALVERDE 4,065 8,737
1%
VANDENBERG 4,944 7,121
1%
VANDERPOOL 5,557 6,257
1%
VANNESS 7,736 4,291
1%
VANZANDT 9,378 3,469
1%
VARGO 4,553 7,787
1%
VARNER 1,997 18,081
1%
VEAL 4,519 7,842
1%
VELASCO 1,061 33,078
1%
VENTURA 877 39,580
1%
VEST 3,164 11,405
1%
VIA 7,293 4,570
1%
VICE 6,318 5,403
1%
VIEIRA 3,425 10,420
1%
VIERA 3,024 11,861
1%
VILLAGOMEZ 3,201 11,282
1%
VILLAREAL 3,693 9,614
1%
VILLARREAL 547 61,355
1%
VILLATORO 3,394 10,535
1%
VILLAVICENCIO 8,082 4,102
1%
VINSON 1,401 25,341
1%
VIOLETTE 9,529 3,411
1%
VISSER 6,490 5,231
1%
VOLPE 4,517 7,847
1%
VUONG 3,766 9,407
1%
WADDLE 7,940 4,167
1%
WADLEY 8,342 3,968
1%
WADSWORTH 3,588 9,912
1%
WAGONER 2,401 15,118
1%
WAID 9,245 3,521
1%
WAITERS 1,809 19,853
1%
WALCZAK 9,466 3,437
1%
WALDROP 3,405 10,503
1%
WALLEY 7,078 4,730
1%
WALLIN 4,995 7,034
1%
WALLING 4,842 7,275
1%
WARFIELD 4,758 7,443
1%
WARNOCK 6,567 5,159
1%
WARRICK 5,480 6,347
1%
WARRINGTON 7,441 4,477
1%
WATERMAN 2,947 12,177
1%
WAUGH 3,171 11,387
1%
WEAR 9,366 3,473
1%
WEDDLE 5,522 6,296
1%
WEEKLEY 8,139 4,072
1%
WEIL 5,390 6,455
1%
WEINBERG 3,612 9,825
1%
WEINER 2,546 14,208
1%
WEINTRAUB 8,665 3,792
1%
WEIR 1,903 18,881
1%
WEISMAN 7,707 4,308
1%
WEISSMAN 7,215 4,627
1%
WELLMAN 3,208 11,260
1%
WELTER 7,080 4,729
1%
WENDT 2,838 12,712
1%
WENZEL 3,159 11,432
1%
WESSON 6,505 5,217
1%
WESTFALL 2,758 13,079
1%
WESTMORELAND 3,430 10,399
1%
WHIPPLE 2,602 13,850
1%
WHITACRE 7,812 4,238
1%
WHITEHEAD 776 44,373
1%
WHITELEY 6,935 4,834
1%
WHITFIELD 1,171 29,962
1%
WHITFORD 6,989 4,793
1%
WHITING 2,221 16,418
1%
WHITMER 6,398 5,317
1%
WHITMIRE 4,906 7,179
1%
WHITMORE 2,380 15,296
1%
WHITSON 3,820 9,273
1%
WHITTEMORE 6,463 5,256
1%
WHITTEN 2,571 14,054
1%
WHITWORTH 3,647 9,748
1%
WHYTE 4,609 7,701
1%
WICKHAM 4,814 7,335
1%
WICKMAN 8,695 3,775
1%
WIDEMAN 7,578 4,385
1%
WIEBE 8,736 3,754
1%
WIEST 9,108 3,588
1%
WIGGS 9,058 3,608
1%
WILLOUGHBY 2,257 16,111
1%
WINDER 6,192 5,527
1%
WINDHAM 3,437 10,390
1%
WINES 8,959 3,654
1%
WINKLER 1,640 21,993
1%
WIRTZ 7,942 4,166
1%
WITHERSPOON 2,736 13,171
1%
WITTE 3,617 9,816
1%
WOLCOTT 6,400 5,315
1%
WOLVERTON 8,828 3,711
1%
WOMACK 1,245 28,201
1%
WOODARD 750 46,240
1%
WOODEN 4,702 7,547
1%
WOODFORD 6,757 4,989
1%
WOODHOUSE 8,316 3,985
1%
WOODLAND 7,758 4,280
1%
WOODRUFF 1,341 26,286
1%
WOODWORTH 3,782 9,361
1%
WOOLARD 6,417 5,296
1%
WOOLFOLK 9,827 3,295
1%
WOOLLEY 5,176 6,749
1%
WORKMAN 1,097 31,856
1%
WORLEY 1,370 25,758
1%
WYLIE 2,993 11,975
1%
WYSOCKI 7,035 4,758
1%
XIAO 5,669 6,123
1%
XIONG 929 37,499
1%
XUE 9,932 3,248
1%
YANCEY 2,656 13,566
1%
YANCY 7,580 4,384
1%
YARBOROUGH 5,119 6,839
1%
YARBROUGH 1,441 24,749
1%
YEAGER 1,582 22,634
1%
YIM 5,650 6,144
1%
YOST 1,869 19,210
1%
YOUNGBLOOD 1,982 18,197
1%
ZAK 6,540 5,177
1%
ZAMBRANO 2,117 17,092
1%
ZAMORA 540 61,729
1%
ZARAGOZA 1,897 18,908
1%
ZELLER 3,370 10,595
1%
ZENG 4,662 7,605
1%
ZIEGLER 1,400 25,351
1%
ZIELINSKI 3,256 11,087
1%
ZORN 7,353 4,531
1%
ZUNIGA 600 56,347
1%
ABATE 7,644 4,344
0%
ABDALLAH 8,032 4,121
0%
ABELL 4,811 7,339
0%
ABREGO 4,606 7,702
0%
ABSHER 9,544 3,407
0%
ABSHIRE 7,010 4,778
0%
ACEVES 3,603 9,854
0%
ACKERSON 9,902 3,264
0%
ACKLEY 4,952 7,102
0%
ACREE 7,369 4,519
0%
ADAMES 7,245 4,604
0%
ADCOCK 2,861 12,599
0%
ADORNO 8,686 3,783
0%
AGARWAL 6,285 5,436
0%
AGOSTO 6,103 5,619
0%
AGRAWAL 9,701 3,344
0%
AGUAYO 2,799 12,876
0%
AGUIAR 4,227 8,390
0%
AGUINAGA 6,961 4,818
0%
AGUSTIN 5,458 6,375
0%
AHUMADA 6,829 4,937
0%
AIELLO 3,982 8,927
0%
AIKENS 6,831 4,936
0%
AITKEN 7,638 4,347
0%
AKINS 2,020 17,868
0%
ALANIZ 2,189 16,596
0%
ALARCON 1,917 18,805
0%
ALATORRE 7,031 4,759
0%
ALBANESE 5,435 6,407
0%
ALBANO 5,889 5,860
0%
ALBARRAN 5,464 6,366
0%
ALBIN 7,765 4,273
0%
ALBINO 9,418 3,453
0%
ALBRITTON 5,192 6,737
0%
ALCOCER 8,867 3,693
0%
ALDANA 3,448 10,362
0%
ALDERETE 8,464 3,903
0%
ALEGRIA 5,609 6,200
0%
ALEJANDRE 7,357 4,528
0%
ALEJO 5,486 6,339
0%
ALFANO 7,088 4,724
0%
ALFARO 975 35,725
0%
ALGER 5,516 6,306
0%
ALICEA 2,917 12,287
0%
ALLEMAN 7,690 4,318
0%
ALLEYNE 7,950 4,163
0%
ALMAGUER 5,751 6,023
0%
ALMANZA 2,454 14,708
0%
ALMANZAR 8,097 4,095
0%
ALMARAZ 4,215 8,404
0%
ALMAZAN 5,549 6,265
0%
ALMENDAREZ 7,531 4,415
0%
ALMONTE 2,958 12,128
0%
ALPERT 9,954 3,243
0%
ALSUP 9,515 3,416
0%
ALTAMIRANO 2,915 12,296
0%
ALTIERI 9,345 3,482
0%
ALVARENGA 4,449 7,973
0%
ALVERSON 9,407 3,456
0%
ALVEY 6,502 5,220
0%
ALVIS 8,404 3,936
0%
AMARAL 3,709 9,567
0%
AMAYA 1,057 33,218
0%
AMBRIZ 3,416 10,445
0%
AMERSON 6,263 5,455
0%
AMEZCUA 4,889 7,206
0%
AMEZQUITA 7,337 4,544
0%
AMICK 6,718 5,026
0%
AMOROSO 9,307 3,498
0%
AMUNDSON 5,280 6,594
0%
ANAYA 1,488 24,017
0%
ANCHETA 8,941 3,661
0%
ANDINO 5,096 6,866
0%
ANDRESEN 8,939 3,662
0%
ANDRUS 3,505 10,197
0%
ANGELL 4,593 7,725
0%
ANGLIN 3,434 10,396
0%
ANGUIANO 2,208 16,479
0%
ANGULO 2,836 12,714
0%
ANSELMO 9,839 3,289
0%
ANSLEY 9,038 3,615
0%
ANTONELLI 7,373 4,518
0%
ANTONUCCI 9,455 3,441
0%
ANZALONE 9,097 3,591
0%
APARICIO 2,680 13,437
0%
APODACA 3,202 11,280
0%
APONTE 2,305 15,828
0%
APPLEWHITE 8,882 3,687
0%
ARAIZA 4,956 7,095
0%
ARAMBULA 6,054 5,668
0%
ARANA 3,347 10,698
0%
ARANGO 5,020 6,998
0%
ARBOGAST 6,098 5,625
0%
ARBUCKLE 7,564 4,393
0%
ARCEO 7,782 4,265
0%
ARCHAMBAULT 7,566 4,391
0%
ARCINIEGA 9,352 3,478
0%
ARCOS 8,005 4,132
0%
ARDOIN 8,372 3,955
0%
ARECHIGA 9,794 3,306
0%
ARELLANO 687 50,104
0%
AREVALO 1,499 23,895
0%
ARGUELLES 6,932 4,837
0%
ARGUELLO 4,160 8,518
0%
ARGUETA 2,054 17,540
0%
ARIZA 9,770 3,316
0%
ARIZMENDI 9,479 3,432
0%
ARMBRUSTER 6,367 5,345
0%
ARMENDARIZ 2,892 12,423
0%
ARMENTA 2,406 15,078
0%
ARMENTROUT 8,131 4,077
0%
ARMIJO 4,232 8,372
0%
ARMSTEAD 4,480 7,919
0%
ARNDT 2,576 14,031
0%
ARNESON 7,171 4,665
0%
ARNEY 9,548 3,405
0%
ARORA 6,697 5,043
0%
ARP 9,560 3,401
0%
ARREGUIN 5,356 6,501
0%
ARRIETA 6,684 5,053
0%
ARROWOOD 7,143 4,681
0%
ARRUDA 7,351 4,532
0%
ARTEAGA 1,848 19,410
0%
ARVIZU 5,664 6,130
0%
ARZATE 6,858 4,906
0%
ARZOLA 7,164 4,669
0%
ASCENCIO 4,526 7,832
0%
ASHWORTH 3,531 10,116
0%
ASKINS 9,141 3,569
0%
ASTORGA 7,433 4,481
0%
ASUNCION 8,209 4,042
0%
ATCHLEY 5,617 6,187
0%
ATENCIO 7,477 4,456
0%
ATHEY 9,736 3,329
0%
ATTAWAY 9,222 3,534
0%
AUBIN 9,473 3,433
0%
AUCOIN 6,757 4,989
0%
AUGER 7,911 4,182
0%
AUGUSTE 8,323 3,981
0%
AULT 4,723 7,509
0%
AUTREY 7,924 4,177
0%
AUTRY 4,081 8,704
0%
AVALOS 940 36,922
0%
AVELAR 4,692 7,564
0%
AVENDANO 5,695 6,086
0%
AVERETT 9,389 3,464
0%
AVINA 3,891 9,122
0%
AVITIA 8,758 3,745
0%
AWAD 6,275 5,446
0%
AYCOCK 6,301 5,422
0%
AYON 6,829 4,937
0%
AYOTTE 9,881 3,272
0%
AZEVEDO 5,762 6,014
0%
BABCOCK 1,638 22,016
0%
BABER 6,244 5,474
0%
BABIN 5,415 6,426
0%
BACCHUS 9,747 3,325
0%
BACKUS 4,974 7,064
0%
BADILLO 3,642 9,753
0%
BAEZA 4,203 8,432
0%
BAGBY 6,174 5,542
0%
BAGGETT 2,833 12,717
0%
BAHENA 3,571 9,983
0%
BAHR 4,589 7,731
0%
BAIG 9,496 3,423
0%
BAILON 8,850 3,702
0%
BAKKEN 7,870 4,205
0%
BALBUENA 7,223 4,621
0%
BALCH 7,450 4,472
0%
BALDERAS 2,196 16,576
0%
BALDERRAMA 5,968 5,766
0%
BALDRIDGE 5,778 5,996
0%
BALLENGER 6,805 4,956
0%
BALLENTINE 7,739 4,289
0%
BALLESTEROS 3,481 10,261
0%
BALLEW 4,514 7,857
0%
BALLINGER 4,280 8,306
0%
BALLOU 5,936 5,800
0%
BALOGH 9,433 3,448
0%
BALTAZAR 2,767 13,045
0%
BANDA 2,409 15,055
0%
BANDY 4,133 8,582
0%
BANEGAS 9,320 3,493
0%
BANKHEAD 9,210 3,540
0%
BANNING 9,458 3,440
0%
BANTA 5,829 5,931
0%
BANUELOS 1,939 18,636
0%
BAPTISTE 3,983 8,915
0%
BARAHONA 4,019 8,844
0%
BARAJAS 763 45,153
0%
BARAN 5,253 6,640
0%
BARBEE 3,151 11,470
0%
BARBIERI 7,545 4,407
0%
BARBOUR 2,504 14,451
0%
BARBOZA 4,172 8,497
0%
BARCENAS 5,031 6,979
0%
BARCIA 5,316 6,555
0%
BARELA 4,586 7,739
0%
BARHAM 5,547 6,266
0%
BARKSDALE 3,472 10,294
0%
BARNHILL 3,940 9,040
0%
BARNWELL 7,006 4,781
0%
BARRAGAN 1,551 23,176
0%
BARRAZA 2,004 18,030
0%
BARRERAS 9,313 3,496
0%
BARRICK 6,626 5,111
0%
BARRIENTOS 1,905 18,877
0%
BARRIGA 6,426 5,286
0%
BARRINGER 5,037 6,964
0%
BARROS 4,934 7,134
0%
BARROSO 6,381 5,333
0%
BARROWS 4,561 7,773
0%
BARTA 7,151 4,678
0%
BARTHEL 9,029 3,620
0%
BARTZ 5,954 5,781
0%
BARWICK 8,559 3,848
0%
BASHAM 4,036 8,806
0%
BASILE 4,555 7,783
0%
BASKERVILLE 8,734 3,755
0%
BASSO 8,144 4,070
0%
BASURTO 9,241 3,522
0%
BATCHELDER 7,377 4,517
0%
BATEY 9,818 3,298
0%
BATISTE 5,253 6,640
0%
BATRES 6,749 4,996
0%
BATTAGLIA 4,279 8,308
0%
BATTEN 4,597 7,716
0%
BATTISTA 7,997 4,136
0%
BATTLES 4,606 7,702
0%
BATY 9,587 3,391
0%
BAUGHER 9,227 3,529
0%
BAUGHMAN 2,543 14,230
0%
BAUMGARDNER 5,869 5,877
0%
BAXLEY 5,111 6,852
0%
BAZAN 4,388 8,104
0%
BAZEMORE 9,068 3,604
0%
BEACHAM 9,570 3,396
0%
BEACHY 6,636 5,102
0%
BEAMON 7,426 4,485
0%
BEAUDRY 7,734 4,293
0%
BECERRA 1,051 33,274
0%
BECERRIL 8,491 3,881
0%
BECHTEL 5,137 6,813
0%
BECHTOLD 8,854 3,700
0%
BECKNER 6,199 5,516
0%
BECKWITH 3,020 11,876
0%
BEDELL 5,783 5,989
0%
BEDNAR 7,968 4,151
0%
BEDOLLA 5,666 6,127
0%
BEDOYA 9,486 3,429
0%
BEDWELL 7,762 4,276
0%
BEELER 4,489 7,902
0%
BEEMAN 5,295 6,578
0%
BEENE 9,119 3,581
0%
BEERY 9,501 3,421
0%
BEESON 5,047 6,952
0%
BEGLEY 4,200 8,435
0%
BEGUM 2,924 12,255
0%
BEHNKE 5,919 5,824
0%
BEHRENS 3,398 10,524
0%
BEILER 5,323 6,549
0%
BEJARANO 5,216 6,692
0%
BELDEN 7,253 4,600
0%
BELKNAP 9,890 3,270
0%
BELLINGER 5,917 5,825
0%
BELMONTE 8,124 4,083
0%
BELTZ 7,246 4,603
0%
BENALLY 6,155 5,562
0%
BENAVIDES 1,508 23,761
0%
BENAVIDEZ 2,849 12,648
0%
BENEDETTO 9,624 3,375
0%
BENFIELD 6,593 5,138
0%
BENFORD 8,293 3,995
0%
BENGE 6,750 4,995
0%
BENHAM 6,807 4,955
0%
BENOIT 1,775 20,160
0%
BENTZ 5,838 5,923
0%
BERARD 9,118 3,582
0%
BERARDI 9,679 3,354
0%
BERENS 9,421 3,452
0%
BERGERON 1,786 20,073
0%
BERGLUND 6,546 5,173
0%
BERGQUIST 8,443 3,912
0%
BERGSTROM 3,986 8,908
0%
BERKEY 9,262 3,515
0%
BERKOWITZ 5,018 7,000
0%
BERNABE 6,848 4,915
0%
BERNAL 873 39,693
0%
BERNDT 5,700 6,081
0%
BERNHARDT 4,860 7,253
0%
BERRYHILL 5,996 5,733
0%
BERTSCH 8,594 3,832
0%
BERUBE 5,716 6,067
0%
BERUMEN 6,525 5,195
0%
BESSETTE 7,457 4,469
0%
BETHEA 2,972 12,061
0%
BETHUNE 9,437 3,447
0%
BETTIS 5,829 5,931
0%
BETZ 3,527 10,120
0%
BHAKTA 9,664 3,359
0%
BHATIA 7,381 4,515
0%
BHATTI 8,430 3,919
0%
BIAS 5,339 6,518
0%
BIBBS 7,900 4,190
0%
BICE 5,117 6,841
0%
BICKEL 4,990 7,035
0%
BICKFORD 4,590 7,728
0%
BICKNELL 9,592 3,389
0%
BIDDLE 3,840 9,219
0%
BIDWELL 7,167 4,667
0%
BIERMAN 6,673 5,064
0%
BIGELOW 3,086 11,650
0%
BIGGERS 6,993 4,792
0%
BIGLER 8,254 4,013
0%
BILBREY 8,536 3,855
0%
BILLINGSLEY 2,995 11,973
0%
BILLINGTON 8,904 3,678
0%
BILLIOT 9,881 3,272
0%
BILODEAU 7,480 4,454
0%
BINGAMAN 9,873 3,276
0%
BINION 9,119 3,581
0%
BINKLEY 4,912 7,159
0%
BIRCHFIELD 8,551 3,852
0%
BISCHOFF 5,077 6,897
0%
BISSON 8,887 3,685
0%
BITTLE 9,850 3,284
0%
BITTNER 3,870 9,163
0%
BIVENS 3,701 9,603
0%
BIXLER 5,754 6,021
0%
BJORK 9,767 3,317
0%
BLACKMORE 8,944 3,660
0%
BLACKSHEAR 8,293 3,995
0%
BLAISDELL 8,551 3,852
0%
BLAKEMAN 9,615 3,380
0%
BLAKEMORE 9,884 3,271
0%
BLAKENEY 8,070 4,107
0%
BLAKESLEE 9,165 3,561
0%
BLAKLEY 5,855 5,898
0%
BLALOCK 3,145 11,493
0%
BLANCHETTE 5,396 6,452
0%
BLANEY 8,541 3,854
0%
BLANTON 1,478 24,154
0%
BLAYLOCK 3,563 10,008
0%
BLIZZARD 7,481 4,453
0%
BLODGETT 4,913 7,157
0%
BLOMQUIST 9,444 3,445
0%
BLOODWORTH 7,849 4,218
0%
BLOSSER 7,940 4,167
0%
BOATRIGHT 6,062 5,659
0%
BOATWRIGHT 4,790 7,379
0%
BOBADILLA 7,303 4,566
0%
BOBBITT 4,873 7,230
0%
BOCANEGRA 4,934 7,134
0%
BODDIE 8,841 3,706
0%
BODNAR 6,214 5,502
0%
BOETTCHER 5,238 6,659
0%
BOGAN 4,425 8,034
0%
BOGARD 8,501 3,875
0%
BOGER 8,189 4,051
0%
BOGGESS 7,140 4,684
0%
BOGLE 5,897 5,851
0%
BOGUE 9,245 3,521
0%
BOHANNON 3,677 9,663
0%
BOHN 3,822 9,272
0%
BOJORQUEZ 5,648 6,147
0%
BOLAND 3,092 11,631
0%
BOLANOS 3,029 11,829
0%
BOLDEN 1,649 21,819
0%
BOLDT 7,344 4,538
0%
BOLDUC 6,321 5,401
0%
BOLEN 3,793 9,323
0%
BOLGER 9,598 3,385
0%
BOLIN 2,783 12,962
0%
BOLING 4,669 7,597
0%
BOLINGER 6,979 4,805
0%
BOLTZ 9,687 3,350
0%
BOLYARD 9,969 3,235
0%
BOMAR 9,338 3,487
0%
BONANNO 8,834 3,709
0%
BONIN 8,226 4,034
0%
BONNELL 7,165 4,668
0%
BONTRAGER 4,167 8,507
0%
BOOHER 5,075 6,900
0%
BOOS 9,164 3,562
0%
BORCHARDT 7,997 4,136
0%
BORDELON 5,251 6,644
0%
BORDERS 3,928 9,053
0%
BOREN 4,625 7,672
0%
BORJAS 9,054 3,609
0%
BORKOWSKI 7,857 4,212
0%
BORLAND 8,253 4,014
0%
BOROWSKI 8,609 3,821
0%
BORREGO 5,167 6,772
0%
BORRELLI 9,458 3,440
0%
BORRERO 7,582 4,383
0%
BORST 8,198 4,048
0%
BORTON 9,395 3,461
0%
BOSCO 7,399 4,498
0%
BOSTIC 3,259 11,079
0%
BOSTICK 4,460 7,957
0%
BOSTWICK 7,393 4,502
0%
BOTELHO 7,084 4,726
0%
BOTELLO 3,113 11,569
0%
BOTTOMS 7,620 4,357
0%
BOUDREAU 3,534 10,103
0%
BOUDREAUX 2,282 15,976
0%
BOULDIN 8,761 3,744
0%
BOULWARE 8,464 3,903
0%
BOURGEOIS 2,705 13,325
0%
BOUTIN 8,749 3,749
0%
BOUTTE 9,959 3,241
0%
BOUTWELL 7,182 4,654
0%
BOWENS 3,861 9,188
0%
BOWKER 8,328 3,980
0%
BOYETT 7,465 4,465
0%
BOYETTE 6,711 5,032
0%
BOYKIN 2,096 17,255
0%
BOYKINS 8,073 4,105
0%
BOZARTH 9,224 3,531
0%
BRACEY 6,230 5,485
0%
BRACKEN 4,299 8,265
0%
BRACY 8,635 3,808
0%
BRADDY 8,967 3,650
0%
BRADFIELD 7,743 4,288
0%
BRAINARD 8,299 3,992
0%
BRAITHWAITE 8,470 3,898
0%
BRALEY 8,423 3,924
0%
BRAMLETT 6,226 5,494
0%
BRAMMER 6,943 4,830
0%
BRANDENBURG 3,691 9,624
0%
BRANHAM 2,599 13,872
0%
BRANNAN 4,753 7,452
0%
BRANNEN 8,084 4,101
0%
BRANNON 2,253 16,136
0%
BRASHEAR 7,221 4,622
0%
BRASHER 5,261 6,634
0%
BRASWELL 2,605 13,838
0%
BRATCHER 3,807 9,301
0%
BRATHWAITE 9,486 3,429
0%
BRATTON 3,809 9,300
0%
BRAUER 6,858 4,906
0%
BRAWNER 7,247 4,601
0%
BRAZELL 8,512 3,868
0%
BRAZIER 9,961 3,240
0%
BRECKENRIDGE 6,814 4,949
0%
BREEDEN 3,169 11,395
0%
BREEDING 6,358 5,358
0%
BREEDLOVE 3,914 9,075
0%
BREHM 6,431 5,282
0%
BRELAND 6,209 5,510
0%
BRENNEMAN 6,094 5,629
0%
BRENNER 2,255 16,114
0%
BRESNAHAN 8,975 3,646
0%
BRESSLER 8,369 3,956
0%
BRETZ 8,867 3,693
0%
BREUER 7,992 4,138
0%
BREWINGTON 6,352 5,366
0%
BREWTON 9,798 3,304
0%
BRICENO 6,714 5,030
0%
BRICKEY 9,535 3,409
0%
BRIDGEMAN 7,520 4,424
0%
BRIDGEWATER 8,532 3,857
0%
BRIGMAN 8,900 3,679
0%
BRINKERHOFF 9,861 3,280
0%
BRINSON 2,912 12,303
0%
BRIONES 2,403 15,098
0%
BRISCOE 2,629 13,728
0%
BRISENO 3,313 10,821
0%
BRISSON 9,865 3,279
0%
BRISTER 5,669 6,123
0%
BRITTAIN 4,096 8,671
0%
BRITTINGHAM 8,875 3,689
0%
BROADNAX 6,766 4,983
0%
BROADWATER 8,925 3,667
0%
BROADWAY 5,247 6,647
0%
BROCKINGTON 9,350 3,479
0%
BROCKMAN 3,223 11,204
0%
BROCKWAY 6,947 4,828
0%
BRODEUR 8,178 4,053
0%
BROGDON 7,641 4,346
0%
BROKAW 9,237 3,523
0%
BROMLEY 6,146 5,576
0%
BROOKINS 6,219 5,499
0%
BROOKSHIRE 6,245 5,472
0%
BROPHY 5,313 6,557
0%
BROTHERTON 6,654 5,086
0%
BROWDER 5,563 6,249
0%
BROWNFIELD 8,153 4,067
0%
BRUBAKER 2,934 12,218
0%
BRUMBAUGH 6,635 5,103
0%
BRUMFIELD 3,027 11,842
0%
BRUMLEY 4,983 7,046
0%
BRUMMETT 6,039 5,690
0%
BRUNDAGE 7,320 4,558
0%
BRUNER 2,292 15,898
0%
BRUNETTE 9,399 3,459
0%
BRUNK 8,359 3,961
0%
BRUTON 5,589 6,221
0%
BUCCI 6,463 5,256
0%
BUCHHOLZ 4,547 7,790
0%
BUCIO 8,822 3,712
0%
BUCKLER 8,419 3,926
0%
BUCKLES 7,220 4,623
0%
BUCKMAN 5,881 5,868
0%
BUEHLER 5,494 6,333
0%
BUENO 2,140 16,936
0%
BUENROSTRO 5,060 6,931
0%
BUETTNER 9,074 3,602
0%
BUFFINGTON 4,063 8,738
0%
BUIE 5,816 5,943
0%
BULLINGTON 8,250 4,015
0%
BUMGARDNER 7,783 4,264
0%
BUMGARNER 5,567 6,246
0%
BUNNELL 5,472 6,355
0%
BURCHAM 6,205 5,512
0%
BURCHETT 4,270 8,318
0%
BURCHFIELD 5,274 6,612
0%
BURCIAGA 6,909 4,856
0%
BURDETT 8,512 3,868
0%
BURDETTE 3,200 11,284
0%
BURDICK 2,567 14,081
0%
BURDINE 8,648 3,802
0%
BURGETT 6,323 5,399
0%
BURGIN 6,265 5,453
0%
BURKETT 1,852 19,369
0%
BURKHALTER 6,431 5,282
0%
BURKHARDT 4,080 8,707
0%
BURLINGAME 8,472 3,897
0%
BURMEISTER 7,338 4,543
0%
BURNELL 8,097 4,095
0%
BURRESS 7,184 4,652
0%
BURRUS 8,101 4,094
0%
BURSON 6,656 5,082
0%
BUSHEY 6,260 5,456
0%
BUSSE 6,370 5,344
0%
BUSSELL 7,713 4,305
0%
BUSSEY 4,880 7,219
0%
BUSTAMANTE 1,454 24,536
0%
BUSTILLOS 6,044 5,684
0%
BUSTOS 2,129 17,040
0%
BYARS 5,223 6,683
0%
BYBEE 7,234 4,614
0%
BYERLY 6,059 5,661
0%
BYINGTON 9,393 3,463
0%
BYRUM 6,084 5,637
0%
CABALLERO 1,224 28,903
0%
CABAN 5,791 5,974
0%
CABRALES 9,258 3,516
0%
CADENA 3,117 11,560
0%
CAGLE 2,039 17,647
0%
CAHOON 6,918 4,849
0%
CALDERA 4,542 7,802
0%
CALDERONE 9,276 3,509
0%
CALIXTO 7,472 4,458
0%
CALKINS 3,876 9,146
0%
CALLEJAS 8,665 3,792
0%
CALLENDER 6,004 5,728
0%
CALLISON 9,365 3,474
0%
CALVILLO 3,557 10,032
0%
CALVO 5,086 6,883
0%
CALZADA 6,724 5,022
0%
CAMARENA 3,237 11,154
0%
CAMARGO 3,689 9,626
0%
CAMARILLO 3,261 11,066
0%
CAMPA 6,022 5,709
0%
CAMPAGNA 7,217 4,624
0%
CAMPANA 8,429 3,920
0%
CAMPUZANO 7,035 4,758
0%
CANADY 3,970 8,958
0%
CANALES 1,462 24,384
0%
CANAS 6,937 4,832
0%
CANAVAN 9,836 3,290
0%
CANCHOLA 7,035 4,758
0%
CANDELARIA 4,176 8,483
0%
CANDELARIO 6,684 5,053
0%
CANELA 9,030 3,619
0%
CANFIELD 3,117 11,560
0%
CANNADY 6,548 5,172
0%
CANTOR 7,500 4,441
0%
CAPLAN 8,263 4,011
0%
CARABALLO 2,872 12,546
0%
CARAWAY 5,340 6,517
0%
CARBAJAL 1,646 21,838
0%
CARBALLO 6,971 4,813
0%
CARBONE 3,371 10,591
0%
CARCAMO 6,516 5,205
0%
CARDINALE 9,535 3,409
0%
CARDONA 1,071 32,727
0%
CARDOSO 3,197 11,304
0%
CARDOZA 2,812 12,824
0%
CARILLO 7,015 4,774
0%
CARINO 6,344 5,373
0%
CARLETON 7,753 4,282
0%
CARLILE 7,061 4,739
0%
CARMACK 6,072 5,648
0%
CARMODY 6,041 5,688
0%
CARMONA 1,310 26,774
0%
CARNAHAN 4,769 7,424
0%
CAROTHERS 6,238 5,480
0%
CARPIO 4,693 7,561
0%
CARRANZA 1,235 28,581
0%
CARRASCO 1,110 31,575
0%
CARRASQUILLO 5,009 7,015
0%
CARRAWAY 8,080 4,103
0%
CARRENO 4,922 7,146
0%
CARREON 2,789 12,941
0%
CARRERO 8,023 4,126
0%
CARRICO 6,050 5,673
0%
CARRIGAN 5,529 6,290
0%
CARRION 3,464 10,316
0%
CARRIZALES 5,114 6,845
0%
CARTAGENA 4,184 8,467
0%
CARTY 5,497 6,332
0%
CARVAJAL 3,999 8,883
0%
CASALE 7,311 4,563
0%
CASARES 7,702 4,309
0%
CASAREZ 4,927 7,140
0%
CASCIO 9,638 3,367
0%
CASIANO 6,349 5,369
0%
CASIAS 9,800 3,303
0%
CASKEY 5,776 5,997
0%
CASSADY 7,369 4,519
0%
CASSEL 6,916 4,851
0%
CASSELL 4,676 7,587
0%
CASTANO 5,660 6,133
0%
CASTANON 4,623 7,673
0%
CASTEEL 4,180 8,472
0%
CASTELAN 9,048 3,611
0%
CASTELLANO 3,212 11,238
0%
CASTELLANOS 1,138 30,859
0%
CASTELLON 4,421 8,041
0%
CASTLEBERRY 4,326 8,210
0%
CASTON 9,165 3,561
0%
CASTORENA 7,031 4,759
0%
CASTREJON 5,624 6,180
0%
CATALANO 3,574 9,973
0%
CATALDO 7,104 4,711
0%
CATANIA 9,527 3,412
0%
CATHCART 7,099 4,716
0%
CATHEY 4,048 8,779
0%
CATLETT 6,458 5,258
0%
CATLIN 6,940 4,831
0%
CATO 4,285 8,298
0%
CATON 6,247 5,467
0%
CATRON 5,356 6,501
0%
CAUDILL 1,913 18,822
0%
CAUDILLO 7,530 4,418
0%
CAUDLE 4,346 8,167
0%
CAULEY 7,413 4,491
0%
CAUSEY 3,171 11,387
0%
CAUTHEN 8,956 3,655
0%
CAVALIER 9,848 3,285
0%
CAVALLARO 9,320 3,493
0%
CAVALLO 9,464 3,438
0%
CAVANAGH 8,114 4,086
0%
CAVAZOS 2,084 17,361
0%
CAVENDER 7,470 4,460
0%
CAVIN 9,790 3,307
0%
CAVINESS 9,407 3,456
0%
CAZARES 2,254 16,134
0%
CEBALLOS 2,350 15,515
0%
CEDENO 3,763 9,412
0%
CEDILLO 3,392 10,538
0%
CEJA 2,078 17,423
0%
CELAYA 7,173 4,664
0%
CELESTINE 7,145 4,680
0%
CELIS 6,170 5,546
0%
CENDEJAS 9,590 3,390
0%
CENICEROS 8,423 3,924
0%
CENTENO 2,488 14,510
0%
CERDA 2,035 17,703
0%
CERNA 6,005 5,726
0%
CERNY 9,994 3,227
0%
CERON 6,746 4,998
0%
CESPEDES 6,558 5,168
0%
CHABOT 8,676 3,787
0%
CHACKO 9,899 3,266
0%
CHACON 1,255 27,982
0%
CHADWELL 8,862 3,695
0%
CHAFFEE 5,729 6,053
0%
CHAFFIN 3,629 9,782
0%
CHAFIN 8,981 3,643
0%
CHAIDEZ 6,949 4,826
0%
CHAIREZ 5,619 6,186
0%
CHAMBLEE 9,907 3,263
0%
CHAMBLISS 5,543 6,268
0%
CHAMPAGNE 2,982 12,023
0%
CHAMPLIN 8,121 4,084
0%
CHANNELL 9,765 3,318
0%
CHAPA 2,297 15,865
0%
CHAPARRO 5,718 6,066
0%
CHAPPLE 9,068 3,604
0%
CHARETTE 8,032 4,121
0%
CHARTIER 6,239 5,479
0%
CHASTAIN 2,637 13,655
0%
CHASTEEN 8,641 3,805
0%
CHATMAN 2,355 15,473
0%
CHAUDHRY 5,697 6,084
0%
CHAUVIN 8,246 4,018
0%
CHAVARRIA 1,953 18,492
0%
CHAVERS 9,987 3,230
0%
CHAVIRA 4,135 8,573
0%
CHAVIS 2,442 14,844
0%
CHEATHAM 2,802 12,852
0%
CHENAULT 7,760 4,278
0%
CHENOWETH 7,160 4,673
0%
CHESNUT 9,652 3,362
0%
CHESSER 6,047 5,675
0%
CHEVALIER 5,412 6,431
0%
CHIASSON 9,301 3,499
0%
CHICAS 7,677 4,324
0%
CHILES 6,831 4,936
0%
CHINCHILLA 9,165 3,561
0%
CHISHOLM 2,878 12,503
0%
CHISM 4,307 8,253
0%
CHISOLM 7,508 4,435
0%
CHITWOOD 5,386 6,461
0%
CHMIELEWSKI 9,431 3,449
0%
CHOATE 3,179 11,372
0%
CHOUDHURY 9,226 3,530
0%
CHOUINARD 9,652 3,362
0%
CHOWDHURY 2,997 11,961
0%
CHOY 6,467 5,254
0%
CHRISMAN 5,247 6,647
0%
CHRISTMAN 2,988 11,987
0%
CHRISTNER 9,455 3,441
0%
CICCONE 8,581 3,838
0%
CICERO 9,563 3,399
0%
CIFUENTES 5,500 6,325
0%
CIMINO 6,870 4,897
0%
CINTRON 2,906 12,349
0%
CIPRIANO 7,295 4,569
0%
CIRILLO 8,870 3,692
0%
CISNEROS 670 50,920
0%
CLACK 9,286 3,505
0%
CLANTON 4,455 7,965
0%
CLARDY 8,817 3,713
0%
CLARY 3,241 11,139
0%
CLAUSSEN 9,405 3,457
0%
CLAYPOOL 7,595 4,376
0%
CLELAND 8,040 4,116
0%
CLEMMER 9,446 3,444
0%
CLEVENGER 2,889 12,428
0%
CLOUSE 4,032 8,809
0%
CLOUTIER 4,747 7,461
0%
COAKLEY 5,666 6,127
0%
COBIAN 9,192 3,548
0%
COBLENTZ 8,814 3,714
0%
COBOS 6,773 4,980
0%
COBURN 2,625 13,741
0%
COCKERHAM 6,943 4,830
0%
COCKRELL 3,744 9,465
0%
CODDINGTON 8,509 3,871
0%
COFER 7,315 4,561
0%
COFFIN 4,274 8,312
0%
COFIELD 6,396 5,319
0%
COGAN 9,006 3,631
0%
COGGINS 4,594 7,722
0%
COGSWELL 9,603 3,384
0%
COLANGELO 9,790 3,307
0%
COLBURN 3,564 10,005
0%
COLELLA 7,971 4,150
0%
COLLADO 3,851 9,201
0%
COLLARD 8,178 4,053
0%
COLLAZO 2,521 14,369
0%
COLSTON 7,617 4,363
0%
COLUCCI 8,229 4,031
0%
COLUNGA 7,232 4,616
0%
COLVIN 1,592 22,499
0%
COLWELL 3,518 10,140
0%
COMEAU 6,115 5,609
0%
COMEAUX 4,972 7,066
0%
COMFORT 9,155 3,564
0%
COMSTOCK 3,437 10,390
0%
CONANT 6,333 5,386
0%
CONARD 7,431 4,482
0%
CONAWAY 4,300 8,264
0%
CONDON 2,752 13,109
0%
CONFER 8,951 3,657
0%
CONGDON 8,449 3,910
0%
CONGER 5,192 6,737
0%
CONLIN 7,542 4,409
0%
CONLON 4,518 7,845
0%
CONSTANT 7,929 4,173
0%
CONSTANTINE 6,441 5,272
0%
CONSTANTINO 6,278 5,442
0%
CONVERSE 7,554 4,400
0%
CONWELL 8,579 3,839
0%
COOKSEY 5,187 6,740
0%
COOMER 7,668 4,331
0%
COONS 4,185 8,466
0%
COOTS 8,994 3,636
0%
COPENHAVER 8,046 4,113
0%
CORBITT 5,773 6,002
0%
CORDEIRO 8,016 4,128
0%
CORDES 5,742 6,035
0%
CORDLE 9,821 3,296
0%
COREAS 9,633 3,369
0%
CORMIER 2,081 17,377
0%
CORNEJO 2,045 17,591
0%
CORNELISON 9,033 3,617
0%
CORNETT 2,322 15,733
0%
CORONEL 4,582 7,745
0%
CORPUS 8,467 3,901
0%
CORPUZ 6,542 5,176
0%
CORRADO 8,242 4,021
0%
CORRELL 5,297 6,577
0%
CORTESE 7,844 4,221
0%
CORUM 8,900 3,679
0%
COSENTINO 7,698 4,312
0%
COSME 6,313 5,405
0%
COSTANTINO 9,593 3,388
0%
COSTANZO 5,794 5,970
0%
COSTON 6,788 4,969
0%
COTA 3,120 11,554
0%
COTHRAN 8,277 4,005
0%
COTTEN 6,015 5,719
0%
COTTINGHAM 7,868 4,206
0%
COTTLE 6,632 5,108
0%
COTTRILL 8,834 3,709
0%
COUNCIL 5,037 6,964
0%
COUNTRYMAN 7,977 4,144
0%
COUNTS 3,664 9,713
0%
COURSEY 8,523 3,862
0%
COURSON 9,953 3,244
0%
COURVILLE 9,618 3,379
0%
COUTURE 4,165 8,508
0%
COVARRUBIAS 1,985 18,189
0%
COWAN 1,074 32,586
0%
COWART 3,095 11,621
0%
COWDEN 8,055 4,111
0%
COWLES 5,598 6,215
0%
CRADDOCK 4,049 8,772
0%
CRANK 7,873 4,204
0%
CRAVENS 5,681 6,104
0%
CRAVER 8,259 4,012
0%
CRAYTON 6,022 5,709
0%
CREAMER 4,305 8,255
0%
CREASY 9,283 3,506
0%
CREECH 2,538 14,264
0%
CREIGHTON 4,840 7,282
0%
CRESPO 2,042 17,629
0%
CRIBB 9,125 3,578
0%
CRIBBS 7,195 4,644
0%
CRIDER 3,362 10,621
0%
CRIPE 9,506 3,419
0%
CRIPPEN 9,956 3,242
0%
CRISOSTOMO 9,539 3,408
0%
CRISP 2,830 12,741
0%
CRISPIN 9,735 3,330
0%
CRISS 7,066 4,738
0%
CRISTOBAL 9,074 3,602
0%
CRISWELL 4,401 8,077
0%
CRITES 4,799 7,363
0%
CRITTENDEN 5,432 6,411
0%
CROMER 4,465 7,952
0%
CRONE 6,162 5,555
0%
CRONIN 1,883 19,078
0%
CRONK 6,260 5,456
0%
CROOM 7,545 4,407
0%
CROPPER 8,920 3,669
0%
CROSSLAND 8,994 3,636
0%
CROTEAU 7,361 4,525
0%
CROUSE 2,650 13,598
0%
CROWELL 2,071 17,467
0%
CROZIER 7,342 4,541
0%
CRUMLEY 8,159 4,064
0%
CRUTCHER 5,769 6,004
0%
CRUTCHFIELD 3,948 9,019
0%
CUENCA 9,611 3,381
0%
CUETO 8,593 3,833
0%
CULBERTSON 3,492 10,240
0%
CULLER 9,708 3,343
0%
CULLEY 9,241 3,522
0%
CUNDIFF 5,531 6,283
0%
CURCIO 7,589 4,380
0%
CURETON 7,504 4,437
0%
CURIEL 3,571 9,983
0%
CURL 6,379 5,335
0%
CURLEY 2,936 12,211
0%
CURRIE 2,100 17,234
0%
CURRIER 3,403 10,513
0%
CURTISS 6,217 5,500
0%
CUSHMAN 4,779 7,400
0%
CUSICK 6,640 5,099
0%
CUSTODIO 9,093 3,592
0%
CZARNECKI 7,947 4,164
0%
DABBS 7,380 4,516
0%
DAGOSTINO 4,229 8,388
0%
DAHLBERG 9,301 3,499
0%
DAIGLE 2,566 14,084
0%
DALESSANDRO 6,158 5,559
0%
DALRYMPLE 5,116 6,843
0%
DAMATO 5,144 6,804
0%
DAMBROSIO 7,763 4,275
0%
DAMERON 8,434 3,917
0%
DAMICO 2,752 13,109
0%
DAMRON 4,247 8,354
0%
DANCY 6,165 5,551
0%
DANDREA 6,407 5,310
0%
DANKO 7,815 4,237
0%
DANLEY 7,528 4,420
0%
DANNER 3,328 10,786
0%
DANTZLER 8,036 4,117
0%
DARRAH 9,531 3,410
0%
DAVALOS 5,079 6,894
0%
DAVILA 774 44,388
0%
DEANDA 4,126 8,600
0%
DEARING 5,942 5,794
0%
DEARMAN 8,230 4,030
0%
DEAS 7,944 4,165
0%
DEASON 6,176 5,539
0%
DEBERRY 6,228 5,493
0%
DEBOER 4,543 7,798
0%
DEBORD 8,087 4,100
0%
DECARLO 5,860 5,889
0%
DECASTRO 6,361 5,354
0%
DEEM 9,917 3,258
0%
DEERING 5,825 5,936
0%
DEES 3,299 10,887
0%
DEESE 5,265 6,626
0%
DEFELICE 8,559 3,848
0%
DEGUZMAN 3,454 10,341
0%
DEHART 3,548 10,058
0%
DEHAVEN 7,351 4,532
0%
DEHOYOS 7,478 4,455
0%
DEITZ 8,681 3,784
0%
DELACERDA 9,573 3,395
0%
DELAO 5,343 6,515
0%
DELAPENA 8,189 4,051
0%
DELAY 9,037 3,616
0%
DELCASTILLO 8,254 4,013
0%
DELCID 5,827 5,933
0%
DELGADILLO 2,399 15,123
0%
DELISLE 8,212 4,041
0%
DELLINGER 4,422 8,040
0%
DELOACH 3,766 9,407
0%
DELONG 2,022 17,844
0%
DELORENZO 8,956 3,655
0%
DELOSREYES 6,540 5,177
0%
DELREAL 7,701 4,311
0%
DELRIO 3,620 9,814
0%
DELROSARIO 4,218 8,402
0%
DELTORO 4,862 7,251
0%
DELUCIA 8,720 3,762
0%
DEMAIO 9,208 3,542
0%
DEMARIA 9,361 3,475
0%
DEMARS 8,093 4,097
0%
DEMELLO 8,512 3,868
0%
DEMENT 7,595 4,376
0%
DEMING 6,235 5,482
0%
DEMOSS 6,323 5,399
0%
DENHAM 4,355 8,156
0%
DENMAN 5,660 6,133
0%
DENNEY 2,821 12,792
0%
DENSMORE 8,339 3,971
0%
DEOLIVEIRA 8,139 4,072
0%
DEPALMA 7,677 4,324
0%
DEPASQUALE 9,836 3,290
0%
DEPAZ 7,995 4,137
0%
DEPEW 6,595 5,135
0%
DEPRIEST 7,744 4,287
0%
DEROSE 8,002 4,135
0%
DESAI 1,938 18,638
0%
DESANTIAGO 5,100 6,864
0%
DESIMONE 4,222 8,399
0%
DESMARAIS 7,933 4,170
0%
DESPAIN 8,350 3,964
0%
DETWILER 6,918 4,849
0%
DEVANEY 7,333 4,549
0%
DEVAULT 9,357 3,476
0%
DEVERA 7,575 4,386
0%
DEVOE 6,618 5,118
0%
DEVORE 3,157 11,445
0%
DEWALD 9,875 3,275
0%
DEWBERRY 8,361 3,960
0%
DEWEESE 5,686 6,095
0%
DEYOUNG 4,571 7,759
0%
DIAL 3,287 10,997
0%
DIALLO 4,730 7,502
0%
DIBBLE 5,884 5,866
0%
DIBENEDETTO 6,930 4,838
0%
DICARLO 7,992 4,138
0%
DICKMAN 5,930 5,809
0%
DIDONATO 9,672 3,355
0%
DIEHL 1,916 18,815
0%
DIEP 5,636 6,168
0%
DIETER 9,818 3,298
0%
DIGIACOMO 8,189 4,051
0%
DIGIOVANNI 7,420 4,487
0%
DILLINGHAM 6,995 4,791
0%
DILLMAN 6,061 5,660
0%
DILLOW 9,389 3,464
0%
DILWORTH 7,120 4,699
0%
DIMAS 4,990 7,035
0%
DINARDO 9,664 3,359
0%
DINGER 9,524 3,414
0%
DINGLE 7,717 4,301
0%
DINH 2,119 17,081
0%
DINSMORE 6,735 5,008
0%
DIORIO 8,891 3,682
0%
DIPIETRO 5,624 6,180
0%
DISHMAN 6,634 5,106
0%
DISTEFANO 5,691 6,091
0%
DOAK 9,307 3,498
0%
DOANE 5,356 6,501
0%
DOERING 7,044 4,754
0%
DOERR 5,817 5,942
0%
DOGGETT 7,799 4,245
0%
DOMBROWSKI 5,228 6,676
0%
DONAHOE 9,361 3,475
0%
DONOFRIO 5,769 6,004
0%
DOOLITTLE 5,080 6,893
0%
DORADO 6,367 5,345
0%
DOSTER 7,852 4,215
0%
DOUCET 5,545 6,267
0%
DOUCETTE 4,135 8,573
0%
DOUGAN 9,293 3,502
0%
DOUGHTY 3,019 11,880
0%
DOWDELL 6,777 4,976
0%
DOWDY 2,678 13,468
0%
DRAIN 8,527 3,859
0%
DREHER 6,074 5,644
0%
DRENNAN 7,821 4,233
0%
DRESSLER 7,455 4,470
0%
DRIGGERS 4,648 7,641
0%
DRISKELL 7,915 4,180
0%
DRISKILL 9,902 3,264
0%
DROWN 7,684 4,321
0%
DRYDEN 6,339 5,378
0%
DUBE 3,881 9,136
0%
DUBOSE 2,748 13,120
0%
DUCHARME 5,939 5,797
0%
DUCKETT 4,794 7,375
0%
DUDEK 6,197 5,519
0%
DUENAS 2,627 13,736
0%
DUFFEY 5,562 6,251
0%
DUFFIELD 8,271 4,009
0%
DUFOUR 7,191 4,647
0%
DUGAS 5,093 6,871
0%
DUGGER 3,869 9,164
0%
DUHON 5,585 6,223
0%
DULIN 8,287 3,998
0%
DUMAS 2,076 17,442
0%
DUNAGAN 9,384 3,465
0%
DUNBAR 1,335 26,405
0%
DUNFORD 8,375 3,952
0%
DUNGAN 8,611 3,819
0%
DUNIGAN 8,828 3,711
0%
DUPREY 9,611 3,381
0%
DUPUIS 4,340 8,179
0%
DUQUETTE 7,514 4,429
0%
DURDEN 5,014 7,007
0%
DURFEE 8,308 3,989
0%
DURKEE 8,248 4,017
0%
DURON 5,741 6,037
0%
DURRETT 9,658 3,361
0%
DURSO 9,444 3,445
0%
DURST 5,780 5,995
0%
DUTCHER 6,118 5,605
0%
DUTRA 7,838 4,225
0%
DYKSTRA 4,485 7,913
0%
EADDY 9,598 3,385
0%
EADES 6,903 4,870
0%
EADS 3,925 9,056
0%
EADY 8,299 3,992
0%
EALY 7,543 4,408
0%
EARLEY 3,518 10,140
0%
EASTERLING 4,201 8,433
0%
EBEL 9,496 3,423
0%
EBERHARDT 5,399 6,450
0%
EBERHART 6,907 4,862
0%
EBERLE 5,815 5,944
0%
EBERSOLE 7,353 4,531
0%
EBNER 9,357 3,476
0%
EBY 5,155 6,786
0%
ECHAVARRIA 9,557 3,402
0%
ECHEVARRIA 3,636 9,777
0%
ECHOLS 2,501 14,456
0%
ECKERT 2,093 17,269
0%
ECKHARDT 7,368 4,520
0%
ECKMAN 6,851 4,914
0%
ECKSTEIN 7,211 4,628
0%
EDDINGS 8,065 4,109
0%
EDDINS 8,438 3,914
0%
EDELMAN 6,295 5,428
0%
EDGERTON 7,060 4,740
0%
EDINGER 9,399 3,459
0%
EDMISTON 7,404 4,495
0%
EGBERT 6,651 5,089
0%
EHLERS 4,714 7,524
0%
EHRLICH 5,747 6,031
0%
EICHELBERGER 7,191 4,647
0%
EIDSON 7,585 4,381
0%
EILAND 9,929 3,250
0%
EILERS 8,562 3,847
0%
EKLUND 8,178 4,053
0%
EKSTROM 8,659 3,795
0%
ELAM 2,556 14,138
0%
ELDRED 7,275 4,580
0%
ELDREDGE 7,517 4,426
0%
ELEY 6,921 4,848
0%
ELIZALDE 6,102 5,620
0%
ELIZONDO 2,365 15,419
0%
ELLEDGE 8,060 4,110
0%
ELLINGSON 6,130 5,590
0%
ELLSWORTH 2,611 13,813
0%
ELROD 3,305 10,851
0%
ELSTON 5,934 5,803
0%
ELSWICK 9,314 3,495
0%
ELWELL 6,391 5,326
0%
ELWOOD 6,744 5,000
0%
ELY 2,745 13,130
0%
EMBREY 8,894 3,681
0%
EMERICK 5,494 6,333
0%
EMMERT 8,235 4,025
0%
EMMONS 2,673 13,493
0%
ENCARNACION 4,909 7,171
0%
ENCINAS 7,609 4,369
0%
ENCISO 7,157 4,674
0%
ENDICOTT 7,028 4,761
0%
ENDRES 6,562 5,163
0%
ENGELHARDT 6,842 4,924
0%
ENGLER 5,612 6,194
0%
ENGLERT 7,525 4,421
0%
ENGSTROM 5,578 6,229
0%
ENOS 4,392 8,097
0%
ENSLEY 8,174 4,055
0%
EPLEY 8,925 3,667
0%
ERAZO 6,899 4,873
0%
ERDMAN 5,311 6,558
0%
ERDMANN 8,119 4,085
0%
ERICKSEN 8,496 3,877
0%
ERSKINE 6,458 5,258
0%
ESCALERA 5,271 6,616
0%
ESCAMILLA 1,715 20,958
0%
ESCOBEDO 1,211 29,185
0%
ESCOTO 6,469 5,249
0%
ESCUDERO 9,684 3,352
0%
ESKEW 8,590 3,834
0%
ESKRIDGE 8,341 3,969
0%
ESPANA 8,019 4,127
0%
ESPARZA 816 42,559
0%
ESPINAL 2,289 15,924
0%
ESPIRITU 7,502 4,438
0%
ESPITIA 7,677 4,324
0%
ESQUEDA 5,963 5,773
0%
ESQUIBEL 6,532 5,187
0%
ESQUIVEL 925 37,578
0%
ESSER 7,724 4,297
0%
ESTEP 2,575 14,037
0%
ETHRIDGE 4,502 7,878
0%
ETIENNE 4,510 7,867
0%
ETTER 6,701 5,039
0%
EUBANK 6,551 5,171
0%
EUBANKS 1,755 20,424
0%
EVERETTE 8,758 3,745
0%
EVERHART 3,507 10,186
0%
EVERSOLE 6,623 5,114
0%
EWALD 7,348 4,535
0%
EZELL 3,247 11,121
0%
FABELA 8,817 3,713
0%
FAGAN 2,063 17,501
0%
FAHEY 3,811 9,299
0%
FAIN 4,379 8,122
0%
FAIRCLOTH 3,971 8,954
0%
FAISON 4,267 8,320
0%
FAJARDO 2,402 15,100
0%
FANCHER 5,861 5,888
0%
FANELLI 7,408 4,493
0%
FARBER 5,077 6,897
0%
FARINA 6,088 5,633
0%
FARKAS 5,204 6,714
0%
FARNHAM 7,038 4,757
0%
FARRINGTON 3,844 9,211
0%
FAUGHT 9,667 3,357
0%
FAUST 2,263 16,066
0%
FAVELA 4,761 7,439
0%
FAVORS 7,730 4,295
0%
FAZIO 4,885 7,210
0%
FEASTER 6,900 4,871
0%
FEENEY 3,740 9,473
0%
FEHR 7,767 4,272
0%
FEINBERG 7,255 4,596
0%
FEIST 8,681 3,784
0%
FELICE 9,730 3,333
0%
FELICIANO 1,662 21,667
0%
FELIZ 6,452 5,261
0%
FELKER 8,046 4,113
0%
FELTNER 9,710 3,341
0%
FENNELL 3,163 11,410
0%
FENSKE 9,761 3,320
0%
FERMIN 6,678 5,057
0%
FERRANTE 5,333 6,532
0%
FERRIER 8,959 3,654
0%
FESSLER 9,770 3,316
0%
FETTER 8,392 3,944
0%
FETTERS 7,446 4,473
0%
FETZER 9,190 3,550
0%
FIDLER 6,664 5,068
0%
FIEDLER 4,777 7,403
0%
FIERRO 2,519 14,371
0%
FIFE 5,202 6,719
0%
FIKE 5,459 6,374
0%
FILES 8,761 3,744
0%
FINDLEY 3,729 9,505
0%
FINKELSTEIN 7,258 4,591
0%
FINNEY 2,139 16,939
0%
FIORENTINO 8,999 3,635
0%
FIRESTONE 7,434 4,480
0%
FISKE 8,060 4,110
0%
FITE 6,066 5,656
0%
FITZWATER 8,155 4,066
0%
FLANNERY 3,409 10,497
0%
FLATT 6,664 5,068
0%
FLEENOR 8,965 3,651
0%
FLEISCHER 8,323 3,981
0%
FLEISCHMAN 9,195 3,547
0%
FLICKINGER 8,093 4,097
0%
FLORIO 7,858 4,211
0%
FLORY 6,479 5,243
0%
FLOURNOY 6,370 5,344
0%
FOGEL 6,784 4,973
0%
FOGLE 3,419 10,434
0%
FOLTZ 4,075 8,714
0%
FONSECA 1,363 25,863
0%
FONTANEZ 8,222 4,036
0%
FONTENOT 1,792 20,035
0%
FORAN 9,808 3,301
0%
FORCE 8,067 4,108
0%
FOREHAND 8,690 3,779
0%
FORMAN 3,015 11,894
0%
FORNEY 5,172 6,755
0%
FORSBERG 7,732 4,294
0%
FORSYTHE 3,147 11,489
0%
FORTENBERRY 5,285 6,589
0%
FORTIER 4,649 7,634
0%
FORTNER 3,001 11,951
0%
FORTNEY 6,914 4,853
0%
FORTSON 7,765 4,273
0%
FORTUNA 9,064 3,606
0%
FORTUNATO 8,201 4,047
0%
FOURNIER 2,505 14,449
0%
FOUST 2,900 12,366
0%
FOUTS 6,171 5,545
0%
FOWLKES 7,135 4,686
0%
FOXWORTH 9,378 3,469
0%
FRADY 9,747 3,325
0%
FRAGA 6,746 4,998
0%
FRAGOSO 7,778 4,267
0%
FRAIRE 7,247 4,601
0%
FRAKES 9,733 3,332
0%
FRAME 4,027 8,827
0%
FRANKEL 4,860 7,253
0%
FRANTZ 2,969 12,079
0%
FRAUSTO 4,702 7,547
0%
FRAZEE 6,658 5,078
0%
FRECHETTE 9,381 3,468
0%
FREELAND 4,101 8,653
0%
FREER 8,917 3,671
0%
FREGOSO 6,788 4,969
0%
FREITAG 7,073 4,733
0%
FREITAS 3,270 11,041
0%
FREUND 4,745 7,465
0%
FRIAS 2,144 16,911
0%
FRICKE 6,691 5,048
0%
FRIESEN 4,721 7,512
0%
FRISBIE 8,506 3,872
0%
FRISBY 8,350 3,964
0%
FRISCH 6,710 5,033
0%
FRITSCH 7,882 4,199
0%
FRIZZELL 5,907 5,840
0%
FROEHLICH 7,392 4,504
0%
FRUGE 9,899 3,266
0%
FUGATE 3,441 10,375
0%
FUHRMAN 6,793 4,965
0%
FULCHER 5,182 6,745
0%
FULFORD 8,029 4,123
0%
FULK 7,001 4,785
0%
FULKERSON 5,444 6,391
0%
FULKS 9,224 3,531
0%
FULLMER 7,268 4,585
0%
FULTZ 3,187 11,342
0%
FUNDERBURK 5,725 6,058
0%
FUNES 5,702 6,079
0%
FUNKHOUSER 8,339 3,971
0%
FUQUA 4,274 8,312
0%
FURLOW 9,966 3,237
0%
FUSCO 4,102 8,650
0%
FUSSELL 6,974 4,810
0%
FUTCH 7,258 4,591
0%
FUTRELL 5,740 6,038
0%
GABEL 4,907 7,177
0%
GADSON 6,422 5,291
0%
GAETA 7,133 4,688
0%
GAFFNEY 2,819 12,805
0%
GAGLIANO 7,954 4,161
0%
GAGLIARDI 6,315 5,404
0%
GAILEY 8,873 3,690
0%
GAINER 6,729 5,012
0%
GAINEY 4,140 8,556
0%
GAITAN 4,606 7,702
0%
GAITHER 3,324 10,790
0%
GALANTE 8,217 4,038
0%
GALARZA 3,368 10,601
0%
GALAVIZ 5,486 6,339
0%
GALBRAITH 3,997 8,886
0%
GALBREATH 6,655 5,083
0%
GALDAMEZ 6,303 5,419
0%
GALICIA 3,837 9,229
0%
GALINDO 954 36,429
0%
GALLAHER 7,885 4,198
0%
GALLANT 3,931 9,051
0%
GALLARDO 1,096 31,909
0%
GALLIGAN 8,938 3,663
0%
GALLIMORE 7,894 4,195
0%
GALLUP 8,205 4,046
0%
GAMACHE 8,126 4,082
0%
GAMBILL 7,835 4,227
0%
GAMBOA 1,829 19,577
0%
GAMBRELL 6,530 5,190
0%
GAMINO 7,088 4,724
0%
GAMMON 5,428 6,415
0%
GANDARA 7,044 4,754
0%
GANTT 3,891 9,122
0%
GAONA 3,811 9,299
0%
GARAY 2,515 14,393
0%
GARCES 5,421 6,420
0%
GARDEA 8,688 3,781
0%
GARDUNO 5,073 6,912
0%
GARIBAY 2,755 13,088
0%
GARMAN 4,498 7,884
0%
GARMON 6,318 5,403
0%
GARNICA 5,820 5,941
0%
GAROFALO 6,571 5,152
0%
GARREN 9,552 3,403
0%
GARRETSON 8,681 3,784
0%
GARRIDO 4,124 8,605
0%
GARTON 9,493 3,425
0%
GARWOOD 9,017 3,626
0%
GARZON 7,487 4,450
0%
GASCA 6,913 4,854
0%
GASKILL 6,139 5,581
0%
GASPAR 3,210 11,251
0%
GASPARD 6,427 5,285
0%
GASTELUM 5,091 6,880
0%
GATEWOOD 4,242 8,359
0%
GATTO 7,421 4,486
0%
GAUDET 6,969 4,814
0%
GAUSE 6,111 5,610
0%
GAYTAN 2,460 14,647
0%
GEARHART 4,696 7,553
0%
GEARY 2,895 12,382
0%
GEBHARDT 6,771 4,981
0%
GEBHART 9,638 3,367
0%
GEHRING 6,638 5,100
0%
GEHRKE 7,915 4,180
0%
GEIER 8,518 3,864
0%
GEISER 8,443 3,912
0%
GEISLER 5,622 6,185
0%
GENOVESE 6,579 5,147
0%
GERACI 8,791 3,729
0%
GERAGHTY 9,384 3,465
0%
GERDES 5,821 5,940
0%
GERHARDT 6,736 5,007
0%
GERKEN 7,807 4,240
0%
GERLACH 4,784 7,394
0%
GERONIMO 9,449 3,443
0%
GETER 9,431 3,449
0%
GETZ 4,605 7,703
0%
GEYER 4,456 7,962
0%
GHOSH 8,928 3,666
0%
GIANNINI 9,301 3,499
0%
GIARDINA 9,150 3,565
0%
GIDDENS 4,995 7,034
0%
GIDDINGS 6,447 5,267
0%
GIFFIN 8,028 4,124
0%
GIGLIO 7,265 4,586
0%
GIGLIOTTI 9,710 3,341
0%
GILBERTSON 4,118 8,621
0%
GILBREATH 6,980 4,804
0%
GILCHRIST 2,811 12,825
0%
GILKEY 8,734 3,755
0%
GILLAM 9,003 3,633
0%
GILLEN 4,188 8,462
0%
GILLEY 3,593 9,906
0%
GILLIARD 7,885 4,198
0%
GILLILAND 2,698 13,351
0%
GILLISPIE 6,995 4,791
0%
GILLUM 6,676 5,060
0%
GILMER 5,213 6,697
0%
GILPIN 5,713 6,070
0%
GILREATH 8,456 3,905
0%
GILSTRAP 6,808 4,954
0%
GINGERICH 3,894 9,117
0%
GINTER 8,659 3,795
0%
GIORDANO 2,197 16,569
0%
GIPSON 1,843 19,470
0%
GIRON 2,311 15,786
0%
GIST 5,419 6,422
0%
GIVENS 1,419 25,067
0%
GLADDEN 4,846 7,271
0%
GLASSCOCK 8,723 3,761
0%
GLASSER 7,844 4,221
0%
GLASSMAN 8,928 3,666
0%
GLICK 3,506 10,196
0%
GLIDDEN 7,061 4,739
0%
GLIDEWELL 9,161 3,563
0%
GLISSON 7,607 4,370
0%
GLUCK 7,778 4,267
0%
GOAD 3,920 9,062
0%
GOBLE 3,947 9,022
0%
GODINEZ 1,665 21,640
0%
GODOY 3,070 11,690
0%
GODSEY 5,914 5,826
0%
GOETZ 2,689 13,390
0%
GOFORTH 4,068 8,735
0%
GOINES 9,956 3,242
0%
GOINGS 8,765 3,741
0%
GOINS 1,574 22,837
0%
GOODELL 7,240 4,607
0%
GOODNIGHT 9,155 3,564
0%
GOODRICH 1,838 19,487
0%
GOOLSBY 4,596 7,721
0%
GORDILLO 7,232 4,616
0%
GORDY 7,838 4,225
0%
GORRELL 9,786 3,309
0%
GORSKI 4,882 7,213
0%
GOSNELL 5,060 6,931
0%
GOSSELIN 5,681 6,104
0%
GOSSETT 3,170 11,389
0%
GOTO 9,803 3,302
0%
GOTTLIEB 5,345 6,509
0%
GOTTSCHALK 6,733 5,010
0%
GOULET 6,084 5,637
0%
GOURLEY 5,826 5,934
0%
GOVEA 6,389 5,327
0%
GOYETTE 9,983 3,231
0%
GRABER 2,937 12,204
0%
GRABOWSKI 4,004 8,877
0%
GRAGG 6,047 5,675
0%
GRAJEDA 7,275 4,580
0%
GRAMS 9,437 3,447
0%
GRANADO 6,739 5,004
0%
GRANADOS 1,347 26,187
0%
GRANILLO 8,168 4,058
0%
GRASSO 4,492 7,894
0%
GRAYBILL 8,345 3,967
0%
GREATHOUSE 4,324 8,217
0%
GRECO 2,110 17,150
0%
GREENLEAF 8,373 3,954
0%
GREENWAY 6,613 5,120
0%
GREENWELL 5,170 6,765
0%
GREGOIRE 5,976 5,757
0%
GREINER 3,978 8,935
0%
GREWAL 7,772 4,270
0%
GRIBBLE 8,611 3,819
0%
GRICE 3,984 8,914
0%
GRIDER 5,097 6,865
0%
GRIECO 9,212 3,537
0%
GRIEGO 4,192 8,456
0%
GRIFFEN 9,314 3,495
0%
GRIFFIS 4,278 8,309
0%
GRIGSBY 3,141 11,501
0%
GRIJALVA 4,619 7,678
0%
GRILLO 5,472 6,355
0%
GRIMALDI 7,633 4,349
0%
GRIMMETT 8,464 3,903
0%
GRIMSLEY 5,901 5,848
0%
GRINDSTAFF 8,736 3,754
0%
GRINER 8,036 4,117
0%
GRINNELL 9,038 3,615
0%
GRISWOLD 3,427 10,417
0%
GRIZZLE 7,638 4,347
0%
GROCE 6,362 5,351
0%
GROH 8,475 3,894
0%
GROSE 6,427 5,285
0%
GROTH 5,410 6,434
0%
GRULLON 7,411 4,492
0%
GUADARRAMA 5,767 6,006
0%
GUAJARDO 2,679 13,438
0%
GUAMAN 9,461 3,439
0%
GUARDADO 2,848 12,656
0%
GUARINO 5,165 6,775
0%
GUAY 9,923 3,255
0%
GUDINO 5,903 5,847
0%
GUERIN 5,525 6,291
0%
GUERRIER 9,628 3,372
0%
GUFFEY 4,828 7,307
0%
GUILLAUME 9,987 3,230
0%
GUILLEN 1,166 30,153
0%
GUILLORY 2,391 15,161
0%
GUILLOT 7,473 4,457
0%
GULICK 9,074 3,602
0%
GULLEDGE 8,631 3,810
0%
GULLETT 8,036 4,117
0%
GUNDERSON 2,624 13,742
0%
GUNNING 9,646 3,364
0%
GURLEY 4,098 8,669
0%
GURNEY 7,336 4,547
0%
GURROLA 4,883 7,211
0%
GURULE 6,848 4,915
0%
GURUNG 9,427 3,450
0%
GUSTIN 6,937 4,832
0%
GUTHRIE 1,095 31,956
0%
GUYTON 4,337 8,191
0%
GWIN 7,006 4,781
0%
GWINN 6,915 4,852
0%
HAACK 8,594 3,832
0%
HAAG 3,576 9,957
0%
HAASE 3,989 8,904
0%
HABERMAN 8,178 4,053
0%
HACKLER 9,638 3,367
0%
HACKWORTH 7,303 4,566
0%
HADDEN 5,281 6,593
0%
HADDOCK 4,472 7,940
0%
HAFER 8,308 3,989
0%
HAGANS 9,770 3,316
0%
HAGEDORN 8,040 4,116
0%
HAGEMAN 6,226 5,494
0%
HAGERMAN 6,297 5,426
0%
HAGERTY 5,983 5,750
0%
HAGGARD 4,230 8,384
0%
HAGGERTY 3,194 11,320
0%
HAGOOD 8,427 3,922
0%
HAIGHT 5,062 6,929
0%
HAIRSTON 2,260 16,090
0%
HAKE 8,432 3,918
0%
HALCOMB 8,489 3,883
0%
HALDEMAN 9,850 3,284
0%
HALLMARK 7,517 4,426
0%
HALLOCK 6,837 4,930
0%
HALLORAN 6,248 5,465
0%
HALPERN 8,032 4,121
0%
HALPIN 5,886 5,865
0%
HALSEY 4,654 7,619
0%
HALTERMAN 7,961 4,156
0%
HALVERSON 3,040 11,781
0%
HALVORSEN 9,298 3,500
0%
HALVORSON 5,520 6,298
0%
HAMANN 5,705 6,078
0%
HAMBLIN 3,977 8,936
0%
HAMBRICK 6,216 5,501
0%
HAMBY 2,609 13,823
0%
HAMLETT 6,286 5,435
0%
HAMMACK 6,657 5,080
0%
HAMMEL 6,583 5,146
0%
HAMMOCK 4,877 7,222
0%
HAMRICK 2,950 12,168
0%
HANCE 7,466 4,464
0%
HANNER 8,753 3,748
0%
HANRAHAN 6,141 5,578
0%
HARBER 9,515 3,416
0%
HARBIN 4,130 8,587
0%
HARBISON 5,598 6,215
0%
HARDAWAY 6,562 5,163
0%
HARDEE 5,531 6,283
0%
HARDESTY 3,316 10,817
0%
HARDIE 8,141 4,071
0%
HARDIMAN 7,725 4,296
0%
HARDISON 4,375 8,128
0%
HARGETT 5,872 5,876
0%
HARGIS 4,168 8,503
0%
HARGRAVES 9,751 3,324
0%
HARGROVE 1,764 20,360
0%
HARLESS 5,179 6,746
0%
HARMS 2,518 14,377
0%
HARNESS 6,346 5,371
0%
HARNEY 6,341 5,376
0%
HARRIMAN 6,694 5,045
0%
HARROD 6,855 4,909
0%
HARSHBARGER 9,525 3,413
0%
HARSHMAN 8,971 3,647
0%
HARTLINE 9,050 3,610
0%
HARTSELL 8,213 4,040
0%
HARTSFIELD 7,898 4,192
0%
HARTSOCK 9,865 3,279
0%
HARTUNG 6,578 5,148
0%
HARTWIG 5,845 5,913
0%
HARTZELL 5,361 6,494
0%
HARVELL 7,750 4,284
0%
HARVILLE 7,958 4,157
0%
HARWELL 4,871 7,234
0%
HARWOOD 3,212 11,238
0%
HASSETT 9,132 3,576
0%
HASSLER 7,397 4,499
0%
HASSON 9,978 3,233
0%
HASTY 5,244 6,654
0%
HATHCOCK 8,793 3,726
0%
HATLEY 5,379 6,468
0%
HATTEN 5,849 5,907
0%
HAUCK 4,265 8,322
0%
HAUGEN 3,745 9,461
0%
HAUGHT 7,120 4,699
0%
HAUGHTON 9,129 3,577
0%
HAUPT 6,389 5,327
0%
HAVILAND 9,531 3,410
0%
HAWORTH 6,714 5,030
0%
HAYGOOD 7,347 4,536
0%
HAYNIE 5,438 6,400
0%
HAZARD 8,176 4,054
0%
HAZELTON 7,181 4,656
0%
HAZEN 4,710 7,532
0%
HAZZARD 8,348 3,965
0%
HEADRICK 6,256 5,459
0%
HEALD 9,291 3,503
0%
HEDDEN 8,844 3,704
0%
HEDGEPETH 9,741 3,327
0%
HEDLUND 9,701 3,344
0%
HEDRICK 1,918 18,804
0%
HEFFNER 5,029 6,980
0%
HEGARTY 9,672 3,355
0%
HEID 8,213 4,040
0%
HEIL 4,327 8,205
0%
HEILMAN 4,504 7,876
0%
HEIMS 5,089 6,881
0%
HEINEMANN 9,552 3,403
0%
HEINEN 8,909 3,675
0%
HEISER 5,277 6,606
0%
HEISLER 6,176 5,539
0%
HEITMAN 9,291 3,503
0%
HELGESON 9,212 3,537
0%
HELMICK 6,136 5,583
0%
HELSEL 8,986 3,641
0%
HEMBREE 5,232 6,665
0%
HEMPHILL 2,672 13,495
0%
HENDERSHOT 5,805 5,963
0%
HENDLEY 9,366 3,473
0%
HENDON 9,567 3,398
0%
HENDREN 9,125 3,578
0%
HENNINGER 7,784 4,262
0%
HENSEL 6,291 5,429
0%
HEPLER 7,494 4,445
0%
HERBST 4,208 8,419
0%
HEREDIA 2,061 17,506
0%
HERING 9,701 3,344
0%
HERMOSILLO 5,347 6,508
0%
HEROLD 6,028 5,705
0%
HERREN 7,463 4,466
0%
HERRICK 2,940 12,202
0%
HERRINGTON 2,491 14,498
0%
HERSEY 8,689 3,780
0%
HERSHBERGER 2,523 14,357
0%
HESSLER 9,437 3,447
0%
HETHERINGTON 9,552 3,403
0%
HETRICK 5,156 6,784
0%
HETZEL 9,061 3,607
0%
HEUER 7,629 4,350
0%
HEWLETT 8,415 3,927
0%
HIATT 3,486 10,247
0%
HIBBS 6,134 5,585
0%
HICKERSON 6,700 5,041
0%
HIGBEE 9,672 3,355
0%
HIGDON 3,642 9,753
0%
HIGGINBOTHAM 2,492 14,489
0%
HIGHSMITH 7,721 4,299
0%
HIGLEY 7,723 4,298
0%
HIGUERA 7,812 4,238
0%
HILARIO 8,541 3,854
0%
HILBURN 7,568 4,390
0%
HILDEBRANDT 6,273 5,448
0%
HILDRETH 4,849 7,269
0%
HILEMAN 6,977 4,806
0%
HILES 8,356 3,962
0%
HILLARD 5,585 6,223
0%
HIMES 4,026 8,831
0%
HINDMAN 5,727 6,056
0%
HINER 9,590 3,390
0%
HINRICHS 6,952 4,825
0%
HINSHAW 7,463 4,466
0%
HINSON 1,807 19,857
0%
HINTZ 4,776 7,406
0%
HIPP 7,177 4,660
0%
HIXSON 5,433 6,408
0%
HOAG 5,173 6,752
0%
HOAGLAND 5,492 6,335
0%
HOBAN 9,461 3,439
0%
HOCHSTETLER 5,460 6,372
0%
HOCKENBERRY 8,114 4,086
0%
HOCKER 9,989 3,229
0%
HOCKETT 9,861 3,280
0%
HOCKMAN 9,956 3,242
0%
HOEKSTRA 9,203 3,544
0%
HOELSCHER 9,594 3,387
0%
HOFER 4,617 7,682
0%
HOGGARD 9,963 3,239
0%
HOGUE 2,213 16,457
0%
HOHMAN 9,286 3,505
0%
HOKE 3,901 9,096
0%
HOLBERT 5,179 6,746
0%
HOLCOMBE 4,390 8,103
0%
HOLGUIN 2,260 16,090
0%
HOLIFIELD 8,076 4,104
0%
HOLLADAY 6,924 4,845
0%
HOLLAR 8,332 3,976
0%
HOLLEMAN 9,484 3,430
0%
HOLLENBECK 5,736 6,043
0%
HOLLIFIELD 7,361 4,525
0%
HOLLIMAN 7,265 4,586
0%
HOLLINGER 6,087 5,634
0%
HOLLINGSHEAD 8,639 3,807
0%
HOLLOMAN 4,708 7,536
0%
HOLLON 8,885 3,686
0%
HOLLOWELL 6,684 5,053
0%
HOLMBERG 6,937 4,832
0%
HOLMQUIST 9,563 3,399
0%
HOLSINGER 9,813 3,299
0%
HOLSTEIN 8,091 4,098
0%
HOLSTON 7,827 4,231
0%
HOLTZ 3,730 9,502
0%
HOLUB 9,615 3,380
0%
HOLZER 8,446 3,911
0%
HONAKER 6,105 5,617
0%
HOOPES 9,421 3,452
0%
HOOTEN 7,048 4,751
0%
HOPSON 2,946 12,180
0%
HORGAN 7,875 4,202
0%
HORNBERGER 9,636 3,368
0%
HORNING 4,820 7,322
0%
HORSLEY 5,306 6,565
0%
HORSTMAN 8,936 3,664
0%
HORTA 8,481 3,889
0%
HORWITZ 9,940 3,246
0%
HOSEY 8,775 3,735
0%
HOSTETLER 2,490 14,505
0%
HOSTETTER 6,799 4,960
0%
HOTCHKISS 6,079 5,639
0%
HOUCK 2,854 12,634
0%
HOUK 6,157 5,560
0%
HOULE 4,239 8,364
0%
HOULIHAN 8,365 3,958
0%
HOUSEHOLDER 8,153 4,067
0%
HOUSLEY 8,361 3,960
0%
HOVEY 6,840 4,927
0%
HOVIS 9,394 3,462
0%
HOWERTON 5,342 6,516
0%
HOWZE 9,907 3,263
0%
HOYER 9,104 3,589
0%
HOYOS 8,865 3,694
0%
HSIEH 5,453 6,382
0%
HUBBELL 5,790 5,977
0%
HUDAK 6,124 5,593
0%
HUDGINS 3,048 11,755
0%
HUDNALL 8,579 3,839
0%
HUEBNER 5,259 6,635
0%
HUERTAS 7,816 4,235
0%
HUFFORD 8,664 3,793
0%
HUGHEY 5,124 6,830
0%
HUIZAR 5,961 5,774
0%
HULBERT 6,509 5,214
0%
HULETT 7,184 4,652
0%
HULSE 5,164 6,776
0%
HULSEY 3,796 9,317
0%
HUMBLE 7,264 4,588
0%
HUMES 5,689 6,093
0%
HUNDLEY 4,152 8,532
0%
HUNGERFORD 9,830 3,294
0%
HUNLEY 7,323 4,556
0%
HUNNICUTT 7,130 4,690
0%
HUNSAKER 6,623 5,114
0%
HURLBURT 8,587 3,836
0%
HURTADO 1,160 30,286
0%
HUSBAND 9,347 3,480
0%
HUSKEY 4,966 7,080
0%
HUSTED 7,776 4,268
0%
HUTCHERSON 5,150 6,795
0%
HUTCHESON 4,266 8,321
0%
HYDER 6,787 4,971
0%
HYLTON 4,199 8,440
0%
IBANEZ 4,121 8,614
0%
IMHOFF 8,780 3,734
0%
INFANTE 3,252 11,102
0%
INIGUEZ 4,057 8,750
0%
INMAN 1,474 24,222
0%
IPPOLITO 7,796 4,246
0%
IRBY 3,138 11,506
0%
IRIZARRY 2,560 14,114
0%
ISENBERG 8,669 3,790
0%
ISHAM 7,988 4,139
0%
ISOM 3,535 10,099
0%
IVIE 7,536 4,411
0%
IYER 8,369 3,956
0%
IZAGUIRRE 5,469 6,358
0%
IZQUIERDO 5,791 5,974
0%
IZZO 7,098 4,717
0%
JABLONSKI 4,743 7,469
0%
JACINTO 5,572 6,238
0%
JACQUEZ 8,073 4,105
0%
JAHNKE 8,225 4,035
0%
JAIMES 2,050 17,573
0%
JAKUBOWSKI 9,267 3,513
0%
JANIK 9,901 3,265
0%
JANKE 8,330 3,977
0%
JANKOWSKI 3,964 8,970
0%
JAQUEZ 4,295 8,281
0%
JARAMILLO 945 36,755
0%
JARMAN 5,475 6,351
0%
JARRELL 2,660 13,562
0%
JASINSKI 8,900 3,679
0%
JASSO 2,707 13,318
0%
JAUREGUI 2,823 12,783
0%
JAWORSKI 6,905 4,865
0%
JEANBAPTISTE 4,483 7,915
0%
JEANLOUIS 6,876 4,891
0%
JEANPIERRE 8,305 3,990
0%
JEFFCOAT 7,549 4,406
0%
JEMISON 8,653 3,797
0%
JERNIGAN 2,294 15,889
0%
JESSEE 8,067 4,108
0%
JESSEN 7,327 4,553
0%
JEWELL 1,550 23,187
0%
JEWETT 4,254 8,330
0%
JILES 7,500 4,441
0%
JIMERSON 9,192 3,548
0%
JOLLEY 3,770 9,392
0%
JOSEY 8,006 4,131
0%
JOSHI 3,542 10,089
0%
JOSLIN 5,094 6,868
0%
JOWERS 9,761 3,320
0%
JUDY 5,040 6,962
0%
JULIANO 7,069 4,735
0%
JURGENS 9,969 3,235
0%
JUSTUS 5,130 6,821
0%
KACZMAREK 8,184 4,052
0%
KAHL 6,508 5,215
0%
KAHLER 5,865 5,881
0%
KALINOWSKI 8,377 3,951
0%
KANGAS 7,013 4,776
0%
KANIA 8,102 4,092
0%
KANTOR 8,322 3,982
0%
KAPOOR 8,663 3,794
0%
KARAM 9,560 3,401
0%
KARAS 5,890 5,858
0%
KARCHER 8,756 3,746
0%
KARNS 8,003 4,133
0%
KASTEN 7,614 4,366
0%
KASTNER 7,997 4,136
0%
KATO 6,461 5,257
0%
KAUL 8,016 4,128
0%
KAUTZ 8,858 3,699
0%
KAYLOR 6,454 5,260
0%
KAYSER 9,415 3,454
0%
KECK 3,227 11,186
0%
KEEFER 3,713 9,552
0%
KEELEY 6,141 5,578
0%
KEELING 3,975 8,938
0%
KEENER 2,633 13,687
0%
KEENEY 3,813 9,294
0%
KEESEE 9,636 3,368
0%
KEEVER 9,596 3,386
0%
KEGLEY 9,587 3,391
0%
KEHOE 4,602 7,708
0%
KEIL 5,278 6,603
0%
KEIM 4,565 7,769
0%
KEISTER 7,317 4,560
0%
KELLAM 7,680 4,323
0%
KELLAR 6,613 5,120
0%
KELLETT 9,267 3,513
0%
KELLOGG 2,378 15,317
0%
KELLUM 5,658 6,136
0%
KEMPTON 9,397 3,460
0%
KENNARD 6,126 5,592
0%
KENNELLY 9,666 3,358
0%
KENNON 8,178 4,053
0%
KENYON 2,796 12,891
0%
KEPHART 6,330 5,390
0%
KERBER 9,221 3,535
0%
KERBY 7,643 4,345
0%
KERLEY 6,375 5,342
0%
KERNAN 9,850 3,284
0%
KERNER 8,283 4,001
0%
KERSHNER 7,847 4,219
0%
KERWIN 8,635 3,808
0%
KESLER 5,210 6,704
0%
KESSEL 6,777 4,976
0%
KESSINGER 7,933 4,170
0%
KESTER 4,870 7,237
0%
KETCHAM 8,042 4,115
0%
KETTLER 9,495 3,424
0%
KEYSER 4,446 7,978
0%
KHANG 9,529 3,411
0%
KHOURY 5,980 5,753
0%
KIBLER 5,900 5,849
0%
KIDWELL 3,951 9,006
0%
KIEFER 3,240 11,141
0%
KIGER 7,429 4,484
0%
KIGHT 6,753 4,992
0%
KILBURN 7,737 4,290
0%
KILGORE 1,667 21,627
0%
KILLINGSWORTH 7,135 4,686
0%
KILLION 6,799 4,960
0%
KIMBRELL 5,759 6,016
0%
KIMBROUGH 2,978 12,034
0%
KIMURA 8,164 4,059
0%
KINARD 4,990 7,035
0%
KINDLE 8,065 4,109
0%
KINDRED 7,026 4,763
0%
KINGERY 6,811 4,952
0%
KINGSBURY 5,500 6,325
0%
KINSER 6,012 5,720
0%
KIRCHER 8,714 3,765
0%
KIRCHNER 3,554 10,044
0%
KISER 1,934 18,674
0%
KISNER 9,548 3,405
0%
KISSEL 7,042 4,756
0%
KISTLER 5,185 6,742
0%
KITTLE 7,791 4,253
0%
KITTRELL 7,987 4,140
0%
KIZER 6,621 5,116
0%
KLASSEN 8,121 4,084
0%
KLATT 7,275 4,580
0%
KLEINMAN 9,607 3,383
0%
KLIMEK 9,328 3,492
0%
KLINGENSMITH 9,186 3,551
0%
KLINGER 3,864 9,179
0%
KLINGLER 8,923 3,668
0%
KLINK 8,164 4,059
0%
KLOTZ 5,754 6,021
0%
KNECHT 6,267 5,452
0%
KNEPP 7,559 4,398
0%
KNEPPER 8,408 3,930
0%
KNIGHTEN 8,724 3,759
0%
KNIGHTON 6,591 5,139
0%
KNISLEY 9,879 3,273
0%
KNOPP 8,080 4,103
0%
KNORR 7,665 4,333
0%
KNOWLTON 4,354 8,157
0%
KNUDSON 4,841 7,278
0%
KNUTH 8,415 3,927
0%
KOCHER 5,514 6,308
0%
KOEHN 3,711 9,559
0%
KOERNER 5,833 5,928
0%
KOLAR 7,532 4,413
0%
KOLLER 5,152 6,792
0%
KOONCE 5,878 5,870
0%
KOONS 6,278 5,442
0%
KOONTZ 3,392 10,538
0%
KOPP 3,232 11,175
0%
KORMAN 9,337 3,488
0%
KORNEGAY 7,116 4,702
0%
KORTE 7,505 4,436
0%
KOSKI 6,424 5,288
0%
KOVACH 3,940 9,040
0%
KOZAK 4,733 7,495
0%
KOZLOWSKI 3,449 10,358
0%
KRAJEWSKI 9,515 3,416
0%
KRALL 8,328 3,980
0%
KRANZ 6,589 5,141
0%
KRATZ 6,490 5,231
0%
KRATZER 9,332 3,490
0%
KRAWCZYK 9,258 3,516
0%
KREBS 3,260 11,067
0%
KREGER 8,055 4,111
0%
KREIDER 6,353 5,365
0%
KRESS 4,711 7,528
0%
KRICK 8,802 3,720
0%
KRIEGER 3,133 11,521
0%
KRISHNAN 8,631 3,810
0%
KROHN 5,796 5,969
0%
KRONE 9,925 3,253
0%
KROPP 9,298 3,500
0%
KROUSE 8,724 3,759
0%
KRULL 8,055 4,111
0%
KUANG 8,712 3,767
0%
KUBIAK 8,911 3,674
0%
KUCERA 8,168 4,058
0%
KUEHL 6,847 4,918
0%
KUGLER 8,250 4,015
0%
KUHL 5,877 5,872
0%
KUHLMAN 5,705 6,078
0%
KUHNS 4,979 7,055
0%
KULKARNI 7,390 4,506
0%
KUNKEL 3,736 9,488
0%
KUNKLE 7,142 4,682
0%
KUNZE 9,686 3,351
0%
KURTH 6,813 4,951
0%
KUSHNER 7,680 4,323
0%
KUTZ 8,408 3,930
0%
KUYKENDALL 3,608 9,841
0%
KWAK 7,184 4,652
0%
KWIATKOWSKI 5,457 6,377
0%
LABARGE 9,890 3,270
0%
LABELLE 5,570 6,242
0%
LABORDE 8,097 4,095
0%
LABOY 6,130 5,590
0%
LACASSE 9,790 3,307
0%
LACHANCE 5,988 5,744
0%
LACOMBE 7,363 4,524
0%
LACOUR 8,608 3,822
0%
LAFAVE 8,558 3,849
0%
LAFLAMME 8,875 3,689
0%
LAFOND 8,049 4,112
0%
LAFOUNTAIN 8,990 3,639
0%
LAFRANCE 6,148 5,574
0%
LAGUNA 6,088 5,633
0%
LAGUNAS 4,966 7,080
0%
LAHR 8,928 3,666
0%
LAINEZ 8,720 3,762
0%
LAIRD 1,929 18,696
0%
LALLY 5,931 5,808
0%
LALONDE 6,598 5,134
0%
LAMBRECHT 8,805 3,719
0%
LAMBRIGHT 7,467 4,463
0%
LAMMERS 6,674 5,061
0%
LAMOTHE 9,535 3,409
0%
LAMPERT 9,344 3,484
0%
LAMPKIN 5,743 6,034
0%
LAMPLEY 9,557 3,402
0%
LANDAVERDE 5,489 6,336
0%
LANDEROS 3,295 10,934
0%
LANDRETH 7,298 4,568
0%
LANDRUM 2,981 12,026
0%
LANGAN 6,769 4,982
0%
LANHAM 3,513 10,170
0%
LANZA 5,923 5,819
0%
LAPIERRE 7,406 4,494
0%
LAPOINTE 3,995 8,894
0%
LAPORTE 4,711 7,528
0%
LARES 8,700 3,773
0%
LARIOS 3,299 10,887
0%
LARRABEE 8,231 4,028
0%
LARUE 3,047 11,757
0%
LASALLE 8,646 3,803
0%
LASKOWSKI 7,750 4,284
0%
LASKY 9,177 3,554
0%
LASLEY 7,710 4,306
0%
LATHROP 4,408 8,057
0%
LATORRE 8,234 4,026
0%
LATOUR 9,754 3,323
0%
LATTA 5,642 6,155
0%
LAUDERDALE 8,144 4,070
0%
LAUER 3,161 11,414
0%
LAUREANO 7,088 4,724
0%
LAUX 7,925 4,176
0%
LAVALLEE 6,793 4,965
0%
LAVALLEY 8,954 3,656
0%
LAVELLE 5,711 6,074
0%
LAVERGNE 9,227 3,529
0%
LAVERY 8,401 3,938
0%
LAWHORN 6,248 5,465
0%
LAZARO 3,922 9,061
0%
LAZO 2,850 12,640
0%
LEAHY 3,280 11,014
0%
LEASE 8,473 3,896
0%
LEASURE 7,859 4,210
0%
LEATHERWOOD 7,488 4,449
0%
LEBEAU 6,801 4,958
0%
LEBOEUF 9,289 3,504
0%
LEBRUN 8,479 3,890
0%
LECHNER 7,972 4,149
0%
LECHUGA 6,500 5,221
0%
LECLAIR 4,351 8,162
0%
LEDBETTER 1,847 19,417
0%
LEDESMA 1,768 20,311
0%
LEDET 7,086 4,725
0%
LEDEZMA 3,659 9,721
0%
LEDOUX 5,725 6,058
0%
LEDUC 7,373 4,518
0%
LEEPER 5,281 6,593
0%
LEFEVER 9,741 3,327
0%
LEFFLER 6,542 5,176
0%
LEFLER 8,888 3,684
0%
LEFTWICH 8,822 3,712
0%
LEGASPI 9,251 3,520
0%
LEGGETT 2,777 12,977
0%
LEGRAND 6,306 5,413
0%
LEHR 5,328 6,537
0%
LEIJA 5,293 6,580
0%
LEININGER 7,021 4,765
0%
LEITCH 9,976 3,234
0%
LEITNER 8,266 4,010
0%
LEIVA 4,335 8,193
0%
LEJEUNE 6,172 5,544
0%
LEMASTER 4,513 7,858
0%
LEMAY 4,182 8,471
0%
LEMIRE 9,281 3,507
0%
LEMKE 3,406 10,501
0%
LEMLEY 7,162 4,670
0%
LEMMONS 8,749 3,749
0%
LEMOINE 5,484 6,343
0%
LEMOS 6,579 5,147
0%
LEMUS 1,297 27,079
0%
LENTZ 2,396 15,126
0%
LEONHARDT 9,330 3,491
0%
LEPAGE 8,517 3,865
0%
LEPORE 7,075 4,731
0%
LERCH 8,911 3,674
0%
LERMA 2,852 12,639
0%
LESKO 9,212 3,537
0%
LESSARD 6,137 5,582
0%
LETOURNEAU 6,961 4,818
0%
LEVAN 7,308 4,564
0%
LEVASSEUR 7,550 4,404
0%
LEVERETT 7,359 4,527
0%
LEWALLEN 7,135 4,686
0%
LEYBA 8,587 3,836
0%
LEZAMA 8,578 3,840
0%
LICATA 8,747 3,750
0%
LICEA 8,860 3,698
0%
LIDDELL 6,874 4,892
0%
LIGGETT 7,348 4,535
0%
LIGON 5,654 6,140
0%
LILES 3,463 10,317
0%
LINARES 1,820 19,688
0%
LINDAHL 9,081 3,599
0%
LINDEMAN 7,038 4,757
0%
LINDEMANN 7,502 4,438
0%
LINDERMAN 8,446 3,911
0%
LINDHOLM 9,334 3,489
0%
LINDQUIST 3,189 11,337
0%
LINEBERRY 9,873 3,276
0%
LINGENFELTER 9,330 3,491
0%
LINO 9,020 3,625
0%
LINVILLE 4,717 7,517
0%
LIPPERT 5,942 5,794
0%
LISS 9,368 3,472
0%
LITTLEFIELD 3,670 9,707
0%
LITTLETON 3,581 9,939
0%
LITTON 7,308 4,564
0%
LIVENGOOD 6,833 4,935
0%
LIVESAY 8,281 4,002
0%
LIZARRAGA 5,361 6,494
0%
LLANES 7,888 4,197
0%
LLANOS 8,106 4,089
0%
LOBATO 8,201 4,047
0%
LOCKARD 5,651 6,141
0%
LOCKRIDGE 8,714 3,765
0%
LOEFFLER 5,935 5,801
0%
LOERA 2,726 13,218
0%
LOFTIN 5,191 6,739
0%
LOFTIS 5,162 6,777
0%
LOFTUS 4,347 8,166
0%
LOGGINS 6,630 5,109
0%
LOGSDON 3,491 10,242
0%
LOGUE 4,255 8,328
0%
LOHMAN 7,257 4,592
0%
LOHR 5,348 6,506
0%
LOMELI 2,922 12,263
0%
LONDONO 7,816 4,235
0%
LONERGAN 8,817 3,713
0%
LONEY 9,023 3,624
0%
LONGMIRE 9,813 3,299
0%
LOPER 4,467 7,950
0%
LORENZEN 8,784 3,733
0%
LORING 8,802 3,720
0%
LOTZ 8,551 3,852
0%
LOUCKS 6,318 5,403
0%
LOUDEN 8,536 3,855
0%
LOUDERMILK 6,924 4,845
0%
LOVELADY 8,299 3,992
0%
LOVELESS 3,718 9,533
0%
LOWDER 6,271 5,449
0%
LOWMAN 4,838 7,284
0%
LOWRANCE 9,175 3,557
0%
LOYOLA 9,279 3,508
0%
LOZADA 3,969 8,959
0%
LOZOYA 7,057 4,743
0%
LUBIN 7,247 4,601
0%
LUCIANO 3,486 10,247
0%
LUCKEY 6,288 5,434
0%
LUECK 9,123 3,579
0%
LUEDTKE 9,061 3,607
0%
LUEVANO 5,502 6,324
0%
LUGO 913 37,903
0%
LUKER 7,210 4,629
0%
LUMPKIN 3,805 9,307
0%
LUNDEEN 9,598 3,385
0%
LUNDIN 9,483 3,431
0%
LUNDQUIST 5,110 6,853
0%
LUNDY 2,439 14,850
0%
LUNSFORD 2,137 16,962
0%
LUSK 2,803 12,847
0%
LUSSIER 6,999 4,786
0%
LUSTER 4,823 7,316
0%
LUTES 8,862 3,695
0%
LUTTRELL 3,687 9,632
0%
LUTZ 1,092 32,050
0%
LYDON 8,103 4,091
0%
LYKINS 7,328 4,552
0%
LYTLE 2,781 12,970
0%
MACALUSO 7,339 4,542
0%
MACDOUGALL 7,725 4,296
0%
MACFARLANE 7,243 4,605
0%
MACHADO 1,552 23,170
0%
MACHUCA 5,475 6,351
0%
MACIAS 538 62,227
0%
MACIEL 3,142 11,500
0%
MADIGAN 6,025 5,707
0%
MAESTAS 4,287 8,296
0%
MAGALLANES 4,012 8,852
0%
MAGALLON 6,332 5,387
0%
MAGANA 888 39,105
0%
MAGDALENO 4,461 7,956
0%
MAGGARD 5,266 6,625
0%
MAGILL 6,036 5,692
0%
MAGNUSON 4,445 7,980
0%
MAHAFFEY 4,400 8,079
0%
MAHAN 2,371 15,375
0%
MAHAR 9,803 3,302
0%
MAJEWSKI 6,609 5,126
0%
MAKI 3,860 9,190
0%
MAKOWSKI 8,395 3,942
0%
MALAVE 6,434 5,278
0%
MALLARD 5,289 6,583
0%
MALLON 6,531 5,188
0%
MALOTT 9,839 3,289
0%
MALOY 6,664 5,068
0%
MANALO 9,139 3,571
0%
MANCIA 8,106 4,089
0%
MANCILLA 4,486 7,908
0%
MANCINI 3,175 11,382
0%
MANCUSO 3,665 9,711
0%
MANDUJANO 5,660 6,133
0%
MANESS 4,393 8,095
0%
MANEY 9,672 3,355
0%
MANGAN 5,508 6,315
0%
MANGRUM 7,772 4,270
0%
MANGUM 3,723 9,515
0%
MANION 6,640 5,099
0%
MANIS 7,124 4,696
0%
MANNINO 8,532 3,857
0%
MANRIQUE 8,562 3,847
0%
MANRIQUEZ 4,381 8,119
0%
MANSOUR 5,525 6,291
0%
MANZANARES 4,740 7,480
0%
MANZANO 3,697 9,608
0%
MAPES 6,260 5,456
0%
MARABLE 9,265 3,514
0%
MARAVILLA 6,052 5,669
0%
MARCANO 7,789 4,256
0%
MARCHAND 5,275 6,610
0%
MARCHESE 5,229 6,670
0%
MARCHETTI 7,767 4,272
0%
MARCIAL 7,162 4,670
0%
MARCOTTE 5,838 5,923
0%
MARCUM 2,244 16,246
0%
MARDIS 9,620 3,378
0%
MAREK 4,420 8,042
0%
MARGOLIS 7,912 4,181
0%
MARIANI 7,287 4,573
0%
MARINELLI 7,430 4,483
0%
MARINI 8,743 3,752
0%
MARISCAL 4,238 8,368
0%
MARKEL 8,023 4,126
0%
MARKLEY 4,679 7,581
0%
MARKOWITZ 7,508 4,435
0%
MARKOWSKI 9,276 3,509
0%
MARLER 4,975 7,058
0%
MARMOLEJO 6,500 5,221
0%
MAROTTA 7,413 4,491
0%
MARQUARDT 4,058 8,749
0%
MARRERO 1,706 21,109
0%
MARRONE 8,617 3,818
0%
MARROQUIN 1,822 19,661
0%
MARROW 8,954 3,656
0%
MARRUFO 9,017 3,626
0%
MARTINDALE 5,040 6,962
0%
MARTZ 4,309 8,250
0%
MASSARO 6,651 5,089
0%
MASSENGILL 9,352 3,478
0%
MASTIN 8,119 4,085
0%
MATAMOROS 8,206 4,044
0%
MATHENY 4,128 8,595
0%
MATHERNE 9,451 3,442
0%
MATHISON 7,692 4,316
0%
MATNEY 6,198 5,518
0%
MATOS 1,696 21,258
0%
MATSUMOTO 7,421 4,486
0%
MATTA 6,111 5,610
0%
MATTERN 7,110 4,705
0%
MATTESON 4,919 7,148
0%
MATTOS 7,785 4,260
0%
MATTOX 3,535 10,099
0%
MATUTE 8,478 3,892
0%
MAUGHAN 9,319 3,494
0%
MAUK 8,784 3,733
0%
MAULDIN 3,561 10,011
0%
MAUPIN 5,730 6,051
0%
MAURER 1,729 20,707
0%
MAURICIO 6,346 5,371
0%
MAUS 8,288 3,997
0%
MAXIE 9,756 3,322
0%
MAXSON 7,287 4,573
0%
MAYNOR 7,074 4,732
0%
MAZARIEGOS 6,465 5,255
0%
MAZZA 4,417 8,043
0%
MAZZOLA 8,485 3,885
0%
MCABEE 8,196 4,049
0%
MCADOO 9,122 3,580
0%
MCALPINE 8,814 3,714
0%
MCANALLY 7,997 4,136
0%
MCAULEY 7,906 4,186
0%
MCBRAYER 9,421 3,452
0%
MCBROOM 7,287 4,573
0%
MCCAFFERTY 6,579 5,147
0%
MCCALLA 9,745 3,326
0%
MCCAMMON 9,352 3,478
0%
MCCANTS 5,542 6,270
0%
MCCARLEY 8,072 4,106
0%
MCCARROLL 9,940 3,246
0%
MCCARRON 9,054 3,609
0%
MCCARTER 3,605 9,849
0%
MCCASKILL 5,892 5,857
0%
MCCASLIN 7,106 4,709
0%
MCCLANAHAN 3,429 10,407
0%
MCCLARY 5,713 6,070
0%
MCCLEARY 5,317 6,554
0%
MCCLELLAND 2,564 14,092
0%
MCCLENDON 1,907 18,857
0%
MCCLINTOCK 3,879 9,141
0%
MCCLINTON 5,925 5,816
0%
MCCLOSKEY 3,336 10,756
0%
MCCLUNG 3,746 9,456
0%
MCCLURG 9,778 3,314
0%
MCCLUSKEY 5,518 6,301
0%
MCCOMAS 6,973 4,812
0%
MCCOMB 6,106 5,616
0%
MCCOMBS 3,882 9,134
0%
MCCOOL 4,856 7,259
0%
MCCORKLE 4,154 8,529
0%
MCCORMACK 2,074 17,449
0%
MCCOWAN 7,386 4,510
0%
MCCOWN 6,744 5,000
0%
MCCRACKEN 1,862 19,287
0%
MCCRAW 6,156 5,561
0%
MCCREADY 7,725 4,296
0%
MCCULLEY 6,269 5,450
0%
MCCULLUM 9,803 3,302
0%
MCCULLY 9,919 3,256
0%
MCCUNE 3,715 9,549
0%
MCCURDY 2,880 12,463
0%
MCCURRY 4,673 7,590
0%
MCCUSKER 9,135 3,574
0%
MCCUTCHEN 7,975 4,146
0%
MCCUTCHEON 3,835 9,230
0%
MCDEVITT 4,768 7,425
0%
MCDUFFIE 3,526 10,125
0%
MCEACHERN 8,003 4,133
0%
MCELHANEY 8,547 3,853
0%
MCELROY 1,446 24,668
0%
MCELVEEN 8,768 3,740
0%
MCELWEE 9,074 3,602
0%
MCENTIRE 8,042 4,115
0%
MCEWEN 4,659 7,610
0%
MCFALL 4,664 7,602
0%
MCFARLIN 7,453 4,471
0%
MCGAHA 8,676 3,787
0%
MCGANN 8,547 3,853
0%
MCGARRY 5,026 6,982
0%
MCGEHEE 5,984 5,749
0%
MCGINLEY 5,112 6,851
0%
MCGINTY 5,697 6,084
0%
MCGLONE 9,233 3,527
0%
MCGLOTHLIN 8,317 3,984
0%
MCGLYNN 7,880 4,200
0%
MCGOUGH 6,574 5,150
0%
MCGOWEN 8,606 3,825
0%
MCGREW 3,786 9,354
0%
MCGRIFF 5,947 5,789
0%
MCGRUDER 9,446 3,444
0%
MCGUIGAN 8,975 3,646
0%
MCINERNEY 7,446 4,473
0%
MCINNIS 4,475 7,933
0%
MCINTIRE 3,380 10,566
0%
MCKEEVER 4,642 7,647
0%
MCKELVEY 4,985 7,043
0%
MCKENNEY 4,852 7,265
0%
MCKEOWN 4,805 7,357
0%
MCKIBBEN 6,801 4,958
0%
MCKIM 8,669 3,790
0%
MCKINZIE 8,414 3,929
0%
MCKOWN 9,177 3,554
0%
MCLAURIN 4,414 8,045
0%
MCLEMORE 3,306 10,850
0%
MCLENDON 4,193 8,453
0%
MCMAHAN 2,522 14,368
0%
MCMICHAEL 4,785 7,392
0%
MCMILLEN 3,444 10,371
0%
MCMILLIN 6,393 5,323
0%
MCMILLION 9,520 3,415
0%
MCMULLIN 6,616 5,119
0%
MCMURRY 8,882 3,687
0%
MCNAMEE 5,917 5,825
0%
MCNAUGHTON 7,744 4,287
0%
MCNEELY 3,183 11,350
0%
MCNEW 7,714 4,304
0%
MCNUTT 3,834 9,232
0%
MCPEAK 9,020 3,625
0%
MCPHAIL 6,381 5,333
0%
MCQUADE 7,513 4,430
0%
MCROBERTS 8,793 3,726
0%
MCSHANE 6,737 5,006
0%
MCSWAIN 5,600 6,213
0%
MCSWEENEY 8,639 3,807
0%
MCVAY 4,398 8,086
0%
MCVICKER 8,770 3,738
0%
MEACHAM 5,615 6,190
0%
MEADOR 3,474 10,292
0%
MEADORS 8,834 3,709
0%
MECHAM 8,356 3,962
0%
MEDEL 7,224 4,620
0%
MEDELLIN 5,577 6,231
0%
MEDLEY 2,641 13,630
0%
MEDLIN 3,338 10,750
0%
MEDLOCK 5,427 6,416
0%
MEDRANO 858 40,261
0%
MEEKER 4,046 8,781
0%
MEEKINS 9,692 3,347
0%
MEFFORD 8,501 3,875
0%
MEHTA 2,526 14,342
0%
MEISNER 9,415 3,454
0%
MEISSNER 8,093 4,097
0%
MEISTER 4,496 7,885
0%
MEJIAS 7,450 4,472
0%
MELANCON 5,360 6,496
0%
MELANSON 7,238 4,608
0%
MELCHER 7,018 4,772
0%
MELCHOR 4,269 8,319
0%
MELGAR 3,897 9,106
0%
MELGOZA 6,511 5,211
0%
MELLINGER 8,617 3,818
0%
MELLOTT 7,328 4,552
0%
MENCHACA 4,345 8,169
0%
MENDENHALL 3,499 10,213
0%
MENDIETA 7,209 4,630
0%
MENDIOLA 3,337 10,752
0%
MENEFEE 7,126 4,695
0%
MENESES 4,143 8,548
0%
MENJIVAR 4,116 8,622
0%
MENKE 7,399 4,498
0%
MENSAH 7,863 4,209
0%
MENTZER 9,531 3,410
0%
MERAZ 4,119 8,616
0%
MERCADO 555 60,761
0%
MERCURIO 7,357 4,528
0%
MERIDA 7,536 4,411
0%
MERINO 3,073 11,684
0%
MERKLE 8,668 3,791
0%
MERRIFIELD 9,088 3,596
0%
MERRITT 756 45,594
0%
MERRIWEATHER 6,989 4,793
0%
MERRYMAN 8,572 3,843
0%
MERTENS 7,597 4,375
0%
MESSICK 5,404 6,441
0%
MESSINA 2,833 12,717
0%
MESSINGER 7,505 4,436
0%
MESSNER 6,701 5,039
0%
METTLER 9,929 3,250
0%
METTS 8,473 3,896
0%
METZLER 5,239 6,657
0%
MICELI 7,107 4,708
0%
MICHALAK 8,320 3,983
0%
MICHALSKI 5,072 6,914
0%
MICHAUD 2,431 14,910
0%
MICKENS 6,377 5,339
0%
MIDDLEBROOKS 7,198 4,643
0%
MIDKIFF 7,366 4,523
0%
MIELKE 6,235 5,482
0%
MIKESELL 9,520 3,415
0%
MILAM 3,038 11,787
0%
MILBURN 4,507 7,871
0%
MILIAN 6,539 5,181
0%
MILLICAN 8,690 3,779
0%
MILLIKEN 5,892 5,857
0%
MILLSAP 7,138 4,685
0%
MILLSAPS 9,895 3,267
0%
MIMS 1,878 19,139
0%
MINCEY 5,908 5,839
0%
MINGO 6,866 4,899
0%
MINK 5,841 5,922
0%
MINNICH 7,609 4,369
0%
MINNICK 4,679 7,581
0%
MINTZ 5,896 5,853
0%
MIRAMONTES 3,998 8,884
0%
MIRELES 2,105 17,186
0%
MIRZA 6,940 4,831
0%
MISHLER 9,141 3,569
0%
MISNER 9,573 3,395
0%
MISTRY 8,832 3,710
0%
MITCHEM 6,793 4,965
0%
MIZELL 6,291 5,429
0%
MOCTEZUMA 8,775 3,735
0%
MOEN 4,367 8,138
0%
MOFFATT 7,339 4,542
0%
MOFFETT 3,025 11,853
0%
MOFFITT 3,543 10,070
0%
MOHLER 5,348 6,506
0%
MOHR 2,106 17,180
0%
MOISE 7,829 4,230
0%
MOJICA 2,450 14,737
0%
MOLINAR 9,129 3,577
0%
MOLLOY 4,868 7,238
0%
MONCADA 4,134 8,574
0%
MONCRIEF 7,171 4,665
0%
MONDRAGON 1,941 18,620
0%
MONETTE 9,598 3,385
0%
MONREAL 6,031 5,698
0%
MONROY 2,456 14,673
0%
MONTALBANO 9,949 3,245
0%
MONTALVO 1,531 23,454
0%
MONTEJANO 9,907 3,263
0%
MONTELEONE 9,074 3,602
0%
MONTELONGO 4,180 8,472
0%
MONTENEGRO 3,365 10,606
0%
MONTESDEOCA 5,922 5,820
0%
MONTIEL 2,896 12,376
0%
MONZON 5,646 6,151
0%
MOORER 6,918 4,849
0%
MOORHEAD 7,666 4,332
0%
MOORMAN 4,780 7,399
0%
MORAIS 9,611 3,381
0%
MOREIRA 3,942 9,037
0%
MORELL 7,756 4,281
0%
MORELLI 5,333 6,532
0%
MORELLO 9,853 3,283
0%
MORETTI 8,529 3,858
0%
MOREY 3,298 10,894
0%
MORFIN 7,391 4,505
0%
MORILLO 9,355 3,477
0%
MORMAN 8,989 3,640
0%
MORRELL 3,065 11,700
0%
MORRILL 4,667 7,598
0%
MOSHER 2,325 15,672
0%
MOSQUEDA 3,668 9,709
0%
MOSQUERA 9,846 3,286
0%
MOTA 2,547 14,182
0%
MOTEN 7,071 4,734
0%
MOTES 9,006 3,631
0%
MOTON 7,977 4,144
0%
MOTTA 7,929 4,173
0%
MOULTON 2,963 12,104
0%
MOULTRIE 7,566 4,391
0%
MOUNTS 8,361 3,960
0%
MOUTON 5,329 6,535
0%
MOWERY 4,321 8,226
0%
MOWRY 6,989 4,793
0%
MOXLEY 7,525 4,421
0%
MOYE 4,634 7,657
0%
MOYER 935 37,050
0%
MOYERS 6,961 4,818
0%
MOYNIHAN 7,627 4,352
0%
MULCAHY 5,279 6,595
0%
MULHOLLAND 5,474 6,353
0%
MULKEY 5,724 6,061
0%
MULLANEY 7,803 4,241
0%
MULLINAX 7,148 4,679
0%
MULLIS 3,954 9,003
0%
MULVEY 8,389 3,945
0%
MUNCY 6,409 5,308
0%
MUNDT 9,361 3,475
0%
MUNGER 6,079 5,639
0%
MUNGUIA 2,857 12,615
0%
MURCHISON 8,106 4,089
0%
MURGUIA 7,983 4,141
0%
MURPHREE 8,242 4,021
0%
MUSA 8,773 3,736
0%
MUSE 2,870 12,571
0%
MUSICK 5,033 6,972
0%
MUSSELMAN 5,516 6,306
0%
MUSSER 3,615 9,820
0%
MYRICK 2,720 13,236
0%
NADEAU 2,929 12,236
0%
NAGEL 2,480 14,545
0%
NAGLE 3,292 10,963
0%
NAJAR 9,821 3,296
0%
NAJERA 1,971 18,340
0%
NALL 4,454 7,966
0%
NALLEY 6,598 5,134
0%
NAPIER 1,872 19,182
0%
NAPOLITANO 4,917 7,153
0%
NAQUIN 7,230 4,617
0%
NARANJO 2,328 15,658
0%
NASSAR 9,621 3,377
0%
NASSER 7,160 4,673
0%
NATALE 6,188 5,529
0%
NATION 4,940 7,125
0%
NATIONS 9,050 3,610
0%
NATIVIDAD 7,885 4,198
0%
NAUGLE 9,503 3,420
0%
NAVARRETE 1,471 24,259
0%
NAVARRETTE 9,334 3,489
0%
NAZARIO 5,258 6,636
0%
NEALY 7,426 4,485
0%
NEELEY 3,816 9,288
0%
NEELY 1,502 23,843
0%
NEFF 1,577 22,764
0%
NEGRETE 2,384 15,245
0%
NEGRON 1,963 18,413
0%
NEIMAN 8,713 3,766
0%
NELMS 4,833 7,303
0%
NEMETH 4,241 8,362
0%
NERI 4,394 8,094
0%
NESMITH 4,955 7,097
0%
NEUBAUER 5,848 5,911
0%
NEUFELD 9,701 3,344
0%
NEVAREZ 2,188 16,607
0%
NEVELS 9,727 3,335
0%
NEVINS 6,688 5,052
0%
NEWBERRY 2,675 13,482
0%
NEWBY 3,148 11,483
0%
NEWCOMER 6,449 5,263
0%
NEWHOUSE 5,377 6,471
0%
NEWLAND 4,735 7,491
0%
NEWLIN 7,926 4,175
0%
NEWSOME 1,491 23,958
0%
NICELY 6,998 4,789
0%
NICKELL 5,894 5,855
0%
NICKENS 9,940 3,246
0%
NIEHAUS 9,320 3,493
0%
NIEMAN 6,857 4,907
0%
NIEMANN 7,908 4,184
0%
NIEMEYER 7,666 4,332
0%
NIEMI 7,767 4,272
0%
NIETO 1,376 25,701
0%
NIPPER 7,958 4,157
0%
NISSEN 6,796 4,964
0%
NOLASCO 3,102 11,609
0%
NORDSTROM 6,220 5,498
0%
NORFLEET 7,988 4,139
0%
NORTHROP 8,305 3,990
0%
NORVELL 8,817 3,713
0%
NOTO 9,810 3,300
0%
NOVOTNY 5,270 6,617
0%
NOWLIN 5,216 6,692
0%
NOYES 3,666 9,710
0%
NOYOLA 7,759 4,279
0%
NUNLEY 3,936 9,046
0%
NUNNALLY 8,168 4,058
0%
NUSS 8,714 3,765
0%
NUSSBAUM 7,684 4,321
0%
NUTTALL 9,884 3,271
0%
NYBERG 8,787 3,732
0%
NYSTROM 8,030 4,122
0%
OBANDO 9,551 3,404
0%
OBERG 6,179 5,537
0%
OBOYLE 9,859 3,281
0%
OBREGON 5,630 6,172
0%
OBRYANT 8,283 4,001
0%
OCASIO 3,815 9,293
0%
OCEGUERA 9,081 3,599
0%
OCHS 5,853 5,901
0%
ODAY 8,878 3,688
0%
ODLE 8,317 3,984
0%
ODUM 7,585 4,381
0%
OGILVIE 9,510 3,418
0%
OGLESBY 2,919 12,271
0%
OGLETREE 7,369 4,519
0%
OHALLORAN 9,839 3,289
0%
OJEDA 1,633 22,045
0%
OLGUIN 3,356 10,660
0%
OLINGER 5,998 5,732
0%
OLIPHANT 5,931 5,808
0%
OLIVAS 1,785 20,106
0%
OLIVIERI 9,839 3,289
0%
OLMEDO 5,967 5,768
0%
OLMOS 3,596 9,895
0%
OLMSTEAD 4,430 8,021
0%
ONEY 9,232 3,528
0%
ONTIVEROS 2,225 16,382
0%
OQUENDO 6,263 5,455
0%
ORCUTT 6,940 4,831
0%
ORDAZ 4,578 7,753
0%
ORELLANA 1,319 26,651
0%
ORMSBY 8,981 3,643
0%
ORNELAS 1,568 22,969
0%
ORONA 5,649 6,145
0%
OROPEZA 4,965 7,082
0%
OROSCO 4,273 8,313
0%
ORTH 5,482 6,345
0%
OSBURN 4,699 7,549
0%
OSEGUERA 7,455 4,470
0%
OSORIO 1,199 29,482
0%
OSPINA 8,697 3,774
0%
OSTEEN 6,223 5,497
0%
OSTER 5,554 6,259
0%
OSTERMAN 9,919 3,256
0%
OSTRANDER 3,722 9,518
0%
OSTROM 9,343 3,485
0%
OSTROWSKI 5,015 7,005
0%
OSUNA 4,666 7,601
0%
OSWALT 6,524 5,198
0%
OTERO 1,716 20,937
0%
OUELLETTE 2,583 13,984
0%
OUSLEY 7,048 4,751
0%
OUTLAW 3,991 8,901
0%
OVALLE 4,610 7,698
0%
OVERBY 5,512 6,311
0%
OVERMAN 6,326 5,396
0%
OVERSTREET 2,907 12,342
0%
OVIEDO 4,362 8,145
0%
OWINGS 7,585 4,381
0%
OXENDINE 4,930 7,139
0%
OYLER 9,320 3,493
0%
OZUNA 5,499 6,327
0%
PABON 5,262 6,630
0%
PADDOCK 6,441 5,272
0%
PADEN 7,842 4,223
0%
PADGETT 1,397 25,413
0%
PADRON 2,751 13,114
0%
PAGANO 4,186 8,465
0%
PAGEL 6,697 5,043
0%
PAIVA 9,643 3,365
0%
PAIZ 7,638 4,347
0%
PALADINO 9,925 3,253
0%
PALAFOX 5,945 5,793
0%
PALAZZOLO 9,627 3,374
0%
PALENCIA 9,959 3,241
0%
PALLADINO 8,042 4,115
0%
PALMIERI 5,522 6,296
0%
PALMISANO 9,648 3,363
0%
PALMORE 9,884 3,271
0%
PALOMARES 4,964 7,084
0%
PALOMINO 3,800 9,313
0%
PANDYA 9,271 3,512
0%
PANIAGUA 3,455 10,340
0%
PANKEY 7,216 4,626
0%
PANNELL 4,089 8,687
0%
PANTOJA 2,383 15,249
0%
PAQUETTE 3,699 9,606
0%
PAQUIN 8,159 4,064
0%
PARADA 4,103 8,649
0%
PARAMO 9,691 3,348
0%
PARDUE 5,821 5,940
0%
PAREKH 9,770 3,316
0%
PARHAM 2,302 15,846
0%
PARKHURST 6,024 5,708
0%
PARRETT 8,848 3,703
0%
PARTAIN 8,772 3,737
0%
PARTEE 9,633 3,369
0%
PARTIDA 4,002 8,878
0%
PARTLOW 9,025 3,623
0%
PASCHAL 5,709 6,075
0%
PASCHALL 7,725 4,296
0%
PASILLAS 7,876 4,201
0%
PASLEY 9,320 3,493
0%
PASQUALE 8,793 3,726
0%
PASSMORE 5,510 6,314
0%
PASTORE 8,049 4,112
0%
PASTRANA 6,943 4,830
0%
PATINO 1,705 21,113
0%
PAUGH 9,017 3,626
0%
PAULINO 3,142 11,500
0%
PAULK 6,206 5,511
0%
PAULUS 6,551 5,171
0%
PAULY 9,969 3,235
0%
PAVLIK 8,797 3,725
0%
PAWLAK 8,019 4,127
0%
PAWLOWSKI 6,384 5,332
0%
PAYAN 5,403 6,443
0%
PAYNTER 9,756 3,322
0%
PAZ 1,384 25,574
0%
PEACHEY 8,432 3,918
0%
PEARSALL 6,877 4,888
0%
PEAY 9,919 3,256
0%
PECORARO 9,652 3,362
0%
PEDIGO 6,980 4,804
0%
PEDRAZA 2,829 12,748
0%
PEDROZA 3,297 10,918
0%
PEEBLES 4,021 8,843
0%
PEEK 3,263 11,062
0%
PEEPLES 4,732 7,499
0%
PEGRAM 7,907 4,185
0%
PEGUERO 7,473 4,457
0%
PEGUES 8,518 3,864
0%
PELAEZ 5,929 5,810
0%
PELAYO 4,218 8,402
0%
PELFREY 7,997 4,136
0%
PELHAM 9,854 3,282
0%
PELKEY 7,279 4,579
0%
PELLEGRINI 8,263 4,011
0%
PELLEGRINO 4,781 7,398
0%
PELLETIER 2,026 17,808
0%
PELTIER 4,927 7,140
0%
PELTON 5,980 5,753
0%
PELUSO 8,822 3,712
0%
PEMBERTON 3,207 11,272
0%
PENALOZA 5,003 7,026
0%
PENDERGRASS 4,378 8,123
0%
PENDLEY 7,874 4,203
0%
PENICK 9,912 3,259
0%
PENLAND 7,981 4,142
0%
PENNELL 5,633 6,170
0%
PENROD 5,095 6,867
0%
PENTON 9,760 3,321
0%
PEPIN 7,075 4,731
0%
PERAZA 5,811 5,949
0%
PERDOMO 3,548 10,058
0%
PERDUE 2,211 16,464
0%
PEREYRA 8,496 3,877
0%
PERNA 9,382 3,467
0%
PERREAULT 7,528 4,420
0%
PERRIN 3,121 11,550
0%
PERRINE 6,175 5,541
0%
PERRONE 5,463 6,368
0%
PERROTTA 8,817 3,713
0%
PERSAUD 3,000 11,956
0%
PERSINGER 6,604 5,131
0%
PETRICK 9,777 3,315
0%
PETRIE 4,159 8,520
0%
PETRILLO 7,920 4,179
0%
PETRONE 8,541 3,854
0%
PETRY 6,178 5,538
0%
PETTIGREW 4,458 7,958
0%
PETTIS 4,807 7,354
0%
PETTUS 6,520 5,204
0%
PETTWAY 6,976 4,807
0%
PFAFF 5,498 6,331
0%
PFEFFER 7,554 4,400
0%
PFEIFER 3,533 10,109
0%
PFEIFFER 2,601 13,851
0%
PFISTER 6,283 5,441
0%
PHARES 8,872 3,691
0%
PHELAN 3,382 10,562
0%
PHIFER 6,051 5,671
0%
PHIPPS 1,519 23,610
0%
PIATT 4,746 7,463
0%
PICHARDO 3,375 10,572
0%
PICKARD 3,928 9,053
0%
PIEDRA 6,644 5,098
0%
PIEPER 5,103 6,860
0%
PIERCY 8,259 4,012
0%
PIERRELOUIS 6,070 5,653
0%
PIFER 8,623 3,814
0%
PIMENTEL 1,671 21,579
0%
PINCKNEY 5,147 6,800
0%
PINEDO 5,719 6,065
0%
PINEIRO 9,395 3,461
0%
PINKHAM 8,841 3,706
0%
PINO 3,288 10,993
0%
PINON 5,055 6,938
0%
PINTER 8,920 3,669
0%
PINZON 9,583 3,392
0%
PIOTROWSKI 6,384 5,332
0%
PIPKIN 6,119 5,604
0%
PIPPIN 4,818 7,326
0%
PIRTLE 6,400 5,315
0%
PISANO 7,331 4,551
0%
PITCHFORD 8,206 4,044
0%
PITRE 5,257 6,637
0%
PITZER 9,624 3,375
0%
PIZANO 6,628 5,110
0%
PLACENCIA 8,291 3,996
0%
PLASCENCIA 4,079 8,710
0%
PLASENCIA 9,058 3,608
0%
PLATA 6,290 5,432
0%
PLETCHER 9,147 3,567
0%
PLOURDE 7,866 4,208
0%
PLOWMAN 8,728 3,757
0%
PLUMLEY 7,880 4,200
0%
POFF 6,725 5,021
0%
POGUE 4,734 7,493
0%
POHLMAN 8,389 3,945
0%
POINDEXTER 3,129 11,531
0%
POIRIER 3,747 9,453
0%
POLING 4,558 7,779
0%
POLITE 8,067 4,108
0%
POLITO 8,228 4,032
0%
POLSTON 9,827 3,295
0%
POMEROY 4,792 7,377
0%
POMPA 7,851 4,217
0%
POPOVICH 8,368 3,957
0%
PORRAS 2,962 12,106
0%
PORTERFIELD 5,160 6,780
0%
PORTIS 9,877 3,274
0%
POSADAS 9,177 3,554
0%
POSTON 3,434 10,396
0%
POTEAT 9,384 3,465
0%
POTEET 7,625 4,353
0%
POULOS 7,093 4,722
0%
POYNTER 7,830 4,229
0%
PRATER 1,839 19,484
0%
PRATHER 2,298 15,860
0%
PRAY 8,700 3,773
0%
PRECIADO 2,883 12,455
0%
PREJEAN 9,830 3,294
0%
PRENDERGAST 5,936 5,800
0%
PRESNELL 8,168 4,058
0%
PRIDDY 6,133 5,586
0%
PRIDGEN 6,127 5,591
0%
PRIEBE 9,150 3,565
0%
PRIESTER 8,377 3,951
0%
PRIETO 1,833 19,520
0%
PRIVETT 9,117 3,583
0%
PROPST 7,057 4,743
0%
PROSSER 4,312 8,244
0%
PROUTY 8,209 4,042
0%
PROVENZANO 8,822 3,712
0%
PROVOST 4,062 8,742
0%
PUENTES 4,711 7,528
0%
PUGA 4,977 7,056
0%
PULIDO 1,894 18,942
0%
PULLEY 4,435 8,007
0%
PULLIAM 3,099 11,613
0%
PUMPHREY 8,749 3,749
0%
PURNELL 4,197 8,441
0%
PURSER 9,199 3,545
0%
PURSLEY 8,103 4,091
0%
PURYEAR 7,655 4,339
0%
PUTMAN 3,924 9,058
0%
QUACH 3,598 9,894
0%
QUACKENBUSH 7,947 4,164
0%
QUADE 9,491 3,426
0%
QUALLS 2,999 11,958
0%
QUARLES 3,631 9,780
0%
QUESADA 4,509 7,870
0%
QUESENBERRY 9,011 3,630
0%
QUEVEDO 4,404 8,064
0%
QUEZADA 1,372 25,752
0%
QUIJADA 6,856 4,908
0%
QUIJANO 6,628 5,110
0%
QUILES 5,107 6,858
0%
QUILLEN 5,783 5,989
0%
QUINTANILLA 1,586 22,581
0%
QUINTERO 839 41,158
0%
QUINTEROS 8,485 3,885
0%
QUIROGA 5,824 5,937
0%
QUIROZ 1,280 27,452
0%
QURESHI 5,035 6,966
0%
RABER 4,854 7,261
0%
RABON 8,049 4,112
0%
RABY 7,319 4,559
0%
RACHAL 9,695 3,346
0%
RACKLEY 6,229 5,488
0%
RADEMACHER 8,263 4,011
0%
RADKE 6,777 4,976
0%
RADTKE 5,684 6,099
0%
RAEL 9,093 3,592
0%
RAGER 6,425 5,287
0%
RAGLAND 2,815 12,816
0%
RAGSDALE 2,932 12,227
0%
RAHN 6,054 5,668
0%
RAINEY 1,545 23,291
0%
RAINWATER 4,949 7,111
0%
RAKES 9,765 3,318
0%
RAMAGE 8,494 3,878
0%
RAMER 7,752 4,283
0%
RAMEY 1,616 22,287
0%
RAMSDELL 9,747 3,325
0%
RANDAZZO 4,900 7,190
0%
RANEY 4,038 8,801
0%
RANKINS 8,634 3,809
0%
RAPER 6,952 4,825
0%
RAPP 2,562 14,107
0%
RASCON 5,537 6,274
0%
RASHID 5,353 6,504
0%
RATLIFF 1,168 30,083
0%
RAUSCH 4,224 8,398
0%
RAWSON 5,442 6,395
0%
RAYBURN 4,152 8,532
0%
RAYFORD 7,270 4,584
0%
RAYGOZA 7,431 4,482
0%
RAZO 2,960 12,125
0%
REAM 5,588 6,222
0%
REAMS 6,618 5,118
0%
REAVIS 6,411 5,305
0%
REBER 6,418 5,295
0%
REBOLLAR 9,568 3,397
0%
RECINOS 5,326 6,540
0%
RECIO 9,451 3,442
0%
RECKER 9,373 3,471
0%
RECORD 9,262 3,515
0%
RECTOR 2,661 13,559
0%
REDDICK 3,628 9,785
0%
REDDY 2,858 12,614
0%
REDFERN 9,712 3,340
0%
REDWINE 9,141 3,569
0%
REESER 9,890 3,270
0%
REGALADO 2,791 12,931
0%
REGISTER 3,914 9,075
0%
REH 8,780 3,734
0%
REHM 8,993 3,637
0%
REHMAN 9,784 3,311
0%
REICHARD 8,650 3,799
0%
REICHERT 3,453 10,345
0%
REIDY 7,896 4,193
0%
REIF 9,611 3,381
0%
REIFF 8,010 4,130
0%
REIMER 3,927 9,055
0%
REIMERS 9,698 3,345
0%
REINERT 6,269 5,450
0%
REINHOLD 9,186 3,551
0%
REINKE 5,836 5,926
0%
REISER 7,325 4,554
0%
REITZ 4,663 7,604
0%
REMBERT 8,295 3,994
0%
REMY 8,681 3,784
0%
RENAUD 5,688 6,094
0%
RENDON 1,778 20,143
0%
RENEAU 9,865 3,279
0%
RENFROE 6,956 4,822
0%
RENSHAW 7,599 4,374
0%
RENTERIA 1,256 27,976
0%
RENTZ 8,373 3,954
0%
RESCH 9,895 3,267
0%
RESENDEZ 3,771 9,390
0%
RESENDIZ 2,500 14,457
0%
RESNICK 7,191 4,647
0%
RESSLER 7,497 4,442
0%
RESTREPO 4,759 7,441
0%
RETANA 8,832 3,710
0%
RETTIG 8,986 3,641
0%
REUTER 4,644 7,643
0%
REVELES 7,821 4,233
0%
REVELS 7,141 4,683
0%
REVIS 9,570 3,396
0%
REYNAGA 9,241 3,522
0%
REYNOSO 1,554 23,143
0%
RHINE 8,690 3,779
0%
RHINEHART 6,025 5,707
0%
RHODEN 5,617 6,187
0%
RIBEIRO 5,206 6,712
0%
RICCIO 7,937 4,169
0%
RICKARD 3,886 9,128
0%
RICKERT 6,232 5,483
0%
RIDDELL 6,484 5,236
0%
RIDDICK 4,187 8,464
0%
RIDENOUR 4,373 8,130
0%
RIDEOUT 8,313 3,986
0%
RIDGWAY 6,291 5,429
0%
RIEDEL 5,295 6,578
0%
RIEGEL 8,345 3,967
0%
RIEGER 5,783 5,989
0%
RIFE 5,268 6,620
0%
RIFFLE 6,253 5,461
0%
RIGDON 6,586 5,145
0%
RIGGLE 8,201 4,047
0%
RIGNEY 7,203 4,637
0%
RINALDI 4,573 7,756
0%
RINCON 2,215 16,455
0%
RINGLER 9,368 3,472
0%
RINKER 7,050 4,750
0%
RIOJAS 6,030 5,699
0%
RISNER 5,925 5,816
0%
RITCHEY 4,019 8,844
0%
RITTENHOUSE 6,339 5,378
0%
RITZ 5,413 6,430
0%
RIVARD 6,186 5,530
0%
RIVES 9,203 3,544
0%
RIZO 5,547 6,266
0%
RIZVI 9,756 3,322
0%
ROANE 9,632 3,370
0%
ROBERGE 8,814 3,714
0%
ROBEY 6,381 5,333
0%
ROBILLARD 9,301 3,499
0%
ROBINETT 8,925 3,667
0%
ROBINETTE 4,045 8,784
0%
ROBLEDO 2,277 16,001
0%
ROCA 8,611 3,819
0%
RODARTE 4,008 8,860
0%
RODAS 3,193 11,327
0%
RODDY 4,939 7,127
0%
RODEN 5,245 6,653
0%
ROEBUCK 6,638 5,100
0%
ROEDER 5,185 6,742
0%
ROEMER 9,186 3,551
0%
ROHDE 5,043 6,961
0%
ROHRER 4,580 7,750
0%
ROLDAN 2,671 13,498
0%
ROMINE 4,604 7,704
0%
RONDEAU 8,475 3,894
0%
RONQUILLO 6,885 4,881
0%
ROSADO 1,301 26,998
0%
ROSEBERRY 7,852 4,215
0%
ROSENBERGER 4,874 7,228
0%
ROSENBLUM 8,114 4,086
0%
ROSENFELD 5,371 6,484
0%
ROSIER 8,288 3,997
0%
ROSNER 8,878 3,688
0%
ROSSETTI 9,038 3,615
0%
ROUNDTREE 5,405 6,439
0%
ROUNTREE 5,196 6,726
0%
ROUSH 3,173 11,386
0%
ROUX 9,594 3,387
0%
ROWLETT 9,440 3,446
0%
ROYBAL 5,197 6,725
0%
ROYSTER 4,409 8,056
0%
ROZIER 7,575 4,386
0%
RUBALCAVA 6,605 5,130
0%
RUDDY 9,917 3,258
0%
RUDISILL 9,836 3,290
0%
RUEDA 3,829 9,253
0%
RUELAS 3,140 11,505
0%
RUFFIN 2,231 16,324
0%
RUGGIERO 3,825 9,263
0%
RUGGLES 6,494 5,228
0%
RUHL 7,468 4,462
0%
RUMMEL 8,439 3,913
0%
RUMSEY 6,497 5,226
0%
RUNGE 6,591 5,139
0%
RUNNELS 6,680 5,055
0%
RUNYAN 5,518 6,301
0%
RUNYON 3,872 9,153
0%
RUTKOWSKI 5,142 6,805
0%
RUTLEDGE 1,306 26,887
0%
RUTTER 4,890 7,205
0%
RUTZ 9,854 3,282
0%
RUVALCABA 3,217 11,220
0%
RYALS 6,194 5,523
0%
SAAD 6,253 5,461
0%
SAAVEDRA 1,910 18,834
0%
SABATINO 9,609 3,382
0%
SABO 3,992 8,899
0%
SABOL 7,794 4,250
0%
SACCO 5,051 6,942
0%
SACKETT 5,994 5,735
0%
SADLER 1,678 21,504
0%
SADOWSKI 5,804 5,965
0%
SAECHAO 5,425 6,419
0%
SAEED 9,144 3,568
0%
SAGER 3,390 10,541
0%
SAHAGUN 9,501 3,421
0%
SAINI 8,828 3,711
0%
SAINZ 8,511 3,869
0%
SAITO 7,613 4,367
0%
SAIZ 6,888 4,878
0%
SALAMONE 8,568 3,845
0%
SALCEDO 1,967 18,387
0%
SALCIDO 3,331 10,776
0%
SALEEM 9,767 3,317
0%
SALEH 3,682 9,656
0%
SALERNO 3,751 9,440
0%
SALGUERO 6,111 5,610
0%
SALISBURY 2,768 13,038
0%
SALMERON 4,899 7,191
0%
SALMONS 9,736 3,329
0%
SALTZMAN 7,778 4,267
0%
SALYER 5,064 6,926
0%
SALYERS 5,645 6,152
0%
SALZMAN 9,267 3,513
0%
SAMANIEGO 4,295 8,281
0%
SAMANO 9,195 3,547
0%
SAMAYOA 9,403 3,458
0%
SAMMONS 4,352 8,161
0%
SAMPLE 3,150 11,471
0%
SAMPLES 4,099 8,663
0%
SANABRIA 3,945 9,026
0%
SANDBERG 4,210 8,416
0%
SANDIFER 5,949 5,786
0%
SANDLIN 4,206 8,421
0%
SANDSTROM 7,627 4,352
0%
SANFILIPPO 7,929 4,173
0%
SANKEY 9,114 3,584
0%
SANMIGUEL 6,204 5,513
0%
SANSONE 6,444 5,270
0%
SANTAMARIA 2,897 12,375
0%
SANTANGELO 7,698 4,312
0%
SANTIBANEZ 8,512 3,868
0%
SANTILLAN 2,756 13,081
0%
SANTINI 8,896 3,680
0%
SANTORO 4,076 8,713
0%
SANTOYO 4,086 8,692
0%
SANTUCCI 9,870 3,278
0%
SAPP 1,752 20,448
0%
SARABIA 4,082 8,695
0%
SARAVIA 5,603 6,207
0%
SARGENT 1,265 27,786
0%
SARMIENTO 2,631 13,710
0%
SARTIN 7,593 4,377
0%
SARVER 5,160 6,780
0%
SASS 6,909 4,856
0%
SASSER 4,845 7,272
0%
SATHER 8,581 3,838
0%
SATTERFIELD 2,577 14,023
0%
SATTERWHITE 6,678 5,057
0%
SATTLER 6,887 4,879
0%
SAUCEDA 3,255 11,093
0%
SAUCEDO 1,157 30,374
0%
SAUCIER 5,367 6,489
0%
SAUTER 6,562 5,163
0%
SAVILLE 9,813 3,299
0%
SAVINO 6,866 4,899
0%
SAVOIE 6,071 5,652
0%
SAVOY 4,638 7,649
0%
SAWICKI 8,330 3,977
0%
SAYERS 4,603 7,705
0%
SAYLES 5,852 5,902
0%
SAYRE 4,449 7,973
0%
SCALA 9,212 3,537
0%
SCALF 9,473 3,433
0%
SCALISE 9,186 3,551
0%
SCANLAN 6,068 5,654
0%
SCARBERRY 8,617 3,818
0%
SCARBOROUGH 2,925 12,252
0%
SCARBROUGH 4,256 8,327
0%
SCHAAF 6,342 5,375
0%
SCHAFFNER 8,415 3,927
0%
SCHALL 8,679 3,786
0%
SCHALLER 5,873 5,875
0%
SCHANTZ 9,949 3,245
0%
SCHARF 6,864 4,901
0%
SCHATZ 5,553 6,261
0%
SCHAUB 5,749 6,027
0%
SCHAUER 6,252 5,463
0%
SCHECHTER 9,573 3,395
0%
SCHEEL 9,289 3,504
0%
SCHELLER 8,916 3,672
0%
SCHENCK 5,568 6,245
0%
SCHERER 2,682 13,421
0%
SCHIAVONE 9,895 3,267
0%
SCHILLING 2,200 16,546
0%
SCHIRMER 9,488 3,428
0%
SCHLABACH 7,382 4,514
0%
SCHLEGEL 4,747 7,461
0%
SCHLESINGER 8,398 3,940
0%
SCHLOSSER 4,892 7,203
0%
SCHLUETER 7,238 4,608
0%
SCHMUCKER 7,695 4,314
0%
SCHOCK 8,572 3,843
0%
SCHOENFELD 9,539 3,408
0%
SCHOLTEN 9,687 3,350
0%
SCHOOLEY 8,342 3,968
0%
SCHOONOVER 4,573 7,756
0%
SCHRAM 7,205 4,634
0%
SCHRAMM 4,705 7,543
0%
SCHRECK 8,030 4,122
0%
SCHROCK 3,386 10,549
0%
SCHUCK 7,912 4,181
0%
SCHUETTE 8,164 4,059
0%
SCHUETZ 9,844 3,288
0%
SCHULMAN 7,132 4,689
0%
SCHUTT 7,179 4,658
0%
SCHUTTE 6,206 5,511
0%
SCHUTZ 6,410 5,307
0%
SCHWEITZER 3,544 10,068
0%
SCOGGINS 4,282 8,302
0%
SCROGGINS 3,732 9,495
0%
SEABOLT 8,743 3,752
0%
SEAGRAVES 9,712 3,340
0%
SEALS 2,299 15,858
0%
SEALY 9,155 3,564
0%
SEARCY 3,490 10,243
0%
SEARLES 5,627 6,178
0%
SEATON 3,759 9,423
0%
SEAY 2,573 14,046
0%
SECREST 9,081 3,599
0%
SEDILLO 8,844 3,704
0%
SEEGER 8,013 4,129
0%
SEELEY 3,264 11,061
0%
SEELY 6,150 5,571
0%
SEGARRA 8,509 3,871
0%
SEGER 7,511 4,434
0%
SEGOVIA 2,733 13,182
0%
SEGUIN 9,912 3,259
0%
SEIBEL 7,668 4,331
0%
SEIDEL 4,204 8,430
0%
SEIFERT 3,408 10,499
0%
SEITZ 2,855 12,630
0%
SELBY 3,008 11,908
0%
SELLARS 5,576 6,232
0%
SELMAN 7,831 4,228
0%
SELTZER 7,856 4,213
0%
SENTER 9,074 3,602
0%
SEPULVEDA 1,810 19,851
0%
SEQUEIRA 9,006 3,631
0%
SERAFIN 7,200 4,641
0%
SERNA 1,390 25,503
0%
SERRATO 3,415 10,449
0%
SERVIN 4,519 7,842
0%
SESSIONS 4,671 7,593
0%
SESSOMS 8,206 4,044
0%
SETTLES 5,656 6,137
0%
SETZER 6,825 4,940
0%
SEVERANCE 9,407 3,456
0%
SEVERINO 8,189 4,051
0%
SEVERSON 3,436 10,391
0%
SEWARD 3,430 10,399
0%
SHABAZZ 8,353 3,963
0%
SHACKELFORD 3,130 11,525
0%
SHACKLEFORD 8,746 3,751
0%
SHAHAN 8,704 3,772
0%
SHAHEEN 9,458 3,440
0%
SHAIKH 5,722 6,063
0%
SHAMBLIN 9,297 3,501
0%
SHANER 6,612 5,121
0%
SHANKLIN 8,645 3,804
0%
SHANKS 3,031 11,822
0%
SHANLEY 7,384 4,511
0%
SHARIF 8,493 3,879
0%
SHATTUCK 6,494 5,228
0%
SHAVERS 9,054 3,609
0%
SHEAFFER 8,087 4,100
0%
SHEALY 7,224 4,620
0%
SHEARIN 9,563 3,399
0%
SHEARS 8,596 3,831
0%
SHEDD 8,512 3,868
0%
SHEEHY 7,005 4,782
0%
SHEETS 1,685 21,384
0%
SHEFFER 8,870 3,692
0%
SHENK 9,778 3,314
0%
SHERER 7,157 4,674
0%
SHERIFF 7,180 4,657
0%
SHERROD 4,207 8,420
0%
SHETLER 6,881 4,886
0%
SHIFFLETT 4,147 8,544
0%
SHIFLETT 8,900 3,679
0%
SHIH 6,833 4,935
0%
SHINN 4,424 8,038
0%
SHIREY 5,757 6,020
0%
SHIRK 4,754 7,448
0%
SHIVELY 5,018 7,000
0%
SHIVER 7,812 4,238
0%
SHIVERS 5,052 6,939
0%
SHOAF 9,994 3,227
0%
SHOCKEY 7,461 4,467
0%
SHOCKLEY 2,877 12,504
0%
SHOOK 2,262 16,070
0%
SHOOP 8,010 4,130
0%
SHOPE 7,810 4,239
0%
SHOTWELL 9,181 3,553
0%
SHOUP 6,560 5,164
0%
SHOUSE 7,819 4,234
0%
SHOWALTER 4,044 8,786
0%
SHOWERS 6,551 5,171
0%
SHRADER 5,109 6,855
0%
SHRESTHA 6,180 5,535
0%
SHRIVER 5,817 5,942
0%
SHROPSHIRE 7,457 4,469
0%
SHROYER 8,458 3,904
0%
SHRUM 6,583 5,146
0%
SHUBERT 8,150 4,068
0%
SHULER 3,195 11,315
0%
SHULMAN 8,076 4,104
0%
SHULTS 7,975 4,146
0%
SHUMAKER 4,165 8,508
0%
SHUMATE 4,276 8,311
0%
SHUMWAY 6,434 5,278
0%
SHUPE 5,888 5,861
0%
SIBERT 9,199 3,545
0%
SIBLEY 3,742 9,467
0%
SICILIANO 9,389 3,464
0%
SICKLER 9,265 3,514
0%
SIDDIQUI 4,169 8,502
0%
SIDHU 6,987 4,795
0%
SIEBERT 5,059 6,932
0%
SIEGEL 1,674 21,536
0%
SIEGFRIED 8,878 3,688
0%
SIEVERS 6,363 5,349
0%
SIFUENTES 3,293 10,954
0%
SIGALA 6,965 4,817
0%
SIGLER 3,956 8,992
0%
SIGMAN 8,395 3,942
0%
SIGMON 5,973 5,760
0%
SIKES 3,475 10,280
0%
SIKORA 6,119 5,604
0%
SIKORSKI 7,903 4,189
0%
SILER 4,256 8,327
0%
SILLS 5,171 6,761
0%
SILVAS 6,798 4,963
0%
SILVERIO 8,559 3,848
0%
SILVESTRI 7,201 4,638
0%
SILVEY 8,651 3,798
0%
SIMENTAL 8,380 3,950
0%
SINES 8,525 3,861
0%
SINGLETARY 2,622 13,749
0%
SIPE 5,791 5,974
0%
SIPES 4,995 7,034
0%
SISCO 4,440 7,993
0%
SISNEROS 7,174 4,661
0%
SISON 9,033 3,617
0%
SISSON 3,177 11,380
0%
SITES 7,195 4,644
0%
SIU 6,892 4,877
0%
SKEEN 6,378 5,338
0%
SKEENS 9,033 3,617
0%
SKIDMORE 3,310 10,841
0%
SKILES 6,548 5,172
0%
SLACK 2,692 13,377
0%
SLAGLE 4,135 8,573
0%
SLATON 6,143 5,577
0%
SLAUGHTER 1,295 27,155
0%
SLAVIN 8,323 3,981
0%
SLOCUM 3,899 9,102
0%
SLONE 2,956 12,142
0%
SLUSHER 6,727 5,014
0%
SLUSSER 9,293 3,502
0%
SMAIL 3,900 9,097
0%
SMALLEY 3,055 11,737
0%
SMALLWOOD 1,926 18,717
0%
SMEDLEY 7,605 4,371
0%
SMELTZER 8,577 3,841
0%
SMITHERMAN 9,245 3,521
0%
SMOCK 7,485 4,452
0%
SNAPP 7,618 4,360
0%
SNAVELY 9,061 3,607
0%
SNEAD 3,407 10,500
0%
SNEED 2,027 17,804
0%
SNELLING 7,859 4,210
0%
SNODGRASS 2,818 12,806
0%
SNOOK 4,926 7,141
0%
SNOWDEN 3,233 11,171
0%
SOBEL 9,548 3,405
0%
SOILEAU 8,232 4,027
0%
SOK 7,295 4,569
0%
SOKOL 6,158 5,559
0%
SOKOLOWSKI 7,988 4,139
0%
SOLARES 8,629 3,812
0%
SOLBERG 6,336 5,379
0%
SOLES 8,274 4,006
0%
SOLIZ 3,871 9,159
0%
SOLORIO 2,663 13,537
0%
SOLORZANO 2,412 15,045
0%
SOLTERO 9,427 3,450
0%
SOLTIS 9,879 3,273
0%
SONGER 9,624 3,375
0%
SONNENBERG 9,989 3,229
0%
SONNIER 5,715 6,068
0%
SOPER 5,420 6,421
0%
SORRELL 4,104 8,641
0%
SORRELLS 5,843 5,921
0%
SORTO 5,337 6,523
0%
SOTELO 1,679 21,455
0%
SOTOMAYOR 7,859 4,210
0%
SOUCY 7,593 4,377
0%
SOUDER 8,342 3,968
0%
SOUDERS 7,920 4,179
0%
SOUKUP 9,314 3,495
0%
SOULE 5,460 6,372
0%
SOUTHARD 4,035 8,808
0%
SOWARDS 9,503 3,420
0%
SPAETH 9,527 3,412
0%
SPANGLER 1,940 18,622
0%
SPANO 7,315 4,561
0%
SPARKMAN 4,661 7,607
0%
SPEAKMAN 9,672 3,355
0%
SPEAKS 9,150 3,565
0%
SPECHT 5,991 5,738
0%
SPECK 5,521 6,297
0%
SPEIGHT 6,276 5,445
0%
SPERLING 7,841 4,224
0%
SPERRY 4,569 7,760
0%
SPIEGEL 5,488 6,338
0%
SPIELMAN 9,991 3,228
0%
SPIES 9,279 3,508
0%
SPIKES 7,265 4,586
0%
SPINA 7,481 4,453
0%
SPINDLER 8,969 3,648
0%
SPINELLI 6,384 5,332
0%
SPIRES 4,672 7,592
0%
SPIVEY 1,702 21,161
0%
SPRADLEY 9,471 3,434
0%
SPRADLIN 4,806 7,356
0%
SPRADLING 9,427 3,450
0%
SPRAGUE 1,584 22,610
0%
SPRATT 7,157 4,674
0%
SPRIGGS 4,925 7,143
0%
SPRINKLE 5,549 6,265
0%
SPRUILL 4,616 7,683
0%
SPRY 8,398 3,940
0%
SPURGEON 4,981 7,047
0%
SPURLOCK 2,957 12,141
0%
SRINIVASAN 7,691 4,317
0%
SRIVASTAVA 9,928 3,251
0%
STAAB 9,307 3,498
0%
STAATS 7,333 4,549
0%
STACKHOUSE 5,906 5,844
0%
STADLER 6,535 5,186
0%
STAGGS 3,724 9,514
0%
STALEY 1,998 18,080
0%
STALLARD 8,422 3,925
0%
STALLWORTH 4,357 8,155
0%
STALNAKER 8,706 3,770
0%
STAMEY 9,171 3,560
0%
STAMM 6,253 5,461
0%
STAMPER 2,666 13,528
0%
STANCIL 6,183 5,532
0%
STANDIFER 9,464 3,438
0%
STANDLEY 7,421 4,486
0%
STANDRIDGE 6,658 5,078
0%
STANEK 6,727 5,014
0%
STANFIELD 3,215 11,229
0%
STANFILL 9,695 3,346
0%
STANG 9,286 3,505
0%
STANGER 8,878 3,688
0%
STANSBERRY 8,747 3,750
0%
STANSBURY 6,571 5,152
0%
STAPP 8,909 3,675
0%
STARCHER 8,951 3,657
0%
STARNES 2,507 14,442
0%
STARRETT 9,833 3,293
0%
STATEN 4,430 8,021
0%
STATON 2,514 14,413
0%
STAUFFER 2,307 15,821
0%
STCLAIR 2,469 14,590
0%
STEBBINS 5,371 6,484
0%
STECK 9,155 3,564
0%
STEDMAN 7,282 4,576
0%
STEELMAN 6,796 4,964
0%
STEFFENS 6,818 4,947
0%
STEGALL 4,761 7,439
0%
STEGER 6,490 5,231
0%
STEIGER 8,313 3,986
0%
STEINBACH 8,312 3,987
0%
STEINKE 6,211 5,506
0%
STELLY 8,541 3,854
0%
STENGEL 8,534 3,856
0%
STENGER 7,247 4,601
0%
STEPP 3,376 10,571
0%
STERNER 6,334 5,385
0%
STETSON 8,501 3,875
0%
STGERMAIN 7,652 4,341
0%
STICKLER 9,902 3,264
0%
STICKNEY 7,702 4,309
0%
STIFFLER 8,091 4,098
0%
STILLWELL 4,883 7,211
0%
STILTNER 8,834 3,709
0%
STINNETT 4,363 8,142
0%
STITES 7,633 4,349
0%
STITH 6,396 5,319
0%
STITT 5,813 5,946
0%
STIVERS 7,534 4,412
0%
STJEAN 9,687 3,350
0%
STOCKDALE 7,717 4,301
0%
STOCKWELL 5,234 6,664
0%
STODDARD 2,531 14,317
0%
STOFFEL 8,753 3,748
0%
STOLLER 8,834 3,709
0%
STOLTZ 5,847 5,912
0%
STOLTZFUS 2,311 15,786
0%
STOLZ 9,932 3,248
0%
STONGE 9,020 3,625
0%
STOOPS 8,266 4,010
0%
STORER 9,217 3,536
0%
STOTTS 7,030 4,760
0%
STOUFFER 9,150 3,565
0%
STOVALL 2,155 16,827
0%
STOWELL 5,390 6,455
0%
STOWERS 5,239 6,657
0%
STRAHAN 9,172 3,559
0%
STRAIGHT 7,708 4,307
0%
STRAIN 3,999 8,883
0%
STRAND 3,265 11,051
0%
STRASSER 7,891 4,196
0%
STRATTON 1,565 22,983
0%
STRAUB 3,691 9,624
0%
STRAWN 6,373 5,343
0%
STRAYER 8,994 3,636
0%
STREETER 2,987 11,988
0%
STRIBLING 9,895 3,267
0%
STRICKER 6,560 5,164
0%
STRICKLER 5,702 6,079
0%
STRICKLIN 6,232 5,483
0%
STRINGFELLOW 7,078 4,730
0%
STROBEL 5,685 6,097
0%
STRODE 9,734 3,331
0%
STROMBERG 8,994 3,636
0%
STROTHER 4,910 7,170
0%
STROUP 4,650 7,627
0%
STROUSE 8,350 3,964
0%
STRUBLE 7,314 4,562
0%
STRUCK 9,761 3,320
0%
STRUNK 4,374 8,129
0%
STUBBLEFIELD 4,002 8,878
0%
STUCK 8,272 4,008
0%
STUCKEY 3,026 11,846
0%
STUDER 6,350 5,368
0%
STULL 3,792 9,324
0%
STULTZ 7,010 4,778
0%
STUMP 2,539 14,257
0%
STUMPF 5,629 6,173
0%
STURGILL 4,196 8,444
0%
STURGIS 5,863 5,885
0%
STUTTS 9,209 3,541
0%
STUTZ 8,458 3,904
0%
STUTZMAN 3,862 9,185
0%
SUAZO 5,843 5,921
0%
SUBER 7,404 4,495
0%
SUBRAMANIAN 9,449 3,443
0%
SUDDUTH 8,807 3,718
0%
SULLINS 8,765 3,741
0%
SUMMERLIN 6,954 4,824
0%
SUMPTER 4,467 7,950
0%
SUMRALL 8,359 3,961
0%
SUNDBERG 7,912 4,181
0%
SURBER 8,220 4,037
0%
SURRATT 7,343 4,539
0%
SUSSMAN 7,305 4,565
0%
SUSTAITA 9,195 3,547
0%
SUTPHIN 7,904 4,188
0%
SUTTLE 9,730 3,333
0%
SUTTLES 6,958 4,821
0%
SVOBODA 6,043 5,686
0%
SWAFFORD 3,777 9,369
0%
SWAIM 6,407 5,310
0%
SWANEY 7,459 4,468
0%
SWANGER 9,217 3,536
0%
SWART 7,418 4,490
0%
SWARTZ 1,393 25,444
0%
SWARTZENTRUBER 9,418 3,453
0%
SWEARINGEN 4,506 7,872
0%
SWEITZER 7,909 4,183
0%
SWETT 9,603 3,384
0%
SWICK 7,284 4,574
0%
SWINDELL 7,229 4,618
0%
SWINDLE 6,989 4,793
0%
SWINK 8,690 3,779
0%
SWINNEY 6,909 4,856
0%
SWITZER 3,248 11,114
0%
SWOPE 4,211 8,415
0%
SYLVIA 5,977 5,756
0%
SZABO 4,619 7,678
0%
SZYMANSKI 4,059 8,748
0%
TABER 4,550 7,788
0%
TABOR 2,360 15,445
0%
TACKETT 1,818 19,737
0%
TADLOCK 9,237 3,523
0%
TAFOLLA 9,114 3,584
0%
TAFOYA 3,532 10,114
0%
TAGGART 3,622 9,808
0%
TAGUE 9,399 3,459
0%
TALAMANTES 6,692 5,047
0%
TALAVERA 4,559 7,777
0%
TALBERT 2,944 12,181
0%
TALLENT 6,528 5,191
0%
TALTON 9,253 3,519
0%
TAMAYO 2,210 16,474
0%
TAMEZ 4,492 7,894
0%
TANKERSLEY 5,782 5,990
0%
TANKSLEY 9,747 3,325
0%
TAPIA 647 52,651
0%
TAPLEY 9,902 3,264
0%
TARANGO 6,356 5,360
0%
TARANTINO 7,956 4,158
0%
TARPLEY 8,896 3,680
0%
TARTER 9,281 3,507
0%
TARVER 3,788 9,341
0%
TATRO 6,636 5,102
0%
TAVERA 9,455 3,441
0%
TAVERAS 3,706 9,580
0%
TEASLEY 7,554 4,400
0%
TEDDER 6,217 5,500
0%
TEJEDA 2,541 14,240
0%
TELLES 6,493 5,230
0%
TELLEZ 1,595 22,494
0%
TELLO 3,136 11,512
0%
TEMPLIN 8,013 4,129
0%
TENNANT 4,085 8,693
0%
TENORIO 4,111 8,629
0%
TERAN 4,139 8,557
0%
TERRANOVA 9,884 3,271
0%
TERRAZAS 3,378 10,569
0%
TERRILL 6,075 5,641
0%
TERRONES 7,490 4,448
0%
TERWILLIGER 7,966 4,153
0%
TESCH 7,942 4,166
0%
TESSIER 7,563 4,394
0%
TESTA 4,084 8,694
0%
TESTER 7,663 4,334
0%
TETER 8,195 4,050
0%
TETREAULT 8,016 4,128
0%
THACH 5,578 6,229
0%
THAO 1,536 23,404
0%
THARP 2,619 13,757
0%
THARPE 7,421 4,486
0%
THAXTON 7,104 4,711
0%
THAYER 2,186 16,625
0%
THEISEN 6,025 5,707
0%
THELEN 6,065 5,657
0%
THEOBALD 7,720 4,300
0%
THERIOT 5,418 6,424
0%
THERRIEN 6,865 4,900
0%
THIBAULT 5,878 5,870
0%
THIBEAULT 9,511 3,417
0%
THIBODEAU 4,487 7,904
0%
THIBODEAUX 2,602 13,850
0%
THIEL 3,601 9,880
0%
THIELE 7,437 4,478
0%
THIES 7,807 4,240
0%
THIESSEN 9,253 3,519
0%
THIGPEN 3,784 9,359
0%
THORNHILL 4,817 7,327
0%
THORSON 5,173 6,752
0%
THREATT 9,199 3,545
0%
THROCKMORTON 9,964 3,238
0%
THURBER 7,825 4,232
0%
TIBBETTS 5,327 6,538
0%
TIBBS 4,835 7,294
0%
TIDWELL 1,699 21,176
0%
TIGHE 6,824 4,942
0%
TIJERINA 4,114 8,626
0%
TILLERY 4,355 8,156
0%
TILLOTSON 7,972 4,149
0%
TIMMERMAN 4,688 7,569
0%
TINAJERO 6,825 4,940
0%
TINCHER 9,161 3,563
0%
TINGLE 7,103 4,712
0%
TINGLEY 9,741 3,327
0%
TINOCO 3,670 9,707
0%
TIPPETT 7,644 4,344
0%
TIRADO 2,685 13,410
0%
TOBAR 4,977 7,056
0%
TOBEY 8,732 3,756
0%
TOLAND 6,811 4,952
0%
TOLBERT 1,464 24,375
0%
TOLENTINO 3,180 11,371
0%
TOLER 3,757 9,427
0%
TOLIVER 4,708 7,536
0%
TOLLE 9,155 3,564
0%
TOLLEFSON 8,345 3,967
0%
TOLLEY 6,005 5,726
0%
TOLMAN 7,434 4,480
0%
TOMASZEWSKI 9,123 3,579
0%
TONEY 1,919 18,787
0%
TOOLEY 7,605 4,371
0%
TOOMBS 6,977 4,806
0%
TOPETE 7,446 4,473
0%
TOPPING 9,496 3,423
0%
TORGERSON 6,843 4,923
0%
TORIBIO 7,148 4,679
0%
TORREY 6,739 5,004
0%
TOSCANO 3,807 9,301
0%
TOTTEN 5,125 6,828
0%
TOVAR 1,070 32,760
0%
TOWERY 9,562 3,400
0%
TOWLE 7,961 4,156
0%
TRAHAN 2,560 14,114
0%
TRANTHAM 9,798 3,304
0%
TRAUTMAN 9,722 3,336
0%
TRAYLOR 2,701 13,341
0%
TREADWELL 5,897 5,851
0%
TREECE 7,977 4,144
0%
TREJO 843 41,021
0%
TRESSLER 9,245 3,521
0%
TREVINO 562 59,882
0%
TREVIZO 8,736 3,754
0%
TREXLER 9,770 3,316
0%
TRIANA 8,259 4,012
0%
TRIBBLE 5,591 6,220
0%
TRICE 4,145 8,546
0%
TRIEU 9,426 3,451
0%
TRIGG 8,985 3,642
0%
TRIMBLE 2,235 16,306
0%
TRIMMER 9,276 3,509
0%
TRIPLETT 1,965 18,408
0%
TRIVEDI 8,917 3,671
0%
TROUP 8,951 3,657
0%
TROUTMAN 3,135 11,519
0%
TROWBRIDGE 4,956 7,095
0%
TROXELL 7,008 4,780
0%
TROYER 2,132 16,981
0%
TRUAX 5,799 5,968
0%
TRUEBLOOD 9,631 3,371
0%
TRUITT 3,712 9,557
0%
TRULL 9,150 3,565
0%
TRUMBLE 9,800 3,303
0%
TRUSSELL 7,980 4,143
0%
TRUSTY 7,950 4,163
0%
TRYON 7,201 4,638
0%
TSENG 6,751 4,994
0%
TSO 9,931 3,249
0%
TSOSIE 6,465 5,255
0%
TULLIS 7,714 4,304
0%
TUNNELL 9,652 3,362
0%
TUPPER 8,335 3,973
0%
TURCIOS 4,968 7,073
0%
TURCOTTE 6,647 5,092
0%
TUREK 7,803 4,241
0%
TURGEON 8,999 3,635
0%
TURLEY 3,398 10,524
0%
TURMAN 6,570 5,155
0%
TURNAGE 5,911 5,831
0%
TURNEY 5,145 6,803
0%
TURPIN 3,005 11,937
0%
TYREE 3,695 9,613
0%
TYRRELL 5,948 5,788
0%
UDDIN 6,079 5,639
0%
UGALDE 8,673 3,789
0%
UGARTE 9,881 3,272
0%
UHL 6,476 5,244
0%
ULLOA 2,743 13,133
0%
ULLRICH 9,093 3,592
0%
ULMER 4,348 8,165
0%
UMANA 5,415 6,426
0%
UMANZOR 9,479 3,432
0%
UNRUH 4,524 7,835
0%
URBANO 7,612 4,368
0%
URBANSKI 9,890 3,270
0%
URBINA 2,409 15,055
0%
URENA 3,261 11,066
0%
URIARTE 9,085 3,597
0%
URIBE 1,448 24,612
0%
URRUTIA 4,888 7,208
0%
USSERY 6,708 5,036
0%
UTLEY 4,788 7,385
0%
VACCARO 5,169 6,766
0%
VAILLANCOURT 8,834 3,709
0%
VALADEZ 1,645 21,859
0%
VALDIVIA 2,293 15,895
0%
VALDOVINOS 3,517 10,147
0%
VALERIO 2,675 13,482
0%
VALERO 7,177 4,660
0%
VALLADARES 3,012 11,901
0%
VALLEJO 1,881 19,117
0%
VALLEJOS 9,338 3,487
0%
VALTIERRA 9,132 3,576
0%
VANBUSKIRK 6,663 5,073
0%
VANCAMP 9,701 3,344
0%
VANCLEAVE 8,562 3,847
0%
VANDIVER 5,551 6,263
0%
VANDUSEN 9,227 3,529
0%
VANEGAS 4,756 7,444
0%
VANHOOK 8,802 3,720
0%
VANHOOSE 9,113 3,585
0%
VANHORN 2,554 14,151
0%
VANHOUTEN 7,582 4,383
0%
VANLANDINGHAM 9,672 3,355
0%
VANMETER 4,281 8,305
0%
VANNOY 8,304 3,991
0%
VANOVER 5,219 6,689
0%
VANPELT 5,222 6,685
0%
VANSICKLE 5,781 5,994
0%
VANWINKLE 4,541 7,811
0%
VANZANT 9,698 3,345
0%
VARA 9,790 3,307
0%
VARELA 1,321 26,621
0%
VARGHESE 5,010 7,013
0%
VARNADO 9,085 3,597
0%
VARNEY 4,169 8,502
0%
VAUGHT 3,738 9,476
0%
VEACH 6,872 4,896
0%
VELARDE 4,371 8,135
0%
VELAZCO 9,854 3,282
0%
VELIZ 5,004 7,024
0%
VELOZ 6,546 5,173
0%
VENABLE 3,458 10,333
0%
VENCES 9,375 3,470
0%
VENEGAS 1,722 20,851
0%
VERAS 8,694 3,776
0%
VERDIN 6,200 5,515
0%
VERDUGO 4,885 7,210
0%
VERDUZCO 5,066 6,923
0%
VEREEN 8,890 3,683
0%
VERMA 6,211 5,506
0%
VERMILLION 6,271 5,449
0%
VESTAL 6,108 5,614
0%
VETTER 4,142 8,550
0%
VICENTE 3,326 10,789
0%
VICKERY 4,005 8,874
0%
VIDALES 8,697 3,774
0%
VIERRA 8,383 3,949
0%
VIGIL 1,205 29,382
0%
VILLAFUERTE 8,854 3,700
0%
VILLAGRAN 8,946 3,659
0%
VILLALBA 6,852 4,913
0%
VILLALOBOS 919 37,754
0%
VILLALPANDO 4,534 7,821
0%
VILLALTA 7,112 4,704
0%
VILLASENOR 2,548 14,180
0%
VILLEDA 6,201 5,514
0%
VILLELA 8,812 3,716
0%
VINEYARD 8,467 3,901
0%
VINING 6,468 5,253
0%
VIRAMONTES 6,172 5,544
0%
VIRGEN 8,470 3,898
0%
VITAL 6,739 5,004
0%
VITALE 2,725 13,220
0%
VIVEROS 6,766 4,983
0%
VIZCARRA 6,819 4,946
0%
VOELKER 7,069 4,735
0%
VOGLER 8,801 3,721
0%
VOGT 2,002 18,061
0%
VOLK 3,888 9,126
0%
VOLLMER 5,273 6,614
0%
VOLZ 6,775 4,978
0%
VOORHEES 6,012 5,720
0%
VOYLES 6,165 5,551
0%
VUE 3,061 11,717
0%
VYAS 9,912 3,259
0%
WACHTER 7,247 4,601
0%
WACKER 7,356 4,530
0%
WADDELL 1,691 21,301
0%
WAGER 9,488 3,428
0%
WAGERS 9,203 3,544
0%
WAGES 7,915 4,180
0%
WAGGONER 2,417 14,983
0%
WALCOTT 7,641 4,346
0%
WALDMAN 6,167 5,549
0%
WALDRON 2,063 17,501
0%
WALSTON 6,011 5,721
0%
WALTMAN 6,956 4,822
0%
WAMPLER 5,482 6,345
0%
WAMSLEY 9,687 3,350
0%
WANNER 7,536 4,411
0%
WARDELL 8,425 3,923
0%
WARDLAW 9,720 3,337
0%
WARGO 7,497 4,442
0%
WARNICK 7,730 4,295
0%
WASSERMAN 5,297 6,577
0%
WASSON 4,182 8,471
0%
WATHEN 9,479 3,432
0%
WAYMAN 6,307 5,411
0%
WEAKLEY 9,403 3,458
0%
WEATHERFORD 4,016 8,850
0%
WEATHERLY 5,064 6,926
0%
WEATHERSBY 8,570 3,844
0%
WEATHERSPOON 6,310 5,409
0%
WEEDEN 8,646 3,803
0%
WEEMS 3,494 10,231
0%
WEESE 7,437 4,478
0%
WEGNER 4,336 8,192
0%
WEHNER 9,440 3,446
0%
WEIDMAN 7,629 4,350
0%
WEIDNER 4,220 8,400
0%
WEIGAND 8,928 3,666
0%
WEIGEL 5,187 6,740
0%
WEILAND 5,638 6,163
0%
WEILER 3,515 10,160
0%
WEIMER 4,410 8,050
0%
WEINBERGER 6,870 4,897
0%
WEISE 8,590 3,834
0%
WEISER 6,302 5,421
0%
WEITZEL 7,295 4,569
0%
WELBORN 4,956 7,095
0%
WELTY 6,894 4,876
0%
WENDLING 8,536 3,855
0%
WENGER 3,369 10,596
0%
WENTZEL 8,894 3,681
0%
WERTZ 4,331 8,198
0%
WESCOTT 6,516 5,205
0%
WESSEL 5,262 6,630
0%
WESSELS 8,641 3,805
0%
WESTCOTT 6,097 5,626
0%
WESTERFIELD 8,753 3,748
0%
WESTERMAN 6,620 5,117
0%
WESTOVER 7,071 4,734
0%
WESTPHAL 4,953 7,101
0%
WETHINGTON 9,618 3,379
0%
WETZEL 2,300 15,849
0%
WEXLER 8,676 3,787
0%
WHALEY 1,575 22,833
0%
WHATLEY 3,109 11,579
0%
WHEELOCK 8,602 3,827
0%
WHETSTONE 5,721 6,064
0%
WHISENANT 8,581 3,838
0%
WHISENHUNT 9,808 3,301
0%
WHITCOMB 4,263 8,324
0%
WHITED 4,739 7,482
0%
WHITEHURST 4,774 7,412
0%
WHITENER 7,481 4,453
0%
WHITESELL 9,088 3,596
0%
WHITLOW 4,432 8,020
0%
WHITTED 7,671 4,330
0%
WHITTINGTON 2,059 17,517
0%
WHITTLE 4,828 7,307
0%
WHITTON 9,940 3,246
0%
WIDENER 6,250 5,464
0%
WIDMER 9,722 3,336
0%
WIDNER 8,299 3,992
0%
WIECZOREK 9,679 3,354
0%
WIEGAND 5,769 6,004
0%
WIELAND 6,402 5,314
0%
WIESE 3,817 9,287
0%
WIGHTMAN 9,927 3,252
0%
WILBANKS 4,384 8,107
0%
WILBORN 7,047 4,752
0%
WILBURN 2,428 14,928
0%
WILCHER 8,148 4,069
0%
WILDMAN 7,151 4,678
0%
WILFONG 7,584 4,382
0%
WILHITE 4,261 8,325
0%
WILKEY 7,909 4,183
0%
WILLETT 2,761 13,065
0%
WILLETTE 8,589 3,835
0%
WILLEY 2,759 13,067
0%
WILLHITE 8,805 3,719
0%
WILLIFORD 4,248 8,352
0%
WILLINGHAM 2,814 12,818
0%
WILLMAN 7,995 4,137
0%
WILMOT 6,854 4,910
0%
WILMOTH 6,516 5,205
0%
WIMBERLY 4,070 8,729
0%
WIMER 9,139 3,571
0%
WIMMER 5,493 6,334
0%
WINANS 8,266 4,010
0%
WINCHELL 7,195 4,644
0%
WINFREY 5,187 6,740
0%
WINGARD 6,766 4,983
0%
WINGATE 4,242 8,359
0%
WINGERT 9,607 3,383
0%
WINGFIELD 5,466 6,362
0%
WINGO 5,845 5,913
0%
WINKELMAN 8,093 4,097
0%
WINSTEAD 4,054 8,756
0%
WIRTH 3,592 9,907
0%
WISDOM 5,194 6,734
0%
WISER 8,281 4,002
0%
WISNER 7,725 4,296
0%
WITCHER 6,437 5,275
0%
WITHAM 7,734 4,293
0%
WITHROW 4,302 8,262
0%
WITKOWSKI 6,058 5,662
0%
WITMER 5,386 6,461
0%
WITTER 7,776 4,268
0%
WITTMAN 7,061 4,739
0%
WOFFORD 4,011 8,856
0%
WOJCIECHOWSKI 6,721 5,023
0%
WOJCIK 4,601 7,710
0%
WOLFORD 3,326 10,789
0%
WOLFSON 8,768 3,740
0%
WOLTER 7,384 4,511
0%
WOLTERS 8,700 3,773
0%
WOMBLE 6,405 5,311
0%
WOODALL 2,243 16,260
0%
WOODBURY 4,924 7,144
0%
WOODCOCK 5,151 6,794
0%
WOODRING 6,542 5,176
0%
WOODRUM 9,583 3,392
0%
WOODSIDE 9,273 3,511
0%
WOOLDRIDGE 4,550 7,788
0%
WOOLEY 5,679 6,109
0%
WOOLSEY 5,049 6,949
0%
WOOSLEY 8,198 4,048
0%
WOOTEN 1,123 31,249
0%
WORDEN 3,880 9,139
0%
WORRELL 3,313 10,821
0%
WORSHAM 6,091 5,631
0%
WORTHAM 6,358 5,358
0%
WORTHEN 7,888 4,197
0%
WORTMAN 7,291 4,572
0%
WOZNIAK 4,156 8,526
0%
WRENN 6,566 5,160
0%
WROBEL 7,408 4,493
0%
WROBLEWSKI 7,293 4,570
0%
WULF 7,397 4,499
0%
WUNDERLICH 9,068 3,604
0%
WYANT 5,359 6,498
0%
WYCHE 7,287 4,573
0%
WYCKOFF 6,451 5,262
0%
WYRICK 5,444 6,391
0%
YAEGER 9,212 3,537
0%
YAGER 4,766 7,427
0%
YANES 6,590 5,140
0%
YANEZ 1,385 25,563
0%
YAP 7,261 4,590
0%
YARNELL 9,643 3,365
0%
YAZZIE 2,424 14,949
0%
YBARRA 1,619 22,211
0%
YEH 5,046 6,958
0%
YEPEZ 5,411 6,433
0%
YINGLING 7,332 4,550
0%
YIP 5,602 6,208
0%
YOCUM 5,353 6,504
0%
YODER 598 56,410
0%
YOSHIDA 8,046 4,113
0%
YOUMANS 6,647 5,092
0%
YOUSIF 8,010 4,130
0%
YOUSSEF 8,854 3,700
0%
YOWELL 9,784 3,311
0%
YUEN 4,614 7,688
0%
YUSUF 8,280 4,003
0%
ZABALA 7,637 4,348
0%
ZABEL 8,808 3,717
0%
ZACARIAS 6,088 5,633
0%
ZACHARIAS 8,641 3,805
0%
ZAJAC 6,444 5,270
0%
ZALESKI 9,451 3,442
0%
ZALEWSKI 8,629 3,812
0%
ZAMAN 8,865 3,694
0%
ZAMARRIPA 4,820 7,322
0%
ZAMORANO 8,419 3,926
0%
ZAMUDIO 3,174 11,384
0%
ZAPIEN 9,818 3,298
0%
ZARATE 1,713 20,992
0%
ZAVALA 667 51,153
0%
ZAYAS 4,414 8,045
0%
ZAZUETA 8,687 3,782
0%
ZEIGLER 2,742 13,135
0%
ZELAYA 2,886 12,448
0%
ZELLNER 9,511 3,417
0%
ZEMAN 8,572 3,843
0%
ZENDEJAS 6,761 4,988
0%
ZEPEDA 1,209 29,252
0%
ZERMENO 7,478 4,455
0%
ZINK 3,882 9,134
0%
ZINN 5,961 5,774
0%
ZITO 6,461 5,257
0%
ZOOK 3,613 9,824
0%
ZUBER 8,380 3,950
0%
ZURITA 7,020 4,770
0%
No matching quizzes found
Score Distribution
Percent of People with Each Score
Percentile by Number Answered
Your Score History
You have not taken this quiz